{"text_format":"3","workbook":"xlsx","n_sheets":2,"sheets":["暂定采购数量","Sheet1"],"not_rendered":{"defined_names":1},"read":"whole","date_system":"1900"}

{"sheet":"暂定采购数量","index":0,"n_rows":2218,"n_cols":17,"rows_kept":2218,"merged":[[0,0,0,16]]}
["东莞市水务集团净水有限公司2024年五金材料及工器具物资采购清单及预算表"]
["序号","物资重要程度","物资名称","物资类别","推荐品牌","规格型号","石鼓暂定数量","樟村暂定数量","莞水暂定数量","合计暂定数量","单位","不含税预算综合单价（元）","石鼓不含税预算金额小计（元）","樟村不含税预算金额小计（元）","莞水不含税预算金额小计（元）","不含税预算金额小计（元）","备注"]
[1,"▲","UPVC给水管","五金材料","联塑/日丰/南亚","DN20,PN16",180,10,50,{"$f":"SUM(G3:I3)","v":240},"米",3.49,{"$f":"L3*G3","v":{"v":628.2,"d":"628.20"}},{"$f":"L3*H3","v":{"v":34.9,"d":"34.90"}},{"$f":"L3*I3","v":{"v":174.5,"d":"174.50"}},{"$f":"M3+N3+O3","v":{"v":837.6,"d":"837.60"}}]
[2,"▲","UPVC给水管","五金材料","联塑/日丰/南亚","DN25,PN16",300,10,50,{"$f":"SUM(G4:I4)","v":360},"米",4.51,{"$f":"L4*G4","v":{"v":1353,"d":"1353.00"}},{"$f":"L4*H4","v":{"v":45.1,"d":"45.10"}},{"$f":"L4*I4","v":{"v":225.5,"d":"225.50"}},{"$f":"M4+N4+O4","v":{"v":1623.6,"d":"1623.60"}}]
[3,"▲","UPVC给水管","五金材料","联塑/日丰/南亚","DN32,PN16",300,10,50,360,"米",7.23,{"v":2169,"d":"2169.00"},{"v":72.3,"d":"72.30"},{"v":361.5,"d":"361.50"},{"v":2602.8,"d":"2602.80"}]
[4,"▲","UPVC给水管","五金材料","联塑/日丰/南亚","DN40,PN16",180,10,50,240,"米",10.84,{"v":1951.2,"d":"1951.20"},{"v":108.4,"d":"108.40"},{"v":542,"d":"542.00"},{"v":2601.6,"d":"2601.60"}]
[5,"▲","UPVC给水管","五金材料","联塑/日丰/南亚","DN50,PN16",180,10,50,240,"米",17.16,{"v":3088.8,"d":"3088.80"},{"v":171.6,"d":"171.60"},{"v":858,"d":"858.00"},{"v":4118.4,"d":"4118.40"}]
[6,"▲","UPVC给水管","五金材料","联塑/日丰/南亚","DN63,PN16",90,10,50,150,"米",27.11,{"v":2439.9,"d":"2439.90"},{"v":271.1,"d":"271.10"},{"v":1355.5,"d":"1355.50"},{"v":4066.5,"d":"4066.50"}]
[7,"▲","UPVC给水管","五金材料","联塑/日丰/南亚","DN75,PN16",60,5,5,70,"米",37.04,{"v":2222.4,"d":"2222.40"},{"v":185.2,"d":"185.20"},{"v":185.2,"d":"185.20"},{"v":2592.8,"d":"2592.80"}]
[8,"▲","UPVC给水管","五金材料","联塑/日丰/南亚","DN90,PN16",60,5,5,70,"米",52.4,{"v":3144,"d":"3144.00"},{"v":262,"d":"262.00"},{"v":262,"d":"262.00"},{"v":3668,"d":"3668.00"}]
[9,"▲","UPVC给水管","五金材料","联塑/日丰/南亚","DN110,PN16",120,5,5,130,"米",65.95,{"v":7914,"d":"7914.00"},329.75,329.75,{"v":8573.5,"d":"8573.50"}]
[10,"▲","UPVC给水管","五金材料","联塑/日丰/南亚","DN125,PN16",36,5,5,46,"米",87.64,3155.04,{"v":438.2,"d":"438.20"},{"v":438.2,"d":"438.20"},4031.44]
[11,"▲","UPVC给水管","五金材料","联塑/日丰/南亚","DN140,PN16",24,5,5,34,"米",111.13,2667.12,555.65,555.65,3778.42]
[12,"▲","UPVC给水管","五金材料","联塑/日丰/南亚","DN160,PN16",24,5,5,34,"米",131.91,3165.84,659.55,659.55,4484.94]
[13,"▲","UPVC给水管","五金材料","联塑/日丰/南亚","DN200,PN16",12,2,2,16,"米",215.03,2580.36,430.06,430.06,3440.48]
[14,"▲","UPVC给水管","五金材料","联塑/日丰/南亚","DN225,PN16",12,2,2,16,"米",300.87,3610.44,601.74,601.74,4813.92]
[15,"▲","UPVC给水管","五金材料","联塑/日丰/南亚","DN250,PN16",12,2,2,16,"米",366.82,4401.84,733.64,733.64,5869.12]
[16,"▲","UPVC给水管直接","五金材料","联塑/日丰/南亚","DN20,PN16",180,10,50,240,"只",1.81,{"v":325.8,"d":"325.80"},{"v":18.1,"d":"18.10"},{"v":90.5,"d":"90.50"},{"v":434.4,"d":"434.40"}]
[17,"▲","UPVC给水管直接","五金材料","联塑/日丰/南亚","DN25,PN16",180,10,50,240,"只",1.81,{"v":325.8,"d":"325.80"},{"v":18.1,"d":"18.10"},{"v":90.5,"d":"90.50"},{"v":434.4,"d":"434.40"}]
[18,"▲","UPVC给水管直接","五金材料","联塑/日丰/南亚","DN32,PN16",180,10,50,240,"只",1.81,{"v":325.8,"d":"325.80"},{"v":18.1,"d":"18.10"},{"v":90.5,"d":"90.50"},{"v":434.4,"d":"434.40"}]
[19,"▲","UPVC给水管直接","五金材料","联塑/日丰/南亚","DN40,PN16",90,10,50,150,"只",2.71,{"v":243.9,"d":"243.90"},{"v":27.1,"d":"27.10"},{"v":135.5,"d":"135.50"},{"v":406.5,"d":"406.50"}]
[20,"▲","UPVC给水管直接","五金材料","联塑/日丰/南亚","DN50,PN16",90,10,50,150,"只",3.61,{"v":324.9,"d":"324.90"},{"v":36.1,"d":"36.10"},{"v":180.5,"d":"180.50"},{"v":541.5,"d":"541.50"}]
[21,"▲","UPVC给水管直接","五金材料","联塑/日丰/南亚","DN63,PN16",45,10,50,105,"只",4.51,202.95,{"v":45.1,"d":"45.10"},{"v":225.5,"d":"225.50"},473.55]
[22,"▲","UPVC给水管直接","五金材料","联塑/日丰/南亚","DN75,PN16",45,5,5,55,"只",7.23,325.35,36.15,36.15,397.65]
[23,"▲","UPVC给水管直接","五金材料","联塑/日丰/南亚","DN90,PN16",45,5,5,55,"只",10.84,{"v":487.8,"d":"487.80"},{"v":54.2,"d":"54.20"},{"v":54.2,"d":"54.20"},{"v":596.2,"d":"596.20"}]
[24,"▲","UPVC给水管直接","五金材料","联塑/日丰/南亚","DN110,PN16",45,5,5,55,"只",18.07,813.15,90.35,90.35,993.85]
[25,"▲","UPVC给水管直接","五金材料","联塑/日丰/南亚","DN125,PN16",27,5,5,37,"只",29.81,804.87,149.05,149.05,1102.97]
[26,"▲","UPVC给水管直接","五金材料","联塑/日丰/南亚","DN140,PN16",27,5,5,37,"只",41.56,1122.12,{"v":207.8,"d":"207.80"},{"v":207.8,"d":"207.80"},1537.72]
[27,"▲","UPVC给水管直接","五金材料","联塑/日丰/南亚","DN160,PN16",15,5,5,25,"只",50.6,{"v":759,"d":"759.00"},{"v":253,"d":"253.00"},{"v":253,"d":"253.00"},{"v":1265,"d":"1265.00"}]
[28,"▲","UPVC给水管直接","五金材料","联塑/日丰/南亚","DN200,PN16",6,2,2,10,"只",94.87,569.22,189.74,189.74,{"v":948.7,"d":"948.70"}]
[29,"▲","UPVC给水管直接","五金材料","联塑/日丰/南亚","DN225,PN16",6,2,2,10,"只",131.01,786.06,262.02,262.02,{"v":1310.1,"d":"1310.10"}]
[30,"▲","UPVC给水管直接","五金材料","联塑/日丰/南亚","DN250,PN16",6,2,2,10,"只",140.04,840.24,280.08,280.08,{"v":1400.4,"d":"1400.40"}]
[31,"▲","UPVC给水管90°弯头","五金材料","联塑/日丰/南亚","DN20,PN16",90,10,50,150,"只",1.81,{"v":162.9,"d":"162.90"},{"v":18.1,"d":"18.10"},{"v":90.5,"d":"90.50"},{"v":271.5,"d":"271.50"}]
[32,"▲","UPVC给水管90°弯头","五金材料","联塑/日丰/南亚","DN25,PN16",135,10,50,195,"只",1.81,244.35,{"v":18.1,"d":"18.10"},{"v":90.5,"d":"90.50"},352.95]
[33,"▲","UPVC给水管90°弯头","五金材料","联塑/日丰/南亚","DN32,PN16",135,10,50,195,"只",2.71,365.85,{"v":27.1,"d":"27.10"},{"v":135.5,"d":"135.50"},528.45]
[34,"▲","UPVC给水管90°弯头","五金材料","联塑/日丰/南亚","DN40,PN16",135,10,50,195,"只",3.61,487.35,{"v":36.1,"d":"36.10"},{"v":180.5,"d":"180.50"},703.95]
[35,"▲","UPVC给水管90°弯头","五金材料","联塑/日丰/南亚","DN50,PN16",135,10,50,195,"只",5.42,{"v":731.7,"d":"731.70"},{"v":54.2,"d":"54.20"},{"v":271,"d":"271.00"},{"v":1056.9,"d":"1056.90"}]
[36,"▲","UPVC给水管90°弯头","五金材料","联塑/日丰/南亚","DN63,PN16",72,10,50,132,"只",8.13,585.36,{"v":81.3,"d":"81.30"},{"v":406.5,"d":"406.50"},1073.16]
[37,"▲","UPVC给水管90°弯头","五金材料","联塑/日丰/南亚","DN75,PN16",45,5,5,55,"只",13.55,609.75,67.75,67.75,745.25]
[38,"▲","UPVC给水管90°弯头","五金材料","联塑/日丰/南亚","DN90,PN16",27,5,5,37,"只",18.07,487.89,90.35,90.35,668.59]
[39,"▲","UPVC给水管90°弯头","五金材料","联塑/日丰/南亚","DN110,PN16",18,5,5,28,"只",35.23,634.14,176.15,176.15,986.44]
[40,"▲","UPVC给水管90°弯头","五金材料","联塑/日丰/南亚","DN125,PN16",9,5,5,19,"只",60.53,544.77,302.65,302.65,1150.07]
[41,"▲","UPVC给水管90°弯头","五金材料","联塑/日丰/南亚","DN140,PN16",9,5,5,19,"只",91.25,821.25,456.25,456.25,1733.75]
[42,"▲","UPVC给水管90°弯头","五金材料","联塑/日丰/南亚","DN160,PN16",9,5,5,19,"只",101.2,{"v":910.8,"d":"910.80"},{"v":506,"d":"506.00"},{"v":506,"d":"506.00"},{"v":1922.8,"d":"1922.80"}]
[43,"▲","UPVC给水管90°弯头","五金材料","联塑/日丰/南亚","DN200,PN16",9,2,2,13,"只",178.89,1610.01,357.78,357.78,2325.57]
[44,"▲","UPVC给水管90°弯头","五金材料","联塑/日丰/南亚","DN225,PN16",6,2,2,10,"只",245.75,{"v":1474.5,"d":"1474.50"},{"v":491.5,"d":"491.50"},{"v":491.5,"d":"491.50"},{"v":2457.5,"d":"2457.50"}]
[45,"▲","UPVC给水管90°弯头","五金材料","联塑/日丰/南亚","DN250,PN16",6,2,2,10,"只",256.6,{"v":1539.6,"d":"1539.60"},{"v":513.2,"d":"513.20"},{"v":513.2,"d":"513.20"},{"v":2566,"d":"2566.00"}]
[46,"▲","UPVC给水管45°弯头","五金材料","联塑/日丰/南亚","DN20,PN16",15,2,2,19,"只",1.81,27.15,3.62,3.62,34.39]
[47,"▲","UPVC给水管45°弯头","五金材料","联塑/日丰/南亚","DN25,PN16",15,2,2,19,"只",1.81,27.15,3.62,3.62,34.39]
[48,"▲","UPVC给水管45°弯头","五金材料","联塑/日丰/南亚","DN32,PN16",15,2,2,19,"只",2.56,{"v":38.4,"d":"38.40"},5.12,5.12,48.64]
[49,"▲","UPVC给水管45°弯头","五金材料","联塑/日丰/南亚","DN40,PN16",15,2,2,19,"只",2.71,40.65,5.42,5.42,51.49]
[50,"▲","UPVC给水管45°弯头","五金材料","联塑/日丰/南亚","DN50,PN16",15,2,2,19,"只",4.51,67.65,9.02,9.02,85.69]
[51,"▲","UPVC给水管45°弯头","五金材料","联塑/日丰/南亚","DN63,PN16",9,2,2,13,"只",6.32,56.88,12.64,12.64,82.16]
[52,"▲","UPVC给水管45°弯头","五金材料","联塑/日丰/南亚","DN75,PN16",9,2,2,13,"只",10.84,97.56,21.68,21.68,140.92]
[53,"▲","UPVC给水管45°弯头","五金材料","联塑/日丰/南亚","DN90,PN16",9,2,2,13,"只",16.26,146.34,32.52,32.52,211.38]
[54,"▲","UPVC给水管45°弯头","五金材料","联塑/日丰/南亚","DN110,PN16",9,2,2,13,"只",25.3,{"v":227.7,"d":"227.70"},{"v":50.6,"d":"50.60"},{"v":50.6,"d":"50.60"},{"v":328.9,"d":"328.90"}]
[55,"▲","UPVC给水管45°弯头","五金材料","联塑/日丰/南亚","DN125,PN16",4,2,2,8,"只",45.18,180.72,90.36,90.36,361.44]
[56,"▲","UPVC给水管45°弯头","五金材料","联塑/日丰/南亚","DN140,PN16",4,2,2,8,"只",56.92,227.68,113.84,113.84,455.36]
[57,"▲","UPVC给水管45°弯头","五金材料","联塑/日丰/南亚","DN160,PN16",4,2,2,8,"只",70.48,281.92,140.96,140.96,563.84]
[58,"▲","UPVC给水管45°弯头","五金材料","联塑/日丰/南亚","DN200,PN16",3,2,2,7,"只",138.24,414.72,276.48,276.48,967.68]
[59,"▲","UPVC给水管45°弯头","五金材料","联塑/日丰/南亚","DN225,PN16",3,2,2,7,"只",189.73,569.19,379.46,379.46,1328.11]
[60,"▲","UPVC给水管45°弯头","五金材料","联塑/日丰/南亚","DN250,PN16",3,2,2,7,"只",193.35,580.05,{"v":386.7,"d":"386.70"},{"v":386.7,"d":"386.70"},1353.45]
[61,"▲","UPVC给水管正三通","五金材料","联塑/日丰/南亚","DN20,PN16",90,2,2,94,"只",1.81,{"v":162.9,"d":"162.90"},3.62,3.62,170.14]
[62,"▲","UPVC给水管正三通","五金材料","联塑/日丰/南亚","DN25,PN16",90,2,2,94,"只",2.71,{"v":243.9,"d":"243.90"},5.42,5.42,254.74]
[63,"▲","UPVC给水管正三通","五金材料","联塑/日丰/南亚","DN32,PN16",90,2,2,94,"只",2.71,{"v":243.9,"d":"243.90"},5.42,5.42,254.74]
[64,"▲","UPVC给水管正三通","五金材料","联塑/日丰/南亚","DN40,PN16",90,2,2,94,"只",4.51,{"v":405.9,"d":"405.90"},9.02,9.02,423.94]
[65,"▲","UPVC给水管正三通","五金材料","联塑/日丰/南亚","DN50,PN16",90,2,2,94,"只",7.23,{"v":650.7,"d":"650.70"},14.46,14.46,679.62]
[66,"▲","UPVC给水管正三通","五金材料","联塑/日丰/南亚","DN63,PN16",48,2,2,{"$f":"SUM(G68:I68)","v":52},"只",11.74,{"$f":"L68*G68","v":563.52},{"$f":"L68*H68","v":23.48},{"$f":"L68*I68","v":23.48},{"$f":"M68+N68+O68","v":610.48}]
[67,"▲","UPVC给水管正三通","五金材料","联塑/日丰/南亚","DN75,PN16",48,2,2,52,"只",17.16,823.68,34.32,34.32,892.32]
[68,"▲","UPVC给水管正三通","五金材料","联塑/日丰/南亚","DN90,PN16",30,2,2,34,"只",25.3,{"v":759,"d":"759.00"},{"v":50.6,"d":"50.60"},{"v":50.6,"d":"50.60"},{"v":860.2,"d":"860.20"}]
[69,"▲","UPVC给水管正三通","五金材料","联塑/日丰/南亚","DN110,PN16",30,2,2,34,"只",44.27,{"v":1328.1,"d":"1328.10"},88.54,88.54,1505.18]
[70,"▲","UPVC给水管正三通","五金材料","联塑/日丰/南亚","DN125,PN16",12,2,2,16,"只",93.06,1116.72,186.12,186.12,1488.96]
[71,"▲","UPVC给水管正三通","五金材料","联塑/日丰/南亚","DN140,PN16",9,2,2,13,"只",101.2,{"v":910.8,"d":"910.80"},{"v":202.4,"d":"202.40"},{"v":202.4,"d":"202.40"},{"v":1315.6,"d":"1315.60"}]
[72,"▲","UPVC给水管正三通","五金材料","联塑/日丰/南亚","DN160,PN16",9,2,2,13,"只",121.07,1089.63,242.14,242.14,1573.91]
[73,"▲","UPVC给水管正三通","五金材料","联塑/日丰/南亚","DN200,PN16",9,2,2,13,"只",218.65,1967.85,{"v":437.3,"d":"437.30"},{"v":437.3,"d":"437.30"},2842.45]
[74,"▲","UPVC给水管正三通","五金材料","联塑/日丰/南亚","DN225,PN16",6,2,2,10,"只",299.06,1794.36,598.12,598.12,{"v":2990.6,"d":"2990.60"}]
[75,"▲","UPVC给水管正三通","五金材料","联塑/日丰/南亚","DN250,PN16",4,2,2,8,"只",402.96,1611.84,805.92,805.92,3223.68]
[76,"▲","UPVC给水管异径三通","五金材料","联塑/日丰/南亚","DN32转DN20，PN16",24,2,2,28,"只",2.71,65.04,5.42,5.42,75.88]
[77,"▲","UPVC给水管异径三通","五金材料","联塑/日丰/南亚","DN40转DN20，PN16",24,2,2,28,"只",3.61,86.64,7.22,7.22,101.08]
[78,"▲","UPVC给水管异径三通","五金材料","联塑/日丰/南亚","DN40转DN32，PN17",24,2,2,28,"只",3.61,86.64,7.22,7.22,101.08]
[79,"▲","UPVC给水管异径三通","五金材料","联塑/日丰/南亚","DN50转DN40，PN16",24,2,2,28,"只",6.32,151.68,12.64,12.64,176.96]
[80,"▲","UPVC给水管异径三通","五金材料","联塑/日丰/南亚","DN50转DN32，PN16",24,2,2,28,"只",5.42,130.08,10.84,10.84,151.76]
[81,"▲","UPVC给水管异径三通","五金材料","联塑/日丰/南亚","DN63转DN50，PN16",15,2,2,19,"只",9.04,{"v":135.6,"d":"135.60"},18.08,18.08,171.76]
[82,"▲","UPVC给水管异径三通","五金材料","联塑/日丰/南亚","DN75转DN65，PN16",15,2,2,19,"只",15.36,{"v":230.4,"d":"230.40"},30.72,30.72,291.84]
[83,"▲","UPVC给水管异径三通","五金材料","联塑/日丰/南亚","DN90转DN75，PN16",15,2,2,19,"只",21.68,{"v":325.2,"d":"325.20"},43.36,43.36,411.92]
[84,"▲","UPVC给水管异径三通","五金材料","联塑/日丰/南亚","DN110转DN90，PN16",15,2,2,19,"只",37.04,{"v":555.6,"d":"555.60"},74.08,74.08,703.76]
[85,"▲","UPVC给水管异径接头","五金材料","联塑/日丰/南亚","DN32转DN20，PN16",21,2,2,25,"只",1.81,38.01,3.62,3.62,45.25]
[86,"▲","UPVC给水管异径接头","五金材料","联塑/日丰/南亚","DN40转DN32，PN16",21,2,2,25,"只",1.81,38.01,3.62,3.62,45.25]
[87,"▲","UPVC给水管异径接头","五金材料","联塑/日丰/南亚","DN50转DN40，PN16",21,2,2,25,"只",3.61,75.81,7.22,7.22,90.25]
[88,"▲","UPVC给水管异径接头","五金材料","联塑/日丰/南亚","DN63转DN50，PN16",21,2,2,25,"只",5.42,113.82,10.84,10.84,{"v":135.5,"d":"135.50"}]
[89,"▲","UPVC给水管异径接头","五金材料","联塑/日丰/南亚","DN75转DN63，PN16",12,2,2,16,"只",7.23,86.76,14.46,14.46,115.68]
[90,"▲","UPVC给水管异径接头","五金材料","联塑/日丰/南亚","DN90转DN75，PN16",12,2,2,16,"只",10.84,130.08,21.68,21.68,173.44]
[91,"▲","UPVC给水管异径接头","五金材料","联塑/日丰/南亚","DN110转DN90，PN16",12,2,2,16,"只",16.26,195.12,32.52,32.52,260.16]
[92,"▲","UPVC给水管异径接头","五金材料","联塑/日丰/南亚","DN125转DN110，PN16",6,2,2,10,"只",37.04,222.24,74.08,74.08,{"v":370.4,"d":"370.40"}]
[93,"▲","UPVC给水管异径接头","五金材料","联塑/日丰/南亚","DN140转DN125，PN16",6,2,2,10,"只",47.88,287.28,95.76,95.76,{"v":478.8,"d":"478.80"}]
[94,"▲","UPVC给水管异径接头","五金材料","联塑/日丰/南亚","DN160转DN110，PN16",6,2,2,10,"只",48.79,292.74,97.58,97.58,{"v":487.9,"d":"487.90"}]
[95,"▲","UPVC给水管异径接头","五金材料","联塑/日丰/南亚","DN200转DN160，PN16",6,2,2,10,"只",93.06,558.36,186.12,186.12,{"v":930.6,"d":"930.60"}]
[96,"▲","UPVC给水管异径接头","五金材料","联塑/日丰/南亚","DN225转DN200，PN16",2,2,2,6,"只",162.63,325.26,325.26,325.26,975.78]
[97,"▲","UPVC给水管异径接头","五金材料","联塑/日丰/南亚","DN250转DN225，PN16",2,2,2,6,"只",218.65,{"v":437.3,"d":"437.30"},{"v":437.3,"d":"437.30"},{"v":437.3,"d":"437.30"},{"v":1311.9,"d":"1311.90"}]
[98,"▲","UPVC带法兰接头","五金材料","联塑/日丰/南亚","DN15,PN16",10,2,2,14,"只",10.84,{"v":108.4,"d":"108.40"},21.68,21.68,151.76,"2024年新增"]
[99,"▲","UPVC带法兰接头","五金材料","联塑/日丰/南亚","DN20,PN16",30,2,2,34,"只",10.84,{"v":325.2,"d":"325.20"},21.68,21.68,368.56]
[100,"▲","UPVC带法兰接头","五金材料","联塑/日丰/南亚","DN25,PN16",30,2,2,34,"只",13.55,{"v":406.5,"d":"406.50"},{"v":27.1,"d":"27.10"},{"v":27.1,"d":"27.10"},{"v":460.7,"d":"460.70"}]
[101,"▲","UPVC带法兰接头","五金材料","联塑/日丰/南亚","DN32,PN16",30,2,2,34,"只",13.55,{"v":406.5,"d":"406.50"},{"v":27.1,"d":"27.10"},{"v":27.1,"d":"27.10"},{"v":460.7,"d":"460.70"}]
[102,"▲","UPVC带法兰接头","五金材料","联塑/日丰/南亚","DN40,PN16",30,2,2,34,"只",18.07,{"v":542.1,"d":"542.10"},36.14,36.14,614.38]
[103,"▲","UPVC带法兰接头","五金材料","联塑/日丰/南亚","DN50,PN16",30,2,2,34,"只",19.88,{"v":596.4,"d":"596.40"},39.76,39.76,675.92]
[104,"▲","UPVC带法兰接头","五金材料","联塑/日丰/南亚","DN63,PN16",42,2,2,46,"只",25.3,{"v":1062.6,"d":"1062.60"},{"v":50.6,"d":"50.60"},{"v":50.6,"d":"50.60"},{"v":1163.8,"d":"1163.80"}]
[105,"▲","UPVC带法兰接头","五金材料","联塑/日丰/南亚","DN75,PN16",42,2,2,46,"只",29.81,1252.02,59.62,59.62,1371.26]
[106,"▲","UPVC带法兰接头","五金材料","联塑/日丰/南亚","DN90,PN16",42,2,2,46,"只",38.85,{"v":1631.7,"d":"1631.70"},{"v":77.7,"d":"77.70"},{"v":77.7,"d":"77.70"},{"v":1787.1,"d":"1787.10"}]
[107,"▲","UPVC带法兰接头","五金材料","联塑/日丰/南亚","DN110,PN16",18,2,2,22,"只",56.02,1008.36,112.04,112.04,1232.44]
[108,"▲","UPVC带法兰接头","五金材料","联塑/日丰/南亚","DN125,PN16",12,2,2,16,"只",71.38,856.56,142.76,142.76,1142.08]
[109,"▲","UPVC带法兰接头","五金材料","联塑/日丰/南亚","DN140,PN16",12,2,2,16,"只",92.16,1105.92,184.32,184.32,1474.56]
[110,"▲","UPVC带法兰接头","五金材料","联塑/日丰/南亚","DN160,PN16",18,2,2,22,"只",121.97,2195.46,243.94,243.94,2683.34]
[111,"▲","UPVC带法兰接头","五金材料","联塑/日丰/南亚","DN200,PN16",18,2,2,22,"只",146.37,2634.66,292.74,292.74,3220.14]
[112,"▲","UPVC带法兰接头","五金材料","联塑/日丰/南亚","DN225,PN16",10,2,2,14,"只",218.65,{"v":2186.5,"d":"2186.50"},{"v":437.3,"d":"437.30"},{"v":437.3,"d":"437.30"},{"v":3061.1,"d":"3061.10"}]
[113,"▲","UPVC带法兰接头","五金材料","联塑/日丰/南亚","DN250,PN16",10,2,2,14,"只",293.64,{"v":2936.4,"d":"2936.40"},587.28,587.28,4110.96]
[114,"▲","UPVC单外丝接头","五金材料","联塑/日丰/南亚","DN20,PN16",30,2,2,34,"只",1.81,{"v":54.3,"d":"54.30"},3.62,3.62,61.54]
[115,"▲","UPVC单外丝接头","五金材料","联塑/日丰/南亚","DN25,PN16",30,2,2,34,"只",2.5,{"v":75,"d":"75.00"},{"v":5,"d":"5.00"},{"v":5,"d":"5.00"},{"v":85,"d":"85.00"}]
[116,"▲","UPVC单外丝接头","五金材料","联塑/日丰/南亚","DN32,PN16",30,2,2,34,"只",1.81,{"v":54.3,"d":"54.30"},3.62,3.62,61.54]
[117,"▲","UPVC单外丝接头","五金材料","联塑/日丰/南亚","DN40,PN16",30,2,2,34,"只",2.71,{"v":81.3,"d":"81.30"},5.42,5.42,92.14]
[118,"▲","UPVC单外丝接头","五金材料","联塑/日丰/南亚","DN50,PN16",30,2,2,34,"只",3.61,{"v":108.3,"d":"108.30"},7.22,7.22,122.74]
[119,"▲","UPVC单外丝接头","五金材料","联塑/日丰/南亚","DN63,PN16",18,2,2,22,"只",6.32,113.76,12.64,12.64,139.04]
[120,"▲","UPVC单外丝接头","五金材料","联塑/日丰/南亚","DN75,PN16",18,2,2,22,"只",9.94,178.92,19.88,19.88,218.68]
[121,"▲","UPVC单内丝接头","五金材料","联塑/日丰/南亚","DN20,PN16",30,2,2,34,"只",3.61,{"v":108.3,"d":"108.30"},7.22,7.22,122.74]
[122,"▲","UPVC单内丝接头","五金材料","联塑/日丰/南亚","DN25,PN16",30,2,2,34,"只",5.42,{"v":162.6,"d":"162.60"},10.84,10.84,184.28]
[123,"▲","UPVC单内丝接头","五金材料","联塑/日丰/南亚","DN32,PN16",30,2,2,34,"只",6.32,{"v":189.6,"d":"189.60"},12.64,12.64,214.88]
[124,"▲","UPVC单内丝接头","五金材料","联塑/日丰/南亚","DN40,PN16",30,2,2,34,"只",4.51,{"v":135.3,"d":"135.30"},9.02,9.02,153.34]
[125,"▲","UPVC单内丝接头","五金材料","联塑/日丰/南亚","DN50,PN16",30,2,2,34,"只",5.42,{"v":162.6,"d":"162.60"},10.84,10.84,184.28]
[126,"▲","UPVC单内丝接头","五金材料","联塑/日丰/南亚","DN63,PN16",18,2,2,22,"只",7.23,130.14,14.46,14.46,159.06]
[127,"▲","UPVC单内丝接头","五金材料","联塑/日丰/南亚","DN75,PN16",18,2,2,22,"只",10.84,195.12,21.68,21.68,238.48]
[128,"▲","UPVC单外丝90°弯头","五金材料","联塑/日丰/南亚","DN20,PN16",24,2,2,28,"只",5.42,130.08,10.84,10.84,151.76]
[129,"▲","UPVC单外丝90°弯头","五金材料","联塑/日丰/南亚","DN25,PN16",24,2,2,28,"只",11.74,281.76,23.48,23.48,328.72]
[130,"▲","UPVC单外丝90°弯头","五金材料","联塑/日丰/南亚","DN32,PN16",24,2,2,{"$f":"SUM(G132:I132)","v":28},"只",13.55,{"$f":"L132*G132","v":{"v":325.2,"d":"325.20"}},{"$f":"L132*H132","v":{"v":27.1,"d":"27.10"}},{"$f":"L132*I132","v":{"v":27.1,"d":"27.10"}},{"$f":"M132+N132+O132","v":{"v":379.4,"d":"379.40"}}]
[131,"▲","UPVC单外丝90°弯头","五金材料","联塑/日丰/南亚","DN40,PN16",24,2,2,28,"只",28.91,693.84,57.82,57.82,809.48]
[132,"▲","UPVC单外丝90°弯头","五金材料","联塑/日丰/南亚","DN50,PN16",18,2,2,22,"只",37.95,{"v":683.1,"d":"683.10"},{"v":75.9,"d":"75.90"},{"v":75.9,"d":"75.90"},{"v":834.9,"d":"834.90"}]
[133,"▲","UPVC单外丝90°弯头","五金材料","联塑/日丰/南亚","DN63,PN16",18,2,2,22,"只",54.21,975.78,108.42,108.42,1192.62]
[134,"▲","UPVC单外丝90°弯头","五金材料","联塑/日丰/南亚","DN75,PN16",18,2,2,22,"只",71.38,1284.84,142.76,142.76,1570.36]
[135,"▲","UPVC单内丝90°弯头","五金材料","联塑/日丰/南亚","DN20,PN16",24,2,2,28,"只",7.23,173.52,14.46,14.46,202.44]
[136,"▲","UPVC单内丝90°弯头","五金材料","联塑/日丰/南亚","DN25,PN16",24,2,2,28,"只",9.94,238.56,19.88,19.88,278.32]
[137,"▲","UPVC单内丝90°弯头","五金材料","联塑/日丰/南亚","DN32,PN16",24,2,2,28,"只",13.55,{"v":325.2,"d":"325.20"},{"v":27.1,"d":"27.10"},{"v":27.1,"d":"27.10"},{"v":379.4,"d":"379.40"}]
[138,"▲","UPVC单内丝90°弯头","五金材料","联塑/日丰/南亚","DN40,PN16",24,2,2,28,"只",28.91,693.84,57.82,57.82,809.48]
[139,"▲","UPVC单内丝90°弯头","五金材料","联塑/日丰/南亚","DN50,PN16",18,2,2,22,"只",37.04,666.72,74.08,74.08,814.88]
[140,"▲","UPVC单内丝90°弯头","五金材料","联塑/日丰/南亚","DN63,PN16",18,2,2,22,"只",50.6,{"v":910.8,"d":"910.80"},{"v":101.2,"d":"101.20"},{"v":101.2,"d":"101.20"},{"v":1113.2,"d":"1113.20"}]
[141,"▲","UPVC单内丝90°弯头","五金材料","联塑/日丰/南亚","DN75,PN16",18,2,2,22,"只",68.67,1236.06,137.34,137.34,1510.74]
[142,"▲","UPVC活接","五金材料","联塑/日丰/南亚","DN20,PN16",30,2,2,34,"只",3.61,{"v":108.3,"d":"108.30"},7.22,7.22,122.74]
[143,"▲","UPVC活接","五金材料","联塑/日丰/南亚","DN25,PN16",30,2,2,34,"只",4.51,{"v":135.3,"d":"135.30"},9.02,9.02,153.34]
[144,"▲","UPVC活接","五金材料","联塑/日丰/南亚","DN32,PN16",30,2,2,34,"只",7.23,{"v":216.9,"d":"216.90"},14.46,14.46,245.82]
[145,"▲","UPVC活接","五金材料","联塑/日丰/南亚","DN40,PN16",30,2,2,34,"只",10.84,{"v":325.2,"d":"325.20"},21.68,21.68,368.56]
[146,"▲","UPVC活接","五金材料","联塑/日丰/南亚","DN50,PN16",30,2,2,34,"只",14.46,{"v":433.8,"d":"433.80"},28.92,28.92,491.64]
[147,"▲","UPVC活接","五金材料","联塑/日丰/南亚","DN63,PN16",30,2,2,34,"只",32.53,{"v":975.9,"d":"975.90"},65.06,65.06,1106.02]
[148,"▲","UPVC活接","五金材料","联塑/日丰/南亚","DN75,PN16",30,2,2,34,"只",42.46,{"v":1273.8,"d":"1273.80"},84.92,84.92,1443.64]
[149,"▲","UPVC活接","五金材料","联塑/日丰/南亚","DN90,PN16",30,2,2,34,"只",71.38,{"v":2141.4,"d":"2141.40"},142.76,142.76,2426.92]
[150,"▲","UPVC活接","五金材料","联塑/日丰/南亚","DN110,PN16",15,2,2,19,"只",94.87,1423.05,189.74,189.74,1802.53]
[151,"▲","UPVC活接","五金材料","联塑/日丰/南亚","DN125,PN16",9,2,2,13,"只",92.16,829.44,184.32,184.32,1198.08]
[152,"▲","UPVC补芯","五金材料","联塑/日丰/南亚","DN25转DN20",24,2,2,28,"只",0.9,{"v":21.6,"d":"21.60"},{"v":1.8,"d":"1.80"},{"v":1.8,"d":"1.80"},{"v":25.2,"d":"25.20"},"2024年新增"]
[153,"▲","UPVC补芯","五金材料","联塑/日丰/南亚","DN32转DN25",24,2,2,28,"只",0.9,{"v":21.6,"d":"21.60"},{"v":1.8,"d":"1.80"},{"v":1.8,"d":"1.80"},{"v":25.2,"d":"25.20"}]
[154,"▲","UPVC补芯","五金材料","联塑/日丰/南亚","DN40转DN32",24,2,2,28,"只",1.81,43.44,3.62,3.62,50.68]
[155,"▲","UPVC补芯","五金材料","联塑/日丰/南亚","DN50转DN40",24,2,2,28,"只",1.81,43.44,3.62,3.62,50.68]
[156,"▲","UPVC补芯","五金材料","联塑/日丰/南亚","DN63转DN50",18,2,2,22,"只",4.51,81.18,9.02,9.02,99.22]
[157,"▲","UPVC补芯","五金材料","联塑/日丰/南亚","DN75转DN63",18,2,2,22,"只",5.42,97.56,10.84,10.84,119.24]
[158,"▲","UPVC补芯","五金材料","联塑/日丰/南亚","DN90转DN75",18,2,2,22,"只",9.94,178.92,19.88,19.88,218.68]
[159,"▲","UPVC补芯","五金材料","联塑/日丰/南亚","DN110转DN90",12,2,2,16,"只",16.26,195.12,32.52,32.52,260.16]
[160,"▲","UPVC补芯","五金材料","联塑/日丰/南亚","DN125转DN110",9,2,2,13,"只",27.11,243.99,54.22,54.22,352.43]
[161,"▲","UPVC补芯","五金材料","联塑/日丰/南亚","DN140转DN125",9,2,2,13,"只",40.66,365.94,81.32,81.32,528.58]
[162,"▲","UPVC补芯","五金材料","联塑/日丰/南亚","DN160转DN140",9,2,2,13,"只",46.98,422.82,93.96,93.96,610.74]
[163,"▲","UPVC管帽","五金材料","联塑/日丰/南亚","DN20",12,2,2,16,"只",1.81,21.72,3.62,3.62,28.96,"2024年新增"]
[164,"▲","UPVC管帽","五金材料","联塑/日丰/南亚","DN25",12,2,2,16,"只",1.81,21.72,3.62,3.62,28.96,"2024年新增"]
[165,"▲","UPVC管帽","五金材料","联塑/日丰/南亚","DN32",12,2,2,16,"只",1.81,21.72,3.62,3.62,28.96]
[166,"▲","UPVC管帽","五金材料","联塑/日丰/南亚","DN40",12,2,2,16,"只",1.81,21.72,3.62,3.62,28.96]
[167,"▲","UPVC管帽","五金材料","联塑/日丰/南亚","DN50",12,2,2,16,"只",2.71,32.52,5.42,5.42,43.36]
[168,"▲","UPVC管帽","五金材料","联塑/日丰/南亚","DN63",12,2,2,16,"只",4.51,54.12,9.02,9.02,72.16]
[169,"▲","UPVC管帽","五金材料","联塑/日丰/南亚","DN75",12,2,2,16,"只",8.13,97.56,16.26,16.26,130.08]
[170,"▲","UPVC管帽","五金材料","联塑/日丰/南亚","DN90",12,2,2,16,"只",12.65,{"v":151.8,"d":"151.80"},{"v":25.3,"d":"25.30"},{"v":25.3,"d":"25.30"},{"v":202.4,"d":"202.40"}]
[171,"▲","UPVC管帽","五金材料","联塑/日丰/南亚","DN110",12,2,2,16,"只",18.97,227.64,37.94,37.94,303.52]
[172,"▲","UPVC管帽","五金材料","联塑/日丰/南亚","DN125",9,2,2,13,"只",25.3,{"v":227.7,"d":"227.70"},{"v":50.6,"d":"50.60"},{"v":50.6,"d":"50.60"},{"v":328.9,"d":"328.90"}]
[173,"▲","UPVC管帽","五金材料","联塑/日丰/南亚","DN140",9,2,2,13,"只",28.95,260.55,{"v":57.9,"d":"57.90"},{"v":57.9,"d":"57.90"},376.35]
[174,"▲","UPVC管帽","五金材料","联塑/日丰/南亚","DN160",9,2,2,13,"只",49.69,447.21,99.38,99.38,645.97]
[175,"▲","UPVC简单型球阀","五金材料","联塑/日丰/南亚","DN20,PN16",36,2,2,40,"只",4.51,162.36,9.02,9.02,{"v":180.4,"d":"180.40"}]
[176,"▲","UPVC简单型球阀","五金材料","联塑/日丰/南亚","DN25,PN16",36,2,2,40,"只",6.32,227.52,12.64,12.64,{"v":252.8,"d":"252.80"}]
[177,"▲","UPVC简单型球阀","五金材料","联塑/日丰/南亚","DN32,PN16",36,2,2,40,"只",9.94,357.84,19.88,19.88,{"v":397.6,"d":"397.60"}]
[178,"▲","UPVC简单型球阀","五金材料","联塑/日丰/南亚","DN40,PN16",24,2,2,28,"只",13.55,{"v":325.2,"d":"325.20"},{"v":27.1,"d":"27.10"},{"v":27.1,"d":"27.10"},{"v":379.4,"d":"379.40"}]
[179,"▲","UPVC简单型球阀","五金材料","联塑/日丰/南亚","DN50,PN16",24,2,2,28,"只",18.07,433.68,36.14,36.14,505.96]
[180,"▲","UPVC简单型球阀","五金材料","联塑/日丰/南亚","DN63,PN16",24,2,2,28,"只",28.01,672.24,56.02,56.02,784.28]
[181,"▲","UPVC简单型球阀","五金材料","联塑/日丰/南亚","DN75,PN16",8,2,2,12,"只",60.53,484.24,121.06,121.06,726.36]
[182,"▲","UPVC简单型球阀","五金材料","联塑/日丰/南亚","DN90,PN16",12,2,2,16,"只",80.41,964.92,160.82,160.82,1286.56]
[183,"▲","UPVC简单型球阀","五金材料","联塑/日丰/南亚","DN110,PN16",12,2,2,16,"只",195.16,2341.92,390.32,390.32,3122.56]
[184,"▲","UPVC简单型球阀","五金材料","联塑/日丰/南亚","DN125,PN16",9,2,2,13,"只",207.81,1870.29,415.62,415.62,2701.53]
[185,"▲","UPVC简单型球阀","五金材料","联塑/日丰/南亚","DN140,PN16",9,2,2,13,"只",233.1,{"v":2097.9,"d":"2097.90"},{"v":466.2,"d":"466.20"},{"v":466.2,"d":"466.20"},{"v":3030.3,"d":"3030.30"}]
[186,"▲","UPVC简单型球阀","五金材料","联塑/日丰/南亚","DN160,PN16",9,2,2,13,"只",317.13,2854.17,634.26,634.26,4122.69]
[187,"▲","UPVC双由令球阀","五金材料","联塑/日丰/南亚","DN20,PN16",18,2,2,22,"只",9.04,162.72,18.08,18.08,198.88]
[188,"▲","UPVC双由令球阀","五金材料","联塑/日丰/南亚","DN25,PN16",18,2,2,22,"只",12.65,{"v":227.7,"d":"227.70"},{"v":25.3,"d":"25.30"},{"v":25.3,"d":"25.30"},{"v":278.3,"d":"278.30"}]
[189,"▲","UPVC双由令球阀","五金材料","联塑/日丰/南亚","DN32,PN16",18,2,2,22,"只",17.16,308.88,34.32,34.32,377.52]
[190,"▲","UPVC双由令球阀","五金材料","联塑/日丰/南亚","DN40,PN16",18,2,2,22,"只",25.3,{"v":455.4,"d":"455.40"},{"v":50.6,"d":"50.60"},{"v":50.6,"d":"50.60"},{"v":556.6,"d":"556.60"}]
[191,"▲","UPVC双由令球阀","五金材料","联塑/日丰/南亚","DN50,PN16",18,2,2,22,"只",36.14,650.52,72.28,72.28,795.08]
[192,"▲","UPVC双由令球阀","五金材料","联塑/日丰/南亚","DN63,PN16",12,2,2,16,"只",58.73,704.76,117.46,117.46,939.68]
[193,"▲","UPVC双由令球阀","五金材料","联塑/日丰/南亚","DN75,PN16",12,2,2,16,"只",137.33,1647.96,274.66,274.66,2197.28]
[194,"▲","UPVC双由令球阀","五金材料","联塑/日丰/南亚","DN90,PN16",9,2,2,{"$f":"SUM(G196:I196)","v":13},"只",287.32,{"$f":"L196*G196","v":2585.88},{"$f":"L196*H196","v":574.64},{"$f":"L196*I196","v":574.64},{"$f":"M196+N196+O196","v":3735.16}]
[195,"▲","UPVC双由令球阀","五金材料","联塑/日丰/南亚","DN110,PN16",8,2,2,12,"只",492.41,3939.28,984.82,984.82,5908.92]
[196,"▲","黄铜长柄球阀","五金材料","埃美柯/唐柯/一靓","DN15,PN16",30,1,1,32,"只",28.01,{"v":840.3,"d":"840.30"},28.01,28.01,896.32]
[197,"▲","黄铜长柄球阀","五金材料","埃美柯/唐柯/一靓","DN20,PN16",30,1,1,32,"只",36.14,{"v":1084.2,"d":"1084.20"},36.14,36.14,1156.48]
[198,"▲","黄铜长柄球阀","五金材料","埃美柯/唐柯/一靓","DN25,PN16",24,1,1,26,"只",57.83,1387.92,57.83,57.83,1503.58]
[199,"▲","黄铜长柄球阀","五金材料","埃美柯/唐柯/一靓","DN32,PN16",12,1,1,14,"只",88.55,{"v":1062.6,"d":"1062.60"},88.55,88.55,{"v":1239.7,"d":"1239.70"}]
[200,"▲","黄铜长柄球阀","五金材料","埃美柯/唐柯/一靓","DN40,PN16",12,1,1,14,"只",140.04,1680.48,140.04,140.04,1960.56]
[201,"▲","黄铜长柄球阀","五金材料","埃美柯/唐柯/一靓","DN50,PN16",6,1,1,8,"只",193.35,{"v":1160.1,"d":"1160.10"},193.35,193.35,{"v":1546.8,"d":"1546.80"}]
[202,"▲","黄铜长柄球阀","五金材料","埃美柯/唐柯/一靓","DN65,PN16",6,1,1,8,"只",463.49,2780.94,463.49,463.49,3707.92]
[203,"▲","黄铜长柄球阀","五金材料","埃美柯/唐柯/一靓","DN80,PN16",4,1,1,6,"只",711.06,2844.24,711.06,711.06,4266.36]
[204,"▲","黄铜长柄球阀","五金材料","埃美柯/唐柯/一靓","DN100,PN16",3,1,1,5,"只",1077.88,3233.64,1077.88,1077.88,{"v":5389.4,"d":"5389.40"}]
[205,"▲","304不锈钢长柄球阀","五金材料","埃美柯/一靓/海胜","DN15,PN16",18,1,1,20,"只",54.21,975.78,54.21,54.21,{"v":1084.2,"d":"1084.20"}]
[206,"▲","304不锈钢长柄球阀","五金材料","埃美柯/一靓/海胜","DN20,PN16",18,1,1,20,"只",72.28,1301.04,72.28,72.28,{"v":1445.6,"d":"1445.60"}]
[207,"▲","304不锈钢长柄球阀","五金材料","埃美柯/一靓/海胜","DN25,PN16",18,1,1,20,"只",90.35,{"v":1626.3,"d":"1626.30"},90.35,90.35,{"v":1807,"d":"1807.00"}]
[208,"▲","304不锈钢长柄球阀","五金材料","埃美柯/一靓/海胜","DN32,PN16",9,1,1,11,"只",121.07,1089.63,121.07,121.07,1331.77]
[209,"▲","304不锈钢长柄球阀","五金材料","埃美柯/一靓/海胜","DN40,PN16",6,1,1,8,"只",157.21,943.26,157.21,157.21,1257.68]
[210,"▲","304不锈钢长柄球阀","五金材料","埃美柯/一靓/海胜","DN50,PN16",6,1,1,8,"只",261.11,1566.66,261.11,261.11,2088.88]
[211,"▲","304不锈钢长柄球阀","五金材料","埃美柯/一靓/海胜","DN65,PN16",3,1,1,5,"只",393.93,1181.79,393.93,393.93,1969.65]
[212,"▲","304不锈钢长柄球阀","五金材料","埃美柯/一靓/海胜","DN80,PN16",3,1,1,5,"只",725.51,2176.53,725.51,725.51,3627.55]
[213,"▲","304不锈钢长柄球阀","五金材料","埃美柯/一靓/海胜","DN100,PN16",2,1,1,4,"只",1072.46,2144.92,1072.46,1072.46,4289.84]
[214,"▲","角阀","五金材料","潜水艇/箭牌/九牧","4分，全铜",36,1,1,38,"只",37.95,{"v":1366.2,"d":"1366.20"},37.95,37.95,{"v":1442.1,"d":"1442.10"}]
[215,"▲","法兰式手动蝶阀","五金材料","冠龙/郑蝶/凯士比","DN100，PN10",9,1,1,11,"套",1168.23,10514.07,1168.23,1168.23,12850.53]
[216,"▲","法兰式手动蝶阀","五金材料","冠龙/郑蝶/凯士比","DN125，PN10",9,1,1,11,"套",1601.91,14417.19,1601.91,1601.91,17621.01]
[217,"▲","法兰式手动蝶阀","五金材料","冠龙/郑蝶/凯士比","DN150，PN10",9,1,1,11,"套",1665.15,14986.35,1665.15,1665.15,18316.65]
[218,"▲","法兰式手动蝶阀","五金材料","冠龙/郑蝶/凯士比","DN200，PN10",6,1,1,8,"套",2480.11,14880.66,2480.11,2480.11,19840.88]
[219,"▲","法兰式手动蝶阀","五金材料","冠龙/郑蝶/凯士比","DN250，PN10",6,1,1,8,"套",3148.7,{"v":18892.2,"d":"18892.20"},{"v":3148.7,"d":"3148.70"},{"v":3148.7,"d":"3148.70"},{"v":25189.6,"d":"25189.60"}]
[220,"▲","法兰式手动蝶阀","五金材料","冠龙/郑蝶/凯士比","DN300，PN10",4,1,1,6,"套",4225.68,16902.72,4225.68,4225.68,25354.08]
[221,"▲","对夹式止回阀","五金材料","冠龙/郑蝶/凯士比","DN100，PN10",6,1,1,8,"套",1279.36,7676.16,1279.36,1279.36,10234.88]
[222,"▲","对夹式止回阀","五金材料","冠龙/郑蝶/凯士比","DN125，PN10",6,1,1,8,"套",1573.9,{"v":9443.4,"d":"9443.40"},{"v":1573.9,"d":"1573.90"},{"v":1573.9,"d":"1573.90"},{"v":12591.2,"d":"12591.20"}]
[223,"▲","对夹式止回阀","五金材料","冠龙/郑蝶/凯士比","DN150，PN10",6,1,1,8,"套",1855.79,11134.74,1855.79,1855.79,14846.32]
[224,"▲","对夹式止回阀","五金材料","冠龙/郑蝶/凯士比","DN200，PN10",4,1,1,6,"套",3011.37,12045.48,3011.37,3011.37,18068.22]
[225,"▲","对夹式止回阀","五金材料","冠龙/郑蝶/凯士比","DN250，PN10",4,1,1,6,"套",5095.22,20380.88,5095.22,5095.22,30571.32]
[226,"▲","对夹式止回阀","五金材料","冠龙/郑蝶/凯士比","DN300，PN10",4,1,1,6,"套",8689.68,34758.72,8689.68,8689.68,52138.08]
[227,"▲","手动闸阀","五金材料","冠龙/郑蝶/凯士比","DN100，PN10",4,1,1,6,"套",842.96,3371.84,842.96,842.96,5057.76]
[228,"▲","手动闸阀","五金材料","冠龙/郑蝶/凯士比","DN125，PN10",2,1,1,4,"套",1095.95,{"v":2191.9,"d":"2191.90"},1095.95,1095.95,{"v":4383.8,"d":"4383.80"}]
[229,"▲","手动闸阀","五金材料","冠龙/郑蝶/凯士比","DN150，PN10",4,1,1,6,"套",1415.79,5663.16,1415.79,1415.79,8494.74]
[230,"▲","手动闸阀","五金材料","冠龙/郑蝶/凯士比","DN200，PN10",4,1,1,6,"套",2078.06,8312.24,2078.06,2078.06,12468.36]
[231,"▲","手动闸阀","五金材料","冠龙/郑蝶/凯士比","DN250，PN10",4,1,1,6,"套",2901.14,11604.56,2901.14,2901.14,17406.84]
[232,"▲","手动闸阀","五金材料","冠龙/郑蝶/凯士比","DN300，PN10",3,1,1,5,"套",3924.07,11772.21,3924.07,3924.07,19620.35]
[233,"▲","UPVC排水管","五金材料","联塑/日丰/南亚","DN32",60,0,5,65,"米",7.23,{"v":433.8,"d":"433.80"},{"v":0,"d":"0.00"},36.15,469.95]
[234,"▲","UPVC排水管","五金材料","联塑/日丰/南亚","DN40",60,0,5,65,"米",10.84,{"v":650.4,"d":"650.40"},{"v":0,"d":"0.00"},{"v":54.2,"d":"54.20"},{"v":704.6,"d":"704.60"}]
[235,"▲","UPVC排水管","五金材料","联塑/日丰/南亚","DN50",60,0,5,65,"米",15.36,{"v":921.6,"d":"921.60"},{"v":0,"d":"0.00"},{"v":76.8,"d":"76.80"},{"v":998.4,"d":"998.40"}]
[236,"▲","UPVC排水管","五金材料","联塑/日丰/南亚","DN63",60,0,5,65,"米",25.3,{"v":1518,"d":"1518.00"},{"v":0,"d":"0.00"},{"v":126.5,"d":"126.50"},{"v":1644.5,"d":"1644.50"}]
[237,"▲","UPVC排水管","五金材料","联塑/日丰/南亚","DN75",60,0,5,65,"米",32.53,{"v":1951.8,"d":"1951.80"},{"v":0,"d":"0.00"},162.65,2114.45]
[238,"▲","UPVC排水管","五金材料","联塑/日丰/南亚","DN90",60,0,5,65,"米",50.6,{"v":3036,"d":"3036.00"},{"v":0,"d":"0.00"},{"v":253,"d":"253.00"},{"v":3289,"d":"3289.00"}]
[239,"▲","UPVC排水管","五金材料","联塑/日丰/南亚","DN110",60,0,5,65,"米",56.02,{"v":3361.2,"d":"3361.20"},{"v":0,"d":"0.00"},{"v":280.1,"d":"280.10"},{"v":3641.3,"d":"3641.30"}]
[240,"▲","UPVC排水管","五金材料","联塑/日丰/南亚","DN160",60,0,5,65,"米",115.65,{"v":6939,"d":"6939.00"},{"v":0,"d":"0.00"},578.25,7517.25]
[241,"▲","UPVC排水管","五金材料","联塑/日丰/南亚","DN200",60,0,5,65,"米",184.31,{"v":11058.6,"d":"11058.60"},{"v":0,"d":"0.00"},921.55,11980.15]
[242,"▲","UPVC排水管","五金材料","联塑/日丰/南亚","DN225",60,0,5,65,"米",220.45,{"v":13227,"d":"13227.00"},{"v":0,"d":"0.00"},1102.25,14329.25]
[243,"▲","UPVC排水管","五金材料","联塑/日丰/南亚","DN250",60,0,5,65,"米",264.72,{"v":15883.2,"d":"15883.20"},{"v":0,"d":"0.00"},{"v":1323.6,"d":"1323.60"},{"v":17206.8,"d":"17206.80"}]
[244,"▲","UPVC排水管直接","五金材料","联塑/日丰/南亚","DN32",9,0,1,10,"只",1.82,16.38,{"v":0,"d":"0.00"},1.82,{"v":18.2,"d":"18.20"}]
[245,"▲","UPVC排水管直接","五金材料","联塑/日丰/南亚","DN40",9,0,1,10,"只",1.82,16.38,{"v":0,"d":"0.00"},1.82,{"v":18.2,"d":"18.20"}]
[246,"▲","UPVC排水管直接","五金材料","联塑/日丰/南亚","DN50",9,0,1,10,"只",5.47,49.23,{"v":0,"d":"0.00"},5.47,{"v":54.7,"d":"54.70"}]
[247,"▲","UPVC排水管直接","五金材料","联塑/日丰/南亚","DN63",9,0,1,10,"只",5.47,49.23,{"v":0,"d":"0.00"},5.47,{"v":54.7,"d":"54.70"}]
[248,"▲","UPVC排水管直接","五金材料","联塑/日丰/南亚","DN75",6,0,1,7,"只",7.29,43.74,{"v":0,"d":"0.00"},7.29,51.03]
[249,"▲","UPVC排水管直接","五金材料","联塑/日丰/南亚","DN90",6,0,1,7,"只",11.85,{"v":71.1,"d":"71.10"},{"v":0,"d":"0.00"},11.85,82.95]
[250,"▲","UPVC排水管直接","五金材料","联塑/日丰/南亚","DN110",6,0,1,7,"只",16.41,98.46,{"v":0,"d":"0.00"},16.41,114.87]
[251,"▲","UPVC排水管直接","五金材料","联塑/日丰/南亚","DN160",4,0,1,5,"只",42.84,171.36,{"v":0,"d":"0.00"},42.84,{"v":214.2,"d":"214.20"}]
[252,"▲","UPVC排水管直接","五金材料","联塑/日丰/南亚","DN200",4,0,1,5,"只",80.21,320.84,{"v":0,"d":"0.00"},80.21,401.05]
[253,"▲","UPVC排水管直接","五金材料","联塑/日丰/南亚","DN225",4,0,1,5,"只",106.65,{"v":426.6,"d":"426.60"},{"v":0,"d":"0.00"},106.65,533.25]
[254,"▲","UPVC排水管直接","五金材料","联塑/日丰/南亚","DN250",4,0,1,5,"只",114.85,{"v":459.4,"d":"459.40"},{"v":0,"d":"0.00"},114.85,574.25]
[255,"▲","UPVC排水管90°弯头","五金材料","联塑/日丰/南亚","DN32",12,0,1,13,"只",1.82,21.84,{"v":0,"d":"0.00"},1.82,23.66]
[256,"▲","UPVC排水管90°弯头","五金材料","联塑/日丰/南亚","DN40",12,0,1,13,"只",2.73,32.76,{"v":0,"d":"0.00"},2.73,35.49]
[257,"▲","UPVC排水管90°弯头","五金材料","联塑/日丰/南亚","DN50",12,0,1,13,"只",7.29,87.48,{"v":0,"d":"0.00"},7.29,94.77]
[258,"▲","UPVC排水管90°弯头","五金材料","联塑/日丰/南亚","DN63",12,0,1,{"$f":"SUM(G260:I260)","v":13},"只",8.2,{"$f":"L260*G260","v":{"v":98.4,"d":"98.40"}},{"$f":"L260*H260","v":{"v":0,"d":"0.00"}},{"$f":"L260*I260","v":{"v":8.2,"d":"8.20"}},{"$f":"M260+N260+O260","v":{"v":106.6,"d":"106.60"}}]
[259,"▲","UPVC排水管90°弯头","五金材料","联塑/日丰/南亚","DN75",6,0,1,7,"只",17.32,103.92,{"v":0,"d":"0.00"},17.32,121.24]
[260,"▲","UPVC排水管90°弯头","五金材料","联塑/日丰/南亚","DN90",6,0,1,7,"只",18.23,109.38,{"v":0,"d":"0.00"},18.23,127.61]
[261,"▲","UPVC排水管90°弯头","五金材料","联塑/日丰/南亚","DN110",6,0,1,7,"只",30.08,180.48,{"v":0,"d":"0.00"},30.08,210.56]
[262,"▲","UPVC排水管90°弯头","五金材料","联塑/日丰/南亚","DN160",4,0,1,5,"只",78.39,313.56,{"v":0,"d":"0.00"},78.39,391.95]
[263,"▲","UPVC排水管90°弯头","五金材料","联塑/日丰/南亚","DN200",4,0,1,5,"只",151.31,605.24,{"v":0,"d":"0.00"},151.31,756.55]
[264,"▲","UPVC排水管90°弯头","五金材料","联塑/日丰/南亚","DN225",4,0,1,5,"只",203.27,813.08,{"v":0,"d":"0.00"},203.27,1016.35]
[265,"▲","UPVC排水管90°弯头","五金材料","联塑/日丰/南亚","DN250",4,0,1,5,"只",219.67,878.68,{"v":0,"d":"0.00"},219.67,1098.35]
[266,"▲","UPVC排水管带检查口90°弯头","五金材料","联塑/日丰/南亚","DN32",12,0,1,13,"只",7.23,86.76,{"v":0,"d":"0.00"},7.23,93.99]
[267,"▲","UPVC排水管带检查口90°弯头","五金材料","联塑/日丰/南亚","DN40",12,0,1,13,"只",7.23,86.76,{"v":0,"d":"0.00"},7.23,93.99]
[268,"▲","UPVC排水管带检查口90°弯头","五金材料","联塑/日丰/南亚","DN50",12,0,1,13,"只",7.23,86.76,{"v":0,"d":"0.00"},7.23,93.99]
[269,"▲","UPVC排水管带检查口90°弯头","五金材料","联塑/日丰/南亚","DN63",6,0,1,7,"只",9.94,59.64,{"v":0,"d":"0.00"},9.94,69.58]
[270,"▲","UPVC排水管带检查口90°弯头","五金材料","联塑/日丰/南亚","DN75",6,0,1,7,"只",10.84,65.04,{"v":0,"d":"0.00"},10.84,75.88]
[271,"▲","UPVC排水管带检查口90°弯头","五金材料","联塑/日丰/南亚","DN90",6,0,1,7,"只",17.16,102.96,{"v":0,"d":"0.00"},17.16,120.12]
[272,"▲","UPVC排水管带检查口90°弯头","五金材料","联塑/日丰/南亚","DN110",6,0,1,7,"只",19.88,119.28,{"v":0,"d":"0.00"},19.88,139.16]
[273,"▲","UPVC排水管带检查口90°弯头","五金材料","联塑/日丰/南亚","DN160",4,0,1,5,"只",45.18,180.72,{"v":0,"d":"0.00"},45.18,{"v":225.9,"d":"225.90"}]
[274,"▲","UPVC排水管带检查口90°弯头","五金材料","联塑/日丰/南亚","DN200",4,0,1,5,"只",93.06,372.24,{"v":0,"d":"0.00"},93.06,{"v":465.3,"d":"465.30"}]
[275,"▲","UPVC排水管带检查口90°弯头","五金材料","联塑/日丰/南亚","DN225",4,0,1,5,"只",140.04,560.16,{"v":0,"d":"0.00"},140.04,{"v":700.2,"d":"700.20"}]
[276,"▲","UPVC排水管带检查口90°弯头","五金材料","联塑/日丰/南亚","DN250",4,0,1,5,"只",158.11,632.44,{"v":0,"d":"0.00"},158.11,790.55]
[277,"▲","UPVC排水管45°弯头","五金材料","联塑/日丰/南亚","DN32",6,0,1,7,"只",2.71,16.26,{"v":0,"d":"0.00"},2.71,18.97]
[278,"▲","UPVC排水管45°弯头","五金材料","联塑/日丰/南亚","DN40",6,0,1,7,"只",2.71,16.26,{"v":0,"d":"0.00"},2.71,18.97]
[279,"▲","UPVC排水管45°弯头","五金材料","联塑/日丰/南亚","DN50",6,0,1,7,"只",4.51,27.06,{"v":0,"d":"0.00"},4.51,31.57]
[280,"▲","UPVC排水管45°弯头","五金材料","联塑/日丰/南亚","DN63",4,0,1,5,"只",7.23,28.92,{"v":0,"d":"0.00"},7.23,36.15]
[281,"▲","UPVC排水管45°弯头","五金材料","联塑/日丰/南亚","DN75",4,0,1,5,"只",9.94,39.76,{"v":0,"d":"0.00"},9.94,{"v":49.7,"d":"49.70"}]
[282,"▲","UPVC排水管45°弯头","五金材料","联塑/日丰/南亚","DN90",4,0,1,5,"只",17.16,68.64,{"v":0,"d":"0.00"},17.16,{"v":85.8,"d":"85.80"}]
[283,"▲","UPVC排水管45°弯头","五金材料","联塑/日丰/南亚","DN110",4,0,1,5,"只",22.58,90.32,{"v":0,"d":"0.00"},22.58,{"v":112.9,"d":"112.90"}]
[284,"▲","UPVC排水管45°弯头","五金材料","联塑/日丰/南亚","DN160",4,0,1,5,"只",59.63,238.52,{"v":0,"d":"0.00"},59.63,298.15]
[285,"▲","UPVC排水管45°弯头","五金材料","联塑/日丰/南亚","DN200",3,0,1,4,"只",112.94,338.82,{"v":0,"d":"0.00"},112.94,451.76]
[286,"▲","UPVC排水管45°弯头","五金材料","联塑/日丰/南亚","DN225",3,0,1,4,"只",154.5,{"v":463.5,"d":"463.50"},{"v":0,"d":"0.00"},{"v":154.5,"d":"154.50"},{"v":618,"d":"618.00"}]
[287,"▲","UPVC排水管45°弯头","五金材料","联塑/日丰/南亚","DN250",3,0,1,4,"只",162.63,487.89,{"v":0,"d":"0.00"},162.63,650.52]
[288,"▲","UPVC排水管正三通","五金材料","联塑/日丰/南亚","DN32",24,0,1,25,"只",2.71,65.04,{"v":0,"d":"0.00"},2.71,67.75]
[289,"▲","UPVC排水管正三通","五金材料","联塑/日丰/南亚","DN40",24,0,1,25,"只",4.51,108.24,{"v":0,"d":"0.00"},4.51,112.75]
[290,"▲","UPVC排水管正三通","五金材料","联塑/日丰/南亚","DN50",24,0,1,25,"只",7.23,173.52,{"v":0,"d":"0.00"},7.23,180.75]
[291,"▲","UPVC排水管正三通","五金材料","联塑/日丰/南亚","DN63",24,0,1,25,"只",13.55,{"v":325.2,"d":"325.20"},{"v":0,"d":"0.00"},13.55,338.75]
[292,"▲","UPVC排水管正三通","五金材料","联塑/日丰/南亚","DN75",24,0,1,25,"只",20.78,498.72,{"v":0,"d":"0.00"},20.78,{"v":519.5,"d":"519.50"}]
[293,"▲","UPVC排水管正三通","五金材料","联塑/日丰/南亚","DN90",24,0,1,25,"只",29.81,715.44,{"v":0,"d":"0.00"},29.81,745.25]
[294,"▲","UPVC排水管正三通","五金材料","联塑/日丰/南亚","DN110",24,0,1,25,"只",49.69,1192.56,{"v":0,"d":"0.00"},49.69,1242.25]
[295,"▲","UPVC排水管正三通","五金材料","联塑/日丰/南亚","DN160",9,0,1,10,"只",135.52,1219.68,{"v":0,"d":"0.00"},135.52,{"v":1355.2,"d":"1355.20"}]
[296,"▲","UPVC排水管正三通","五金材料","联塑/日丰/南亚","DN200",9,0,1,10,"只",209.61,1886.49,{"v":0,"d":"0.00"},209.61,{"v":2096.1,"d":"2096.10"}]
[297,"▲","UPVC排水管正三通","五金材料","联塑/日丰/南亚","DN225",9,0,1,10,"只",291.83,2626.47,{"v":0,"d":"0.00"},291.83,{"v":2918.3,"d":"2918.30"}]
[298,"▲","UPVC排水管正三通","五金材料","联塑/日丰/南亚","DN250",9,0,1,10,"只",308.09,2772.81,{"v":0,"d":"0.00"},308.09,{"v":3080.9,"d":"3080.90"}]
[299,"▲","UPVC排水管异径三通","五金材料","联塑/日丰/南亚","DN40转DN32",12,0,1,13,"只",4.51,54.12,{"v":0,"d":"0.00"},4.51,58.63]
[300,"▲","UPVC排水管异径三通","五金材料","联塑/日丰/南亚","DN50转DN40",12,0,1,13,"只",7.23,86.76,{"v":0,"d":"0.00"},7.23,93.99]
[301,"▲","UPVC排水管异径三通","五金材料","联塑/日丰/南亚","DN50转DN32",12,0,1,13,"只",6.32,75.84,{"v":0,"d":"0.00"},6.32,82.16]
[302,"▲","UPVC排水管异径三通","五金材料","联塑/日丰/南亚","DN63转DN50",12,0,1,13,"只",12.65,{"v":151.8,"d":"151.80"},{"v":0,"d":"0.00"},12.65,164.45]
[303,"▲","UPVC排水管异径三通","五金材料","联塑/日丰/南亚","DN75转DN63",12,0,1,13,"只",22.58,270.96,{"v":0,"d":"0.00"},22.58,293.54]
[304,"▲","UPVC排水管异径三通","五金材料","联塑/日丰/南亚","DN90转DN75",12,0,1,13,"只",27.11,325.32,{"v":0,"d":"0.00"},27.11,352.43]
[305,"▲","UPVC排水管异径接头","五金材料","联塑/日丰/南亚","DN40转DN32",12,0,1,13,"只",2.71,32.52,{"v":0,"d":"0.00"},2.71,35.23]
[306,"▲","UPVC排水管异径接头","五金材料","联塑/日丰/南亚","DN50转DN40",12,0,1,13,"只",3.61,43.32,{"v":0,"d":"0.00"},3.61,46.93]
[307,"▲","UPVC排水管异径接头","五金材料","联塑/日丰/南亚","DN63转DN50",12,0,1,13,"只",5.42,65.04,{"v":0,"d":"0.00"},5.42,70.46]
[308,"▲","UPVC排水管异径接头","五金材料","联塑/日丰/南亚","DN75转DN63",12,0,1,13,"只",6.32,75.84,{"v":0,"d":"0.00"},6.32,82.16]
[309,"▲","UPVC排水管异径接头","五金材料","联塑/日丰/南亚","DN90转DN75",12,0,1,13,"只",9.04,108.48,{"v":0,"d":"0.00"},9.04,117.52]
[310,"▲","UPVC排水管异径接头","五金材料","联塑/日丰/南亚","DN110转DN90",12,0,1,13,"只",17.16,205.92,{"v":0,"d":"0.00"},17.16,223.08]
[311,"▲","UPVC排水管异径接头","五金材料","联塑/日丰/南亚","DN160转DN110",6,0,1,7,"只",43.37,260.22,{"v":0,"d":"0.00"},43.37,303.59]
[312,"▲","UPVC排水管异径接头","五金材料","联塑/日丰/南亚","DN200转DN160",6,0,1,7,"只",86.74,520.44,{"v":0,"d":"0.00"},86.74,607.18]
[313,"▲","HDPE管","五金材料","联塑/日丰/南亚","DN20,PN16",180,0,5,185,"米",6.32,{"v":1137.6,"d":"1137.60"},{"v":0,"d":"0.00"},{"v":31.6,"d":"31.60"},{"v":1169.2,"d":"1169.20"}]
[314,"▲","HDPE管","五金材料","联塑/日丰/南亚","DN25,PN16",180,0,5,185,"米",7.23,{"v":1301.4,"d":"1301.40"},{"v":0,"d":"0.00"},36.15,1337.55]
[315,"▲","HDPE管","五金材料","联塑/日丰/南亚","DN32,PN16",180,0,5,185,"米",10.88,{"v":1958.4,"d":"1958.40"},{"v":0,"d":"0.00"},{"v":54.4,"d":"54.40"},{"v":2012.8,"d":"2012.80"}]
[316,"▲","HDPE管","五金材料","联塑/日丰/南亚","DN40,PN16",180,0,5,185,"米",17.32,{"v":3117.6,"d":"3117.60"},{"v":0,"d":"0.00"},{"v":86.6,"d":"86.60"},{"v":3204.2,"d":"3204.20"}]
[317,"▲","HDPE管","五金材料","联塑/日丰/南亚","DN50,PN16",180,0,5,185,"米",21.3,{"v":3834,"d":"3834.00"},{"v":0,"d":"0.00"},{"v":106.5,"d":"106.50"},{"v":3940.5,"d":"3940.50"}]
[318,"▲","HDPE管","五金材料","联塑/日丰/南亚","DN63,PN16",60,0,5,65,"米",38.85,{"v":2331,"d":"2331.00"},{"v":0,"d":"0.00"},194.25,2525.25]
[319,"▲","HDPE管","五金材料","联塑/日丰/南亚","DN75,PN16",60,0,5,65,"米",54.21,{"v":3252.6,"d":"3252.60"},{"v":0,"d":"0.00"},271.05,3523.65]
[320,"▲","HDPE管","五金材料","联塑/日丰/南亚","DN90,PN16",60,0,5,65,"米",74.99,{"v":4499.4,"d":"4499.40"},{"v":0,"d":"0.00"},374.95,4874.35]
[321,"▲","HDPE管","五金材料","联塑/日丰/南亚","DN110,PN16",60,0,5,65,"米",115.65,{"v":6939,"d":"6939.00"},{"v":0,"d":"0.00"},578.25,7517.25]
[322,"▲","HDPE管","五金材料","联塑/日丰/南亚","DN125,PN16",48,0,5,{"$f":"SUM(G324:I324)","v":53},"米",125.53,{"$f":"L324*G324","v":6025.44},{"$f":"L324*H324","v":{"v":0,"d":"0.00"}},{"$f":"L324*I324","v":627.65},{"$f":"M324+N324+O324","v":6653.09}]
[323,"▲","HDPE管","五金材料","联塑/日丰/南亚","DN140,PN16",48,0,5,53,"米",112.94,5421.12,{"v":0,"d":"0.00"},{"v":564.7,"d":"564.70"},5985.82]
[324,"▲","HDPE管","五金材料","联塑/日丰/南亚","DN160,PN16",48,0,5,53,"米",241.23,11579.04,{"v":0,"d":"0.00"},1206.15,12785.19]
[325,"▲","HDPE管","五金材料","联塑/日丰/南亚","DN200,PN16",48,0,5,53,"米",362.31,17390.88,{"v":0,"d":"0.00"},1811.55,19202.43]
[326,"▲","HDPE管","五金材料","联塑/日丰/南亚","DN225,PN16",12,0,5,17,"米",512.29,6147.48,{"v":0,"d":"0.00"},2561.45,8708.93]
[327,"▲","HDPE管","五金材料","联塑/日丰/南亚","DN250,PN16",12,0,5,17,"米",581.85,{"v":6982.2,"d":"6982.20"},{"v":0,"d":"0.00"},2909.25,9891.45]
[328,"▲","HDPE直接","五金材料","联塑/日丰/南亚","DN20,PN16",18,0,1,19,"只",0.91,16.38,{"v":0,"d":"0.00"},0.91,17.29]
[329,"▲","HDPE直接","五金材料","联塑/日丰/南亚","DN25,PN16",18,0,1,19,"只",0.91,16.38,{"v":0,"d":"0.00"},0.91,17.29]
[330,"▲","HDPE直接","五金材料","联塑/日丰/南亚","DN32,PN16",18,0,1,19,"只",1.81,32.58,{"v":0,"d":"0.00"},1.81,34.39]
[331,"▲","HDPE直接","五金材料","联塑/日丰/南亚","DN40,PN16",18,0,1,19,"只",2.71,48.78,{"v":0,"d":"0.00"},2.71,51.49]
[332,"▲","HDPE直接","五金材料","联塑/日丰/南亚","DN50,PN16",18,0,1,19,"只",2.71,48.78,{"v":0,"d":"0.00"},2.71,51.49]
[333,"▲","HDPE直接","五金材料","联塑/日丰/南亚","DN63,PN16",9,0,1,10,"只",5.42,48.78,{"v":0,"d":"0.00"},5.42,{"v":54.2,"d":"54.20"}]
[334,"▲","HDPE直接","五金材料","联塑/日丰/南亚","DN75,PN16",9,0,1,10,"只",7.23,65.07,{"v":0,"d":"0.00"},7.23,{"v":72.3,"d":"72.30"}]
[335,"▲","HDPE直接","五金材料","联塑/日丰/南亚","DN90,PN16",9,0,1,10,"只",11.74,105.66,{"v":0,"d":"0.00"},11.74,{"v":117.4,"d":"117.40"}]
[336,"▲","HDPE直接","五金材料","联塑/日丰/南亚","DN110,PN16",9,0,1,10,"只",20.78,187.02,{"v":0,"d":"0.00"},20.78,{"v":207.8,"d":"207.80"}]
[337,"▲","HDPE直接","五金材料","联塑/日丰/南亚","DN125,PN16",3,0,1,4,"只",66.86,200.58,{"v":0,"d":"0.00"},66.86,267.44]
[338,"▲","HDPE直接","五金材料","联塑/日丰/南亚","DN140,PN16",3,0,1,4,"只",96.67,290.01,{"v":0,"d":"0.00"},96.67,386.68]
[339,"▲","HDPE直接","五金材料","联塑/日丰/南亚","DN160,PN16",3,0,1,4,"只",105.71,317.13,{"v":0,"d":"0.00"},105.71,422.84]
[340,"▲","HDPE直接","五金材料","联塑/日丰/南亚","DN200,PN16",3,0,1,4,"只",168.96,506.88,{"v":0,"d":"0.00"},168.96,675.84]
[341,"▲","HDPE直接","五金材料","联塑/日丰/南亚","DN225,PN16",3,0,1,4,"只",210.51,631.53,{"v":0,"d":"0.00"},210.51,842.04]
[342,"▲","HDPE直接","五金材料","联塑/日丰/南亚","DN250,PN16",3,0,1,4,"只",257.5,{"v":772.5,"d":"772.50"},{"v":0,"d":"0.00"},{"v":257.5,"d":"257.50"},{"v":1030,"d":"1030.00"}]
[343,"▲","HDPE 90°弯头","五金材料","联塑/日丰/南亚","DN20,PN16",18,0,1,19,"只",0.91,16.38,{"v":0,"d":"0.00"},0.91,17.29]
[344,"▲","HDPE 90°弯头","五金材料","联塑/日丰/南亚","DN25,PN16",18,0,1,19,"只",1.81,32.58,{"v":0,"d":"0.00"},1.81,34.39]
[345,"▲","HDPE 90°弯头","五金材料","联塑/日丰/南亚","DN32,PN16",18,0,1,19,"只",2.71,48.78,{"v":0,"d":"0.00"},2.71,51.49]
[346,"▲","HDPE 90°弯头","五金材料","联塑/日丰/南亚","DN40,PN16",18,0,1,19,"只",4.51,81.18,{"v":0,"d":"0.00"},4.51,85.69]
[347,"▲","HDPE 90°弯头","五金材料","联塑/日丰/南亚","DN50,PN16",18,0,1,19,"只",8.13,146.34,{"v":0,"d":"0.00"},8.13,154.47]
[348,"▲","HDPE 90°弯头","五金材料","联塑/日丰/南亚","DN63,PN16",18,0,1,19,"只",10.84,195.12,{"v":0,"d":"0.00"},10.84,205.96]
[349,"▲","HDPE 90°弯头","五金材料","联塑/日丰/南亚","DN75,PN16",6,0,1,7,"只",17.16,102.96,{"v":0,"d":"0.00"},17.16,120.12]
[350,"▲","HDPE 90°弯头","五金材料","联塑/日丰/南亚","DN90,PN16",6,0,1,7,"只",28.01,168.06,{"v":0,"d":"0.00"},28.01,196.07]
[351,"▲","HDPE 90°弯头","五金材料","联塑/日丰/南亚","DN110,PN16",6,0,1,7,"只",45.18,271.08,{"v":0,"d":"0.00"},45.18,316.26]
[352,"▲","HDPE 90°弯头","五金材料","联塑/日丰/南亚","DN125,PN16",3,0,1,4,"只",105.71,317.13,{"v":0,"d":"0.00"},105.71,422.84]
[353,"▲","HDPE 90°弯头","五金材料","联塑/日丰/南亚","DN140,PN16",3,0,1,4,"只",138.24,414.72,{"v":0,"d":"0.00"},138.24,552.96]
[354,"▲","HDPE 90°弯头","五金材料","联塑/日丰/南亚","DN160,PN16",6,0,1,7,"只",174.38,1046.28,{"v":0,"d":"0.00"},174.38,1220.66]
[355,"▲","HDPE 90°弯头","五金材料","联塑/日丰/南亚","DN200,PN16",6,0,1,7,"只",284.6,{"v":1707.6,"d":"1707.60"},{"v":0,"d":"0.00"},{"v":284.6,"d":"284.60"},{"v":1992.2,"d":"1992.20"}]
[356,"▲","HDPE 90°弯头","五金材料","联塑/日丰/南亚","DN225,PN16",3,0,1,4,"只",514.09,1542.27,{"v":0,"d":"0.00"},514.09,2056.36]
[357,"▲","HDPE 90°弯头","五金材料","联塑/日丰/南亚","DN250,PN16",3,0,1,4,"只",645.1,{"v":1935.3,"d":"1935.30"},{"v":0,"d":"0.00"},{"v":645.1,"d":"645.10"},{"v":2580.4,"d":"2580.40"}]
[358,"▲","HDPE 45°弯头","五金材料","联塑/日丰/南亚","DN20,PN16",6,0,1,7,"只",0.91,5.46,{"v":0,"d":"0.00"},0.91,6.37]
[359,"▲","HDPE 45°弯头","五金材料","联塑/日丰/南亚","DN25,PN16",6,0,1,7,"只",0.91,5.46,{"v":0,"d":"0.00"},0.91,6.37]
[360,"▲","HDPE 45°弯头","五金材料","联塑/日丰/南亚","DN32,PN16",6,0,1,7,"只",1.81,10.86,{"v":0,"d":"0.00"},1.81,12.67]
[361,"▲","HDPE 45°弯头","五金材料","联塑/日丰/南亚","DN40,PN16",6,0,1,7,"只",2.71,16.26,{"v":0,"d":"0.00"},2.71,18.97]
[362,"▲","HDPE 45°弯头","五金材料","联塑/日丰/南亚","DN50,PN16",6,0,1,7,"只",4.51,27.06,{"v":0,"d":"0.00"},4.51,31.57]
[363,"▲","HDPE 45°弯头","五金材料","联塑/日丰/南亚","DN63,PN16",3,0,1,4,"只",7.23,21.69,{"v":0,"d":"0.00"},7.23,28.92]
[364,"▲","HDPE 45°弯头","五金材料","联塑/日丰/南亚","DN75,PN16",3,0,1,4,"只",15.36,46.08,{"v":0,"d":"0.00"},15.36,61.44]
[365,"▲","HDPE 45°弯头","五金材料","联塑/日丰/南亚","DN90,PN16",3,0,1,4,"只",17.16,51.48,{"v":0,"d":"0.00"},17.16,68.64]
[366,"▲","HDPE 45°弯头","五金材料","联塑/日丰/南亚","DN110,PN16",3,0,1,4,"只",32.53,97.59,{"v":0,"d":"0.00"},32.53,130.12]
[367,"▲","HDPE 45°弯头","五金材料","联塑/日丰/南亚","DN125,PN16",2,0,1,3,"只",67.76,135.52,{"v":0,"d":"0.00"},67.76,203.28]
[368,"▲","HDPE 45°弯头","五金材料","联塑/日丰/南亚","DN140,PN16",2,0,1,3,"只",84.93,169.86,{"v":0,"d":"0.00"},84.93,254.79]
[369,"▲","HDPE 45°弯头","五金材料","联塑/日丰/南亚","DN160,PN16",2,0,1,3,"只",167.15,{"v":334.3,"d":"334.30"},{"v":0,"d":"0.00"},167.15,501.45]
[370,"▲","HDPE 45°弯头","五金材料","联塑/日丰/南亚","DN200,PN16",2,0,1,3,"只",271.05,{"v":542.1,"d":"542.10"},{"v":0,"d":"0.00"},271.05,813.15]
[371,"▲","HDPE 45°弯头","五金材料","联塑/日丰/南亚","DN225,PN16",2,0,1,3,"只",327.97,655.94,{"v":0,"d":"0.00"},327.97,983.91]
[372,"▲","HDPE 45°弯头","五金材料","联塑/日丰/南亚","DN250,PN16",2,0,1,3,"只",428.26,856.52,{"v":0,"d":"0.00"},428.26,1284.78]
[373,"▲","HDPE正三通","五金材料","联塑/日丰/南亚","DN20,PN16",6,0,1,7,"只",1.81,10.86,{"v":0,"d":"0.00"},1.81,12.67]
[374,"▲","HDPE正三通","五金材料","联塑/日丰/南亚","DN25,PN16",6,0,1,7,"只",1.81,10.86,{"v":0,"d":"0.00"},1.81,12.67]
[375,"▲","HDPE正三通","五金材料","联塑/日丰/南亚","DN32,PN16",6,0,1,7,"只",2.71,16.26,{"v":0,"d":"0.00"},2.71,18.97]
[376,"▲","HDPE正三通","五金材料","联塑/日丰/南亚","DN40,PN16",6,0,1,7,"只",4.51,27.06,{"v":0,"d":"0.00"},4.51,31.57]
[377,"▲","HDPE正三通","五金材料","联塑/日丰/南亚","DN50,PN16",6,0,1,7,"只",7.23,43.38,{"v":0,"d":"0.00"},7.23,50.61]
[378,"▲","HDPE正三通","五金材料","联塑/日丰/南亚","DN63,PN16",6,0,1,7,"只",12.65,{"v":75.9,"d":"75.90"},{"v":0,"d":"0.00"},12.65,88.55]
[379,"▲","HDPE正三通","五金材料","联塑/日丰/南亚","DN75,PN16",6,0,1,7,"只",20.78,124.68,{"v":0,"d":"0.00"},20.78,145.46]
[380,"▲","HDPE正三通","五金材料","联塑/日丰/南亚","DN90,PN16",6,0,1,7,"只",33.43,200.58,{"v":0,"d":"0.00"},33.43,234.01]
[381,"▲","HDPE正三通","五金材料","联塑/日丰/南亚","DN110,PN16",4,0,1,5,"只",54.21,216.84,{"v":0,"d":"0.00"},54.21,271.05]
[382,"▲","HDPE正三通","五金材料","联塑/日丰/南亚","DN125,PN16",2,0,1,3,"只",112.94,225.88,{"v":0,"d":"0.00"},112.94,338.82]
[383,"▲","HDPE正三通","五金材料","联塑/日丰/南亚","DN140,PN16",2,0,1,3,"只",133.72,267.44,{"v":0,"d":"0.00"},133.72,401.16]
[384,"▲","HDPE正三通","五金材料","联塑/日丰/南亚","DN160,PN16",3,0,1,4,"只",182.51,547.53,{"v":0,"d":"0.00"},182.51,730.04]
[385,"▲","HDPE正三通","五金材料","联塑/日丰/南亚","DN200,PN16",3,0,1,4,"只",343.33,1029.99,{"v":0,"d":"0.00"},343.33,1373.32]
[386,"▲","HDPE正三通","五金材料","联塑/日丰/南亚","DN225,PN16",2,0,1,{"$f":"SUM(G388:I388)","v":3},"只",477.05,{"$f":"L388*G388","v":{"v":954.1,"d":"954.10"}},{"$f":"L388*H388","v":{"v":0,"d":"0.00"}},{"$f":"L388*I388","v":477.05},{"$f":"M388+N388+O388","v":1431.15}]
[387,"▲","HDPE正三通","五金材料","联塑/日丰/南亚","DN250,PN16",3,0,1,4,"只",706.54,2119.62,{"v":0,"d":"0.00"},706.54,2826.16]
[388,"▲","HDPE异径三通","五金材料","联塑/日丰/南亚","DN32转DN20，PN16",3,0,1,4,"只",2.71,8.13,{"v":0,"d":"0.00"},2.71,10.84]
[389,"▲","HDPE异径三通","五金材料","联塑/日丰/南亚","DN40转DN20，PN16",3,0,1,4,"只",3.61,10.83,{"v":0,"d":"0.00"},3.61,14.44]
[390,"▲","HDPE异径三通","五金材料","联塑/日丰/南亚","DN40转DN32，PN17",3,0,1,4,"只",4.51,13.53,{"v":0,"d":"0.00"},4.51,18.04]
[391,"▲","HDPE异径三通","五金材料","联塑/日丰/南亚","DN50转DN40，PN16",3,0,1,4,"只",6.32,18.96,{"v":0,"d":"0.00"},6.32,25.28]
[392,"▲","HDPE异径三通","五金材料","联塑/日丰/南亚","DN50转DN32，PN16",3,0,1,4,"只",6.32,18.96,{"v":0,"d":"0.00"},6.32,25.28]
[393,"▲","HDPE异径三通","五金材料","联塑/日丰/南亚","DN63转DN50，PN16",3,0,1,4,"只",11.74,35.22,{"v":0,"d":"0.00"},11.74,46.96]
[394,"▲","HDPE异径三通","五金材料","联塑/日丰/南亚","DN75转DN65，PN16",3,0,1,4,"只",19.88,59.64,{"v":0,"d":"0.00"},19.88,79.52]
[395,"▲","HDPE异径三通","五金材料","联塑/日丰/南亚","DN90转DN75，PN16",3,0,1,4,"只",31.62,94.86,{"v":0,"d":"0.00"},31.62,126.48]
[396,"▲","HDPE异径三通","五金材料","联塑/日丰/南亚","DN110转DN90，PN16",3,0,1,4,"只",77.7,{"v":233.1,"d":"233.10"},{"v":0,"d":"0.00"},{"v":77.7,"d":"77.70"},{"v":310.8,"d":"310.80"}]
[397,"▲","HDPE异径三通","五金材料","联塑/日丰/南亚","DN125转DN110，PN16",2,0,1,3,"只",79.51,159.02,{"v":0,"d":"0.00"},79.51,238.53]
[398,"▲","HDPE异径三通","五金材料","联塑/日丰/南亚","DN140转DN125，PN16",2,0,1,3,"只",96.67,193.34,{"v":0,"d":"0.00"},96.67,290.01]
[399,"▲","HDPE异径三通","五金材料","联塑/日丰/南亚","DN160转DN140，PN16",2,0,1,3,"只",180.7,{"v":361.4,"d":"361.40"},{"v":0,"d":"0.00"},{"v":180.7,"d":"180.70"},{"v":542.1,"d":"542.10"}]
[400,"▲","HDPE异径接头","五金材料","联塑/日丰/南亚","DN32转DN20，PN16",3,0,1,4,"只",1.79,5.37,{"v":0,"d":"0.00"},1.79,7.16]
[401,"▲","HDPE异径接头","五金材料","联塑/日丰/南亚","DN40转DN32，PN16",3,0,1,4,"只",2.71,8.13,{"v":0,"d":"0.00"},2.71,10.84]
[402,"▲","HDPE异径接头","五金材料","联塑/日丰/南亚","DN50转DN40，PN16",3,0,1,4,"只",3.61,10.83,{"v":0,"d":"0.00"},3.61,14.44]
[403,"▲","HDPE异径接头","五金材料","联塑/日丰/南亚","DN63转DN50，PN16",3,0,1,4,"只",6.32,18.96,{"v":0,"d":"0.00"},6.32,25.28]
[404,"▲","HDPE异径接头","五金材料","联塑/日丰/南亚","DN75转DN63，PN16",3,0,1,4,"只",9.04,27.12,{"v":0,"d":"0.00"},9.04,36.16]
[405,"▲","HDPE异径接头","五金材料","联塑/日丰/南亚","DN90转DN75，PN16",3,0,1,4,"只",11.74,35.22,{"v":0,"d":"0.00"},11.74,46.96]
[406,"▲","HDPE异径接头","五金材料","联塑/日丰/南亚","DN110转DN90，PN16",3,0,1,4,"只",28.91,86.73,{"v":0,"d":"0.00"},28.91,115.64]
[407,"▲","HDPE异径接头","五金材料","联塑/日丰/南亚","DN125转DN110，PN16",2,0,1,3,"只",42.46,84.92,{"v":0,"d":"0.00"},42.46,127.38]
[408,"▲","HDPE异径接头","五金材料","联塑/日丰/南亚","DN140转DN125，PN16",2,0,1,3,"只",63.25,{"v":126.5,"d":"126.50"},{"v":0,"d":"0.00"},63.25,189.75]
[409,"▲","HDPE异径接头","五金材料","联塑/日丰/南亚","DN160转DN140，PN16",2,0,1,3,"只",95.77,191.54,{"v":0,"d":"0.00"},95.77,287.31]
[410,"▲","HDPE异径接头","五金材料","联塑/日丰/南亚","DN200转DN160，PN16",3,0,1,4,"只",140.04,420.12,{"v":0,"d":"0.00"},140.04,560.16]
[411,"▲","HDPE异径接头","五金材料","联塑/日丰/南亚","DN225转DN200，PN16",2,0,1,3,"只",160.82,321.64,{"v":0,"d":"0.00"},160.82,482.46]
[412,"▲","HDPE异径接头","五金材料","联塑/日丰/南亚","DN250转DN225，PN16",2,0,1,3,"只",223.16,446.32,{"v":0,"d":"0.00"},223.16,669.48]
[413,"▲","HDPE带法兰接头","五金材料","联塑/日丰/南亚","DN32,PN16",6,0,1,7,"只",21.68,130.08,{"v":0,"d":"0.00"},21.68,151.76]
[414,"▲","HDPE带法兰接头","五金材料","联塑/日丰/南亚","DN40,PN16",6,0,1,7,"只",21.68,130.08,{"v":0,"d":"0.00"},21.68,151.76]
[415,"▲","HDPE带法兰接头","五金材料","联塑/日丰/南亚","DN50,PN16",6,0,1,7,"只",34.33,205.98,{"v":0,"d":"0.00"},34.33,240.31]
[416,"▲","HDPE带法兰接头","五金材料","联塑/日丰/南亚","DN63,PN16",6,0,1,7,"只",42.46,254.76,{"v":0,"d":"0.00"},42.46,297.22]
[417,"▲","HDPE带法兰接头","五金材料","联塑/日丰/南亚","DN75,PN16",6,0,1,7,"只",68.67,412.02,{"v":0,"d":"0.00"},68.67,480.69]
[418,"▲","HDPE带法兰接头","五金材料","联塑/日丰/南亚","DN90,PN16",6,0,1,7,"只",106.61,639.66,{"v":0,"d":"0.00"},106.61,746.27]
[419,"▲","HDPE带法兰接头","五金材料","联塑/日丰/南亚","DN110,PN16",6,0,1,7,"只",134.62,807.72,{"v":0,"d":"0.00"},134.62,942.34]
[420,"▲","HDPE带法兰接头","五金材料","联塑/日丰/南亚","DN125，PN16",4,0,1,5,"只",148.17,592.68,{"v":0,"d":"0.00"},148.17,740.85]
[421,"▲","HDPE带法兰接头","五金材料","联塑/日丰/南亚","DN140,PN16",4,0,1,5,"只",172.57,690.28,{"v":0,"d":"0.00"},172.57,862.85]
[422,"▲","HDPE带法兰接头","五金材料","联塑/日丰/南亚","DN160,PN16",4,0,1,5,"只",235.81,943.24,{"v":0,"d":"0.00"},235.81,1179.05]
[423,"▲","HDPE带法兰接头","五金材料","联塑/日丰/南亚","DN200,PN16",4,0,1,5,"只",361.4,{"v":1445.6,"d":"1445.60"},{"v":0,"d":"0.00"},{"v":361.4,"d":"361.40"},{"v":1807,"d":"1807.00"}]
[424,"▲","HDPE带法兰接头","五金材料","联塑/日丰/南亚","DN225,PN16",4,0,1,5,"只",374.96,1499.84,{"v":0,"d":"0.00"},374.96,{"v":1874.8,"d":"1874.80"}]
[425,"▲","HDPE带法兰接头","五金材料","联塑/日丰/南亚","DN250,PN16",4,0,1,5,"只",511.38,2045.52,{"v":0,"d":"0.00"},511.38,{"v":2556.9,"d":"2556.90"}]
[426,"▲","HDPE单外丝接头","五金材料","联塑/日丰/南亚","DN20,PN16",6,0,1,7,"只",11.74,70.44,{"v":0,"d":"0.00"},11.74,82.18]
[427,"▲","HDPE单外丝接头","五金材料","联塑/日丰/南亚","DN25,PN16",6,0,1,7,"只",15.36,92.16,{"v":0,"d":"0.00"},15.36,107.52]
[428,"▲","HDPE单外丝接头","五金材料","联塑/日丰/南亚","DN32,PN16",6,0,1,7,"只",28.01,168.06,{"v":0,"d":"0.00"},28.01,196.07]
[429,"▲","HDPE单外丝接头","五金材料","联塑/日丰/南亚","DN40,PN16",6,0,1,7,"只",59.63,357.78,{"v":0,"d":"0.00"},59.63,417.41]
[430,"▲","HDPE单外丝接头","五金材料","联塑/日丰/南亚","DN50,PN16",6,0,1,7,"只",77.7,{"v":466.2,"d":"466.20"},{"v":0,"d":"0.00"},{"v":77.7,"d":"77.70"},{"v":543.9,"d":"543.90"}]
[431,"▲","HDPE单外丝接头","五金材料","联塑/日丰/南亚","DN63,PN16",6,0,1,7,"只",107.52,645.12,{"v":0,"d":"0.00"},107.52,752.64]
[432,"▲","HDPE单外丝接头","五金材料","联塑/日丰/南亚","DN75,PN16",6,0,1,7,"只",115.65,{"v":693.9,"d":"693.90"},{"v":0,"d":"0.00"},115.65,809.55]
[433,"▲","HDPE单内丝接头","五金材料","联塑/日丰/南亚","DN20,PN16",6,0,1,7,"只",8.13,48.78,{"v":0,"d":"0.00"},8.13,56.91]
[434,"▲","HDPE单内丝接头","五金材料","联塑/日丰/南亚","DN25,PN16",6,0,1,7,"只",11.74,70.44,{"v":0,"d":"0.00"},11.74,82.18]
[435,"▲","HDPE单内丝接头","五金材料","联塑/日丰/南亚","DN32,PN16",6,0,1,7,"只",28.91,173.46,{"v":0,"d":"0.00"},28.91,202.37]
[436,"▲","HDPE单内丝接头","五金材料","联塑/日丰/南亚","DN40,PN16",6,0,1,7,"只",52.4,{"v":314.4,"d":"314.40"},{"v":0,"d":"0.00"},{"v":52.4,"d":"52.40"},{"v":366.8,"d":"366.80"}]
[437,"▲","HDPE单内丝接头","五金材料","联塑/日丰/南亚","DN50,PN16",6,0,1,7,"只",65.95,{"v":395.7,"d":"395.70"},{"v":0,"d":"0.00"},65.95,461.65]
[438,"▲","HDPE单内丝接头","五金材料","联塑/日丰/南亚","DN63,PN16",6,0,1,7,"只",96.67,580.02,{"v":0,"d":"0.00"},96.67,676.69]
[439,"▲","HDPE单内丝接头","五金材料","联塑/日丰/南亚","DN75,PN16",6,0,1,7,"只",110.22,661.32,{"v":0,"d":"0.00"},110.22,771.54]
[440,"▲","HDPE单外丝90°弯头","五金材料","联塑/日丰/南亚","DN20,PN16",6,0,1,7,"只",12.65,{"v":75.9,"d":"75.90"},{"v":0,"d":"0.00"},12.65,88.55]
[441,"▲","HDPE单外丝90°弯头","五金材料","联塑/日丰/南亚","DN25,PN16",6,0,1,7,"只",17.16,102.96,{"v":0,"d":"0.00"},17.16,120.12]
[442,"▲","HDPE单外丝90°弯头","五金材料","联塑/日丰/南亚","DN32,PN16",6,0,1,7,"只",28.91,173.46,{"v":0,"d":"0.00"},28.91,202.37]
[443,"▲","HDPE单外丝90°弯头","五金材料","联塑/日丰/南亚","DN40,PN16",6,0,1,7,"只",80.41,482.46,{"v":0,"d":"0.00"},80.41,562.87]
[444,"▲","HDPE单外丝90°弯头","五金材料","联塑/日丰/南亚","DN50,PN16",6,0,1,7,"只",95.77,574.62,{"v":0,"d":"0.00"},95.77,670.39]
[445,"▲","HDPE单外丝90°弯头","五金材料","联塑/日丰/南亚","DN63,PN16",6,0,1,7,"只",124.68,748.08,{"v":0,"d":"0.00"},124.68,872.76]
[446,"▲","HDPE单外丝90°弯头","五金材料","联塑/日丰/南亚","DN75,PN16",6,0,1,7,"只",197.85,{"v":1187.1,"d":"1187.10"},{"v":0,"d":"0.00"},197.85,1384.95]
[447,"▲","HDPE单内丝90°弯头","五金材料","联塑/日丰/南亚","DN20,PN16",6,0,1,7,"只",9.94,59.64,{"v":0,"d":"0.00"},9.94,69.58]
[448,"▲","HDPE单内丝90°弯头","五金材料","联塑/日丰/南亚","DN25,PN16",6,0,1,7,"只",10.88,65.28,{"v":0,"d":"0.00"},10.88,76.16]
[449,"▲","HDPE单内丝90°弯头","五金材料","联塑/日丰/南亚","DN32,PN16",6,0,1,7,"只",23.49,140.94,{"v":0,"d":"0.00"},23.49,164.43]
[450,"▲","HDPE单内丝90°弯头","五金材料","联塑/日丰/南亚","DN40,PN16",6,0,1,{"$f":"SUM(G452:I452)","v":7},"只",56.92,{"$f":"L452*G452","v":341.52},{"$f":"L452*H452","v":{"v":0,"d":"0.00"}},{"$f":"L452*I452","v":56.92},{"$f":"M452+N452+O452","v":398.44}]
[451,"▲","HDPE单内丝90°弯头","五金材料","联塑/日丰/南亚","DN50,PN16",6,0,1,7,"只",64.15,{"v":384.9,"d":"384.90"},{"v":0,"d":"0.00"},64.15,449.05]
[452,"▲","HDPE单内丝90°弯头","五金材料","联塑/日丰/南亚","DN63,PN16",6,0,1,7,"只",103,{"v":618,"d":"618.00"},{"v":0,"d":"0.00"},{"v":103,"d":"103.00"},{"v":721,"d":"721.00"}]
[453,"▲","HDPE单内丝90°弯头","五金材料","联塑/日丰/南亚","DN75,PN16",6,0,1,7,"只",181.62,1089.72,{"v":0,"d":"0.00"},181.62,1271.34]
[454,"▲","HDPE管帽","五金材料","联塑/日丰/南亚","DN32",3,0,1,4,"只",1.81,5.43,{"v":0,"d":"0.00"},1.81,7.24]
[455,"▲","HDPE管帽","五金材料","联塑/日丰/南亚","DN40",3,0,1,4,"只",2.71,8.13,{"v":0,"d":"0.00"},2.71,10.84]
[456,"▲","HDPE管帽","五金材料","联塑/日丰/南亚","DN50",3,0,1,4,"只",3.61,10.83,{"v":0,"d":"0.00"},3.61,14.44]
[457,"▲","HDPE管帽","五金材料","联塑/日丰/南亚","DN63",3,0,1,4,"只",5.42,16.26,{"v":0,"d":"0.00"},5.42,21.68]
[458,"▲","HDPE管帽","五金材料","联塑/日丰/南亚","DN75",3,0,1,4,"只",7.23,21.69,{"v":0,"d":"0.00"},7.23,28.92]
[459,"▲","HDPE管帽","五金材料","联塑/日丰/南亚","DN90",3,0,1,4,"只",13.55,40.65,{"v":0,"d":"0.00"},13.55,{"v":54.2,"d":"54.20"}]
[460,"▲","HDPE管帽","五金材料","联塑/日丰/南亚","DN110",3,0,1,4,"只",23.49,70.47,{"v":0,"d":"0.00"},23.49,93.96]
[461,"▲","HDPE管帽","五金材料","联塑/日丰/南亚","DN125",3,0,1,4,"只",28.91,86.73,{"v":0,"d":"0.00"},28.91,115.64]
[462,"▲","HDPE管帽","五金材料","联塑/日丰/南亚","DN140",3,0,1,4,"只",32.53,97.59,{"v":0,"d":"0.00"},32.53,130.12]
[463,"▲","HDPE管帽","五金材料","联塑/日丰/南亚","DN160",3,0,1,4,"只",65.95,197.85,{"v":0,"d":"0.00"},65.95,{"v":263.8,"d":"263.80"}]
[464,"▲","HDPE截止阀","五金材料","联塑/日丰/南亚","DN20,PN16",6,0,1,7,"只",23.49,140.94,{"v":0,"d":"0.00"},23.49,164.43]
[465,"▲","HDPE截止阀","五金材料","联塑/日丰/南亚","DN25,PN16",6,0,1,7,"只",28.91,173.46,{"v":0,"d":"0.00"},28.91,202.37]
[466,"▲","HDPE截止阀","五金材料","联塑/日丰/南亚","DN32,PN16",6,0,1,7,"只",48.79,292.74,{"v":0,"d":"0.00"},48.79,341.53]
[467,"▲","HDPE截止阀","五金材料","联塑/日丰/南亚","DN40,PN16",6,0,1,7,"只",68.67,412.02,{"v":0,"d":"0.00"},68.67,480.69]
[468,"▲","HDPE截止阀","五金材料","联塑/日丰/南亚","DN50,PN16",6,0,1,7,"只",96.67,580.02,{"v":0,"d":"0.00"},96.67,676.69]
[469,"▲","HDPE截止阀","五金材料","联塑/日丰/南亚","DN63,PN16",6,0,1,7,"只",177.99,1067.94,{"v":0,"d":"0.00"},177.99,1245.93]
[470,"▲","HDPE截止阀","五金材料","联塑/日丰/南亚","DN75,PN16",6,0,1,7,"只",214.13,1284.78,{"v":0,"d":"0.00"},214.13,1498.91]
[471,"▲","HDPE截止阀","五金材料","联塑/日丰/南亚","DN90,PN16",3,0,1,4,"只",266.53,799.59,{"v":0,"d":"0.00"},266.53,1066.12]
[472,"▲","HDPE截止阀","五金材料","联塑/日丰/南亚","DN110,PN16",3,0,1,4,"只",424.65,1273.95,{"v":0,"d":"0.00"},424.65,{"v":1698.6,"d":"1698.60"}]
[473,"▲","PPR 管","五金材料","联塑/日丰/南亚","DN20,PN16",90,0,1,91,"米",4.51,{"v":405.9,"d":"405.90"},{"v":0,"d":"0.00"},4.51,410.41]
[474,"▲","PPR 管","五金材料","联塑/日丰/南亚","DN25,PN16",90,0,1,91,"米",6.32,{"v":568.8,"d":"568.80"},{"v":0,"d":"0.00"},6.32,575.12]
[475,"▲","PPR 管","五金材料","联塑/日丰/南亚","DN32,PN16",90,0,1,91,"米",9.94,{"v":894.6,"d":"894.60"},{"v":0,"d":"0.00"},9.94,904.54]
[476,"▲","PPR 管","五金材料","联塑/日丰/南亚","DN40,PN16",90,0,1,91,"米",16.33,{"v":1469.7,"d":"1469.70"},{"v":0,"d":"0.00"},16.33,1486.03]
[477,"▲","PPR 管","五金材料","联塑/日丰/南亚","DN50,PN16",90,0,1,91,"米",24.39,{"v":2195.1,"d":"2195.10"},{"v":0,"d":"0.00"},24.39,2219.49]
[478,"▲","PPR 管","五金材料","联塑/日丰/南亚","DN63,PN16",42,0,1,43,"米",40.66,1707.72,{"v":0,"d":"0.00"},40.66,1748.38]
[479,"▲","PPR 管","五金材料","联塑/日丰/南亚","DN75,PN16",42,0,1,43,"米",57.83,2428.86,{"v":0,"d":"0.00"},57.83,2486.69]
[480,"▲","PPR 管","五金材料","联塑/日丰/南亚","DN90,PN16",42,0,1,43,"米",84.03,3529.26,{"v":0,"d":"0.00"},84.03,3613.29]
[481,"▲","PPR 管","五金材料","联塑/日丰/南亚","DN110,PN16",24,0,1,25,"米",125.59,3014.16,{"v":0,"d":"0.00"},125.59,3139.75]
[482,"▲","PPR 管","五金材料","联塑/日丰/南亚","DN125,PN16",24,0,1,25,"米",180.7,{"v":4336.8,"d":"4336.80"},{"v":0,"d":"0.00"},{"v":180.7,"d":"180.70"},{"v":4517.5,"d":"4517.50"}]
[483,"▲","PPR 管","五金材料","联塑/日丰/南亚","DN140,PN16",24,0,1,25,"米",204.19,4900.56,{"v":0,"d":"0.00"},204.19,5104.75]
[484,"▲","PPR 管","五金材料","联塑/日丰/南亚","DN160,PN16",24,0,1,25,"米",563.78,13530.72,{"v":0,"d":"0.00"},563.78,{"v":14094.5,"d":"14094.50"}]
[485,"▲","PPR直接","五金材料","联塑/日丰/南亚","DN20,PN16",24,0,1,25,"只",0.91,21.84,{"v":0,"d":"0.00"},0.91,22.75]
[486,"▲","PPR直接","五金材料","联塑/日丰/南亚","DN25,PN16",24,0,1,25,"只",0.91,21.84,{"v":0,"d":"0.00"},0.91,22.75]
[487,"▲","PPR直接","五金材料","联塑/日丰/南亚","DN32,PN16",24,0,1,25,"只",1.81,43.44,{"v":0,"d":"0.00"},1.81,45.25]
[488,"▲","PPR直接","五金材料","联塑/日丰/南亚","DN40,PN16",9,0,1,10,"只",1.81,16.29,{"v":0,"d":"0.00"},1.81,{"v":18.1,"d":"18.10"}]
[489,"▲","PPR直接","五金材料","联塑/日丰/南亚","DN50,PN16",9,0,1,10,"只",3.61,32.49,{"v":0,"d":"0.00"},3.61,{"v":36.1,"d":"36.10"}]
[490,"▲","PPR直接","五金材料","联塑/日丰/南亚","DN63,PN16",9,0,1,10,"只",6.32,56.88,{"v":0,"d":"0.00"},6.32,{"v":63.2,"d":"63.20"}]
[491,"▲","PPR直接","五金材料","联塑/日丰/南亚","DN75,PN16",9,0,1,10,"只",9.94,89.46,{"v":0,"d":"0.00"},9.94,{"v":99.4,"d":"99.40"}]
[492,"▲","PPR直接","五金材料","联塑/日丰/南亚","DN90,PN16",9,0,1,10,"只",16.3,{"v":146.7,"d":"146.70"},{"v":0,"d":"0.00"},{"v":16.3,"d":"16.30"},{"v":163,"d":"163.00"}]
[493,"▲","PPR直接","五金材料","联塑/日丰/南亚","DN110,PN16",3,0,1,4,"只",28.91,86.73,{"v":0,"d":"0.00"},28.91,115.64]
[494,"▲","PPR直接","五金材料","联塑/日丰/南亚","DN125,PN16",3,0,1,4,"只",42.46,127.38,{"v":0,"d":"0.00"},42.46,169.84]
[495,"▲","PPR直接","五金材料","联塑/日丰/南亚","DN140,PN16",3,0,1,4,"只",49.69,149.07,{"v":0,"d":"0.00"},49.69,198.76]
[496,"▲","PPR直接","五金材料","联塑/日丰/南亚","DN160,PN16",3,0,1,4,"只",90.35,271.05,{"v":0,"d":"0.00"},90.35,{"v":361.4,"d":"361.40"}]
[497,"▲","PPR 90°弯头","五金材料","联塑/日丰/南亚","DN20,PN16",18,0,1,19,"只",0.91,16.38,{"v":0,"d":"0.00"},0.91,17.29]
[498,"▲","PPR 90°弯头","五金材料","联塑/日丰/南亚","DN25,PN16",18,0,1,19,"只",1.81,32.58,{"v":0,"d":"0.00"},1.81,34.39]
[499,"▲","PPR 90°弯头","五金材料","联塑/日丰/南亚","DN32,PN16",18,0,1,19,"只",1.81,32.58,{"v":0,"d":"0.00"},1.81,34.39]
[500,"▲","PPR 90°弯头","五金材料","联塑/日丰/南亚","DN40,PN16",6,0,1,7,"只",3.61,21.66,{"v":0,"d":"0.00"},3.61,25.27]
[501,"▲","PPR 90°弯头","五金材料","联塑/日丰/南亚","DN50,PN16",6,0,1,7,"只",7.23,43.38,{"v":0,"d":"0.00"},7.23,50.61]
[502,"▲","PPR 90°弯头","五金材料","联塑/日丰/南亚","DN63,PN16",12,0,1,13,"只",11.74,140.88,{"v":0,"d":"0.00"},11.74,152.62]
[503,"▲","PPR 90°弯头","五金材料","联塑/日丰/南亚","DN75,PN16",6,0,1,7,"只",19.88,119.28,{"v":0,"d":"0.00"},19.88,139.16]
[504,"▲","PPR 90°弯头","五金材料","联塑/日丰/南亚","DN90,PN16",6,0,1,7,"只",36.14,216.84,{"v":0,"d":"0.00"},36.14,252.98]
[505,"▲","PPR 90°弯头","五金材料","联塑/日丰/南亚","DN110,PN16",6,0,1,7,"只",61.44,368.64,{"v":0,"d":"0.00"},61.44,430.08]
[506,"▲","PPR 90°弯头","五金材料","联塑/日丰/南亚","DN125,PN16",3,0,1,4,"只",93.06,279.18,{"v":0,"d":"0.00"},93.06,372.24]
[507,"▲","PPR 90°弯头","五金材料","联塑/日丰/南亚","DN140,PN16",3,0,1,4,"只",93.06,279.18,{"v":0,"d":"0.00"},93.06,372.24]
[508,"▲","PPR 90°弯头","五金材料","联塑/日丰/南亚","DN160,PN16",3,0,1,4,"只",170.76,512.28,{"v":0,"d":"0.00"},170.76,683.04]
[509,"▲","PPR 45°弯头","五金材料","联塑/日丰/南亚","DN20,PN16",4,0,1,5,"只",1.5,{"v":6,"d":"6.00"},{"v":0,"d":"0.00"},{"v":1.5,"d":"1.50"},{"v":7.5,"d":"7.50"}]
[510,"▲","PPR 45°弯头","五金材料","联塑/日丰/南亚","DN25,PN16",4,0,1,5,"只",1.81,7.24,{"v":0,"d":"0.00"},1.81,9.05]
[511,"▲","PPR 45°弯头","五金材料","联塑/日丰/南亚","DN32,PN16",4,0,1,5,"只",2.71,10.84,{"v":0,"d":"0.00"},2.71,13.55]
[512,"▲","PPR 45°弯头","五金材料","联塑/日丰/南亚","DN40,PN16",4,0,1,5,"只",3.61,14.44,{"v":0,"d":"0.00"},3.61,18.05]
[513,"▲","PPR 45°弯头","五金材料","联塑/日丰/南亚","DN50,PN16",4,0,1,5,"只",5.42,21.68,{"v":0,"d":"0.00"},5.42,{"v":27.1,"d":"27.10"}]
[514,"▲","PPR 45°弯头","五金材料","联塑/日丰/南亚","DN63,PN16",3,0,1,{"$f":"SUM(G516:I516)","v":4},"只",9.94,{"$f":"L516*G516","v":29.82},{"$f":"L516*H516","v":{"v":0,"d":"0.00"}},{"$f":"L516*I516","v":9.94},{"$f":"M516+N516+O516","v":39.76}]
[515,"▲","PPR 45°弯头","五金材料","联塑/日丰/南亚","DN75,PN16",3,0,1,4,"只",16.26,48.78,{"v":0,"d":"0.00"},16.26,65.04]
[516,"▲","PPR 45°弯头","五金材料","联塑/日丰/南亚","DN90,PN16",3,0,1,4,"只",25.3,{"v":75.9,"d":"75.90"},{"v":0,"d":"0.00"},{"v":25.3,"d":"25.30"},{"v":101.2,"d":"101.20"}]
[517,"▲","PPR 45°弯头","五金材料","联塑/日丰/南亚","DN110,PN16",2,0,1,3,"只",42.46,84.92,{"v":0,"d":"0.00"},42.46,127.38]
[518,"▲","PPR 45°弯头","五金材料","联塑/日丰/南亚","DN125,PN16",2,0,1,3,"只",77.7,{"v":155.4,"d":"155.40"},{"v":0,"d":"0.00"},{"v":77.7,"d":"77.70"},{"v":233.1,"d":"233.10"}]
[519,"▲","PPR 45°弯头","五金材料","联塑/日丰/南亚","DN140,PN16",2,0,1,3,"只",77.7,{"v":155.4,"d":"155.40"},{"v":0,"d":"0.00"},{"v":77.7,"d":"77.70"},{"v":233.1,"d":"233.10"}]
[520,"▲","PPR 45°弯头","五金材料","联塑/日丰/南亚","DN160,PN16",2,0,1,3,"只",147.27,294.54,{"v":0,"d":"0.00"},147.27,441.81]
[521,"▲","PPR正三通","五金材料","联塑/日丰/南亚","DN20,PN16",9,0,1,10,"只",1.81,16.29,{"v":0,"d":"0.00"},1.81,{"v":18.1,"d":"18.10"}]
[522,"▲","PPR正三通","五金材料","联塑/日丰/南亚","DN25,PN16",9,0,1,10,"只",2.71,24.39,{"v":0,"d":"0.00"},2.71,{"v":27.1,"d":"27.10"}]
[523,"▲","PPR正三通","五金材料","联塑/日丰/南亚","DN32,PN16",9,0,1,10,"只",3.61,32.49,{"v":0,"d":"0.00"},3.61,{"v":36.1,"d":"36.10"}]
[524,"▲","PPR正三通","五金材料","联塑/日丰/南亚","DN40,PN16",9,0,1,10,"只",5.42,48.78,{"v":0,"d":"0.00"},5.42,{"v":54.2,"d":"54.20"}]
[525,"▲","PPR正三通","五金材料","联塑/日丰/南亚","DN50,PN16",9,0,1,10,"只",9.04,81.36,{"v":0,"d":"0.00"},9.04,{"v":90.4,"d":"90.40"}]
[526,"▲","PPR正三通","五金材料","联塑/日丰/南亚","DN63,PN16",6,0,1,7,"只",16.26,97.56,{"v":0,"d":"0.00"},16.26,113.82]
[527,"▲","PPR正三通","五金材料","联塑/日丰/南亚","DN75,PN16",6,0,1,7,"只",23.49,140.94,{"v":0,"d":"0.00"},23.49,164.43]
[528,"▲","PPR正三通","五金材料","联塑/日丰/南亚","DN90,PN16",6,0,1,7,"只",39.76,238.56,{"v":0,"d":"0.00"},39.76,278.32]
[529,"▲","PPR正三通","五金材料","联塑/日丰/南亚","DN110,PN16",6,0,1,7,"只",69.57,417.42,{"v":0,"d":"0.00"},69.57,486.99]
[530,"▲","PPR正三通","五金材料","联塑/日丰/南亚","DN125,PN16",6,0,1,7,"只",156.47,938.82,{"v":0,"d":"0.00"},156.47,1095.29]
[531,"▲","PPR正三通","五金材料","联塑/日丰/南亚","DN140,PN16",6,0,1,7,"只",114.75,{"v":688.5,"d":"688.50"},{"v":0,"d":"0.00"},114.75,803.25]
[532,"▲","PPR正三通","五金材料","联塑/日丰/南亚","DN160,PN16",6,0,1,7,"只",282.8,{"v":1696.8,"d":"1696.80"},{"v":0,"d":"0.00"},{"v":282.8,"d":"282.80"},{"v":1979.6,"d":"1979.60"}]
[533,"▲","PPR异径三通","五金材料","联塑/日丰/南亚","DN32转DN20，PN16",9,0,1,10,"只",2.71,24.39,{"v":0,"d":"0.00"},2.71,{"v":27.1,"d":"27.10"}]
[534,"▲","PPR异径三通","五金材料","联塑/日丰/南亚","DN40转DN20，PN16",9,0,1,10,"只",3.61,32.49,{"v":0,"d":"0.00"},3.61,{"v":36.1,"d":"36.10"}]
[535,"▲","PPR异径三通","五金材料","联塑/日丰/南亚","DN40转DN32，PN17",9,0,1,10,"只",5.42,48.78,{"v":0,"d":"0.00"},5.42,{"v":54.2,"d":"54.20"}]
[536,"▲","PPR异径三通","五金材料","联塑/日丰/南亚","DN50转DN40，PN16",9,0,1,10,"只",7.23,65.07,{"v":0,"d":"0.00"},7.23,{"v":72.3,"d":"72.30"}]
[537,"▲","PPR异径三通","五金材料","联塑/日丰/南亚","DN50转DN32，PN16",9,0,1,10,"只",8.13,73.17,{"v":0,"d":"0.00"},8.13,{"v":81.3,"d":"81.30"}]
[538,"▲","PPR异径三通","五金材料","联塑/日丰/南亚","DN63转DN50，PN16",9,0,1,10,"只",13.48,121.32,{"v":0,"d":"0.00"},13.48,{"v":134.8,"d":"134.80"}]
[539,"▲","PPR异径三通","五金材料","联塑/日丰/南亚","DN75转DN65，PN16",5,0,1,6,"只",19.88,{"v":99.4,"d":"99.40"},{"v":0,"d":"0.00"},19.88,119.28]
[540,"▲","PPR异径三通","五金材料","联塑/日丰/南亚","DN90转DN75，PN16",5,0,1,6,"只",34.33,171.65,{"v":0,"d":"0.00"},34.33,205.98]
[541,"▲","PPR异径三通","五金材料","联塑/日丰/南亚","DN110转DN90，PN16",5,0,1,6,"只",58.23,291.15,{"v":0,"d":"0.00"},58.23,349.38]
[542,"▲","PPR异径三通","五金材料","联塑/日丰/南亚","DN125转DN110，PN16",3,0,1,4,"只",54.21,162.63,{"v":0,"d":"0.00"},54.21,216.84]
[543,"▲","PPR异径三通","五金材料","联塑/日丰/南亚","DN140转DN125，PN16",3,0,1,4,"只",111.13,333.39,{"v":0,"d":"0.00"},111.13,444.52]
[544,"▲","PPR异径三通","五金材料","联塑/日丰/南亚","DN160转DN140，PN16",3,0,1,4,"只",122.87,368.61,{"v":0,"d":"0.00"},122.87,491.48]
[545,"▲","PPR异径接头","五金材料","联塑/日丰/南亚","DN32转DN20，PN16",6,0,1,7,"只",1.81,10.86,{"v":0,"d":"0.00"},1.81,12.67]
[546,"▲","PPR异径接头","五金材料","联塑/日丰/南亚","DN40转DN32，PN16",6,0,1,7,"只",2.71,16.26,{"v":0,"d":"0.00"},2.71,18.97]
[547,"▲","PPR异径接头","五金材料","联塑/日丰/南亚","DN50转DN40，PN16",6,0,1,7,"只",3.61,21.66,{"v":0,"d":"0.00"},3.61,25.27]
[548,"▲","PPR异径接头","五金材料","联塑/日丰/南亚","DN63转DN50，PN16",6,0,1,7,"只",5.42,32.52,{"v":0,"d":"0.00"},5.42,37.94]
[549,"▲","PPR异径接头","五金材料","联塑/日丰/南亚","DN75转DN63，PN16",6,0,1,7,"只",9.04,54.24,{"v":0,"d":"0.00"},9.04,63.28]
[550,"▲","PPR异径接头","五金材料","联塑/日丰/南亚","DN90转DN75，PN16",4,0,1,5,"只",14.46,57.84,{"v":0,"d":"0.00"},14.46,{"v":72.3,"d":"72.30"}]
[551,"▲","PPR异径接头","五金材料","联塑/日丰/南亚","DN110转DN90，PN16",4,0,1,5,"只",27.11,108.44,{"v":0,"d":"0.00"},27.11,135.55]
[552,"▲","PPR异径接头","五金材料","联塑/日丰/南亚","DN125转DN110，PN16",3,0,1,4,"只",46.08,138.24,{"v":0,"d":"0.00"},46.08,184.32]
[553,"▲","PPR异径接头","五金材料","联塑/日丰/南亚","DN140转DN125，PN16",3,0,1,4,"只",57.83,173.49,{"v":0,"d":"0.00"},57.83,231.32]
[554,"▲","PPR异径接头","五金材料","联塑/日丰/南亚","DN160转DN140，PN16",3,0,1,4,"只",102.1,{"v":306.3,"d":"306.30"},{"v":0,"d":"0.00"},{"v":102.1,"d":"102.10"},{"v":408.4,"d":"408.40"}]
[555,"▲","PPR带法兰接头","五金材料","联塑/日丰/南亚","DN32,PN16",12,0,1,13,"只",25.3,{"v":303.6,"d":"303.60"},{"v":0,"d":"0.00"},{"v":25.3,"d":"25.30"},{"v":328.9,"d":"328.90"}]
[556,"▲","PPR带法兰接头","五金材料","联塑/日丰/南亚","DN40,PN16",12,0,1,13,"只",28.01,336.12,{"v":0,"d":"0.00"},28.01,364.13]
[557,"▲","PPR带法兰接头","五金材料","联塑/日丰/南亚","DN50,PN16",12,0,1,13,"只",30.72,368.64,{"v":0,"d":"0.00"},30.72,399.36]
[558,"▲","PPR带法兰接头","五金材料","联塑/日丰/南亚","DN63,PN16",12,0,1,13,"只",34.4,{"v":412.8,"d":"412.80"},{"v":0,"d":"0.00"},{"v":34.4,"d":"34.40"},{"v":447.2,"d":"447.20"}]
[559,"▲","PPR带法兰接头","五金材料","联塑/日丰/南亚","DN75,PN16",12,0,1,13,"只",52.4,{"v":628.8,"d":"628.80"},{"v":0,"d":"0.00"},{"v":52.4,"d":"52.40"},{"v":681.2,"d":"681.20"}]
[560,"▲","PPR带法兰接头","五金材料","联塑/日丰/南亚","DN90,PN16",12,0,1,13,"只",56.92,683.04,{"v":0,"d":"0.00"},56.92,739.96]
[561,"▲","PPR带法兰接头","五金材料","联塑/日丰/南亚","DN110,PN16",4,0,1,5,"只",67.7,{"v":270.8,"d":"270.80"},{"v":0,"d":"0.00"},{"v":67.7,"d":"67.70"},{"v":338.5,"d":"338.50"}]
[562,"▲","PPR带法兰接头","五金材料","联塑/日丰/南亚","DN125,PN16",3,0,1,4,"只",103.9,{"v":311.7,"d":"311.70"},{"v":0,"d":"0.00"},{"v":103.9,"d":"103.90"},{"v":415.6,"d":"415.60"}]
[563,"▲","PPR带法兰接头","五金材料","联塑/日丰/南亚","DN140,PN16",3,0,1,4,"只",120.17,360.51,{"v":0,"d":"0.00"},120.17,480.68]
[564,"▲","PPR带法兰接头","五金材料","联塑/日丰/南亚","DN160,PN16",4,0,1,5,"只",189.73,758.92,{"v":0,"d":"0.00"},189.73,948.65]
[565,"▲","PPR单外丝接头","五金材料","联塑/日丰/南亚","DN20,PN16",12,0,1,13,"只",9.04,108.48,{"v":0,"d":"0.00"},9.04,117.52]
[566,"▲","PPR单外丝接头","五金材料","联塑/日丰/南亚","DN25,PN16",12,0,1,13,"只",11.74,140.88,{"v":0,"d":"0.00"},11.74,152.62]
[567,"▲","PPR单外丝接头","五金材料","联塑/日丰/南亚","DN32,PN16",12,0,1,13,"只",29.81,357.72,{"v":0,"d":"0.00"},29.81,387.53]
[568,"▲","PPR单外丝接头","五金材料","联塑/日丰/南亚","DN40,PN16",12,0,1,13,"只",68.67,824.04,{"v":0,"d":"0.00"},68.67,892.71]
[569,"▲","PPR单外丝接头","五金材料","联塑/日丰/南亚","DN50,PN16",12,0,1,13,"只",84.03,1008.36,{"v":0,"d":"0.00"},84.03,1092.39]
[570,"▲","PPR单外丝接头","五金材料","联塑/日丰/南亚","DN63,PN16",4,0,1,5,"只",103.9,{"v":415.6,"d":"415.60"},{"v":0,"d":"0.00"},{"v":103.9,"d":"103.90"},{"v":519.5,"d":"519.50"}]
[571,"▲","PPR单外丝接头","五金材料","联塑/日丰/南亚","DN75,PN16",4,0,1,5,"只",109.34,437.36,{"v":0,"d":"0.00"},109.34,{"v":546.7,"d":"546.70"}]
[572,"▲","PPR单内丝接头","五金材料","联塑/日丰/南亚","DN20,PN16",12,0,1,13,"只",8.13,97.56,{"v":0,"d":"0.00"},8.13,105.69]
[573,"▲","PPR单内丝接头","五金材料","联塑/日丰/南亚","DN25,PN16",12,0,1,13,"只",9.94,119.28,{"v":0,"d":"0.00"},9.94,129.22]
[574,"▲","PPR单内丝接头","五金材料","联塑/日丰/南亚","DN32,PN16",12,0,1,13,"只",26.2,{"v":314.4,"d":"314.40"},{"v":0,"d":"0.00"},{"v":26.2,"d":"26.20"},{"v":340.6,"d":"340.60"}]
[575,"▲","PPR单内丝接头","五金材料","联塑/日丰/南亚","DN40,PN16",12,0,1,13,"只",48.79,585.48,{"v":0,"d":"0.00"},48.79,634.27]
[576,"▲","PPR单内丝接头","五金材料","联塑/日丰/南亚","DN50,PN16",12,0,1,13,"只",60.53,726.36,{"v":0,"d":"0.00"},60.53,786.89]
[577,"▲","PPR单内丝接头","五金材料","联塑/日丰/南亚","DN63,PN16",4,0,1,5,"只",87.64,350.56,{"v":0,"d":"0.00"},87.64,{"v":438.2,"d":"438.20"}]
[578,"▲","PPR单内丝接头","五金材料","联塑/日丰/南亚","DN75,PN16",4,0,1,{"$f":"SUM(G580:I580)","v":5},"只",89.45,{"$f":"L580*G580","v":{"v":357.8,"d":"357.80"}},{"$f":"L580*H580","v":{"v":0,"d":"0.00"}},{"$f":"L580*I580","v":89.45},{"$f":"M580+N580+O580","v":447.25}]
[579,"▲","PPR单外丝90°弯头","五金材料","联塑/日丰/南亚","DN20,PN16",6,0,1,7,"只",9.04,54.24,{"v":0,"d":"0.00"},9.04,63.28]
[580,"▲","PPR单外丝90°弯头","五金材料","联塑/日丰/南亚","DN25,PN16",6,0,1,7,"只",11.74,70.44,{"v":0,"d":"0.00"},11.74,82.18]
[581,"▲","PPR单外丝90°弯头","五金材料","联塑/日丰/南亚","DN32,PN16",6,0,1,7,"只",26.2,{"v":157.2,"d":"157.20"},{"v":0,"d":"0.00"},{"v":26.2,"d":"26.20"},{"v":183.4,"d":"183.40"}]
[582,"▲","PPR单外丝90°弯头","五金材料","联塑/日丰/南亚","DN40,PN16",6,0,1,7,"只",56.92,341.52,{"v":0,"d":"0.00"},56.92,398.44]
[583,"▲","PPR单外丝90°弯头","五金材料","联塑/日丰/南亚","DN50,PN16",6,0,1,7,"只",68.67,412.02,{"v":0,"d":"0.00"},68.67,480.69]
[584,"▲","PPR单外丝90°弯头","五金材料","联塑/日丰/南亚","DN63,PN16",4,0,1,5,"只",109.34,437.36,{"v":0,"d":"0.00"},109.34,{"v":546.7,"d":"546.70"}]
[585,"▲","PPR单外丝90°弯头","五金材料","联塑/日丰/南亚","DN75,PN16",4,0,1,5,"只",166.24,664.96,{"v":0,"d":"0.00"},166.24,{"v":831.2,"d":"831.20"}]
[586,"▲","PPR单内丝90°弯头","五金材料","联塑/日丰/南亚","DN20,PN16",6,0,1,7,"只",10.88,65.28,{"v":0,"d":"0.00"},10.88,76.16]
[587,"▲","PPR单内丝90°弯头","五金材料","联塑/日丰/南亚","DN25,PN16",6,0,1,7,"只",19.91,119.46,{"v":0,"d":"0.00"},19.91,139.37]
[588,"▲","PPR单内丝90°弯头","五金材料","联塑/日丰/南亚","DN32,PN16",6,0,1,7,"只",36.14,216.84,{"v":0,"d":"0.00"},36.14,252.98]
[589,"▲","PPR单内丝90°弯头","五金材料","联塑/日丰/南亚","DN40,PN16",6,0,1,7,"只",51.51,309.06,{"v":0,"d":"0.00"},51.51,360.57]
[590,"▲","PPR单内丝90°弯头","五金材料","联塑/日丰/南亚","DN50,PN16",6,0,1,7,"只",67.78,406.68,{"v":0,"d":"0.00"},67.78,474.46]
[591,"▲","PPR单内丝90°弯头","五金材料","联塑/日丰/南亚","DN63,PN16",4,0,1,5,"只",94.88,379.52,{"v":0,"d":"0.00"},94.88,{"v":474.4,"d":"474.40"}]
[592,"▲","PPR单内丝90°弯头","五金材料","联塑/日丰/南亚","DN75,PN16",4,0,1,5,"只",112.94,451.76,{"v":0,"d":"0.00"},112.94,{"v":564.7,"d":"564.70"}]
[593,"▲","PPR管帽","五金材料","联塑/日丰/南亚","DN32",6,0,1,7,"只",1.81,10.86,{"v":0,"d":"0.00"},1.81,12.67]
[594,"▲","PPR管帽","五金材料","联塑/日丰/南亚","DN40",6,0,1,7,"只",2.71,16.26,{"v":0,"d":"0.00"},2.71,18.97]
[595,"▲","PPR管帽","五金材料","联塑/日丰/南亚","DN50",6,0,1,7,"只",4.51,27.06,{"v":0,"d":"0.00"},4.51,31.57]
[596,"▲","PPR管帽","五金材料","联塑/日丰/南亚","DN63",6,0,1,7,"只",6.32,37.92,{"v":0,"d":"0.00"},6.32,44.24]
[597,"▲","PPR管帽","五金材料","联塑/日丰/南亚","DN75",6,0,1,7,"只",9.94,59.64,{"v":0,"d":"0.00"},9.94,69.58]
[598,"▲","PPR管帽","五金材料","联塑/日丰/南亚","DN90",6,0,1,7,"只",15.36,92.16,{"v":0,"d":"0.00"},15.36,107.52]
[599,"▲","PPR管帽","五金材料","联塑/日丰/南亚","DN110",4,0,1,5,"只",27.11,108.44,{"v":0,"d":"0.00"},27.11,135.55]
[600,"▲","PPR管帽","五金材料","联塑/日丰/南亚","DN125",4,0,1,5,"只",34.4,{"v":137.6,"d":"137.60"},{"v":0,"d":"0.00"},{"v":34.4,"d":"34.40"},{"v":172,"d":"172.00"}]
[601,"▲","PPR管帽","五金材料","联塑/日丰/南亚","DN140",4,0,1,5,"只",61.44,245.76,{"v":0,"d":"0.00"},61.44,{"v":307.2,"d":"307.20"}]
[602,"▲","PPR管帽","五金材料","联塑/日丰/南亚","DN160",4,0,1,5,"只",87.69,350.76,{"v":0,"d":"0.00"},87.69,438.45]
[603,"▲","PPR截止阀","五金材料","联塑/日丰/南亚","DN20,PN16",12,0,1,13,"只",21.68,260.16,{"v":0,"d":"0.00"},21.68,281.84]
[604,"▲","PPR截止阀","五金材料","联塑/日丰/南亚","DN25,PN16",12,0,1,13,"只",23.87,286.44,{"v":0,"d":"0.00"},23.87,310.31]
[605,"▲","PPR截止阀","五金材料","联塑/日丰/南亚","DN32,PN16",12,0,1,13,"只",47.88,574.56,{"v":0,"d":"0.00"},47.88,622.44]
[606,"▲","PPR截止阀","五金材料","联塑/日丰/南亚","DN40,PN16",12,0,1,13,"只",50.6,{"v":607.2,"d":"607.20"},{"v":0,"d":"0.00"},{"v":50.6,"d":"50.60"},{"v":657.8,"d":"657.80"}]
[607,"▲","PPR截止阀","五金材料","联塑/日丰/南亚","DN50,PN16",6,0,1,7,"只",86.74,520.44,{"v":0,"d":"0.00"},86.74,607.18]
[608,"▲","PPR截止阀","五金材料","联塑/日丰/南亚","DN63,PN16",6,0,1,7,"只",122.87,737.22,{"v":0,"d":"0.00"},122.87,860.09]
[609,"▲","PPR截止阀","五金材料","联塑/日丰/南亚","DN75,PN16",6,0,1,7,"只",138.24,829.44,{"v":0,"d":"0.00"},138.24,967.68]
[610,"▲","PPR截止阀","五金材料","联塑/日丰/南亚","DN90,PN16",4,0,1,5,"只",224.97,899.88,{"v":0,"d":"0.00"},224.97,1124.85]
[611,"▲","PPR截止阀","五金材料","联塑/日丰/南亚","DN110,PN16",4,0,1,5,"只",343.33,1373.32,{"v":0,"d":"0.00"},343.33,1716.65]
[612,"▲","不锈钢防爆上水管","五金材料","九牧/潜水艇/科勒","长度60cm",90,0,1,91,"根",46.08,{"v":4147.2,"d":"4147.20"},{"v":0,"d":"0.00"},46.08,4193.28]
[613,"▲","不锈钢防爆上水管","五金材料","九牧/潜水艇/科勒","长度80cm",90,0,1,91,"根",52.4,{"v":4716,"d":"4716.00"},{"v":0,"d":"0.00"},{"v":52.4,"d":"52.40"},{"v":4768.4,"d":"4768.40"}]
[614,"▲","不锈钢防爆上水管","五金材料","九牧/潜水艇/科勒","长度100cm",60,0,1,61,"根",60.53,{"v":3631.8,"d":"3631.80"},{"v":0,"d":"0.00"},60.53,3692.33]
[615,"▲","硅酮免垫片红胶","五金材料","卡夫特/硅宝/万达","K-383耐油耐压耐高温",180,0,10,190,"支",11.74,{"v":2113.2,"d":"2113.20"},{"v":0,"d":"0.00"},{"v":117.4,"d":"117.40"},{"v":2230.6,"d":"2230.60"}]
[616,"▲","螺栓锁固剂","五金材料","乐泰/奥斯邦/金士达","50ml/瓶",6,0,2,8,"瓶",80.41,482.46,{"v":0,"d":"0.00"},160.82,643.28]
[617,"▲","轴承紧固剂","五金材料","乐泰/奥斯邦/金士达","50ml/瓶",6,0,2,8,"瓶",122.87,737.22,{"v":0,"d":"0.00"},245.74,982.96]
[618,"▲","O型圈粘接胶水","五金材料","乐泰/奥斯邦/司达行","20g/瓶",6,0,2,8,"瓶",58.73,352.38,{"v":0,"d":"0.00"},117.46,469.84]
[619,"▲","聚氨酯泡沫填缝剂","五金材料","奥斯邦/纽盾/R&T","750ml(配枪)",12,0,5,17,"套",80.41,964.92,{"v":0,"d":"0.00"},402.05,1366.97]
[620,"▲","油漆","五金材料","电视塔/迅彩/诺一美","醇酸磁漆，任意颜色 18kg/桶",60,0,2,62,"桶",472.16,{"v":28329.6,"d":"28329.60"},{"v":0,"d":"0.00"},944.32,29273.92]
[621,"▲","油漆","五金材料","电视塔/迅彩/诺一美","醇酸磁漆，任意颜色 3kg/桶",48,0,2,50,"桶",220.45,{"v":10581.6,"d":"10581.60"},{"v":0,"d":"0.00"},{"v":440.9,"d":"440.90"},{"v":11022.5,"d":"11022.50"}]
[622,"▲","油漆","五金材料","电视塔/迅彩/诺一美","醇酸磁漆，任意颜色 1kg/桶",48,0,2,50,"桶",206,{"v":9888,"d":"9888.00"},{"v":0,"d":"0.00"},{"v":412,"d":"412.00"},{"v":10300,"d":"10300.00"}]
[623,"▲","铁红防锈底漆","五金材料","电视塔/迅彩/诺一美","18kg/桶",48,0,2,50,"桶",496.93,23852.64,{"v":0,"d":"0.00"},993.86,{"v":24846.5,"d":"24846.50"}]
[624,"▲","铁红防锈底漆","五金材料","电视塔/迅彩/诺一美","3kg/桶",24,0,2,26,"桶",128.33,3079.92,{"v":0,"d":"0.00"},256.66,3336.58]
[625,"▲","铁红防锈底漆","五金材料","电视塔/迅彩/诺一美","1kg/桶",24,0,2,26,"桶",109.34,2624.16,{"v":0,"d":"0.00"},218.68,2842.84]
[626,"▲","环氧地坪漆","五金材料","三青/千居美/迅彩","任意颜色 防水耐磨面漆 15L/桶",60,0,2,62,"桶",1042.71,{"v":62562.6,"d":"62562.60"},{"v":0,"d":"0.00"},2085.42,64648.02]
[627,"▲","硬骨架密封","五金材料","UCK/NOK/CFW","轴径10mm",30,0,2,32,"个",21.68,{"v":650.4,"d":"650.40"},{"v":0,"d":"0.00"},43.36,693.76]
[628,"▲","硬骨架密封","五金材料","UCK/NOK/CFW","轴径11-20mm",24,0,2,26,"个",21.68,520.32,{"v":0,"d":"0.00"},43.36,563.68]
[629,"▲","硬骨架密封","五金材料","UCK/NOK/CFW","轴径21-30mm",24,0,2,26,"个",22.6,{"v":542.4,"d":"542.40"},{"v":0,"d":"0.00"},{"v":45.2,"d":"45.20"},{"v":587.6,"d":"587.60"}]
[630,"▲","硬骨架密封","五金材料","UCK/NOK/CFW","轴径31-40mm",24,0,2,26,"个",30.72,737.28,{"v":0,"d":"0.00"},61.44,798.72]
[631,"▲","硬骨架密封","五金材料","UCK/NOK/CFW","轴径41-55mm",30,0,2,32,"个",35.22,{"v":1056.6,"d":"1056.60"},{"v":0,"d":"0.00"},70.44,1127.04]
[632,"▲","硬骨架密封","五金材料","UCK/NOK/CFW","轴径56-70mm",30,0,2,32,"个",44.27,{"v":1328.1,"d":"1328.10"},{"v":0,"d":"0.00"},88.54,1416.64]
[633,"▲","硬骨架密封","五金材料","UCK/NOK/CFW","轴径71-85mm",30,0,2,32,"个",60.53,{"v":1815.9,"d":"1815.90"},{"v":0,"d":"0.00"},121.06,1936.96]
[634,"▲","硬骨架密封","五金材料","UCK/NOK/CFW","轴径86-100mm",30,0,2,32,"个",61.44,{"v":1843.2,"d":"1843.20"},{"v":0,"d":"0.00"},122.88,1966.08]
[635,"▲","硬骨架密封","五金材料","UCK/NOK/CFW","轴径101-125mm",12,0,2,14,"个",92.16,1105.92,{"v":0,"d":"0.00"},184.32,1290.24]
[636,"▲","硬骨架密封","五金材料","UCK/NOK/CFW","轴径126-150mm",12,0,2,14,"个",102.1,{"v":1225.2,"d":"1225.20"},{"v":0,"d":"0.00"},{"v":204.2,"d":"204.20"},{"v":1429.4,"d":"1429.40"}]
[637,null,"安全阀/背压阀","五金材料","任意品牌","口径：DN15(1/2)，材质：UPVC，压力等级：1.0Mpa",2,0,2,4,"个",188.83,377.66,{"v":0,"d":"0.00"},377.66,755.32,"2024年新增"]
[638,null,"槽钢","五金材料","任意品牌","碳钢材质，国标尺寸",1200,0,0,1200,"千克",12.65,{"v":15180,"d":"15180.00"},{"v":0,"d":"0.00"},{"v":0,"d":"0.00"},{"v":15180,"d":"15180.00"}]
[639,null,"工字钢","五金材料","任意品牌","碳钢材质，国标尺寸",360,0,0,360,"千克",12.65,{"v":4554,"d":"4554.00"},{"v":0,"d":"0.00"},{"v":0,"d":"0.00"},{"v":4554,"d":"4554.00"}]
[640,null,"角钢","五金材料","任意品牌","碳钢材质，国标尺寸",1800,0,0,1800,"千克",12.65,{"v":22770,"d":"22770.00"},{"v":0,"d":"0.00"},{"v":0,"d":"0.00"},{"v":22770,"d":"22770.00"}]
[641,null,"方钢","五金材料","任意品牌","碳钢材质，国标尺寸",360,0,0,360,"千克",12.65,{"v":4554,"d":"4554.00"},{"v":0,"d":"0.00"},{"v":0,"d":"0.00"},{"v":4554,"d":"4554.00"}]
[642,null,"方通","五金材料","任意品牌","碳钢材质，国标尺寸",600,0,0,{"$f":"SUM(G644:I644)","v":600},"千克",13.55,{"$f":"L644*G644","v":{"v":8130,"d":"8130.00"}},{"$f":"L644*H644","v":{"v":0,"d":"0.00"}},{"$f":"L644*I644","v":{"v":0,"d":"0.00"}},{"$f":"M644+N644+O644","v":{"v":8130,"d":"8130.00"}}]
[643,null,"圆钢","五金材料","任意品牌","碳钢材质，国标尺寸",240,0,0,240,"千克",13.55,{"v":3252,"d":"3252.00"},{"v":0,"d":"0.00"},{"v":0,"d":"0.00"},{"v":3252,"d":"3252.00"}]
[644,null,"钢板","五金材料","任意品牌","碳钢材质，国标尺寸",1200,0,0,1200,"千克",13.55,{"v":16260,"d":"16260.00"},{"v":0,"d":"0.00"},{"v":0,"d":"0.00"},{"v":16260,"d":"16260.00"}]
[645,null,"扁钢","五金材料","任意品牌","碳钢材质，国标尺寸",120,0,0,120,"千克",11.74,{"v":1408.8,"d":"1408.80"},{"v":0,"d":"0.00"},{"v":0,"d":"0.00"},{"v":1408.8,"d":"1408.80"}]
[646,null,"螺纹钢","五金材料","任意品牌","碳钢材质，国标尺寸",600,0,0,600,"千克",11.74,{"v":7044,"d":"7044.00"},{"v":0,"d":"0.00"},{"v":0,"d":"0.00"},{"v":7044,"d":"7044.00"}]
[647,null,"碳钢管","五金材料","任意品牌","碳钢材质，国标尺寸",3600,0,0,3600,"千克",13.55,{"v":48780,"d":"48780.00"},{"v":0,"d":"0.00"},{"v":0,"d":"0.00"},{"v":48780,"d":"48780.00"}]
[648,null,"平键料","五金材料","任意品牌","碳钢材质，国标尺寸",12,0,0,12,"千克",41.56,498.72,{"v":0,"d":"0.00"},{"v":0,"d":"0.00"},498.72]
[649,null,"304不锈钢槽钢","五金材料","任意品牌","国标尺寸",600,0,0,600,"千克",46.48,{"v":27888,"d":"27888.00"},{"v":0,"d":"0.00"},{"v":0,"d":"0.00"},{"v":27888,"d":"27888.00"}]
[650,null,"304不锈钢工字钢","五金材料","任意品牌","国标尺寸",120,0,0,120,"千克",47.4,{"v":5688,"d":"5688.00"},{"v":0,"d":"0.00"},{"v":0,"d":"0.00"},{"v":5688,"d":"5688.00"}]
[651,null,"304不锈钢角钢","五金材料","任意品牌","国标尺寸",4800,0,0,4800,"千克",46.48,{"v":223104,"d":"223104.00"},{"v":0,"d":"0.00"},{"v":0,"d":"0.00"},{"v":223104,"d":"223104.00"}]
[652,null,"304不锈钢方钢","五金材料","任意品牌","国标尺寸",360,0,0,360,"千克",46.48,{"v":16732.8,"d":"16732.80"},{"v":0,"d":"0.00"},{"v":0,"d":"0.00"},{"v":16732.8,"d":"16732.80"}]
[653,null,"304不锈钢方通","五金材料","任意品牌","国标尺寸",600,0,0,600,"千克",46.48,{"v":27888,"d":"27888.00"},{"v":0,"d":"0.00"},{"v":0,"d":"0.00"},{"v":27888,"d":"27888.00"}]
[654,null,"304不锈钢圆钢","五金材料","任意品牌","国标尺寸",720,0,0,720,"千克",46.48,{"v":33465.6,"d":"33465.60"},{"v":0,"d":"0.00"},{"v":0,"d":"0.00"},{"v":33465.6,"d":"33465.60"}]
[655,null,"304不锈钢扁钢","五金材料","任意品牌","国标尺寸",240,0,0,240,"千克",46.48,{"v":11155.2,"d":"11155.20"},{"v":0,"d":"0.00"},{"v":0,"d":"0.00"},{"v":11155.2,"d":"11155.20"}]
[656,null,"304不锈钢板","五金材料","任意品牌","国标尺寸",4800,0,0,4800,"千克",46.48,{"v":223104,"d":"223104.00"},{"v":0,"d":"0.00"},{"v":0,"d":"0.00"},{"v":223104,"d":"223104.00"}]
[657,null,"304不锈钢管","五金材料","任意品牌","国标尺寸",2400,0,0,2400,"千克",46.48,{"v":111552,"d":"111552.00"},{"v":0,"d":"0.00"},{"v":0,"d":"0.00"},{"v":111552,"d":"111552.00"}]
[658,null,"304不锈钢链条","五金材料","任意品牌","国标尺寸",240,0,0,240,"千克",49.22,{"v":11812.8,"d":"11812.80"},{"v":0,"d":"0.00"},{"v":0,"d":"0.00"},{"v":11812.8,"d":"11812.80"}]
[659,null,"304不锈钢格网","五金材料","任意品牌","国标尺寸",240,0,0,240,"千克",57.42,{"v":13780.8,"d":"13780.80"},{"v":0,"d":"0.00"},{"v":0,"d":"0.00"},{"v":13780.8,"d":"13780.80"}]
[660,null,"304不锈钢无轴螺旋","五金材料","任意品牌","螺旋外径320mm；厚度≥20mm，国标尺寸",30,0,0,30,"米",2473.82,{"v":74214.6,"d":"74214.60"},{"v":0,"d":"0.00"},{"v":0,"d":"0.00"},{"v":74214.6,"d":"74214.60"}]
[661,null,"304不锈钢无轴螺旋","五金材料","任意品牌","螺旋外径260mm；厚度≥16mm，国标尺寸",30,0,0,30,"米",1962.47,{"v":58874.1,"d":"58874.10"},{"v":0,"d":"0.00"},{"v":0,"d":"0.00"},{"v":58874.1,"d":"58874.10"}]
[662,null,"304不锈钢无轴螺旋","五金材料","任意品牌","螺旋外径200mm；厚度≥15mm，国标尺寸",30,0,0,30,"米",1581.46,{"v":47443.8,"d":"47443.80"},{"v":0,"d":"0.00"},{"v":0,"d":"0.00"},{"v":47443.8,"d":"47443.80"}]
[663,null,"镀锌角钢","五金材料","任意品牌","碳钢镀锌，国标尺寸",600,0,0,600,"千克",16.41,{"v":9846,"d":"9846.00"},{"v":0,"d":"0.00"},{"v":0,"d":"0.00"},{"v":9846,"d":"9846.00"}]
[664,null,"镀锌扁钢","五金材料","任意品牌","碳钢镀锌，国标尺寸",120,0,0,120,"千克",16.41,{"v":1969.2,"d":"1969.20"},{"v":0,"d":"0.00"},{"v":0,"d":"0.00"},{"v":1969.2,"d":"1969.20"}]
[665,null,"镀锌方钢","五金材料","任意品牌","碳钢镀锌，国标尺寸",120,0,0,120,"千克",16.41,{"v":1969.2,"d":"1969.20"},{"v":0,"d":"0.00"},{"v":0,"d":"0.00"},{"v":1969.2,"d":"1969.20"}]
[666,null,"镀锌方通","五金材料","任意品牌","碳钢镀锌，国标尺寸",600,0,0,600,"千克",16.41,{"v":9846,"d":"9846.00"},{"v":0,"d":"0.00"},{"v":0,"d":"0.00"},{"v":9846,"d":"9846.00"}]
[667,null,"镀锌钢管","五金材料","任意品牌","碳钢镀锌，国标尺寸",1200,0,0,1200,"千克",16.41,{"v":19692,"d":"19692.00"},{"v":0,"d":"0.00"},{"v":0,"d":"0.00"},{"v":19692,"d":"19692.00"}]
[668,null,"镀锌链条","五金材料","任意品牌","碳钢镀锌，国标尺寸",60,0,0,60,"千克",20.05,{"v":1203,"d":"1203.00"},{"v":0,"d":"0.00"},{"v":0,"d":"0.00"},{"v":1203,"d":"1203.00"}]
[669,null,"镀锌格网","五金材料","任意品牌","碳钢镀锌，国标尺寸",60,0,0,60,"千克",29.17,{"v":1750.2,"d":"1750.20"},{"v":0,"d":"0.00"},{"v":0,"d":"0.00"},{"v":1750.2,"d":"1750.20"}]
[670,null,"铜管件","五金材料","任意品牌","国标尺寸",240,0,0,240,"千克",157.69,{"v":37845.6,"d":"37845.60"},{"v":0,"d":"0.00"},{"v":0,"d":"0.00"},{"v":37845.6,"d":"37845.60"}]
[671,null,"304不锈钢管件","五金材料","任意品牌","国标尺寸",240,0,0,240,"千克",103.91,{"v":24938.4,"d":"24938.40"},{"v":0,"d":"0.00"},{"v":0,"d":"0.00"},{"v":24938.4,"d":"24938.40"}]
[672,null,"碳钢镀锌管件","五金材料","任意品牌","国标尺寸",60,0,0,60,"千克",46.48,{"v":2788.8,"d":"2788.80"},{"v":0,"d":"0.00"},{"v":0,"d":"0.00"},{"v":2788.8,"d":"2788.80"}]
[673,null,"花纹碳钢板","五金材料","任意品牌","碳钢材质，1220×2440mm，4mm厚",9,0,0,9,"张",786.63,7079.67,{"v":0,"d":"0.00"},{"v":0,"d":"0.00"},7079.67]
[674,null,"花纹铝合金钢板","五金材料","任意品牌","铝合金材质，1220×2440mm，4mm厚",12,0,0,12,"张",1247.85,{"v":14974.2,"d":"14974.20"},{"v":0,"d":"0.00"},{"v":0,"d":"0.00"},{"v":14974.2,"d":"14974.20"}]
[675,null,"304不锈钢薄板","五金材料","任意品牌","1220×2440mm,0.8mm厚",4,0,0,4,"张",512.27,2049.08,{"v":0,"d":"0.00"},{"v":0,"d":"0.00"},2049.08]
[676,null,"304不锈钢薄板","五金材料","任意品牌","1220×2440mm,1.0mm厚",4,0,0,4,"张",632.58,2530.32,{"v":0,"d":"0.00"},{"v":0,"d":"0.00"},2530.32]
[677,null,"304不锈钢薄板","五金材料","任意品牌","1220×2440mm,1.2mm厚",4,0,0,4,"张",777.52,3110.08,{"v":0,"d":"0.00"},{"v":0,"d":"0.00"},3110.08]
[678,null,"304不锈钢薄板","五金材料","任意品牌","1220×2440mm,1.4mm厚",4,0,0,4,"张",977.13,3908.52,{"v":0,"d":"0.00"},{"v":0,"d":"0.00"},3908.52]
[679,null,"镀锌板","五金材料","任意品牌","1220×2440mm,1mm厚",4,0,0,4,"张",296.24,1184.96,{"v":0,"d":"0.00"},{"v":0,"d":"0.00"},1184.96]
[680,null,"镀锌板","五金材料","任意品牌","1220×2440mm,2mm厚",4,0,0,4,"张",526.85,{"v":2107.4,"d":"2107.40"},{"v":0,"d":"0.00"},{"v":0,"d":"0.00"},{"v":2107.4,"d":"2107.40"}]
[681,null,"碳钢焊接法兰","五金材料","任意品牌","DN25，PN10",12,0,0,12,"片",13.59,163.08,{"v":0,"d":"0.00"},{"v":0,"d":"0.00"},163.08]
[682,null,"碳钢焊接法兰","五金材料","任意品牌","DN32，PN10",12,0,0,12,"片",18.17,218.04,{"v":0,"d":"0.00"},{"v":0,"d":"0.00"},218.04]
[683,null,"碳钢焊接法兰","五金材料","任意品牌","DN40，PN10",12,0,0,12,"片",19.66,235.92,{"v":0,"d":"0.00"},{"v":0,"d":"0.00"},235.92]
[684,null,"碳钢焊接法兰","五金材料","任意品牌","DN50，PN10",12,0,0,12,"片",24.5,{"v":294,"d":"294.00"},{"v":0,"d":"0.00"},{"v":0,"d":"0.00"},{"v":294,"d":"294.00"}]
[685,null,"碳钢焊接法兰","五金材料","任意品牌","DN65，PN10",12,0,0,12,"片",32.34,388.08,{"v":0,"d":"0.00"},{"v":0,"d":"0.00"},388.08]
[686,null,"碳钢焊接法兰","五金材料","任意品牌","DN80，PN10",12,0,0,12,"片",39.53,474.36,{"v":0,"d":"0.00"},{"v":0,"d":"0.00"},474.36]
[687,null,"碳钢焊接法兰","五金材料","任意品牌","DN100，PN10",12,0,0,12,"片",46.99,563.88,{"v":0,"d":"0.00"},{"v":0,"d":"0.00"},563.88]
[688,null,"碳钢焊接法兰","五金材料","任意品牌","DN125，PN10",12,0,0,12,"片",63.15,{"v":757.8,"d":"757.80"},{"v":0,"d":"0.00"},{"v":0,"d":"0.00"},{"v":757.8,"d":"757.80"}]
[689,null,"碳钢焊接法兰","五金材料","任意品牌","DN150，PN10",12,0,0,12,"片",68.96,827.52,{"v":0,"d":"0.00"},{"v":0,"d":"0.00"},827.52]
[690,null,"碳钢焊接法兰","五金材料","任意品牌","DN200，PN10",12,0,0,12,"片",92.91,1114.92,{"v":0,"d":"0.00"},{"v":0,"d":"0.00"},1114.92]
[691,null,"碳钢焊接法兰","五金材料","任意品牌","DN250，PN10",12,0,0,12,"片",123.92,1487.04,{"v":0,"d":"0.00"},{"v":0,"d":"0.00"},1487.04]
[692,null,"碳钢焊接法兰","五金材料","任意品牌","DN300，PN10",12,0,0,12,"片",148.1,{"v":1777.2,"d":"1777.20"},{"v":0,"d":"0.00"},{"v":0,"d":"0.00"},{"v":1777.2,"d":"1777.20"}]
[693,null,"碳钢焊接法兰","五金材料","任意品牌","DN25，PN16",12,0,0,12,"片",18.04,216.48,{"v":0,"d":"0.00"},{"v":0,"d":"0.00"},216.48]
[694,null,"碳钢焊接法兰","五金材料","任意品牌","DN32，PN16",12,0,0,12,"片",21.37,256.44,{"v":0,"d":"0.00"},{"v":0,"d":"0.00"},256.44]
[695,null,"碳钢焊接法兰","五金材料","任意品牌","DN40，PN16",12,0,0,12,"片",25.68,308.16,{"v":0,"d":"0.00"},{"v":0,"d":"0.00"},308.16]
[696,null,"碳钢焊接法兰","五金材料","任意品牌","DN50，PN16",12,0,0,12,"片",32.81,393.72,{"v":0,"d":"0.00"},{"v":0,"d":"0.00"},393.72]
[697,null,"碳钢焊接法兰","五金材料","任意品牌","DN65，PN16",12,0,0,12,"片",44.25,{"v":531,"d":"531.00"},{"v":0,"d":"0.00"},{"v":0,"d":"0.00"},{"v":531,"d":"531.00"}]
[698,null,"碳钢焊接法兰","五金材料","任意品牌","DN80，PN16",12,0,0,12,"片",48.17,578.04,{"v":0,"d":"0.00"},{"v":0,"d":"0.00"},578.04]
[699,null,"碳钢焊接法兰","五金材料","任意品牌","DN100，PN16",12,0,0,12,"片",63.62,763.44,{"v":0,"d":"0.00"},{"v":0,"d":"0.00"},763.44]
[700,null,"碳钢焊接法兰","五金材料","任意品牌","DN125，PN16",12,0,0,12,"片",84.29,1011.48,{"v":0,"d":"0.00"},{"v":0,"d":"0.00"},1011.48]
[701,null,"碳钢焊接法兰","五金材料","任意品牌","DN150，PN16",12,0,0,12,"片",91.6,{"v":1099.2,"d":"1099.20"},{"v":0,"d":"0.00"},{"v":0,"d":"0.00"},{"v":1099.2,"d":"1099.20"}]
[702,null,"碳钢焊接法兰","五金材料","任意品牌","DN200，PN16",12,0,0,12,"片",123.35,{"v":1480.2,"d":"1480.20"},{"v":0,"d":"0.00"},{"v":0,"d":"0.00"},{"v":1480.2,"d":"1480.20"}]
[703,null,"碳钢焊接法兰","五金材料","任意品牌","DN250，PN16",12,0,0,12,"片",179.35,{"v":2152.2,"d":"2152.20"},{"v":0,"d":"0.00"},{"v":0,"d":"0.00"},{"v":2152.2,"d":"2152.20"}]
[704,null,"碳钢焊接法兰","五金材料","任意品牌","DN300，PN16",12,0,0,12,"片",208.35,{"v":2500.2,"d":"2500.20"},{"v":0,"d":"0.00"},{"v":0,"d":"0.00"},{"v":2500.2,"d":"2500.20"}]
[705,null,"304不锈钢焊接法兰","五金材料","任意品牌","DN25，PN10",12,0,0,12,"片",34.81,417.72,{"v":0,"d":"0.00"},{"v":0,"d":"0.00"},417.72]
[706,null,"304不锈钢焊接法兰","五金材料","任意品牌","DN32，PN10",12,0,0,{"$f":"SUM(G708:I708)","v":12},"片",52.7,{"$f":"L708*G708","v":{"v":632.4,"d":"632.40"}},{"$f":"L708*H708","v":{"v":0,"d":"0.00"}},{"$f":"L708*I708","v":{"v":0,"d":"0.00"}},{"$f":"M708+N708+O708","v":{"v":632.4,"d":"632.40"}}]
[707,null,"304不锈钢焊接法兰","五金材料","任意品牌","DN40，PN10",12,0,0,12,"片",60.54,726.48,{"v":0,"d":"0.00"},{"v":0,"d":"0.00"},726.48]
[708,null,"304不锈钢焊接法兰","五金材料","任意品牌","DN50，PN10",12,0,0,12,"片",69.03,828.36,{"v":0,"d":"0.00"},{"v":0,"d":"0.00"},828.36]
[709,null,"304不锈钢焊接法兰","五金材料","任意品牌","DN65，PN10",12,0,0,12,"片",86.66,1039.92,{"v":0,"d":"0.00"},{"v":0,"d":"0.00"},1039.92]
[710,null,"304不锈钢焊接法兰","五金材料","任意品牌","DN80，PN10",12,0,0,12,"片",103.04,1236.48,{"v":0,"d":"0.00"},{"v":0,"d":"0.00"},1236.48]
[711,null,"304不锈钢焊接法兰","五金材料","任意品牌","DN100，PN10",21,0,0,21,"片",125.5,{"v":2635.5,"d":"2635.50"},{"v":0,"d":"0.00"},{"v":0,"d":"0.00"},{"v":2635.5,"d":"2635.50"}]
[712,null,"304不锈钢焊接法兰","五金材料","任意品牌","DN125，PN10",12,0,0,12,"片",171.07,2052.84,{"v":0,"d":"0.00"},{"v":0,"d":"0.00"},2052.84]
[713,null,"304不锈钢焊接法兰","五金材料","任意品牌","DN150，PN10",21,0,0,21,"片",219.88,4617.48,{"v":0,"d":"0.00"},{"v":0,"d":"0.00"},4617.48]
[714,null,"304不锈钢焊接法兰","五金材料","任意品牌","DN200，PN10",21,0,0,21,"片",302.41,6350.61,{"v":0,"d":"0.00"},{"v":0,"d":"0.00"},6350.61]
[715,null,"304不锈钢焊接法兰","五金材料","任意品牌","DN250，PN10",21,0,0,21,"片",389.11,8171.31,{"v":0,"d":"0.00"},{"v":0,"d":"0.00"},8171.31]
[716,null,"304不锈钢焊接法兰","五金材料","任意品牌","DN300，PN10",12,0,0,12,"片",514.14,6169.68,{"v":0,"d":"0.00"},{"v":0,"d":"0.00"},6169.68]
[717,null,"304不锈钢焊接法兰","五金材料","任意品牌","DN25，PN16",12,0,0,12,"片",42.27,507.24,{"v":0,"d":"0.00"},{"v":0,"d":"0.00"},507.24]
[718,null,"304不锈钢焊接法兰","五金材料","任意品牌","DN32，PN16",12,0,0,12,"片",57.95,{"v":695.4,"d":"695.40"},{"v":0,"d":"0.00"},{"v":0,"d":"0.00"},{"v":695.4,"d":"695.40"}]
[719,null,"304不锈钢焊接法兰","五金材料","任意品牌","DN40，PN16",12,0,0,12,"片",67.74,812.88,{"v":0,"d":"0.00"},{"v":0,"d":"0.00"},812.88]
[720,null,"304不锈钢焊接法兰","五金材料","任意品牌","DN50，PN16",12,0,0,12,"片",84.07,1008.84,{"v":0,"d":"0.00"},{"v":0,"d":"0.00"},1008.84]
[721,null,"304不锈钢焊接法兰","五金材料","任意品牌","DN65，PN16",12,0,0,12,"片",110.6,{"v":1327.2,"d":"1327.20"},{"v":0,"d":"0.00"},{"v":0,"d":"0.00"},{"v":1327.2,"d":"1327.20"}]
[722,null,"304不锈钢焊接法兰","五金材料","任意品牌","DN80，PN16",12,0,0,12,"片",124.57,1494.84,{"v":0,"d":"0.00"},{"v":0,"d":"0.00"},1494.84]
[723,null,"304不锈钢焊接法兰","五金材料","任意品牌","DN100，PN16",12,0,0,12,"片",185.49,2225.88,{"v":0,"d":"0.00"},{"v":0,"d":"0.00"},2225.88]
[724,null,"304不锈钢焊接法兰","五金材料","任意品牌","DN125，PN16",12,0,0,12,"片",249.41,2992.92,{"v":0,"d":"0.00"},{"v":0,"d":"0.00"},2992.92]
[725,null,"304不锈钢焊接法兰","五金材料","任意品牌","DN150，PN16",12,0,0,12,"片",318.98,3827.76,{"v":0,"d":"0.00"},{"v":0,"d":"0.00"},3827.76]
[726,null,"304不锈钢焊接法兰","五金材料","任意品牌","DN200，PN16",12,0,0,12,"片",416.28,4995.36,{"v":0,"d":"0.00"},{"v":0,"d":"0.00"},4995.36]
[727,null,"304不锈钢焊接法兰","五金材料","任意品牌","DN250，PN16",12,0,0,12,"片",672.78,8073.36,{"v":0,"d":"0.00"},{"v":0,"d":"0.00"},8073.36]
[728,null,"304不锈钢焊接法兰","五金材料","任意品牌","DN300，PN16",12,0,0,12,"片",852.04,10224.48,{"v":0,"d":"0.00"},{"v":0,"d":"0.00"},10224.48]
[729,null,"304不锈钢法兰盲板","五金材料","任意品牌","DN25，PN10",9,0,0,9,"片",43.98,395.82,{"v":0,"d":"0.00"},{"v":0,"d":"0.00"},395.82]
[730,null,"304不锈钢法兰盲板","五金材料","任意品牌","DN32，PN10",9,0,0,9,"片",63.85,574.65,{"v":0,"d":"0.00"},{"v":0,"d":"0.00"},574.65]
[731,null,"304不锈钢法兰盲板","五金材料","任意品牌","DN40，PN10",9,0,0,9,"片",75.88,682.92,{"v":0,"d":"0.00"},{"v":0,"d":"0.00"},682.92]
[732,null,"304不锈钢法兰盲板","五金材料","任意品牌","DN50，PN10",9,0,0,9,"片",93.33,839.97,{"v":0,"d":"0.00"},{"v":0,"d":"0.00"},839.97]
[733,null,"304不锈钢法兰盲板","五金材料","任意品牌","DN65，PN10",9,0,0,9,"片",112.08,1008.72,{"v":0,"d":"0.00"},{"v":0,"d":"0.00"},1008.72]
[734,null,"304不锈钢法兰盲板","五金材料","任意品牌","DN80，PN10",9,0,0,9,"片",132.5,{"v":1192.5,"d":"1192.50"},{"v":0,"d":"0.00"},{"v":0,"d":"0.00"},{"v":1192.5,"d":"1192.50"}]
[735,null,"304不锈钢法兰盲板","五金材料","任意品牌","DN100，PN10",9,0,0,9,"片",153.02,1377.18,{"v":0,"d":"0.00"},{"v":0,"d":"0.00"},1377.18]
[736,null,"304不锈钢法兰盲板","五金材料","任意品牌","DN125，PN10",9,0,0,9,"片",208.03,1872.27,{"v":0,"d":"0.00"},{"v":0,"d":"0.00"},1872.27]
[737,null,"304不锈钢法兰盲板","五金材料","任意品牌","DN150，PN10",4,0,0,4,"片",308.53,1234.12,{"v":0,"d":"0.00"},{"v":0,"d":"0.00"},1234.12]
[738,null,"304不锈钢法兰盲板","五金材料","任意品牌","DN200，PN10",4,0,0,4,"片",496.4,{"v":1985.6,"d":"1985.60"},{"v":0,"d":"0.00"},{"v":0,"d":"0.00"},{"v":1985.6,"d":"1985.60"}]
[739,null,"304不锈钢法兰盲板","五金材料","任意品牌","DN250，PN10",4,0,0,4,"片",761.27,3045.08,{"v":0,"d":"0.00"},{"v":0,"d":"0.00"},3045.08]
[740,null,"304不锈钢法兰盲板","五金材料","任意品牌","DN300，PN10",4,0,0,4,"片",980.01,3920.04,{"v":0,"d":"0.00"},{"v":0,"d":"0.00"},3920.04]
[741,null,"304不锈钢法兰盲板","五金材料","任意品牌","DN25，PN16",3,0,0,3,"片",56.77,170.31,{"v":0,"d":"0.00"},{"v":0,"d":"0.00"},170.31]
[742,null,"304不锈钢法兰盲板","五金材料","任意品牌","DN32，PN16",3,0,0,3,"片",86.96,260.88,{"v":0,"d":"0.00"},{"v":0,"d":"0.00"},260.88]
[743,null,"304不锈钢法兰盲板","五金材料","任意品牌","DN40，PN16",3,0,0,3,"片",100.05,300.15,{"v":0,"d":"0.00"},{"v":0,"d":"0.00"},300.15]
[744,null,"304不锈钢法兰盲板","五金材料","任意品牌","DN50，PN16",3,0,0,3,"片",120.63,361.89,{"v":0,"d":"0.00"},{"v":0,"d":"0.00"},361.89]
[745,null,"304不锈钢法兰盲板","五金材料","任意品牌","DN65，PN16",3,0,0,3,"片",154.89,464.67,{"v":0,"d":"0.00"},{"v":0,"d":"0.00"},464.67]
[746,null,"304不锈钢法兰盲板","五金材料","任意品牌","DN80，PN16",3,0,0,3,"片",195.62,586.86,{"v":0,"d":"0.00"},{"v":0,"d":"0.00"},586.86]
[747,null,"304不锈钢法兰盲板","五金材料","任意品牌","DN100，PN16",3,0,0,3,"片",235.53,706.59,{"v":0,"d":"0.00"},{"v":0,"d":"0.00"},706.59]
[748,null,"304不锈钢法兰盲板","五金材料","任意品牌","DN125，PN16",3,0,0,3,"片",333.99,1001.97,{"v":0,"d":"0.00"},{"v":0,"d":"0.00"},1001.97]
[749,null,"304不锈钢法兰盲板","五金材料","任意品牌","DN150，PN16",3,0,0,3,"片",443.08,1329.24,{"v":0,"d":"0.00"},{"v":0,"d":"0.00"},1329.24]
[750,null,"304不锈钢法兰盲板","五金材料","任意品牌","DN200，PN16",3,0,0,3,"片",764.89,2294.67,{"v":0,"d":"0.00"},{"v":0,"d":"0.00"},2294.67]
[751,null,"304不锈钢法兰盲板","五金材料","任意品牌","DN250，PN16",3,0,0,3,"片",1230.24,3690.72,{"v":0,"d":"0.00"},{"v":0,"d":"0.00"},3690.72]
[752,null,"304不锈钢法兰盲板","五金材料","任意品牌","DN300，PN16",2,0,0,2,"片",1706.55,{"v":3413.1,"d":"3413.10"},{"v":0,"d":"0.00"},{"v":0,"d":"0.00"},{"v":3413.1,"d":"3413.10"}]
[753,null,"304不锈钢波纹伸缩接头","五金材料","任意品牌","DN100，PN10",4,0,0,4,"只",477.05,{"v":1908.2,"d":"1908.20"},{"v":0,"d":"0.00"},{"v":0,"d":"0.00"},{"v":1908.2,"d":"1908.20"}]
[754,null,"304不锈钢波纹伸缩接头","五金材料","任意品牌","DN125，PN10",4,0,0,4,"只",603.54,2414.16,{"v":0,"d":"0.00"},{"v":0,"d":"0.00"},2414.16]
[755,null,"304不锈钢波纹伸缩接头","五金材料","任意品牌","DN150，PN10",6,0,0,6,"只",751.74,4510.44,{"v":0,"d":"0.00"},{"v":0,"d":"0.00"},4510.44]
[756,null,"304不锈钢波纹伸缩接头","五金材料","任意品牌","DN200，PN10",6,0,0,6,"只",947.77,5686.62,{"v":0,"d":"0.00"},{"v":0,"d":"0.00"},5686.62]
[757,null,"304不锈钢波纹伸缩接头","五金材料","任意品牌","DN250，PN10",6,0,0,6,"只",1609.16,9654.96,{"v":0,"d":"0.00"},{"v":0,"d":"0.00"},9654.96]
[758,null,"304不锈钢波纹伸缩接头","五金材料","任意品牌","DN300，PN10",5,0,0,5,"只",2054.56,{"v":10272.8,"d":"10272.80"},{"v":0,"d":"0.00"},{"v":0,"d":"0.00"},{"v":10272.8,"d":"10272.80"}]
[759,null,"304不锈钢法兰橡胶软接头","五金材料","任意品牌","DN100，PN16，        耐酸碱、高温",4,0,0,4,"只",450.83,1803.32,{"v":0,"d":"0.00"},{"v":0,"d":"0.00"},1803.32]
[760,null,"304不锈钢法兰橡胶软接头","五金材料","任意品牌","DN125，PN16，        耐酸碱、高温",4,0,0,4,"只",738.16,2952.64,{"v":0,"d":"0.00"},{"v":0,"d":"0.00"},2952.64]
[761,null,"304不锈钢法兰橡胶软接头","五金材料","任意品牌","DN150，PN16，        耐酸碱、高温",4,0,0,4,"只",911.63,3646.52,{"v":0,"d":"0.00"},{"v":0,"d":"0.00"},3646.52]
[762,null,"304不锈钢法兰橡胶软接头","五金材料","任意品牌","DN200，PN16，        耐酸碱、高温",4,0,0,4,"只",1207.08,4828.32,{"v":0,"d":"0.00"},{"v":0,"d":"0.00"},4828.32]
[763,null,"304不锈钢法兰橡胶软接头","五金材料","任意品牌","DN250，PN16，        耐酸碱、高温",4,0,0,4,"只",1816.96,7267.84,{"v":0,"d":"0.00"},{"v":0,"d":"0.00"},7267.84]
[764,null,"304不锈钢法兰橡胶软接头","五金材料","任意品牌","DN300，PN16，        耐酸碱、高温",3,0,0,3,"只",2286.78,6860.34,{"v":0,"d":"0.00"},{"v":0,"d":"0.00"},6860.34]
[765,null,"304不锈钢金属缠绕石墨垫片","五金材料","任意品牌","DN100",6,0,0,6,"片",14.46,86.76,{"v":0,"d":"0.00"},{"v":0,"d":"0.00"},86.76]
[766,null,"304不锈钢金属缠绕石墨垫片","五金材料","任意品牌","DN125",6,0,0,6,"片",17.15,{"v":102.9,"d":"102.90"},{"v":0,"d":"0.00"},{"v":0,"d":"0.00"},{"v":102.9,"d":"102.90"}]
[767,null,"304不锈钢金属缠绕石墨垫片","五金材料","任意品牌","DN150",6,0,0,6,"片",21.68,130.08,{"v":0,"d":"0.00"},{"v":0,"d":"0.00"},130.08]
[768,null,"304不锈钢金属缠绕石墨垫片","五金材料","任意品牌","DN200",6,0,0,6,"片",35.22,211.32,{"v":0,"d":"0.00"},{"v":0,"d":"0.00"},211.32]
[769,null,"304不锈钢金属缠绕石墨垫片","五金材料","任意品牌","DN250",6,0,0,6,"片",41.56,249.36,{"v":0,"d":"0.00"},{"v":0,"d":"0.00"},249.36]
[770,null,"304不锈钢金属缠绕石墨垫片","五金材料","任意品牌","DN300",6,0,0,{"$f":"SUM(G772:I772)","v":6},"片",49.69,{"$f":"L772*G772","v":298.14},{"$f":"L772*H772","v":{"v":0,"d":"0.00"}},{"$f":"L772*I772","v":{"v":0,"d":"0.00"}},{"$f":"M772+N772+O772","v":298.14}]
[771,null,"304不锈钢金属缠绕石墨垫片","五金材料","任意品牌","DN350",6,0,0,6,"片",66.86,401.16,{"v":0,"d":"0.00"},{"v":0,"d":"0.00"},401.16]
[772,null,"304不锈钢金属缠绕石墨垫片","五金材料","任意品牌","DN400",6,0,0,6,"片",88.68,532.08,{"v":0,"d":"0.00"},{"v":0,"d":"0.00"},532.08]
[773,null,"304不锈钢金属缠绕石墨垫片","五金材料","任意品牌","DN450",4,0,0,4,"片",97.58,390.32,{"v":0,"d":"0.00"},{"v":0,"d":"0.00"},390.32]
[774,null,"304不锈钢金属缠绕石墨垫片","五金材料","任意品牌","DN500",4,0,0,4,"片",120.17,480.68,{"v":0,"d":"0.00"},{"v":0,"d":"0.00"},480.68]
[775,null,"304不锈钢金属缠绕石墨垫片","五金材料","任意品牌","DN600",4,0,0,4,"片",152.69,610.76,{"v":0,"d":"0.00"},{"v":0,"d":"0.00"},610.76]
[776,null,"碳钢外六角螺栓","五金材料","任意品牌","国标尺寸",60,0,2,62,"千克",87.69,{"v":5261.4,"d":"5261.40"},{"v":0,"d":"0.00"},175.38,5436.78]
[777,null,"碳钢发黑内六角螺栓","五金材料","任意品牌","国标尺寸",24,0,2,26,"千克",85,{"v":2040,"d":"2040.00"},{"v":0,"d":"0.00"},{"v":170,"d":"170.00"},{"v":2210,"d":"2210.00"}]
[778,null,"碳钢螺母","五金材料","任意品牌","国标尺寸",18,0,2,20,"千克",95.77,1723.86,{"v":0,"d":"0.00"},191.54,{"v":1915.4,"d":"1915.40"}]
[779,null,"碳钢弹垫","五金材料","任意品牌","国标尺寸",3,0,2,5,"千克",103.99,311.97,{"v":0,"d":"0.00"},207.98,519.95]
[780,null,"碳钢平垫","五金材料","任意品牌","国标尺寸",4,0,2,6,"千克",103.99,415.96,{"v":0,"d":"0.00"},207.98,623.94]
[781,null,"304不锈钢外六角螺栓","五金材料","任意品牌","国标尺寸",240,0,2,242,"千克",120.17,{"v":28840.8,"d":"28840.80"},{"v":0,"d":"0.00"},240.34,29081.14]
[782,null,"304不锈钢内六角螺栓","五金材料","任意品牌","国标尺寸",120,0,2,122,"千克",120.17,{"v":14420.4,"d":"14420.40"},{"v":0,"d":"0.00"},240.34,14660.74]
[783,null,"304不锈钢丝杆","五金材料","任意品牌","国标尺寸",60,0,2,62,"千克",71.36,{"v":4281.6,"d":"4281.60"},{"v":0,"d":"0.00"},142.72,4424.32]
[784,null,"304不锈钢螺母","五金材料","任意品牌","国标尺寸",36,0,2,38,"千克",169.07,6086.52,{"v":0,"d":"0.00"},338.14,6424.66]
[785,null,"304不锈钢弹垫","五金材料","任意品牌","国标尺寸",12,0,2,14,"千克",179.78,2157.36,{"v":0,"d":"0.00"},359.56,2516.92]
[786,null,"304不锈钢平垫","五金材料","任意品牌","国标尺寸",12,0,2,14,"千克",179.78,2157.36,{"v":0,"d":"0.00"},359.56,2516.92]
[787,null,"碳钢镀锌外六角螺栓","五金材料","任意品牌","国标尺寸",60,0,2,62,"千克",79.51,{"v":4770.6,"d":"4770.60"},{"v":0,"d":"0.00"},159.02,4929.62]
[788,null,"碳钢镀锌内六角螺栓","五金材料","任意品牌","国标尺寸",36,0,2,38,"千克",79.51,2862.36,{"v":0,"d":"0.00"},159.02,3021.38]
[789,null,"碳钢镀锌丝杆","五金材料","任意品牌","国标尺寸",24,0,2,26,"千克",37.06,889.44,{"v":0,"d":"0.00"},74.12,963.56]
[790,null,"碳钢镀锌螺母","五金材料","任意品牌","国标尺寸",9,0,2,11,"千克",88.51,796.59,{"v":0,"d":"0.00"},177.02,973.61]
[791,null,"碳钢镀锌弹垫","五金材料","任意品牌","国标尺寸",4,0,2,6,"千克",99.55,{"v":398.2,"d":"398.20"},{"v":0,"d":"0.00"},{"v":199.1,"d":"199.10"},{"v":597.3,"d":"597.30"}]
[792,null,"碳钢镀锌平垫","五金材料","任意品牌","国标尺寸",4,0,2,6,"千克",99.55,{"v":398.2,"d":"398.20"},{"v":0,"d":"0.00"},{"v":199.1,"d":"199.10"},{"v":597.3,"d":"597.30"}]
[793,null,"304不锈钢螺钉","五金材料","任意品牌","国标尺寸",24,0,2,26,"千克",120.17,2884.08,{"v":0,"d":"0.00"},240.34,3124.42]
[794,null,"碳钢螺钉","五金材料","任意品牌","国标尺寸",12,0,2,14,"千克",77.7,{"v":932.4,"d":"932.40"},{"v":0,"d":"0.00"},{"v":155.4,"d":"155.40"},{"v":1087.8,"d":"1087.80"}]
[795,null,"碳钢镀锌螺钉","五金材料","任意品牌","国标尺寸",12,0,2,14,"千克",83.16,997.92,{"v":0,"d":"0.00"},166.32,1164.24]
[796,null,"304不锈钢膨胀螺栓","五金材料","任意品牌","国标尺寸",180,0,2,182,"千克",71.36,{"v":12844.8,"d":"12844.80"},{"v":0,"d":"0.00"},142.72,12987.52]
[797,null,"304不锈钢膨胀弯钩螺栓","五金材料","任意品牌","国标尺寸",24,0,2,26,"千克",80.41,1929.84,{"v":0,"d":"0.00"},160.82,2090.66]
[798,null,"碳钢镀锌膨胀螺栓","五金材料","任意品牌","国标尺寸",24,0,2,26,"千克",45.18,1084.32,{"v":0,"d":"0.00"},90.36,1174.68]
[799,null,"304不锈钢吊环螺栓","五金材料","任意品牌","国标尺寸",12,0,2,14,"千克",139.14,1669.68,{"v":0,"d":"0.00"},278.28,1947.96]
[800,null,"304不锈钢吊环螺母","五金材料","任意品牌","国标尺寸",12,0,2,14,"千克",149.98,1799.76,{"v":0,"d":"0.00"},299.96,2099.72]
[801,null,"304不锈钢花篮螺栓","五金材料","任意品牌","国标尺寸",24,0,2,26,"千克",149.98,3599.52,{"v":0,"d":"0.00"},299.96,3899.48]
[802,null,"碳钢镀锌花篮螺栓","五金材料","任意品牌","国标尺寸",12,0,2,14,"千克",84.93,1019.16,{"v":0,"d":"0.00"},169.86,1189.02]
[803,null,"304不锈钢U型卸扣","五金材料","任意品牌","国标尺寸",36,0,2,38,"千克",212.34,7644.24,{"v":0,"d":"0.00"},424.68,8068.92]
[804,null,"碳钢镀锌U型卸扣","五金材料","任意品牌","国标尺寸",12,0,2,14,"千克",93.06,1116.72,{"v":0,"d":"0.00"},186.12,1302.84]
[805,null,"304不锈钢钢丝绳锁扣","五金材料","任意品牌","国标尺寸",12,0,2,14,"千克",196.09,2353.08,{"v":0,"d":"0.00"},392.18,2745.26]
[806,null,"碳钢镀锌钢丝绳锁扣","五金材料","任意品牌","国标尺寸",12,0,2,14,"千克",133.72,1604.64,{"v":0,"d":"0.00"},267.44,1872.08]
[807,null,"镀锌铁丝","五金材料","任意品牌","国标尺寸",12,0,2,14,"千克",21.68,260.16,{"v":0,"d":"0.00"},43.36,303.52]
[808,null,"铁丝","五金材料","任意品牌","国标尺寸",12,0,2,14,"千克",18.99,227.88,{"v":0,"d":"0.00"},37.98,265.86]
[809,null,"不锈钢氩弧焊丝","五金材料","任意品牌","国标尺寸",24,0,2,26,"千克",50.6,{"v":1214.4,"d":"1214.40"},{"v":0,"d":"0.00"},{"v":101.2,"d":"101.20"},{"v":1315.6,"d":"1315.60"}]
[810,null,"304不锈钢喉箍","五金材料","任意品牌","14-51mm",48,0,2,50,"个",1.81,86.88,{"v":0,"d":"0.00"},3.62,{"v":90.5,"d":"90.50"}]
[811,null,"304不锈钢喉箍","五金材料","任意品牌","46-95mm",36,0,2,38,"个",1.81,65.16,{"v":0,"d":"0.00"},3.62,68.78]
[812,null,"304不锈钢喉箍","五金材料","任意品牌","84-140mm",36,0,2,38,"个",1.81,65.16,{"v":0,"d":"0.00"},3.62,68.78]
[813,null,"304不锈钢喉箍","五金材料","任意品牌","130-178mm",36,0,2,38,"个",2.71,97.56,{"v":0,"d":"0.00"},5.42,102.98]
[814,null,"304不锈钢喉箍","五金材料","任意品牌","160-245mm",24,0,2,26,"个",3.61,86.64,{"v":0,"d":"0.00"},7.22,93.86]
[815,null,"304不锈钢喉箍","五金材料","任意品牌","230-340mm",24,0,2,26,"个",4.51,108.24,{"v":0,"d":"0.00"},9.02,117.26]
[816,null,"铆钉","五金材料","任意品牌","M2.4×10，1000枚/盒",5,0,2,7,"盒",97.58,{"v":487.9,"d":"487.90"},{"v":0,"d":"0.00"},195.16,683.06]
[817,null,"铆钉","五金材料","任意品牌","M3.2×20，1000枚/盒",5,0,2,7,"盒",106.99,534.95,{"v":0,"d":"0.00"},213.98,748.93]
[818,null,"铆钉","五金材料","任意品牌","M4×25，500枚/盒",5,0,2,7,"盒",99.39,496.95,{"v":0,"d":"0.00"},198.78,695.73]
[819,null,"铆钉","五金材料","任意品牌","M5×30，400枚/盒",5,0,2,7,"盒",158.92,{"v":794.6,"d":"794.60"},{"v":0,"d":"0.00"},317.84,1112.44]
[820,null,"紫铜棒","五金材料","任意品牌","任意尺寸",36,0,2,38,"千克",117.45,{"v":4228.2,"d":"4228.20"},{"v":0,"d":"0.00"},{"v":234.9,"d":"234.90"},{"v":4463.1,"d":"4463.10"}]
[821,null,"紫铜板","五金材料","任意品牌","任意尺寸",18,0,2,20,"千克",147.32,2651.76,{"v":0,"d":"0.00"},294.64,{"v":2946.4,"d":"2946.40"}]
[822,null,"紫铜箔","五金材料","任意品牌","厚度0.01-1mm长、宽任意尺寸",12,0,2,14,"千克",197.85,{"v":2374.2,"d":"2374.20"},{"v":0,"d":"0.00"},{"v":395.7,"d":"395.70"},{"v":2769.9,"d":"2769.90"}]
[823,null,"黄铜棒","五金材料","任意品牌","任意尺寸",18,0,2,20,"千克",83.16,1496.88,{"v":0,"d":"0.00"},166.32,{"v":1663.2,"d":"1663.20"}]
[824,null,"黄铜板","五金材料","任意品牌","任意尺寸",12,0,2,14,"千克",119.26,1431.12,{"v":0,"d":"0.00"},238.52,1669.64]
[825,null,"尼龙棒材","五金材料","任意品牌","任意尺寸",18,0,2,20,"千克",41.56,748.08,{"v":0,"d":"0.00"},83.12,{"v":831.2,"d":"831.20"}]
[826,null,"尼龙板材","五金材料","任意品牌","任意尺寸",72,0,2,74,"千克",54.21,3903.12,{"v":0,"d":"0.00"},108.42,4011.54]
[827,null,"聚四氟乙烯棒材","五金材料","任意品牌","任意尺寸",12,0,2,14,"千克",93.06,1116.72,{"v":0,"d":"0.00"},186.12,1302.84]
[828,null,"绝缘橡胶垫","五金材料","任意品牌","10KV，5mm厚，1米宽，绿色，防滑，5米/卷,",48,0,0,48,"卷",260.21,12490.08,{"v":0,"d":"0.00"},{"v":0,"d":"0.00"},12490.08]
[829,null,"石棉盘根","五金材料","任意品牌","任意尺寸",6,0,0,6,"千克",84.03,504.18,{"v":0,"d":"0.00"},{"v":0,"d":"0.00"},504.18]
[830,null,"聚四氟乙烯盘根","五金材料","任意品牌","任意尺寸",6,0,0,6,"千克",73.2,{"v":439.2,"d":"439.20"},{"v":0,"d":"0.00"},{"v":0,"d":"0.00"},{"v":439.2,"d":"439.20"}]
[831,null,"304不锈钢钢丝绳","五金材料","任意品牌","直径2mm",120,0,0,120,"米",1.44,{"v":172.8,"d":"172.80"},{"v":0,"d":"0.00"},{"v":0,"d":"0.00"},{"v":172.8,"d":"172.80"}]
[832,null,"304不锈钢钢丝绳","五金材料","任意品牌","直径3mm",120,0,0,120,"米",2.09,{"v":250.8,"d":"250.80"},{"v":0,"d":"0.00"},{"v":0,"d":"0.00"},{"v":250.8,"d":"250.80"}]
[833,null,"304不锈钢钢丝绳","五金材料","任意品牌","直径4mm",120,0,0,120,"米",3.4,{"v":408,"d":"408.00"},{"v":0,"d":"0.00"},{"v":0,"d":"0.00"},{"v":408,"d":"408.00"}]
[834,null,"304不锈钢钢丝绳","五金材料","任意品牌","直径5mm",120,0,0,{"$f":"SUM(G836:I836)","v":120},"米",5.5,{"$f":"L836*G836","v":{"v":660,"d":"660.00"}},{"$f":"L836*H836","v":{"v":0,"d":"0.00"}},{"$f":"L836*I836","v":{"v":0,"d":"0.00"}},{"$f":"M836+N836+O836","v":{"v":660,"d":"660.00"}}]
[835,null,"304不锈钢钢丝绳","五金材料","任意品牌","直径6mm",120,0,0,120,"米",7.39,{"v":886.8,"d":"886.80"},{"v":0,"d":"0.00"},{"v":0,"d":"0.00"},{"v":886.8,"d":"886.80"}]
[836,null,"304不锈钢钢丝绳","五金材料","任意品牌","直径8mm",120,0,0,120,"米",10.08,{"v":1209.6,"d":"1209.60"},{"v":0,"d":"0.00"},{"v":0,"d":"0.00"},{"v":1209.6,"d":"1209.60"}]
[837,null,"304不锈钢钢丝绳","五金材料","任意品牌","直径10mm",180,0,0,180,"米",13.94,{"v":2509.2,"d":"2509.20"},{"v":0,"d":"0.00"},{"v":0,"d":"0.00"},{"v":2509.2,"d":"2509.20"}]
[838,null,"304不锈钢钢丝绳","五金材料","任意品牌","直径12mm",300,0,0,300,"米",17.28,{"v":5184,"d":"5184.00"},{"v":0,"d":"0.00"},{"v":0,"d":"0.00"},{"v":5184,"d":"5184.00"}]
[839,null,"304不锈钢钢丝绳","五金材料","任意品牌","直径14mm",60,0,0,60,"米",23.51,{"v":1410.6,"d":"1410.60"},{"v":0,"d":"0.00"},{"v":0,"d":"0.00"},{"v":1410.6,"d":"1410.60"}]
[840,null,"304不锈钢钢丝绳","五金材料","任意品牌","直径16mm",30,0,0,30,"米",32.09,{"v":962.7,"d":"962.70"},{"v":0,"d":"0.00"},{"v":0,"d":"0.00"},{"v":962.7,"d":"962.70"}]
[841,null,"304不锈钢钢丝绳","五金材料","任意品牌","直径20mm",12,0,0,12,"米",47.75,{"v":573,"d":"573.00"},{"v":0,"d":"0.00"},{"v":0,"d":"0.00"},{"v":573,"d":"573.00"}]
[842,null,"镀锌钢丝绳","五金材料","任意品牌","直径3mm",90,0,0,90,"米",1.37,{"v":123.3,"d":"123.30"},{"v":0,"d":"0.00"},{"v":0,"d":"0.00"},{"v":123.3,"d":"123.30"}]
[843,null,"镀锌钢丝绳","五金材料","任意品牌","直径4mm",90,0,0,90,"米",1.44,{"v":129.6,"d":"129.60"},{"v":0,"d":"0.00"},{"v":0,"d":"0.00"},{"v":129.6,"d":"129.60"}]
[844,null,"镀锌钢丝绳","五金材料","任意品牌","直径5mm",90,0,0,90,"米",2.09,{"v":188.1,"d":"188.10"},{"v":0,"d":"0.00"},{"v":0,"d":"0.00"},{"v":188.1,"d":"188.10"}]
[845,null,"镀锌钢丝绳","五金材料","任意品牌","直径6mm",90,0,0,90,"米",2.22,{"v":199.8,"d":"199.80"},{"v":0,"d":"0.00"},{"v":0,"d":"0.00"},{"v":199.8,"d":"199.80"}]
[846,null,"镀锌钢丝绳","五金材料","任意品牌","直径8mm",90,0,0,90,"米",3.07,{"v":276.3,"d":"276.30"},{"v":0,"d":"0.00"},{"v":0,"d":"0.00"},{"v":276.3,"d":"276.30"}]
[847,null,"镀锌钢丝绳","五金材料","任意品牌","直径10mm",120,0,0,120,"米",3.92,{"v":470.4,"d":"470.40"},{"v":0,"d":"0.00"},{"v":0,"d":"0.00"},{"v":470.4,"d":"470.40"}]
[848,null,"镀锌钢丝绳","五金材料","任意品牌","直径12mm",120,0,0,120,"米",6.01,{"v":721.2,"d":"721.20"},{"v":0,"d":"0.00"},{"v":0,"d":"0.00"},{"v":721.2,"d":"721.20"}]
[849,null,"镀锌钢丝绳","五金材料","任意品牌","直径14mm",30,0,0,30,"米",7.84,{"v":235.2,"d":"235.20"},{"v":0,"d":"0.00"},{"v":0,"d":"0.00"},{"v":235.2,"d":"235.20"}]
[850,null,"镀锌钢丝绳","五金材料","任意品牌","直径16mm",30,0,0,30,"米",10.58,{"v":317.4,"d":"317.40"},{"v":0,"d":"0.00"},{"v":0,"d":"0.00"},{"v":317.4,"d":"317.40"}]
[851,null,"镀锌钢丝绳","五金材料","任意品牌","直径20mm",18,0,0,18,"米",27.44,493.92,{"v":0,"d":"0.00"},{"v":0,"d":"0.00"},493.92]
[852,null,"UPVC给水管60°弯头","五金材料","联塑/日丰/南亚","DN20,PN16",6,0,0,6,"只",1.81,10.86,{"v":0,"d":"0.00"},{"v":0,"d":"0.00"},10.86]
[853,null,"UPVC给水管60°弯头","五金材料","联塑/日丰/南亚","DN25,PN16",6,0,0,6,"只",1.81,10.86,{"v":0,"d":"0.00"},{"v":0,"d":"0.00"},10.86]
[854,null,"UPVC给水管60°弯头","五金材料","联塑/日丰/南亚","DN32,PN16",6,0,0,6,"只",1.81,10.86,{"v":0,"d":"0.00"},{"v":0,"d":"0.00"},10.86]
[855,null,"UPVC给水管60°弯头","五金材料","联塑/日丰/南亚","DN40,PN16",5,0,0,5,"只",2.71,13.55,{"v":0,"d":"0.00"},{"v":0,"d":"0.00"},13.55]
[856,null,"UPVC给水管60°弯头","五金材料","联塑/日丰/南亚","DN50,PN16",5,0,0,5,"只",3.55,17.75,{"v":0,"d":"0.00"},{"v":0,"d":"0.00"},17.75]
[857,null,"UPVC给水管60°弯头","五金材料","联塑/日丰/南亚","DN63,PN16",5,0,0,5,"只",4.55,22.75,{"v":0,"d":"0.00"},{"v":0,"d":"0.00"},22.75]
[858,null,"UPVC给水管60°弯头","五金材料","联塑/日丰/南亚","DN75,PN16",3,0,0,3,"只",8.13,24.39,{"v":0,"d":"0.00"},{"v":0,"d":"0.00"},24.39]
[859,null,"UPVC给水管60°弯头","五金材料","联塑/日丰/南亚","DN90,PN16",3,0,0,3,"只",10.88,32.64,{"v":0,"d":"0.00"},{"v":0,"d":"0.00"},32.64]
[860,null,"UPVC球式止回阀","五金材料","任意品牌","DN20,PN16",24,0,0,24,"只",9.04,216.96,{"v":0,"d":"0.00"},{"v":0,"d":"0.00"},216.96]
[861,null,"UPVC球式止回阀","五金材料","任意品牌","DN25,PN16",24,0,0,24,"只",11.74,281.76,{"v":0,"d":"0.00"},{"v":0,"d":"0.00"},281.76]
[862,null,"UPVC球式止回阀","五金材料","任意品牌","DN32,PN16",24,0,0,24,"只",18.99,455.76,{"v":0,"d":"0.00"},{"v":0,"d":"0.00"},455.76]
[863,null,"UPVC球式止回阀","五金材料","任意品牌","DN40,PN16",24,0,0,24,"只",32.53,780.72,{"v":0,"d":"0.00"},{"v":0,"d":"0.00"},780.72]
[864,null,"UPVC球式止回阀","五金材料","任意品牌","DN50,PN16",24,0,0,24,"只",39.76,954.24,{"v":0,"d":"0.00"},{"v":0,"d":"0.00"},954.24]
[865,null,"UPVC球式止回阀","五金材料","任意品牌","DN63,PN16",15,0,0,15,"只",57.83,867.45,{"v":0,"d":"0.00"},{"v":0,"d":"0.00"},867.45]
[866,null,"UPVC背压阀","五金材料","任意品牌","活接头粘接DN15 PN16",6,0,1,7,"个",196.93,1181.58,{"v":0,"d":"0.00"},196.93,1378.51]
[867,null,"UPVC背压阀","五金材料","任意品牌","活接头粘接DN20 PN16",6,0,1,7,"个",212.32,1273.92,{"v":0,"d":"0.00"},212.32,1486.24]
[868,null,"UPVC背压阀","五金材料","任意品牌","活接头粘接DN25 PN16",6,0,1,7,"个",309.9,{"v":1859.4,"d":"1859.40"},{"v":0,"d":"0.00"},{"v":309.9,"d":"309.90"},{"v":2169.3,"d":"2169.30"}]
[869,null,"UPVC背压阀","五金材料","任意品牌","活接头粘接DN32 PN16",6,0,1,7,"个",372.27,2233.62,{"v":0,"d":"0.00"},372.27,2605.89]
[870,null,"UPVC背压阀","五金材料","任意品牌","活接头粘接DN40 PN16",6,0,1,7,"个",714.69,4288.14,{"v":0,"d":"0.00"},714.69,5002.83]
[871,null,"UPVC背压阀","五金材料","任意品牌","活接头粘接DN50 PN16",6,0,1,7,"个",887.27,5323.62,{"v":0,"d":"0.00"},887.27,6210.89]
[872,null,"UPVC背压阀","五金材料","任意品牌","活接头粘接DN63 PN16",6,0,1,7,"个",945.06,5670.36,{"v":0,"d":"0.00"},945.06,6615.42]
[873,null,"安全阀","五金材料","任意品牌","A28W-16T,DN25(1.0-1.3)  整定1.05Mpa",3,0,1,4,"个",262.93,788.79,{"v":0,"d":"0.00"},262.93,1051.72]
[874,null,"水龙头","五金材料","任意品牌","4分/6分",36,0,1,37,"只",28.91,1040.76,{"v":0,"d":"0.00"},28.91,1069.67]
[875,null,"台上盆单冷龙头","五金材料","任意品牌","单冷",36,0,1,37,"只",65.95,{"v":2374.2,"d":"2374.20"},{"v":0,"d":"0.00"},65.95,2440.15]
[876,null,"台上盆冷热龙头","五金材料","任意品牌","冷热",36,0,1,37,"只",100.29,3610.44,{"v":0,"d":"0.00"},100.29,3710.73]
[877,null,"UPVC Y型过滤器","五金材料","任意品牌","DN15",18,0,1,19,"只",23.49,422.82,{"v":0,"d":"0.00"},23.49,446.31]
[878,null,"UPVC Y型过滤器","五金材料","任意品牌","DN25",18,0,1,19,"只",35.22,633.96,{"v":0,"d":"0.00"},35.22,669.18]
[879,null,"UPVC Y型过滤器","五金材料","任意品牌","DN32",18,0,1,19,"只",46.98,845.64,{"v":0,"d":"0.00"},46.98,892.62]
[880,null,"UPVC Y型过滤器","五金材料","任意品牌","DN40",18,0,1,19,"只",75.01,1350.18,{"v":0,"d":"0.00"},75.01,1425.19]
[881,null,"UPVC Y型过滤器","五金材料","任意品牌","DN50",18,0,1,19,"只",117.45,{"v":2114.1,"d":"2114.10"},{"v":0,"d":"0.00"},117.45,2231.55]
[882,null,"UPVC Y型过滤器","五金材料","任意品牌","DN63",18,0,1,19,"只",209.65,{"v":3773.7,"d":"3773.70"},{"v":0,"d":"0.00"},209.65,3983.35]
[883,null,"UPVC Y型过滤器","五金材料","任意品牌","DN75",18,0,1,19,"只",571.92,10294.56,{"v":0,"d":"0.00"},571.92,10866.48]
[884,null,"UPVC Y型过滤器","五金材料","任意品牌","DN90",18,0,1,19,"只",894.47,16100.46,{"v":0,"d":"0.00"},894.47,16994.93]
[885,null,"UPVC Y型过滤器","五金材料","任意品牌","DN110",2,0,1,3,"只",2008.21,4016.42,{"v":0,"d":"0.00"},2008.21,6024.63]
[886,null,"UPVC Y型过滤器","五金材料","任意品牌","DN125",2,0,1,3,"只",2613.88,5227.76,{"v":0,"d":"0.00"},2613.88,7841.64]
[887,null,"UPVC Y型过滤器","五金材料","任意品牌","DN140",2,0,1,3,"只",3239.07,6478.14,{"v":0,"d":"0.00"},3239.07,9717.21]
[888,null,"UPVC Y型过滤器","五金材料","任意品牌","DN160",2,0,1,3,"只",3263.54,6527.08,{"v":0,"d":"0.00"},3263.54,9790.62]
[889,null,"UPVC管码","五金材料","任意品牌","DN20",50,0,0,50,"只",0.76,{"v":38,"d":"38.00"},{"v":0,"d":"0.00"},{"v":0,"d":"0.00"},{"v":38,"d":"38.00"},"2024年新增"]
[890,null,"UPVC管码","五金材料","任意品牌","DN25",360,0,0,360,"只",0.79,{"v":284.4,"d":"284.40"},{"v":0,"d":"0.00"},{"v":0,"d":"0.00"},{"v":284.4,"d":"284.40"}]
[891,null,"UPVC管码","五金材料","任意品牌","DN32",240,0,0,240,"只",0.84,{"v":201.6,"d":"201.60"},{"v":0,"d":"0.00"},{"v":0,"d":"0.00"},{"v":201.6,"d":"201.60"}]
[892,null,"UPVC管码","五金材料","任意品牌","DN40",240,0,0,240,"只",1.58,{"v":379.2,"d":"379.20"},{"v":0,"d":"0.00"},{"v":0,"d":"0.00"},{"v":379.2,"d":"379.20"}]
[893,null,"UPVC管码","五金材料","任意品牌","DN50",240,0,0,240,"只",0.91,{"v":218.4,"d":"218.40"},{"v":0,"d":"0.00"},{"v":0,"d":"0.00"},{"v":218.4,"d":"218.40"}]
[894,null,"UPVC管码","五金材料","任意品牌","DN20",240,0,0,240,"只",0.76,{"v":182.4,"d":"182.40"},{"v":0,"d":"0.00"},{"v":0,"d":"0.00"},{"v":182.4,"d":"182.40"}]
[895,null,"塑料管转子流量计","五金材料","任意品牌","最大量程60L/h",4,0,0,4,"只",94.88,379.52,{"v":0,"d":"0.00"},{"v":0,"d":"0.00"},379.52]
[896,null,"塑料管转子流量计","五金材料","任意品牌","最大量程100L/h",4,0,0,4,"只",94.88,379.52,{"v":0,"d":"0.00"},{"v":0,"d":"0.00"},379.52]
[897,null,"塑料管转子流量计","五金材料","任意品牌","最大量程160L/h",4,0,0,4,"只",94.88,379.52,{"v":0,"d":"0.00"},{"v":0,"d":"0.00"},379.52]
[898,null,"塑料管转子流量计","五金材料","任意品牌","最大量程250L/h",4,0,0,{"$f":"SUM(G900:I900)","v":4},"只",94.88,{"$f":"L900*G900","v":379.52},{"$f":"L900*H900","v":{"v":0,"d":"0.00"}},{"$f":"L900*I900","v":{"v":0,"d":"0.00"}},{"$f":"M900+N900+O900","v":379.52}]
[899,null,"塑料管转子流量计","五金材料","任意品牌","最大量程400L/h",4,0,0,4,"只",94.88,379.52,{"v":0,"d":"0.00"},{"v":0,"d":"0.00"},379.52]
[900,null,"塑料管转子流量计","五金材料","任意品牌","最大量程600L/h",4,0,0,4,"只",101.23,404.92,{"v":0,"d":"0.00"},{"v":0,"d":"0.00"},404.92]
[901,null,"塑料管转子流量计","五金材料","任意品牌","最大量程1000L/h",4,0,0,4,"只",101.23,404.92,{"v":0,"d":"0.00"},{"v":0,"d":"0.00"},404.92]
[902,null,"塑料管转子流量计","五金材料","任意品牌","最大量程1600L/h",2,0,0,2,"只",102.4,{"v":204.8,"d":"204.80"},{"v":0,"d":"0.00"},{"v":0,"d":"0.00"},{"v":204.8,"d":"204.80"}]
[903,null,"塑料管转子流量计","五金材料","任意品牌","最大量程2500L/h",2,0,0,2,"只",102.4,{"v":204.8,"d":"204.80"},{"v":0,"d":"0.00"},{"v":0,"d":"0.00"},{"v":204.8,"d":"204.80"}]
[904,null,"塑料管转子流量计","五金材料","任意品牌","最大量程3000L/h",2,0,0,2,"只",102.4,{"v":204.8,"d":"204.80"},{"v":0,"d":"0.00"},{"v":0,"d":"0.00"},{"v":204.8,"d":"204.80"}]
[905,null,"304不锈钢U型管卡","五金材料","任意品牌","M4×22",42,0,0,42,"只",3.89,163.38,{"v":0,"d":"0.00"},{"v":0,"d":"0.00"},163.38]
[906,null,"304不锈钢U型管卡","五金材料","任意品牌","M4×27",42,0,0,42,"只",3.93,165.06,{"v":0,"d":"0.00"},{"v":0,"d":"0.00"},165.06]
[907,null,"304不锈钢U型管卡","五金材料","任意品牌","M5×34",42,0,0,42,"只",5.03,211.26,{"v":0,"d":"0.00"},{"v":0,"d":"0.00"},211.26]
[908,null,"304不锈钢U型管卡","五金材料","任意品牌","M5×42",42,0,0,42,"只",5.11,214.62,{"v":0,"d":"0.00"},{"v":0,"d":"0.00"},214.62]
[909,null,"304不锈钢U型管卡","五金材料","任意品牌","M6×51",42,0,0,42,"只",4.24,178.08,{"v":0,"d":"0.00"},{"v":0,"d":"0.00"},178.08]
[910,null,"304不锈钢U型管卡","五金材料","任意品牌","M6×60",42,0,0,42,"只",4.37,183.54,{"v":0,"d":"0.00"},{"v":0,"d":"0.00"},183.54]
[911,null,"304不锈钢U型管卡","五金材料","任意品牌","M8×76",42,0,0,42,"只",7.05,{"v":296.1,"d":"296.10"},{"v":0,"d":"0.00"},{"v":0,"d":"0.00"},{"v":296.1,"d":"296.10"}]
[912,null,"304不锈钢U型管卡","五金材料","任意品牌","M8×90",42,0,0,42,"只",8.49,356.58,{"v":0,"d":"0.00"},{"v":0,"d":"0.00"},356.58]
[913,null,"304不锈钢U型管卡","五金材料","任意品牌","M10×114",42,0,0,42,"只",9.93,417.06,{"v":0,"d":"0.00"},{"v":0,"d":"0.00"},417.06]
[914,null,"304不锈钢U型管卡","五金材料","任意品牌","M10×135",42,0,0,42,"只",11.88,498.96,{"v":0,"d":"0.00"},{"v":0,"d":"0.00"},498.96]
[915,null,"304不锈钢U型管卡","五金材料","任意品牌","M10×161",42,0,0,42,"只",14.56,611.52,{"v":0,"d":"0.00"},{"v":0,"d":"0.00"},611.52]
[916,null,"304不锈钢U型管卡","五金材料","任意品牌","M12×220",24,0,0,24,"只",25.42,610.08,{"v":0,"d":"0.00"},{"v":0,"d":"0.00"},610.08]
[917,null,"304不锈钢U型管卡","五金材料","任意品牌","M12×275",24,0,0,24,"只",34.54,828.96,{"v":0,"d":"0.00"},{"v":0,"d":"0.00"},828.96]
[918,null,"304不锈钢U型管卡","五金材料","任意品牌","M12×328",24,0,0,24,"只",40.56,973.44,{"v":0,"d":"0.00"},{"v":0,"d":"0.00"},973.44]
[919,null,"304不锈钢骑马卡管夹","五金材料","任意品牌","M16，加厚",30,0,0,30,"只",3.61,{"v":108.3,"d":"108.30"},{"v":0,"d":"0.00"},{"v":0,"d":"0.00"},{"v":108.3,"d":"108.30"}]
[920,null,"304不锈钢骑马卡管夹","五金材料","任意品牌","M18，加厚",30,0,0,30,"只",3.61,{"v":108.3,"d":"108.30"},{"v":0,"d":"0.00"},{"v":0,"d":"0.00"},{"v":108.3,"d":"108.30"}]
[921,null,"304不锈钢骑马卡管夹","五金材料","任意品牌","M20，加厚",30,0,0,30,"只",4.53,{"v":135.9,"d":"135.90"},{"v":0,"d":"0.00"},{"v":0,"d":"0.00"},{"v":135.9,"d":"135.90"}]
[922,null,"304不锈钢骑马卡管夹","五金材料","任意品牌","M25，加厚",30,0,0,30,"只",4.53,{"v":135.9,"d":"135.90"},{"v":0,"d":"0.00"},{"v":0,"d":"0.00"},{"v":135.9,"d":"135.90"}]
[923,null,"304不锈钢骑马卡管夹","五金材料","任意品牌","M32，加厚",30,0,0,30,"只",4.53,{"v":135.9,"d":"135.90"},{"v":0,"d":"0.00"},{"v":0,"d":"0.00"},{"v":135.9,"d":"135.90"}]
[924,null,"304不锈钢骑马卡管夹","五金材料","任意品牌","M35，加厚",30,0,0,30,"只",5.42,{"v":162.6,"d":"162.60"},{"v":0,"d":"0.00"},{"v":0,"d":"0.00"},{"v":162.6,"d":"162.60"}]
[925,null,"304不锈钢骑马卡管夹","五金材料","任意品牌","M40，加厚",30,0,0,30,"只",5.42,{"v":162.6,"d":"162.60"},{"v":0,"d":"0.00"},{"v":0,"d":"0.00"},{"v":162.6,"d":"162.60"}]
[926,null,"304不锈钢骑马卡管夹","五金材料","任意品牌","M50，加厚",30,0,0,30,"只",6.32,{"v":189.6,"d":"189.60"},{"v":0,"d":"0.00"},{"v":0,"d":"0.00"},{"v":189.6,"d":"189.60"}]
[927,null,"304不锈钢骑马卡管夹","五金材料","任意品牌","M57，加厚",18,0,0,18,"只",6.32,113.76,{"v":0,"d":"0.00"},{"v":0,"d":"0.00"},113.76]
[928,null,"304不锈钢骑马卡管夹","五金材料","任意品牌","M63，加厚",18,0,0,18,"只",7.23,130.14,{"v":0,"d":"0.00"},{"v":0,"d":"0.00"},130.14]
[929,null,"304不锈钢骑马卡管夹","五金材料","任意品牌","M76，加厚",18,0,0,18,"只",8.13,146.34,{"v":0,"d":"0.00"},{"v":0,"d":"0.00"},146.34]
[930,null,"304不锈钢骑马卡管夹","五金材料","任意品牌","M90，加厚",18,0,0,18,"只",9.04,162.72,{"v":0,"d":"0.00"},{"v":0,"d":"0.00"},162.72]
[931,null,"哈夫节","五金材料","任意品牌","DN20",6,0,0,6,"只",62.96,377.76,{"v":0,"d":"0.00"},{"v":0,"d":"0.00"},377.76]
[932,null,"哈夫节","五金材料","任意品牌","DN25",6,0,0,6,"只",82.24,493.44,{"v":0,"d":"0.00"},{"v":0,"d":"0.00"},493.44]
[933,null,"哈夫节","五金材料","任意品牌","DN32",6,0,0,6,"只",90.79,544.74,{"v":0,"d":"0.00"},{"v":0,"d":"0.00"},544.74]
[934,null,"哈夫节","五金材料","任意品牌","DN40",6,0,0,6,"只",99.33,595.98,{"v":0,"d":"0.00"},{"v":0,"d":"0.00"},595.98]
[935,null,"哈夫节","五金材料","任意品牌","DN50",6,0,0,6,"只",132.07,792.42,{"v":0,"d":"0.00"},{"v":0,"d":"0.00"},792.42]
[936,null,"哈夫节","五金材料","任意品牌","DN65",6,0,0,6,"只",178.96,1073.76,{"v":0,"d":"0.00"},{"v":0,"d":"0.00"},1073.76]
[937,null,"哈夫节","五金材料","任意品牌","DN80",6,0,0,6,"只",201.07,1206.42,{"v":0,"d":"0.00"},{"v":0,"d":"0.00"},1206.42]
[938,null,"哈夫节","五金材料","任意品牌","DN100",6,0,0,6,"只",238.82,1432.92,{"v":0,"d":"0.00"},{"v":0,"d":"0.00"},1432.92]
[939,null,"哈夫节","五金材料","任意品牌","DN125",6,0,0,6,"只",298.92,1793.52,{"v":0,"d":"0.00"},{"v":0,"d":"0.00"},1793.52]
[940,null,"哈夫节","五金材料","任意品牌","DN150",6,0,0,6,"只",333.14,1998.84,{"v":0,"d":"0.00"},{"v":0,"d":"0.00"},1998.84]
[941,null,"哈夫节","五金材料","任意品牌","DN200",6,0,0,6,"只",486.99,2921.94,{"v":0,"d":"0.00"},{"v":0,"d":"0.00"},2921.94]
[942,null,"哈夫节","五金材料","任意品牌","DN250",6,0,0,6,"只",637.87,3827.22,{"v":0,"d":"0.00"},{"v":0,"d":"0.00"},3827.22]
[943,null,"哈夫节","五金材料","任意品牌","DN300",6,0,0,6,"只",897.32,5383.92,{"v":0,"d":"0.00"},{"v":0,"d":"0.00"},5383.92]
[944,null,"PVC阻燃线槽","五金材料","任意品牌","20mmX10mmX4000mm",60,0,0,60,"条",9.94,{"v":596.4,"d":"596.40"},{"v":0,"d":"0.00"},{"v":0,"d":"0.00"},{"v":596.4,"d":"596.40"}]
[945,null,"PVC阻燃线槽","五金材料","任意品牌","30mmX15mmX4000mm",36,0,0,36,"条",18.99,683.64,{"v":0,"d":"0.00"},{"v":0,"d":"0.00"},683.64]
[946,null,"PVC阻燃线槽","五金材料","任意品牌","50mmX25mmX4000mm",24,0,0,24,"条",35.22,845.28,{"v":0,"d":"0.00"},{"v":0,"d":"0.00"},845.28]
[947,null,"PVC阻燃线槽","五金材料","任意品牌","39mmX19mmX4000mm",30,0,0,30,"条",20.78,{"v":623.4,"d":"623.40"},{"v":0,"d":"0.00"},{"v":0,"d":"0.00"},{"v":623.4,"d":"623.40"}]
[948,null,"PVC阻燃线管","五金材料","任意品牌","DN20，4米/根",30,0,0,30,"根",10.84,{"v":325.2,"d":"325.20"},{"v":0,"d":"0.00"},{"v":0,"d":"0.00"},{"v":325.2,"d":"325.20"}]
[949,null,"PVC阻燃线管","五金材料","任意品牌","DN25，4米/根",30,0,0,30,"根",18.07,{"v":542.1,"d":"542.10"},{"v":0,"d":"0.00"},{"v":0,"d":"0.00"},{"v":542.1,"d":"542.10"}]
[950,null,"PVC阻燃线管","五金材料","任意品牌","DN32，4米/根",18,0,0,18,"根",28.02,504.36,{"v":0,"d":"0.00"},{"v":0,"d":"0.00"},504.36]
[951,null,"PVC阻燃线管","五金材料","任意品牌","DN40，4米/根",18,0,0,18,"根",37.98,683.64,{"v":0,"d":"0.00"},{"v":0,"d":"0.00"},683.64]
[952,null,"PVC阻燃波纹管","五金材料","任意品牌","内径12mm，50米/卷，任意颜色",12,0,0,12,"卷",64.16,769.92,{"v":0,"d":"0.00"},{"v":0,"d":"0.00"},769.92]
[953,null,"PVC阻燃波纹管","五金材料","任意品牌","内径16mm，50米/卷，任意颜色",12,0,0,12,"卷",74.99,899.88,{"v":0,"d":"0.00"},{"v":0,"d":"0.00"},899.88]
[954,null,"PVC阻燃波纹管","五金材料","任意品牌","内径20mm，50米/卷，任意颜色",12,0,0,12,"卷",89.43,1073.16,{"v":0,"d":"0.00"},{"v":0,"d":"0.00"},1073.16]
[955,null,"PVC阻燃波纹管","五金材料","任意品牌","内径25mm，50米/卷，任意颜色",18,0,0,18,"卷",125.57,2260.26,{"v":0,"d":"0.00"},{"v":0,"d":"0.00"},2260.26]
[956,null,"PVC阻燃波纹管","五金材料","任意品牌","内径32mm，30米/卷，任意颜色",18,0,0,18,"卷",128.33,2309.94,{"v":0,"d":"0.00"},{"v":0,"d":"0.00"},2309.94]
[957,null,"PVC阻燃波纹管","五金材料","任意品牌","内径40mm，25米/卷，任意颜色",12,0,0,12,"卷",184.31,2211.72,{"v":0,"d":"0.00"},{"v":0,"d":"0.00"},2211.72]
[958,null,"PVC阻燃波纹管","五金材料","任意品牌","内径50mm，15米/卷，任意颜色",6,0,0,6,"卷",206.9,{"v":1241.4,"d":"1241.40"},{"v":0,"d":"0.00"},{"v":0,"d":"0.00"},{"v":1241.4,"d":"1241.40"}]
[959,null,"PVC阻燃线管盒","五金材料","任意品牌","明装 86mmX86mm",180,0,0,180,"个",6.32,{"v":1137.6,"d":"1137.60"},{"v":0,"d":"0.00"},{"v":0,"d":"0.00"},{"v":1137.6,"d":"1137.60"}]
[960,null,"PVC阻燃线管三通","五金材料","任意品牌","DN20",120,0,0,120,"个",0.91,{"v":109.2,"d":"109.20"},{"v":0,"d":"0.00"},{"v":0,"d":"0.00"},{"v":109.2,"d":"109.20"}]
[961,null,"PVC阻燃线管三通","五金材料","任意品牌","DN25",120,0,0,120,"个",1.82,{"v":218.4,"d":"218.40"},{"v":0,"d":"0.00"},{"v":0,"d":"0.00"},{"v":218.4,"d":"218.40"}]
[962,null,"PVC阻燃线管三通","五金材料","任意品牌","DN32",120,0,0,{"$f":"SUM(G964:I964)","v":120},"个",1.82,{"$f":"L964*G964","v":{"v":218.4,"d":"218.40"}},{"$f":"L964*H964","v":{"v":0,"d":"0.00"}},{"$f":"L964*I964","v":{"v":0,"d":"0.00"}},{"$f":"M964+N964+O964","v":{"v":218.4,"d":"218.40"}}]
[963,null,"PVC阻燃线管三通","五金材料","任意品牌","DN40",120,0,0,120,"个",2.71,{"v":325.2,"d":"325.20"},{"v":0,"d":"0.00"},{"v":0,"d":"0.00"},{"v":325.2,"d":"325.20"}]
[964,null,"PVC阻燃线管90°弯头","五金材料","任意品牌","DN20",120,0,0,120,"个",0.91,{"v":109.2,"d":"109.20"},{"v":0,"d":"0.00"},{"v":0,"d":"0.00"},{"v":109.2,"d":"109.20"}]
[965,null,"PVC阻燃线管90°弯头","五金材料","任意品牌","DN25",120,0,0,120,"个",0.91,{"v":109.2,"d":"109.20"},{"v":0,"d":"0.00"},{"v":0,"d":"0.00"},{"v":109.2,"d":"109.20"}]
[966,null,"PVC阻燃线管90°弯头","五金材料","任意品牌","DN32",120,0,0,120,"个",1.82,{"v":218.4,"d":"218.40"},{"v":0,"d":"0.00"},{"v":0,"d":"0.00"},{"v":218.4,"d":"218.40"}]
[967,null,"PVC阻燃线管90°弯头","五金材料","任意品牌","DN40",120,0,0,120,"个",2.71,{"v":325.2,"d":"325.20"},{"v":0,"d":"0.00"},{"v":0,"d":"0.00"},{"v":325.2,"d":"325.20"}]
[968,null,"PVC阻燃线管45°弯头","五金材料","任意品牌","DN20",48,0,0,48,"个",0.91,43.68,{"v":0,"d":"0.00"},{"v":0,"d":"0.00"},43.68]
[969,null,"PVC阻燃线管45°弯头","五金材料","任意品牌","DN25",48,0,0,48,"个",0.91,43.68,{"v":0,"d":"0.00"},{"v":0,"d":"0.00"},43.68]
[970,null,"PVC阻燃线管45°弯头","五金材料","任意品牌","DN32",48,0,0,48,"个",1.82,87.36,{"v":0,"d":"0.00"},{"v":0,"d":"0.00"},87.36]
[971,null,"PVC阻燃线管45°弯头","五金材料","任意品牌","DN40",48,0,0,48,"个",1.82,87.36,{"v":0,"d":"0.00"},{"v":0,"d":"0.00"},87.36]
[972,null,"PVC阻燃线管直接","五金材料","任意品牌","DN20",90,0,0,90,"个",0.91,{"v":81.9,"d":"81.90"},{"v":0,"d":"0.00"},{"v":0,"d":"0.00"},{"v":81.9,"d":"81.90"}]
[973,null,"PVC阻燃线管直接","五金材料","任意品牌","DN25",90,0,0,90,"个",0.91,{"v":81.9,"d":"81.90"},{"v":0,"d":"0.00"},{"v":0,"d":"0.00"},{"v":81.9,"d":"81.90"}]
[974,null,"PVC阻燃线管直接","五金材料","任意品牌","DN32",90,0,0,90,"个",0.91,{"v":81.9,"d":"81.90"},{"v":0,"d":"0.00"},{"v":0,"d":"0.00"},{"v":81.9,"d":"81.90"}]
[975,null,"PVC阻燃线管直接","五金材料","任意品牌","DN40",90,0,0,90,"个",1.82,{"v":163.8,"d":"163.80"},{"v":0,"d":"0.00"},{"v":0,"d":"0.00"},{"v":163.8,"d":"163.80"}]
[976,null,"涂塑水带","五金材料","任意品牌","1寸，壁厚2-3mm，20米/卷，耐磨",15,0,2,17,"卷",71.36,{"v":1070.4,"d":"1070.40"},{"v":0,"d":"0.00"},142.72,1213.12]
[977,null,"涂塑水带","五金材料","任意品牌","2寸，壁厚2-3mm，20米/卷，耐磨",21,0,2,23,"卷",136.45,2865.45,{"v":0,"d":"0.00"},{"v":272.9,"d":"272.90"},3138.35]
[978,null,"涂塑水带","五金材料","任意品牌","3寸，壁厚2-3mm，20米/卷，耐磨",21,0,2,23,"卷",239.43,5028.03,{"v":0,"d":"0.00"},478.86,5506.89]
[979,null,"涂塑水带","五金材料","任意品牌","4寸，壁厚2-3mm，20米/卷，耐磨",30,0,2,32,"卷",290.04,{"v":8701.2,"d":"8701.20"},{"v":0,"d":"0.00"},580.08,9281.28]
[980,null,"涂塑水带","五金材料","任意品牌","6寸，壁厚2-3mm，20米/卷，耐磨",42,0,2,44,"卷",486.97,20452.74,{"v":0,"d":"0.00"},973.94,21426.68]
[981,null,"涂塑水带","五金材料","任意品牌","8寸，壁厚2-3mm，20米/卷，耐磨",5,0,2,7,"卷",574.56,{"v":2872.8,"d":"2872.80"},{"v":0,"d":"0.00"},1149.12,4021.92]
[982,null,"涂塑水带加厚铝接头","五金材料","任意品牌","1寸",48,0,2,50,"套",47.88,2298.24,{"v":0,"d":"0.00"},95.76,{"v":2394,"d":"2394.00"}]
[983,null,"涂塑水带加厚铝接头","五金材料","任意品牌","2寸",48,0,2,50,"套",89.43,4292.64,{"v":0,"d":"0.00"},178.86,{"v":4471.5,"d":"4471.50"}]
[984,null,"涂塑水带加厚铝接头","五金材料","任意品牌","3寸",48,0,2,50,"套",137.33,6591.84,{"v":0,"d":"0.00"},274.66,{"v":6866.5,"d":"6866.50"}]
[985,null,"涂塑水带加厚铝接头","五金材料","任意品牌","4寸",42,0,2,44,"套",184.31,7741.02,{"v":0,"d":"0.00"},368.62,8109.64]
[986,null,"涂塑水带加厚铝接头","五金材料","任意品牌","6寸",36,0,2,38,"套",293.65,{"v":10571.4,"d":"10571.40"},{"v":0,"d":"0.00"},{"v":587.3,"d":"587.30"},{"v":11158.7,"d":"11158.70"}]
[987,null,"涂塑水带加厚铝接头","五金材料","任意品牌","8寸",12,0,2,14,"套",399.38,4792.56,{"v":0,"d":"0.00"},798.76,5591.32]
[988,null,"304不锈钢卡扣式快速接头","五金材料","任意品牌","DN50",60,0,2,62,"套",118.38,{"v":7102.8,"d":"7102.80"},{"v":0,"d":"0.00"},236.76,7339.56]
[989,null,"304不锈钢卡扣式快速接头","五金材料","任意品牌","DN65",60,0,2,62,"套",169.86,{"v":10191.6,"d":"10191.60"},{"v":0,"d":"0.00"},339.72,10531.32]
[990,null,"304不锈钢卡扣式快速接头","五金材料","任意品牌","DN80",60,0,2,62,"套",233.99,{"v":14039.4,"d":"14039.40"},{"v":0,"d":"0.00"},467.98,14507.38]
[991,null,"304不锈钢卡扣式快速接头","五金材料","任意品牌","DN100",60,0,2,62,"套",355.98,{"v":21358.8,"d":"21358.80"},{"v":0,"d":"0.00"},711.96,22070.76]
[992,null,"304不锈钢卡扣式快速接头","五金材料","任意品牌","DN150",30,0,2,32,"套",971.28,{"v":29138.4,"d":"29138.40"},{"v":0,"d":"0.00"},1942.56,31080.96]
[993,null,"PVC透明钢丝软管","五金材料","任意品牌","内径25mm，厚3.5mm",96,0,5,101,"米",9.94,954.24,{"v":0,"d":"0.00"},{"v":49.7,"d":"49.70"},1003.94]
[994,null,"PVC透明钢丝软管","五金材料","任意品牌","内径32mm，厚4mm",180,0,5,185,"米",15.37,{"v":2766.6,"d":"2766.60"},{"v":0,"d":"0.00"},76.85,2843.45]
[995,null,"PVC透明钢丝软管","五金材料","任意品牌","内径40mm，厚3.5mm",90,0,5,95,"米",18.99,{"v":1709.1,"d":"1709.10"},{"v":0,"d":"0.00"},94.95,1804.05]
[996,null,"PVC透明钢丝软管","五金材料","任意品牌","内径50mm，厚5mm",90,0,5,95,"米",34.4,{"v":3096,"d":"3096.00"},{"v":0,"d":"0.00"},{"v":172,"d":"172.00"},{"v":3268,"d":"3268.00"}]
[997,null,"PVC透明钢丝软管","五金材料","任意品牌","内径64mm，厚4.5mm",48,0,5,53,"米",45.18,2168.64,{"v":0,"d":"0.00"},{"v":225.9,"d":"225.90"},2394.54]
[998,null,"PVC透明钢丝软管","五金材料","任意品牌","内径75mm，厚4.5mm",42,0,5,47,"米",53.29,2238.18,{"v":0,"d":"0.00"},266.45,2504.63]
[999,null,"PVC透明钢丝软管","五金材料","任意品牌","内径110mm，厚5.5mm",78,0,5,83,"米",99.39,7752.42,{"v":0,"d":"0.00"},496.95,8249.37]
[1000,null,"PVC透明钢丝软管","五金材料","任意品牌","内径127mm，厚6.5mm",18,0,0,18,"米",131.03,2358.54,{"v":0,"d":"0.00"},{"v":0,"d":"0.00"},2358.54]
[1001,null,"PVC透明钢丝软管","五金材料","任意品牌","内径160mm，厚7mm",18,0,0,18,"米",216.84,3903.12,{"v":0,"d":"0.00"},{"v":0,"d":"0.00"},3903.12]
[1002,null,"纤维增强软管","五金材料","任意品牌","4分",180,0,0,180,"米",11.74,{"v":2113.2,"d":"2113.20"},{"v":0,"d":"0.00"},{"v":0,"d":"0.00"},{"v":2113.2,"d":"2113.20"}]
[1003,null,"纤维增强软管","五金材料","任意品牌","6分",240,0,0,240,"米",16.3,{"v":3912,"d":"3912.00"},{"v":0,"d":"0.00"},{"v":0,"d":"0.00"},{"v":3912,"d":"3912.00"}]
[1004,null,"纤维增强软管","五金材料","任意品牌","1寸",240,0,0,240,"米",18.99,{"v":4557.6,"d":"4557.60"},{"v":0,"d":"0.00"},{"v":0,"d":"0.00"},{"v":4557.6,"d":"4557.60"}]
[1005,null,"纤维增强软管","五金材料","任意品牌","1.2寸",60,0,0,60,"米",27.11,{"v":1626.6,"d":"1626.60"},{"v":0,"d":"0.00"},{"v":0,"d":"0.00"},{"v":1626.6,"d":"1626.60"}]
[1006,null,"纤维增强软管","五金材料","任意品牌","1.5寸",30,0,0,30,"米",35.22,{"v":1056.6,"d":"1056.60"},{"v":0,"d":"0.00"},{"v":0,"d":"0.00"},{"v":1056.6,"d":"1056.60"}]
[1007,null,"PU气管","五金材料","任意品牌","外径6mm、内径4mm",90,0,0,90,"米",1.81,{"v":162.9,"d":"162.90"},{"v":0,"d":"0.00"},{"v":0,"d":"0.00"},{"v":162.9,"d":"162.90"}]
[1008,null,"PU气管","五金材料","任意品牌","外径8mm、内径5mm",90,0,0,90,"米",2.58,{"v":232.2,"d":"232.20"},{"v":0,"d":"0.00"},{"v":0,"d":"0.00"},{"v":232.2,"d":"232.20"}]
[1009,null,"PU气管","五金材料","任意品牌","外径10mm、内径6.5mm",90,0,0,90,"米",2.71,{"v":243.9,"d":"243.90"},{"v":0,"d":"0.00"},{"v":0,"d":"0.00"},{"v":243.9,"d":"243.90"}]
[1010,null,"PU气管","五金材料","任意品牌","外径12mm、内径8mm",180,0,0,180,"米",3.61,{"v":649.8,"d":"649.80"},{"v":0,"d":"0.00"},{"v":0,"d":"0.00"},{"v":649.8,"d":"649.80"}]
[1011,null,"PU气管","五金材料","任意品牌","外径14mm、内径10mm",180,0,0,180,"米",5.42,{"v":975.6,"d":"975.60"},{"v":0,"d":"0.00"},{"v":0,"d":"0.00"},{"v":975.6,"d":"975.60"}]
[1012,null,"PU气管","五金材料","任意品牌","外径16mm、内径12mm",180,0,0,180,"米",7.23,{"v":1301.4,"d":"1301.40"},{"v":0,"d":"0.00"},{"v":0,"d":"0.00"},{"v":1301.4,"d":"1301.40"}]
[1013,null,"气管直通二口接头","五金材料","任意品牌","PU6-6   10只/包",3,0,0,3,"包",8.13,24.39,{"v":0,"d":"0.00"},{"v":0,"d":"0.00"},24.39]
[1014,null,"气管直通二口接头","五金材料","任意品牌","PU8-8   10只/包",3,0,0,3,"包",10.88,32.64,{"v":0,"d":"0.00"},{"v":0,"d":"0.00"},32.64]
[1015,null,"气管直通二口接头","五金材料","任意品牌","PU10-10   10只/包",3,0,0,3,"包",12.65,37.95,{"v":0,"d":"0.00"},{"v":0,"d":"0.00"},37.95]
[1016,null,"气管直通二口接头","五金材料","任意品牌","PU12-12   10只/包",3,0,0,3,"包",14.46,43.38,{"v":0,"d":"0.00"},{"v":0,"d":"0.00"},43.38]
[1017,null,"气管直通二口接头","五金材料","任意品牌","PU14-14   10只/包",3,0,0,3,"包",45.18,135.54,{"v":0,"d":"0.00"},{"v":0,"d":"0.00"},135.54]
[1018,null,"气管直通二口接头","五金材料","任意品牌","PU16-16  10只/包",3,0,0,3,"包",50.6,{"v":151.8,"d":"151.80"},{"v":0,"d":"0.00"},{"v":0,"d":"0.00"},{"v":151.8,"d":"151.80"}]
[1019,null,"气管直通三口       T型接头","五金材料","任意品牌","PU6-6   10只/包",5,0,0,5,"包",11.74,{"v":58.7,"d":"58.70"},{"v":0,"d":"0.00"},{"v":0,"d":"0.00"},{"v":58.7,"d":"58.70"}]
[1020,null,"气管直通三口       T型接头","五金材料","任意品牌","PU8-8   10只/包",5,0,0,5,"包",12.65,63.25,{"v":0,"d":"0.00"},{"v":0,"d":"0.00"},63.25]
[1021,null,"气管直通三口       T型接头","五金材料","任意品牌","PU10-10   10只/包",5,0,0,5,"包",17.15,85.75,{"v":0,"d":"0.00"},{"v":0,"d":"0.00"},85.75]
[1022,null,"气管直通三口       T型接头","五金材料","任意品牌","PU12-12   10只/包",5,0,0,5,"包",20.78,{"v":103.9,"d":"103.90"},{"v":0,"d":"0.00"},{"v":0,"d":"0.00"},{"v":103.9,"d":"103.90"}]
[1023,null,"气管直通三口       T型接头","五金材料","任意品牌","PU14-14   10只/包",5,0,0,5,"包",75.96,{"v":379.8,"d":"379.80"},{"v":0,"d":"0.00"},{"v":0,"d":"0.00"},{"v":379.8,"d":"379.80"}]
[1024,null,"气管直通三口       T型接头","五金材料","任意品牌","PU16-16  10只/包",5,0,0,5,"包",75.9,{"v":379.5,"d":"379.50"},{"v":0,"d":"0.00"},{"v":0,"d":"0.00"},{"v":379.5,"d":"379.50"}]
[1025,null,"气管自锁快速接头","五金材料","任意品牌","公母头      接内径8mmPU气管",12,0,0,12,"对",9.04,108.48,{"v":0,"d":"0.00"},{"v":0,"d":"0.00"},108.48]
[1026,null,"气管自锁快速接头","五金材料","任意品牌","公母头      接内径10mmPU气管",12,0,0,{"$f":"SUM(G1028:I1028)","v":12},"对",9.95,{"$f":"L1028*G1028","v":{"v":119.4,"d":"119.40"}},{"$f":"L1028*H1028","v":{"v":0,"d":"0.00"}},{"$f":"L1028*I1028","v":{"v":0,"d":"0.00"}},{"$f":"M1028+N1028+O1028","v":{"v":119.4,"d":"119.40"}}]
[1027,null,"气管自锁快速接头","五金材料","任意品牌","公母头      接内径12mmPU气管",12,0,0,12,"对",10.88,130.56,{"v":0,"d":"0.00"},{"v":0,"d":"0.00"},130.56]
[1028,null,"加厚黄蜡管","五金材料","任意品牌","管径3mm，100米/卷",3,0,0,3,"卷",89.43,268.29,{"v":0,"d":"0.00"},{"v":0,"d":"0.00"},268.29]
[1029,null,"加厚黄蜡管","五金材料","任意品牌","管径5mm，100米/卷",3,0,0,3,"卷",96.73,290.19,{"v":0,"d":"0.00"},{"v":0,"d":"0.00"},290.19]
[1030,null,"加厚黄蜡管","五金材料","任意品牌","管径6mm，100米/卷",3,0,0,3,"卷",98.88,296.64,{"v":0,"d":"0.00"},{"v":0,"d":"0.00"},296.64]
[1031,null,"加厚黄蜡管","五金材料","任意品牌","管径8mm，100米/卷",3,0,0,3,"卷",107.46,322.38,{"v":0,"d":"0.00"},{"v":0,"d":"0.00"},322.38]
[1032,null,"加厚黄蜡管","五金材料","任意品牌","管径10mm，100米/卷",3,0,0,3,"卷",103.81,311.43,{"v":0,"d":"0.00"},{"v":0,"d":"0.00"},311.43]
[1033,null,"加厚黄蜡管","五金材料","任意品牌","管径12mm，50米/卷",3,0,0,3,"卷",87.69,263.07,{"v":0,"d":"0.00"},{"v":0,"d":"0.00"},263.07]
[1034,null,"加厚黄蜡管","五金材料","任意品牌","管径14mm，50米/卷",3,0,0,3,"卷",93.11,279.33,{"v":0,"d":"0.00"},{"v":0,"d":"0.00"},279.33]
[1035,null,"加厚黄蜡管","五金材料","任意品牌","管径16mm，50米/卷",3,0,0,3,"卷",92.46,277.38,{"v":0,"d":"0.00"},{"v":0,"d":"0.00"},277.38]
[1036,null,"加厚黄蜡管","五金材料","任意品牌","管径18mm，50米/卷",3,0,0,3,"卷",105.71,317.13,{"v":0,"d":"0.00"},{"v":0,"d":"0.00"},317.13]
[1037,null,"加厚黄蜡管","五金材料","任意品牌","管径20mm，50米/卷",3,0,0,3,"卷",123.8,{"v":371.4,"d":"371.40"},{"v":0,"d":"0.00"},{"v":0,"d":"0.00"},{"v":371.4,"d":"371.40"}]
[1038,null,"加厚黄蜡管","五金材料","任意品牌","管径25mm，20米/卷",2,0,0,2,"卷",135.52,271.04,{"v":0,"d":"0.00"},{"v":0,"d":"0.00"},271.04]
[1039,null,"加厚黄蜡管","五金材料","任意品牌","管径30mm，20米/卷",2,0,0,2,"卷",154.52,309.04,{"v":0,"d":"0.00"},{"v":0,"d":"0.00"},309.04]
[1040,null,"加厚黄蜡管","五金材料","任意品牌","管径40mm，20米/卷",2,0,0,2,"卷",246.65,{"v":493.3,"d":"493.30"},{"v":0,"d":"0.00"},{"v":0,"d":"0.00"},{"v":493.3,"d":"493.30"}]
[1041,null,"玻璃胶","五金材料","任意品牌","300ml/支，任意颜色",60,0,0,60,"支",55.13,{"v":3307.8,"d":"3307.80"},{"v":0,"d":"0.00"},{"v":0,"d":"0.00"},{"v":3307.8,"d":"3307.80"}]
[1042,null,"中性硅酮幕墙结构胶","五金材料","任意品牌","室外使用寿命30年",30,0,0,30,"支",35.22,{"v":1056.6,"d":"1056.60"},{"v":0,"d":"0.00"},{"v":0,"d":"0.00"},{"v":1056.6,"d":"1056.60"}]
[1043,null,"AB胶","五金材料","任意品牌","20g/组",120,0,0,120,"组",13.57,{"v":1628.4,"d":"1628.40"},{"v":0,"d":"0.00"},{"v":0,"d":"0.00"},{"v":1628.4,"d":"1628.40"}]
[1044,null,"铸铁金属修补剂","五金材料","任意品牌","双组分，1kg/组，铸铁件修复",5,0,0,5,"组",168.96,{"v":844.8,"d":"844.80"},{"v":0,"d":"0.00"},{"v":0,"d":"0.00"},{"v":844.8,"d":"844.80"}]
[1045,null,"不锈钢金属修补剂","五金材料","任意品牌","双组分，1kg/组，304不锈钢件修复",5,0,0,5,"组",219.55,1097.75,{"v":0,"d":"0.00"},{"v":0,"d":"0.00"},1097.75]
[1046,null,"502胶水","五金材料","任意品牌","快干",60,0,0,60,"支",3.61,{"v":216.6,"d":"216.60"},{"v":0,"d":"0.00"},{"v":0,"d":"0.00"},{"v":216.6,"d":"216.60"}]
[1047,null,"UPVC给水管胶水","五金材料","任意品牌","500ml/瓶",36,0,0,36,"瓶",26.2,{"v":943.2,"d":"943.20"},{"v":0,"d":"0.00"},{"v":0,"d":"0.00"},{"v":943.2,"d":"943.20"}]
[1048,null,"UPVC给水管胶水","五金材料","任意品牌","100ml/瓶",36,0,0,36,"瓶",8.13,292.68,{"v":0,"d":"0.00"},{"v":0,"d":"0.00"},292.68]
[1049,null,"UPVC排水管胶水","五金材料","任意品牌","500ml/瓶",36,0,0,36,"瓶",23.49,845.64,{"v":0,"d":"0.00"},{"v":0,"d":"0.00"},845.64]
[1050,null,"UPVC排水管胶水","五金材料","任意品牌","100ml/瓶",36,0,0,36,"瓶",8.13,292.68,{"v":0,"d":"0.00"},{"v":0,"d":"0.00"},292.68]
[1051,null,"UPVC工业管胶水","五金材料","任意品牌","473ml/瓶",18,0,0,18,"瓶",106.68,1920.24,{"v":0,"d":"0.00"},{"v":0,"d":"0.00"},1920.24]
[1052,null,"免钉胶","五金材料","任意品牌","12g/支",60,0,0,60,"支",7.23,{"v":433.8,"d":"433.80"},{"v":0,"d":"0.00"},{"v":0,"d":"0.00"},{"v":433.8,"d":"433.80"}]
[1053,null,"WD-40 除锈剂","五金材料","任意品牌","400ml/瓶",120,0,0,120,"瓶",66.43,{"v":7971.6,"d":"7971.60"},{"v":0,"d":"0.00"},{"v":0,"d":"0.00"},{"v":7971.6,"d":"7971.60"}]
[1054,null,"丙烯酸地坪漆","五金材料","任意品牌","任意颜色，11kg/桶",30,0,0,30,"桶",219.55,{"v":6586.5,"d":"6586.50"},{"v":0,"d":"0.00"},{"v":0,"d":"0.00"},{"v":6586.5,"d":"6586.50"}]
[1055,null,"自动喷漆","五金材料","任意品牌","任意颜色，400ml/瓶",180,0,0,180,"瓶",15.37,{"v":2766.6,"d":"2766.60"},{"v":0,"d":"0.00"},{"v":0,"d":"0.00"},{"v":2766.6,"d":"2766.60"}]
[1056,null,"油漆稀释剂","五金材料","任意品牌","414# 6kg/桶",12,0,0,12,"桶",95.77,1149.24,{"v":0,"d":"0.00"},{"v":0,"d":"0.00"},1149.24]
[1057,null,"油漆稀释剂","五金材料","任意品牌","414#1kg/桶",12,0,0,12,"桶",40.67,488.04,{"v":0,"d":"0.00"},{"v":0,"d":"0.00"},488.04]
[1058,null,"高温油漆稀释剂","五金材料","任意品牌","高温油漆配套用",6,0,0,6,"升",456.35,{"v":2738.1,"d":"2738.10"},{"v":0,"d":"0.00"},{"v":0,"d":"0.00"},{"v":2738.1,"d":"2738.10"}]
[1059,null,"304不锈钢电焊条","五金材料","任意品牌","2.5mm",60,0,0,60,"千克",36.41,{"v":2184.6,"d":"2184.60"},{"v":0,"d":"0.00"},{"v":0,"d":"0.00"},{"v":2184.6,"d":"2184.60"}]
[1060,null,"304不锈钢电焊条","五金材料","任意品牌","3.2mm",90,0,0,90,"千克",34.37,{"v":3093.3,"d":"3093.30"},{"v":0,"d":"0.00"},{"v":0,"d":"0.00"},{"v":3093.3,"d":"3093.30"}]
[1061,null,"304不锈钢电焊条","五金材料","任意品牌","4.0mm",48,0,0,48,"千克",34.37,1649.76,{"v":0,"d":"0.00"},{"v":0,"d":"0.00"},1649.76]
[1062,null,"国标碳钢电焊条","五金材料","任意品牌","2.5mm",30,0,0,30,"千克",10.76,{"v":322.8,"d":"322.80"},{"v":0,"d":"0.00"},{"v":0,"d":"0.00"},{"v":322.8,"d":"322.80"}]
[1063,null,"国标碳钢电焊条","五金材料","任意品牌","3.2mm",60,0,0,60,"千克",10.38,{"v":622.8,"d":"622.80"},{"v":0,"d":"0.00"},{"v":0,"d":"0.00"},{"v":622.8,"d":"622.80"}]
[1064,null,"国标碳钢电焊条","五金材料","任意品牌","4.0mm",30,0,0,30,"千克",10.12,{"v":303.6,"d":"303.60"},{"v":0,"d":"0.00"},{"v":0,"d":"0.00"},{"v":303.6,"d":"303.60"}]
[1065,null,"石棉垫","五金材料","任意品牌","任意尺寸，耐油、耐高温",24,0,0,24,"千克",40.67,976.08,{"v":0,"d":"0.00"},{"v":0,"d":"0.00"},976.08]
[1066,null,"青壳纸","五金材料","任意品牌","0.5mm厚，耐油、耐高温",15,0,0,15,"平方米",41.56,{"v":623.4,"d":"623.40"},{"v":0,"d":"0.00"},{"v":0,"d":"0.00"},{"v":623.4,"d":"623.40"}]
[1067,null,"青壳纸","五金材料","任意品牌","1.0mm厚，耐油、耐高温",15,0,0,15,"平方米",46.98,{"v":704.7,"d":"704.70"},{"v":0,"d":"0.00"},{"v":0,"d":"0.00"},{"v":704.7,"d":"704.70"}]
[1068,null,"青壳纸","五金材料","任意品牌","1.2mm厚，耐油、耐高温",15,0,0,15,"平方米",51.5,{"v":772.5,"d":"772.50"},{"v":0,"d":"0.00"},{"v":0,"d":"0.00"},{"v":772.5,"d":"772.50"}]
[1069,null,"青壳纸","五金材料","任意品牌","1.5mm厚，耐油、耐高温",15,0,0,15,"平方米",53.29,799.35,{"v":0,"d":"0.00"},{"v":0,"d":"0.00"},799.35]
[1070,null,"青壳纸","五金材料","任意品牌","2.0mm厚，耐油、耐高温",9,0,0,9,"平方米",62.34,561.06,{"v":0,"d":"0.00"},{"v":0,"d":"0.00"},561.06]
[1071,null,"橡胶垫片","五金材料","任意品牌","DN32",60,0,0,60,"片",1.34,{"v":80.4,"d":"80.40"},{"v":0,"d":"0.00"},{"v":0,"d":"0.00"},{"v":80.4,"d":"80.40"}]
[1072,null,"橡胶垫片","五金材料","任意品牌","DN40",60,0,0,60,"片",1.5,{"v":90,"d":"90.00"},{"v":0,"d":"0.00"},{"v":0,"d":"0.00"},{"v":90,"d":"90.00"}]
[1073,null,"橡胶垫片","五金材料","任意品牌","DN50",60,0,0,60,"片",1.67,{"v":100.2,"d":"100.20"},{"v":0,"d":"0.00"},{"v":0,"d":"0.00"},{"v":100.2,"d":"100.20"}]
[1074,null,"橡胶垫片","五金材料","任意品牌","DN65",60,0,0,60,"片",2.41,{"v":144.6,"d":"144.60"},{"v":0,"d":"0.00"},{"v":0,"d":"0.00"},{"v":144.6,"d":"144.60"}]
[1075,null,"橡胶垫片","五金材料","任意品牌","DN80",30,0,0,30,"片",2.58,{"v":77.4,"d":"77.40"},{"v":0,"d":"0.00"},{"v":0,"d":"0.00"},{"v":77.4,"d":"77.40"}]
[1076,null,"橡胶垫片","五金材料","任意品牌","DN100",30,0,0,30,"片",2.73,{"v":81.9,"d":"81.90"},{"v":0,"d":"0.00"},{"v":0,"d":"0.00"},{"v":81.9,"d":"81.90"}]
[1077,null,"橡胶垫片","五金材料","任意品牌","DN125",18,0,0,18,"片",3.49,62.82,{"v":0,"d":"0.00"},{"v":0,"d":"0.00"},62.82]
[1078,null,"橡胶垫片","五金材料","任意品牌","DN150",30,0,0,30,"片",3.61,{"v":108.3,"d":"108.30"},{"v":0,"d":"0.00"},{"v":0,"d":"0.00"},{"v":108.3,"d":"108.30"}]
[1079,null,"橡胶垫片","五金材料","任意品牌","DN200",30,0,0,30,"片",4.4,{"v":132,"d":"132.00"},{"v":0,"d":"0.00"},{"v":0,"d":"0.00"},{"v":132,"d":"132.00"}]
[1080,null,"橡胶垫片","五金材料","任意品牌","DN250",30,0,0,30,"片",5.16,{"v":154.8,"d":"154.80"},{"v":0,"d":"0.00"},{"v":0,"d":"0.00"},{"v":154.8,"d":"154.80"}]
[1081,null,"橡胶垫片","五金材料","任意品牌","DN300",12,0,0,12,"片",7.68,92.16,{"v":0,"d":"0.00"},{"v":0,"d":"0.00"},92.16]
[1082,null,"橡胶垫片","五金材料","任意品牌","DN350",12,0,0,12,"片",12.03,144.36,{"v":0,"d":"0.00"},{"v":0,"d":"0.00"},144.36]
[1083,null,"橡胶垫片","五金材料","任意品牌","DN400",6,0,0,6,"片",15.62,93.72,{"v":0,"d":"0.00"},{"v":0,"d":"0.00"},93.72]
[1084,null,"橡胶垫片","五金材料","任意品牌","DN450",6,0,0,6,"片",19.01,114.06,{"v":0,"d":"0.00"},{"v":0,"d":"0.00"},114.06]
[1085,null,"橡胶垫片","五金材料","任意品牌","DN500",6,0,0,6,"片",21.81,130.86,{"v":0,"d":"0.00"},{"v":0,"d":"0.00"},130.86]
[1086,null,"橡胶垫片","五金材料","任意品牌","DN600",6,0,0,6,"片",24.61,147.66,{"v":0,"d":"0.00"},{"v":0,"d":"0.00"},147.66]
[1087,null,"丁晴橡胶O型密封圈","五金材料","任意品牌","直径10-15mm，线径1.0-2.4mm",54,0,0,54,"个",0.91,49.14,{"v":0,"d":"0.00"},{"v":0,"d":"0.00"},49.14]
[1088,null,"丁晴橡胶O型密封圈","五金材料","任意品牌","直径15-20mm，线径1.0-2.5mm",54,0,0,54,"个",0.91,49.14,{"v":0,"d":"0.00"},{"v":0,"d":"0.00"},49.14]
[1089,null,"丁晴橡胶O型密封圈","五金材料","任意品牌","直径20-30mm，线径1.0-3.5mm",54,0,0,54,"个",1.82,98.28,{"v":0,"d":"0.00"},{"v":0,"d":"0.00"},98.28]
[1090,null,"丁晴橡胶O型密封圈","五金材料","任意品牌","直径30-40mm，线径1.5-5.0mm",36,0,0,{"$f":"SUM(G1092:I1092)","v":36},"个",1.82,{"$f":"L1092*G1092","v":65.52},{"$f":"L1092*H1092","v":{"v":0,"d":"0.00"}},{"$f":"L1092*I1092","v":{"v":0,"d":"0.00"}},{"$f":"M1092+N1092+O1092","v":65.52}]
[1091,null,"丁晴橡胶O型密封圈","五金材料","任意品牌","直径40-50mm，线径2.0-5.0mm",36,0,0,36,"个",1.82,65.52,{"v":0,"d":"0.00"},{"v":0,"d":"0.00"},65.52]
[1092,null,"丁晴橡胶O型密封圈","五金材料","任意品牌","直径50-65mm，线径2.5-5.0mm",36,0,0,36,"个",1.82,65.52,{"v":0,"d":"0.00"},{"v":0,"d":"0.00"},65.52]
[1093,null,"丁晴橡胶O型密封圈","五金材料","任意品牌","直径65-80mm，线径2.5-6.0mm",36,0,0,36,"个",1.82,65.52,{"v":0,"d":"0.00"},{"v":0,"d":"0.00"},65.52]
[1094,null,"丁晴橡胶O型密封圈","五金材料","任意品牌","直径80-100mm，线径2.5-6.5mm",36,0,0,36,"个",2.71,97.56,{"v":0,"d":"0.00"},{"v":0,"d":"0.00"},97.56]
[1095,null,"丁晴橡胶O型密封圈","五金材料","任意品牌","直径100-125mm，线径2.5-6.5mm",36,0,0,36,"个",2.71,97.56,{"v":0,"d":"0.00"},{"v":0,"d":"0.00"},97.56]
[1096,null,"丁晴橡胶O型密封圈","五金材料","任意品牌","直径125-150mm，线径2.5-6.5mm",24,0,0,24,"个",5.42,130.08,{"v":0,"d":"0.00"},{"v":0,"d":"0.00"},130.08]
[1097,null,"丁晴橡胶O型密封圈","五金材料","任意品牌","直径150-175mm，线径2.5-6.5mm",24,0,0,24,"个",5.42,130.08,{"v":0,"d":"0.00"},{"v":0,"d":"0.00"},130.08]
[1098,null,"丁晴橡胶O型密封圈","五金材料","任意品牌","直径175-200mm，线径2.5-6.5mm",24,0,0,24,"个",6.32,151.68,{"v":0,"d":"0.00"},{"v":0,"d":"0.00"},151.68]
[1099,null,"丁晴橡胶O型密封圈","五金材料","任意品牌","直径200-250mm，线径2.5-6.5mm",9,0,0,9,"个",7.23,65.07,{"v":0,"d":"0.00"},{"v":0,"d":"0.00"},65.07]
[1100,null,"丁晴橡胶O型密封圈","五金材料","任意品牌","直径250-280mm，线径2.5-6.5mm",9,0,0,9,"个",7.23,65.07,{"v":0,"d":"0.00"},{"v":0,"d":"0.00"},65.07]
[1101,null,"丁晴橡胶O型密封圈","五金材料","任意品牌","直径280-300mm，线径2.5-8.0mm",9,0,0,9,"个",7.23,65.07,{"v":0,"d":"0.00"},{"v":0,"d":"0.00"},65.07]
[1102,null,"氟橡胶O型密封圈","五金材料","任意品牌","直径10-15mm，线径1.0-2.4mm",48,0,0,48,"个",1.82,87.36,{"v":0,"d":"0.00"},{"v":0,"d":"0.00"},87.36]
[1103,null,"氟橡胶O型密封圈","五金材料","任意品牌","直径15-20mm，线径1.0-2.5mm",48,0,0,48,"个",1.82,87.36,{"v":0,"d":"0.00"},{"v":0,"d":"0.00"},87.36]
[1104,null,"氟橡胶O型密封圈","五金材料","任意品牌","直径20-30mm，线径1.0-3.5mm",48,0,0,48,"个",2.71,130.08,{"v":0,"d":"0.00"},{"v":0,"d":"0.00"},130.08]
[1105,null,"氟橡胶O型密封圈","五金材料","任意品牌","直径30-40mm，线径1.5-5.0mm",48,0,0,48,"个",4.51,216.48,{"v":0,"d":"0.00"},{"v":0,"d":"0.00"},216.48]
[1106,null,"氟橡胶O型密封圈","五金材料","任意品牌","直径40-50mm，线径2.0-5.0mm",18,0,0,18,"个",4.51,81.18,{"v":0,"d":"0.00"},{"v":0,"d":"0.00"},81.18]
[1107,null,"氟橡胶O型密封圈","五金材料","任意品牌","直径50-65mm，线径2.5-5.0mm",18,0,0,18,"个",5.42,97.56,{"v":0,"d":"0.00"},{"v":0,"d":"0.00"},97.56]
[1108,null,"氟橡胶O型密封圈","五金材料","任意品牌","直径65-80mm，线径2.5-6.0mm",18,0,0,18,"个",5.42,97.56,{"v":0,"d":"0.00"},{"v":0,"d":"0.00"},97.56]
[1109,null,"氟橡胶O型密封圈","五金材料","任意品牌","直径80-100mm，线径2.5-6.5mm",18,0,0,18,"个",5.42,97.56,{"v":0,"d":"0.00"},{"v":0,"d":"0.00"},97.56]
[1110,null,"氟橡胶O型密封圈","五金材料","任意品牌","直径100-125mm，线径2.5-6.5mm",18,0,0,18,"个",7.23,130.14,{"v":0,"d":"0.00"},{"v":0,"d":"0.00"},130.14]
[1111,null,"氟橡胶O型密封圈","五金材料","任意品牌","直径125-150mm，线径2.5-6.5mm",18,0,0,18,"个",8.13,146.34,{"v":0,"d":"0.00"},{"v":0,"d":"0.00"},146.34]
[1112,null,"氟橡胶O型密封圈","五金材料","任意品牌","直径150-175mm，线径2.5-6.5mm",6,0,0,6,"个",9.94,59.64,{"v":0,"d":"0.00"},{"v":0,"d":"0.00"},59.64]
[1113,null,"氟橡胶O型密封圈","五金材料","任意品牌","直径175-200mm，线径2.5-6.5mm",6,0,0,6,"个",12.65,{"v":75.9,"d":"75.90"},{"v":0,"d":"0.00"},{"v":0,"d":"0.00"},{"v":75.9,"d":"75.90"}]
[1114,null,"丁晴橡胶O型密封条","五金材料","任意品牌","线径2.5-3.0mm",12,0,0,12,"米",2.71,32.52,{"v":0,"d":"0.00"},{"v":0,"d":"0.00"},32.52]
[1115,null,"丁晴橡胶O型密封条","五金材料","任意品牌","线径3.1-4.0mm",12,0,0,12,"米",3.65,{"v":43.8,"d":"43.80"},{"v":0,"d":"0.00"},{"v":0,"d":"0.00"},{"v":43.8,"d":"43.80"}]
[1116,null,"丁晴橡胶O型密封条","五金材料","任意品牌","线径4.1-5.0mm",36,0,0,36,"米",4.51,162.36,{"v":0,"d":"0.00"},{"v":0,"d":"0.00"},162.36]
[1117,null,"丁晴橡胶O型密封条","五金材料","任意品牌","线径5.1-6.5mm",42,0,0,42,"米",4.51,189.42,{"v":0,"d":"0.00"},{"v":0,"d":"0.00"},189.42]
[1118,null,"丁晴橡胶O型密封条","五金材料","任意品牌","线径6.6-7.5mm",42,0,0,42,"米",6.32,265.44,{"v":0,"d":"0.00"},{"v":0,"d":"0.00"},265.44]
[1119,null,"丁晴橡胶O型密封条","五金材料","任意品牌","线径7.6-8.5mm",42,0,0,42,"米",6.32,265.44,{"v":0,"d":"0.00"},{"v":0,"d":"0.00"},265.44]
[1120,null,"丁晴橡胶O型密封条","五金材料","任意品牌","线径8.5-10.0mm",30,0,0,30,"米",8.13,{"v":243.9,"d":"243.90"},{"v":0,"d":"0.00"},{"v":0,"d":"0.00"},{"v":243.9,"d":"243.90"}]
[1121,null,"丁晴橡胶O型密封条","五金材料","任意品牌","线径10.1-12.0mm",30,0,0,30,"米",11.74,{"v":352.2,"d":"352.20"},{"v":0,"d":"0.00"},{"v":0,"d":"0.00"},{"v":352.2,"d":"352.20"}]
[1122,null,"丁晴橡胶O型密封条","五金材料","任意品牌","线径12.1-14.0mm",30,0,0,30,"米",14.46,{"v":433.8,"d":"433.80"},{"v":0,"d":"0.00"},{"v":0,"d":"0.00"},{"v":433.8,"d":"433.80"}]
[1123,null,"丁晴橡胶O型密封条","五金材料","任意品牌","线径14.1-16.0mm",30,0,0,30,"米",18.99,{"v":569.7,"d":"569.70"},{"v":0,"d":"0.00"},{"v":0,"d":"0.00"},{"v":569.7,"d":"569.70"}]
[1124,null,"丁晴橡胶O型密封条","五金材料","任意品牌","线径16.1-18.0mm",9,0,0,9,"米",23.49,211.41,{"v":0,"d":"0.00"},{"v":0,"d":"0.00"},211.41]
[1125,null,"丁晴橡胶O型密封条","五金材料","任意品牌","线径18.1-20mm",9,0,0,9,"米",30.72,276.48,{"v":0,"d":"0.00"},{"v":0,"d":"0.00"},276.48]
[1126,null,"生料带","五金材料","任意品牌","生料带",600,0,0,600,"卷",2.71,{"v":1626,"d":"1626.00"},{"v":0,"d":"0.00"},{"v":0,"d":"0.00"},{"v":1626,"d":"1626.00"}]
[1127,null,"工业级尼龙扎带","五金材料","任意品牌","12×600mm，100根/包",12,0,0,12,"包",84.93,1019.16,{"v":0,"d":"0.00"},{"v":0,"d":"0.00"},1019.16]
[1128,null,"工业级尼龙扎带","五金材料","任意品牌","10×500mm，100根/包",18,0,0,18,"包",42.46,764.28,{"v":0,"d":"0.00"},{"v":0,"d":"0.00"},764.28]
[1129,null,"工业级尼龙扎带","五金材料","任意品牌","8×400mm，100根/包",24,0,0,24,"包",34.4,{"v":825.6,"d":"825.60"},{"v":0,"d":"0.00"},{"v":0,"d":"0.00"},{"v":825.6,"d":"825.60"}]
[1130,null,"工业级尼龙扎带","五金材料","任意品牌","6×350mm，200根/包",36,0,0,36,"包",31.64,1139.04,{"v":0,"d":"0.00"},{"v":0,"d":"0.00"},1139.04]
[1131,null,"工业级尼龙扎带","五金材料","任意品牌","5×300mm，200根/包",36,0,0,36,"包",19.91,716.76,{"v":0,"d":"0.00"},{"v":0,"d":"0.00"},716.76]
[1132,null,"工业级尼龙扎带","五金材料","任意品牌","4×250mm，300根/包",36,0,0,36,"包",14.46,520.56,{"v":0,"d":"0.00"},{"v":0,"d":"0.00"},520.56]
[1133,null,"工业级尼龙扎带","五金材料","任意品牌","3×200mm，500根/包",18,0,0,18,"包",16.26,292.68,{"v":0,"d":"0.00"},{"v":0,"d":"0.00"},292.68]
[1134,null,"工业级尼龙扎带","五金材料","任意品牌","3×150mm，500根/包",18,0,0,18,"包",15.36,276.48,{"v":0,"d":"0.00"},{"v":0,"d":"0.00"},276.48]
[1135,null,"工业级尼龙扎带","五金材料","任意品牌","2.5×100mm，500根/包",18,0,0,18,"包",15.36,276.48,{"v":0,"d":"0.00"},{"v":0,"d":"0.00"},276.48]
[1136,null,"配电柜门锁","五金材料","任意品牌","MS818",36,0,0,36,"个",15.36,552.96,{"v":0,"d":"0.00"},{"v":0,"d":"0.00"},552.96]
[1137,null,"配电柜门锁","五金材料","任意品牌","AB303-1-2平面锁",36,0,0,36,"个",17.15,{"v":617.4,"d":"617.40"},{"v":0,"d":"0.00"},{"v":0,"d":"0.00"},{"v":617.4,"d":"617.40"}]
[1138,null,"配电柜门锁","五金材料","任意品牌","MS401铜芯",36,0,0,36,"个",18.07,650.52,{"v":0,"d":"0.00"},{"v":0,"d":"0.00"},650.52]
[1139,null,"配电柜门锁","五金材料","任意品牌","MS308-2-1亮铬",36,0,0,36,"个",22.58,812.88,{"v":0,"d":"0.00"},{"v":0,"d":"0.00"},812.88]
[1140,null,"配电柜门锁","五金材料","任意品牌","MS830-P米色带挂",36,0,0,36,"个",48.79,1756.44,{"v":0,"d":"0.00"},{"v":0,"d":"0.00"},1756.44]
[1141,null,"配电柜门锁","五金材料","任意品牌","AB403-1铝合金",36,0,0,36,"个",6.32,227.52,{"v":0,"d":"0.00"},{"v":0,"d":"0.00"},227.52]
[1142,null,"配电柜门锁","五金材料","任意品牌","AB301-3-1",36,0,0,36,"个",25.3,{"v":910.8,"d":"910.80"},{"v":0,"d":"0.00"},{"v":0,"d":"0.00"},{"v":910.8,"d":"910.80"}]
[1143,null,"子母合页","五金材料","任意品牌","304不锈钢，4寸，      4×3×3.0",72,0,0,72,"付",38.85,{"v":2797.2,"d":"2797.20"},{"v":0,"d":"0.00"},{"v":0,"d":"0.00"},{"v":2797.2,"d":"2797.20"}]
[1144,null,"合页","五金材料","任意品牌","304不锈钢，4寸，     不分左右",72,0,0,72,"付",39.59,2850.48,{"v":0,"d":"0.00"},{"v":0,"d":"0.00"},2850.48]
[1145,null,"防火门合页","五金材料","任意品牌","304不锈钢",48,0,0,48,"付",28.91,1387.68,{"v":0,"d":"0.00"},{"v":0,"d":"0.00"},1387.68]
[1146,null,"插销","五金材料","任意品牌","304不锈钢，6寸",18,0,0,18,"付",39.76,715.68,{"v":0,"d":"0.00"},{"v":0,"d":"0.00"},715.68]
[1147,null,"配电柜散热过滤棉","五金材料","任意品牌","1m×5m×3mm",30,0,0,30,"块",265.63,{"v":7968.9,"d":"7968.90"},{"v":0,"d":"0.00"},{"v":0,"d":"0.00"},{"v":7968.9,"d":"7968.90"}]
[1148,null,"碎布/碎布条","五金材料","任意品牌","不限",300,0,0,300,"千克",16.3,{"v":4890,"d":"4890.00"},{"v":0,"d":"0.00"},{"v":0,"d":"0.00"},{"v":4890,"d":"4890.00"}]
[1149,null,"磨砂工业油污洗手液","五金材料","任意品牌","5L一桶",36,0,0,36,"桶",106.64,3839.04,{"v":0,"d":"0.00"},{"v":0,"d":"0.00"},3839.04]
[1150,null,"水泥","五金材料","任意品牌","25kg/包",18,0,0,18,"包",46.08,829.44,{"v":0,"d":"0.00"},{"v":0,"d":"0.00"},829.44]
[1151,null,"红砖","五金材料","任意品牌","不限",1200,0,0,1200,"块",1.82,{"v":2184,"d":"2184.00"},{"v":0,"d":"0.00"},{"v":0,"d":"0.00"},{"v":2184,"d":"2184.00"}]
[1152,null,"堵漏王","五金材料","任意品牌","2kg/包",24,0,0,24,"包",35.22,845.28,{"v":0,"d":"0.00"},{"v":0,"d":"0.00"},845.28]
[1153,null,"氧气充装","五金材料","任意品牌","40L/瓶",96,0,0,96,"瓶",83.72,8037.12,{"v":0,"d":"0.00"},{"v":0,"d":"0.00"},8037.12]
[1154,null,"乙炔充装","五金材料","任意品牌","40L/瓶",48,0,0,{"$f":"SUM(G1156:I1156)","v":48},"瓶",314.42,{"$f":"L1156*G1156","v":15092.16},{"$f":"L1156*H1156","v":{"v":0,"d":"0.00"}},{"$f":"L1156*I1156","v":{"v":0,"d":"0.00"}},{"$f":"M1156+N1156+O1156","v":15092.16}]
[1155,null,"氮气充装","五金材料","任意品牌","40L/瓶",48,0,0,48,"瓶",93.59,4492.32,{"v":0,"d":"0.00"},{"v":0,"d":"0.00"},4492.32]
[1156,null,"玻璃反光贴膜","五金材料","任意品牌","宽50cm",72,0,0,72,"米",26.2,{"v":1886.4,"d":"1886.40"},{"v":0,"d":"0.00"},{"v":0,"d":"0.00"},{"v":1886.4,"d":"1886.40"}]
[1157,null,"玻璃反光贴膜","五金材料","任意品牌","宽80cm",72,0,0,72,"米",39.76,2862.72,{"v":0,"d":"0.00"},{"v":0,"d":"0.00"},2862.72]
[1158,null,"玻璃反光贴膜","五金材料","任意品牌","120cm",72,0,0,72,"米",50.6,{"v":3643.2,"d":"3643.20"},{"v":0,"d":"0.00"},{"v":0,"d":"0.00"},{"v":3643.2,"d":"3643.20"}]
[1159,null,"储药罐","五金材料","任意品牌","PE立式储罐，V=10m3，壁厚不低于8mm",6,0,0,6,"套",9546.4,{"v":57278.4,"d":"57278.40"},{"v":0,"d":"0.00"},{"v":0,"d":"0.00"},{"v":57278.4,"d":"57278.40"}]
[1160,null,"储药罐","五金材料","任意品牌","PE立式储罐，V=6m3，壁厚不低于8mm，全黑",6,0,0,6,"个",5742.66,34455.96,{"v":0,"d":"0.00"},{"v":0,"d":"0.00"},34455.96]
[1161,null,"不锈钢储气罐","五金材料","任意品牌","304不锈钢材质容积1m3，承压16kg",4,0,0,4,"套",16148.29,64593.16,{"v":0,"d":"0.00"},{"v":0,"d":"0.00"},64593.16]
[1162,null,"采水器","五金材料","任意品牌","透明亚克力；容积3L；厚5mm；含5米尼龙绳",5,0,0,5,"套",317.13,1585.65,{"v":0,"d":"0.00"},{"v":0,"d":"0.00"},1585.65]
[1163,null,"深水采样器","五金材料","任意品牌","容积2L，配采样绳10m,止水夹，橡胶管，304不锈钢材质。",5,0,0,5,"套",224.07,1120.35,{"v":0,"d":"0.00"},{"v":0,"d":"0.00"},1120.35]
[1164,null,"压力罐","五金材料","任意品牌","304不锈钢材质，容积450升，承压25kg。",4,0,0,4,"套",19100.03,76400.12,{"v":0,"d":"0.00"},{"v":0,"d":"0.00"},76400.12]
[1165,null,"小型储药罐","五金材料","任意品牌","容积300L",4,0,0,4,"个",377.73,1510.92,{"v":0,"d":"0.00"},{"v":0,"d":"0.00"},1510.92]
[1166,null,"油漆刷","五金材料","任意品牌","1英寸",36,0,0,36,"把",0.91,32.76,{"v":0,"d":"0.00"},{"v":0,"d":"0.00"},32.76]
[1167,null,"油漆刷","五金材料","任意品牌","2英寸",36,0,0,36,"把",1.82,65.52,{"v":0,"d":"0.00"},{"v":0,"d":"0.00"},65.52]
[1168,null,"油漆刷","五金材料","任意品牌","3英寸",36,0,0,36,"把",2.71,97.56,{"v":0,"d":"0.00"},{"v":0,"d":"0.00"},97.56]
[1169,null,"油漆刷","五金材料","任意品牌","4英寸",36,0,0,36,"把",3.61,129.96,{"v":0,"d":"0.00"},{"v":0,"d":"0.00"},129.96]
[1170,null,"油漆刷","五金材料","任意品牌","5英寸",36,0,0,36,"把",3.61,129.96,{"v":0,"d":"0.00"},{"v":0,"d":"0.00"},129.96]
[1171,null,"油漆刷","五金材料","任意品牌","6英寸",24,0,0,24,"把",4.48,107.52,{"v":0,"d":"0.00"},{"v":0,"d":"0.00"},107.52]
[1172,null,"油漆刷","五金材料","任意品牌","8英寸",18,0,0,18,"把",6.32,113.76,{"v":0,"d":"0.00"},{"v":0,"d":"0.00"},113.76]
[1173,null,"黄油嘴","五金材料","任意品牌","铜M8×1，中直，国标",12,0,0,12,"个",0.91,10.92,{"v":0,"d":"0.00"},{"v":0,"d":"0.00"},10.92]
[1174,null,"黄油嘴","五金材料","任意品牌","铜M10×1，中直，国标",12,0,0,12,"个",1.82,21.84,{"v":0,"d":"0.00"},{"v":0,"d":"0.00"},21.84]
[1175,null,"黄油嘴","五金材料","任意品牌","铜M12×1，中直，国标",12,0,0,12,"个",1.82,21.84,{"v":0,"d":"0.00"},{"v":0,"d":"0.00"},21.84]
[1176,null,"黄油嘴","五金材料","任意品牌","铜M8×1，45°，国标",12,0,0,12,"个",2.71,32.52,{"v":0,"d":"0.00"},{"v":0,"d":"0.00"},32.52]
[1177,null,"黄油嘴","五金材料","任意品牌","铜M10×1，45°，国标",12,0,0,12,"个",3.61,43.32,{"v":0,"d":"0.00"},{"v":0,"d":"0.00"},43.32]
[1178,null,"黄油嘴","五金材料","任意品牌","铜M12×1，45°，国标",12,0,0,12,"个",4.48,53.76,{"v":0,"d":"0.00"},{"v":0,"d":"0.00"},53.76]
[1179,null,"304不锈钢扎带","五金材料","任意品牌","4.6×300mm，100条/包",6,0,0,6,"包",37.98,227.88,{"v":0,"d":"0.00"},{"v":0,"d":"0.00"},227.88]
[1180,null,"304不锈钢扎带","五金材料","任意品牌","7.9×400mm，100条/包",6,0,0,6,"包",84.93,509.58,{"v":0,"d":"0.00"},{"v":0,"d":"0.00"},509.58]
[1181,null,"410不锈钢自钻螺钉","五金材料","任意品牌","国标尺寸",24,0,0,24,"千克",180.7,{"v":4336.8,"d":"4336.80"},{"v":0,"d":"0.00"},{"v":0,"d":"0.00"},{"v":4336.8,"d":"4336.80"}]
[1182,null,"L型加油管","五金材料","任意品牌","M16×1.5 长160cm",6,0,0,6,"个",40.66,243.96,{"v":0,"d":"0.00"},{"v":0,"d":"0.00"},243.96]
[1183,null,"PP隔膜压力表","五金材料","任意品牌","耐酸碱,径向安装",6,0,0,6,"个",60.53,363.18,{"v":0,"d":"0.00"},{"v":0,"d":"0.00"},363.18]
[1184,null,"PVC挡鼠板","五金材料","任意品牌","2000mm*600mm*10mm",12,0,0,12,"块",824.03,9888.36,{"v":0,"d":"0.00"},{"v":0,"d":"0.00"},9888.36]
[1185,null,"百叶窗","五金材料","任意品牌","电柜散热风扇用",6,0,0,6,"个",159.01,954.06,{"v":0,"d":"0.00"},{"v":0,"d":"0.00"},954.06]
[1186,null,"宝塔接头","五金材料","任意品牌","304不锈钢材质",5,0,0,5,"千克",197,{"v":985,"d":"985.00"},{"v":0,"d":"0.00"},{"v":0,"d":"0.00"},{"v":985,"d":"985.00"}]
[1187,null,"不锈钢门锁","五金材料","任意品牌","304通用型孔距110mm边距35mm",6,0,0,6,"套",145.26,871.56,{"v":0,"d":"0.00"},{"v":0,"d":"0.00"},871.56]
[1188,null,"不锈钢盆","五金材料","任意品牌","304不锈钢材质，加厚，直径50cm",12,0,0,12,"个",118.36,1420.32,{"v":0,"d":"0.00"},{"v":0,"d":"0.00"},1420.32]
[1189,null,"不锈钢扇形喷嘴","五金材料","任意品牌","1/8-65度 出水孔径2.0",12,0,0,12,"个",9.95,{"v":119.4,"d":"119.40"},{"v":0,"d":"0.00"},{"v":0,"d":"0.00"},{"v":119.4,"d":"119.40"}]
[1190,null,"不锈钢扇形喷嘴","五金材料","任意品牌","1/4-65度 出水孔径2.0",12,0,0,12,"个",9.95,{"v":119.4,"d":"119.40"},{"v":0,"d":"0.00"},{"v":0,"d":"0.00"},{"v":119.4,"d":"119.40"}]
[1191,null,"不锈钢脱胶纸剂","五金材料","任意品牌","450mL",6,0,0,6,"瓶",27.11,162.66,{"v":0,"d":"0.00"},{"v":0,"d":"0.00"},162.66]
[1192,null,"不锈钢锥形喷嘴","五金材料","任意品牌","1/4-50度 出水孔径1.2",12,0,0,12,"个",13.55,{"v":162.6,"d":"162.60"},{"v":0,"d":"0.00"},{"v":0,"d":"0.00"},{"v":162.6,"d":"162.60"}]
[1193,null,"擦拭用脱脂棉花球","五金材料","任意品牌","20g",6,0,0,6,"包",11.74,70.44,{"v":0,"d":"0.00"},{"v":0,"d":"0.00"},70.44]
[1194,null,"冲厕阀","五金材料","任意品牌","1寸",24,0,0,24,"个",85.31,2047.44,{"v":0,"d":"0.00"},{"v":0,"d":"0.00"},2047.44]
[1195,null,"磁吸式库存卡","五金材料","任意品牌","55×75三轮磁，蓝色",300,0,0,300,"个",2.71,{"v":813,"d":"813.00"},{"v":0,"d":"0.00"},{"v":0,"d":"0.00"},{"v":813,"d":"813.00"}]
[1196,null,"带电清洗剂","五金材料","任意品牌","JX-823，25kg/桶",6,0,0,6,"桶",745.86,4475.16,{"v":0,"d":"0.00"},{"v":0,"d":"0.00"},4475.16]
[1197,null,"导轨","五金材料","任意品牌","电气元件安装用，国标尺寸",6,0,0,6,"千克",396.17,2377.02,{"v":0,"d":"0.00"},{"v":0,"d":"0.00"},2377.02]
[1198,null,"地板警示胶带","五金材料","3M/鸣固/优仪","颜色：黑黄，宽50mm，卷长33米",18,0,0,18,"卷",77.5,{"v":1395,"d":"1395.00"},{"v":0,"d":"0.00"},{"v":0,"d":"0.00"},{"v":1395,"d":"1395.00"}]
[1199,null,"电动车轮胎","五金材料","台铃/朝阳/正新","16×4.0",4,0,0,4,"条",275.65,{"v":1102.6,"d":"1102.60"},{"v":0,"d":"0.00"},{"v":0,"d":"0.00"},{"v":1102.6,"d":"1102.60"}]
[1200,null,"定向轮","五金材料","任意品牌","三寸,尼龙材质",3,0,0,3,"个",14.46,43.38,{"v":0,"d":"0.00"},{"v":0,"d":"0.00"},43.38]
[1201,null,"发电机机油滤清器","五金材料","任意品牌","LF777",2,0,0,2,"个",128.33,256.66,{"v":0,"d":"0.00"},{"v":0,"d":"0.00"},256.66]
[1202,null,"发电机机油滤清器","五金材料","任意品牌","LF670",2,0,0,2,"个",121.99,243.98,{"v":0,"d":"0.00"},{"v":0,"d":"0.00"},243.98]
[1203,null,"发电机空气滤芯","五金材料","任意品牌","A478-020",2,0,0,2,"个",562.01,1124.02,{"v":0,"d":"0.00"},{"v":0,"d":"0.00"},1124.02]
[1204,null,"发电机水滤芯","五金材料","任意品牌","WF2076",2,0,0,2,"个",136.45,{"v":272.9,"d":"272.90"},{"v":0,"d":"0.00"},{"v":0,"d":"0.00"},{"v":272.9,"d":"272.90"}]
[1205,null,"防臭地漏芯","五金材料","任意品牌","304材质",3,0,0,3,"个",40.66,121.98,{"v":0,"d":"0.00"},{"v":0,"d":"0.00"},121.98]
[1206,null,"防火门锁","五金材料","任意品牌","通用型304不锈钢",3,0,0,3,"个",103,{"v":309,"d":"309.00"},{"v":0,"d":"0.00"},{"v":0,"d":"0.00"},{"v":309,"d":"309.00"}]
[1207,null,"风机专用泄压阀","五金材料","任意品牌","A27TW-2Q SVF-100",2,0,0,2,"个",746.29,1492.58,{"v":0,"d":"0.00"},{"v":0,"d":"0.00"},1492.58]
[1208,null,"高压黑色夹布橡胶管","五金材料","任意品牌","防爆耐热耐磨耐高压管内径13mm",18,0,0,18,"米",158.11,2845.98,{"v":0,"d":"0.00"},{"v":0,"d":"0.00"},2845.98]
[1209,null,"花洒软管套装","五金材料","任意品牌","免打孔底座，2米软管，大面板3挡出水",6,0,0,6,"套",77.7,{"v":466.2,"d":"466.20"},{"v":0,"d":"0.00"},{"v":0,"d":"0.00"},{"v":466.2,"d":"466.20"}]
[1210,null,"滑触线轨道夹","五金材料","任意品牌","4P",9,0,0,9,"个",4.51,40.59,{"v":0,"d":"0.00"},{"v":0,"d":"0.00"},40.59]
[1211,null,"滑触线支架","五金材料","任意品牌","4P",9,0,0,9,"个",5.42,48.78,{"v":0,"d":"0.00"},{"v":0,"d":"0.00"},48.78]
[1212,null,"化油器清洗剂","五金材料","任意品牌","400ml",6,0,0,6,"瓶",16.26,97.56,{"v":0,"d":"0.00"},{"v":0,"d":"0.00"},97.56]
[1213,null,"环保中性洗手沙","五金材料","任意品牌","2.7kg",18,0,0,18,"箱",24.39,439.02,{"v":0,"d":"0.00"},{"v":0,"d":"0.00"},439.02]
[1214,null,"缓冲闭门器","五金材料","任意品牌","大号 承重65-85KG",6,0,0,6,"个",112.03,672.18,{"v":0,"d":"0.00"},{"v":0,"d":"0.00"},672.18]
[1215,null,"混合阀通用阀芯","五金材料","任意品牌","黄铜，43~49mm，每个尺寸各3个",6,0,0,6,"个",17.16,102.96,{"v":0,"d":"0.00"},{"v":0,"d":"0.00"},102.96]
[1216,null,"胶塞","五金材料","任意品牌","塑料膨胀管",9,0,0,9,"千克",96.67,870.03,{"v":0,"d":"0.00"},{"v":0,"d":"0.00"},870.03]
[1217,null,"可调节脚钉","五金材料","任意品牌","尼龙材质脚钉，可调节",30,0,0,30,"个",1.82,{"v":54.6,"d":"54.60"},{"v":0,"d":"0.00"},{"v":0,"d":"0.00"},{"v":54.6,"d":"54.60"}]
[1218,null,"隔热棉","五金材料","任意品牌","20mm厚",120,0,0,{"$f":"SUM(G1220:I1220)","v":120},"平方米",66.86,{"$f":"L1220*G1220","v":{"v":8023.2,"d":"8023.20"}},{"$f":"L1220*H1220","v":{"v":0,"d":"0.00"}},{"$f":"L1220*I1220","v":{"v":0,"d":"0.00"}},{"$f":"M1220+N1220+O1220","v":{"v":8023.2,"d":"8023.20"}}]
[1219,null,"过滤棉","五金材料","任意品牌","无纺布空气过滤棉，过滤等级G4",480,0,0,480,"平方米",22.58,{"v":10838.4,"d":"10838.40"},{"v":0,"d":"0.00"},{"v":0,"d":"0.00"},{"v":10838.4,"d":"10838.40"}]
[1220,null,"过滤棉","五金材料","任意品牌","材质：聚氨酯",120,0,0,120,"平方米",120.46,{"v":14455.2,"d":"14455.20"},{"v":0,"d":"0.00"},{"v":0,"d":"0.00"},{"v":14455.2,"d":"14455.20"}]
[1221,null,"过滤器","五金材料","任意品牌","适用于160CDL480-RC1鼓风机，QX109511",15,0,0,15,"个",81.32,{"v":1219.8,"d":"1219.80"},{"v":0,"d":"0.00"},{"v":0,"d":"0.00"},{"v":1219.8,"d":"1219.80"}]
[1222,null,"空气芯滤器","五金材料","按需定制","外径23.1cm,内径19.7cm，高8.2cm，过滤等级G5,高效过滤棉，铝合金外框；测量误差±0.5cm，具体需要现场看样品",2,0,0,2,"个",408.42,816.84,{"v":0,"d":"0.00"},{"v":0,"d":"0.00"},816.84]
[1223,null,"空气芯滤器","五金材料","按需定制","外径21.5cm×高70cm，过滤等级G5,高效过滤棉，铝合金外框，测量误差±0.5cm，具体需要现场看样品",2,0,0,2,"个",680.34,1360.68,{"v":0,"d":"0.00"},{"v":0,"d":"0.00"},1360.68]
[1224,null,"空气芯滤器","五金材料","按需定制","直径17.8cm，高度11.5cm，过滤等级G5，高效过滤棉，铝合金外框，测量误差±0.5cm，具体需要现场看样品",2,0,0,2,"个",680.3,{"v":1360.6,"d":"1360.60"},{"v":0,"d":"0.00"},{"v":0,"d":"0.00"},{"v":1360.6,"d":"1360.60"}]
[1225,null,"空压机精密滤芯","五金材料","任意品牌","ND-013",3,0,0,3,"个",43.37,130.11,{"v":0,"d":"0.00"},{"v":0,"d":"0.00"},130.11]
[1226,null,"空压机纸滤","五金材料","任意品牌","SL-165E-S8,直径70mm长50mm",12,0,0,12,"个",217.76,2613.12,{"v":0,"d":"0.00"},{"v":0,"d":"0.00"},2613.12]
[1227,null,"冷却加工乳化油","五金材料","任意品牌","JZ-520",30,0,0,30,"千克",114.75,{"v":3442.5,"d":"3442.50"},{"v":0,"d":"0.00"},{"v":0,"d":"0.00"},{"v":3442.5,"d":"3442.50"}]
[1228,null,"联轴器弹性胶","五金材料","任意品牌","CJ28/38/92SHA9(32*38)",6,0,0,6,"个",46.08,276.48,{"v":0,"d":"0.00"},{"v":0,"d":"0.00"},276.48]
[1229,null,"淋浴三联龙头","五金材料","任意品牌","入墙式，孔距13.5-16cm",6,0,0,6,"个",313.52,1881.12,{"v":0,"d":"0.00"},{"v":0,"d":"0.00"},1881.12]
[1230,null,"六角弹性缓冲垫","五金材料","任意品牌","按需定制",18,0,0,18,"个",57.83,1040.94,{"v":0,"d":"0.00"},{"v":0,"d":"0.00"},1040.94]
[1231,null,"铝皮","五金材料","任意品牌","厚0.5mm",120,0,0,120,"平方米",50.6,{"v":6072,"d":"6072.00"},{"v":0,"d":"0.00"},{"v":0,"d":"0.00"},{"v":6072,"d":"6072.00"}]
[1232,null,"绿色彩瓦","五金材料","任意品牌","800*3500*0.5cm",60,0,0,60,"块",137.33,{"v":8239.8,"d":"8239.80"},{"v":0,"d":"0.00"},{"v":0,"d":"0.00"},{"v":8239.8,"d":"8239.80"}]
[1233,null,"毛巾架","五金材料","任意品牌","浴巾架含挂钩",3,0,0,3,"个",109.34,328.02,{"v":0,"d":"0.00"},{"v":0,"d":"0.00"},328.02]
[1234,null,"镁棒","五金材料","任意品牌","配40L美的热水器用",12,0,0,12,"根",44.27,531.24,{"v":0,"d":"0.00"},{"v":0,"d":"0.00"},531.24]
[1235,null,"门窗把手","五金材料","任意品牌","铝合金（左右为一副）",2,0,0,2,"付",38.85,{"v":77.7,"d":"77.70"},{"v":0,"d":"0.00"},{"v":0,"d":"0.00"},{"v":77.7,"d":"77.70"}]
[1236,null,"耐震压力表","五金材料","上海江云仪表厂/红旗/伊莱斯","Y100型，0-0.1MPa，机械指针",12,0,0,12,"个",136.72,1640.64,{"v":0,"d":"0.00"},{"v":0,"d":"0.00"},1640.64]
[1237,null,"内墙修补膏","五金材料","嘉宝莉/德高/牛盾","白色 1.5kg/桶",18,0,0,18,"桶",107.52,1935.36,{"v":0,"d":"0.00"},{"v":0,"d":"0.00"},1935.36]
[1238,null,"排风扇专用过滤网","五金材料","任意品牌","1cm×1m×1m",3,0,0,3,"块",670.43,2011.29,{"v":0,"d":"0.00"},{"v":0,"d":"0.00"},2011.29]
[1239,null,"泡沫双面胶","五金材料","任意品牌","3mm厚*24cm宽5m长",36,0,0,36,"卷",18.07,650.52,{"v":0,"d":"0.00"},{"v":0,"d":"0.00"},650.52]
[1240,null,"起重滑轮","五金材料","任意品牌","国标尺寸",3,0,0,3,"个",24.39,73.17,{"v":0,"d":"0.00"},{"v":0,"d":"0.00"},73.17]
[1241,null,"气动两联调压阀","五金材料","任意品牌","AASF50.MAX250PS",3,0,0,3,"个",618.75,1856.25,{"v":0,"d":"0.00"},{"v":0,"d":"0.00"},1856.25]
[1242,null,"PU气管管件","五金材料","任意品牌","国标尺寸",18,0,0,18,"千克",46.08,829.44,{"v":0,"d":"0.00"},{"v":0,"d":"0.00"},829.44]
[1243,null,"球形锁","五金材料","任意品牌","304不锈钢",15,0,0,15,"套",55.11,826.65,{"v":0,"d":"0.00"},{"v":0,"d":"0.00"},826.65]
[1244,null,"三角皮带","五金材料","三星/风豹/三力士","SPZ型",18,0,0,18,"米",122.87,2211.66,{"v":0,"d":"0.00"},{"v":0,"d":"0.00"},2211.66]
[1245,null,"三角皮带","五金材料","三维/风豹/三力士","SPA型",18,0,0,18,"米",121.07,2179.26,{"v":0,"d":"0.00"},{"v":0,"d":"0.00"},2179.26]
[1246,null,"三角皮带","五金材料","三维/风豹/三力士","SPB型",18,0,0,18,"米",144.56,2602.08,{"v":0,"d":"0.00"},{"v":0,"d":"0.00"},2602.08]
[1247,null,"三角皮带","五金材料","三维/风豹/三力士","SPC型",18,0,0,18,"米",170.76,3073.68,{"v":0,"d":"0.00"},{"v":0,"d":"0.00"},3073.68]
[1248,null,"杀虫喷雾","五金材料","任意品牌","专杀蜘蛛",6,0,0,6,"瓶",65.95,{"v":395.7,"d":"395.70"},{"v":0,"d":"0.00"},{"v":0,"d":"0.00"},{"v":395.7,"d":"395.70"}]
[1249,null,"沙袋","五金材料","任意品牌","25mm×60mm",30,0,0,30,"个",5.42,{"v":162.6,"d":"162.60"},{"v":0,"d":"0.00"},{"v":0,"d":"0.00"},{"v":162.6,"d":"162.60"}]
[1250,null,"石笔","五金材料","任意品牌","材质：石矿，长68mm*宽8.2mm",3,0,0,3,"盒",12.65,37.95,{"v":0,"d":"0.00"},{"v":0,"d":"0.00"},37.95]
[1251,null,"双开门不锈钢门锁","五金材料","任意品牌","304不锈钢 双开门式锁具",3,0,0,3,"付",108.42,325.26,{"v":0,"d":"0.00"},{"v":0,"d":"0.00"},325.26]
[1252,null,"水表","五金材料","任意品牌","200mm",2,0,0,2,"个",1436.57,2873.14,{"v":0,"d":"0.00"},{"v":0,"d":"0.00"},2873.14]
[1253,null,"水表","五金材料","任意品牌","150mm",2,0,0,2,"个",667,{"v":1334,"d":"1334.00"},{"v":0,"d":"0.00"},{"v":0,"d":"0.00"},{"v":1334,"d":"1334.00"}]
[1254,null,"水表","五金材料","任意品牌","125mm",2,0,0,2,"个",533.6,{"v":1067.2,"d":"1067.20"},{"v":0,"d":"0.00"},{"v":0,"d":"0.00"},{"v":1067.2,"d":"1067.20"}]
[1255,null,"水表","五金材料","任意品牌","100mm",2,0,0,2,"个",248.4,{"v":496.8,"d":"496.80"},{"v":0,"d":"0.00"},{"v":0,"d":"0.00"},{"v":496.8,"d":"496.80"}]
[1256,null,"水表","五金材料","任意品牌","80mm",3,0,0,3,"个",230,{"v":690,"d":"690.00"},{"v":0,"d":"0.00"},{"v":0,"d":"0.00"},{"v":690,"d":"690.00"}]
[1257,null,"水表","五金材料","任意品牌","65mm",3,0,0,3,"个",255.69,767.07,{"v":0,"d":"0.00"},{"v":0,"d":"0.00"},767.07]
[1258,null,"水表","五金材料","任意品牌","50mm",3,0,0,3,"个",201.48,604.44,{"v":0,"d":"0.00"},{"v":0,"d":"0.00"},604.44]
[1259,null,"水表","五金材料","任意品牌","40mm",3,0,0,3,"个",188.83,566.49,{"v":0,"d":"0.00"},{"v":0,"d":"0.00"},566.49]
[1260,null,"水表","五金材料","任意品牌","32mm",3,0,0,3,"个",168.05,504.15,{"v":0,"d":"0.00"},{"v":0,"d":"0.00"},504.15]
[1261,null,"水表","五金材料","任意品牌","20mm",3,0,0,3,"个",71.76,215.28,{"v":0,"d":"0.00"},{"v":0,"d":"0.00"},215.28]
[1262,null,"水泥桶","五金材料","任意品牌","30×20×22cm",6,0,0,6,"个",15.36,92.16,{"v":0,"d":"0.00"},{"v":0,"d":"0.00"},92.16]
[1263,null,"四氟管","五金材料","任意品牌","7×10mm",60,0,0,60,"米",16.26,{"v":975.6,"d":"975.60"},{"v":0,"d":"0.00"},{"v":0,"d":"0.00"},{"v":975.6,"d":"975.60"}]
[1264,null,"塑料扇形喷嘴","五金材料","任意品牌","dn20(1/2外丝）",12,0,0,12,"个",8.13,97.56,{"v":0,"d":"0.00"},{"v":0,"d":"0.00"},97.56]
[1265,null,"铜锁芯","五金材料","任意品牌","304不锈钢，锁芯总长70mm，高29mm，锁孔距140mm",12,0,0,12,"把",95.9,{"v":1150.8,"d":"1150.80"},{"v":0,"d":"0.00"},{"v":0,"d":"0.00"},{"v":1150.8,"d":"1150.80"}]
[1266,null,"透明硅胶管","五金材料","任意品牌","4mm×6mm",30,0,0,30,"米",3.61,{"v":108.3,"d":"108.30"},{"v":0,"d":"0.00"},{"v":0,"d":"0.00"},{"v":108.3,"d":"108.30"}]
[1267,null,"透明塑料瓶","五金材料","任意品牌","350ML,厚款",120,0,0,120,"个",1.82,{"v":218.4,"d":"218.40"},{"v":0,"d":"0.00"},{"v":0,"d":"0.00"},{"v":218.4,"d":"218.40"}]
[1268,null,"透明油位计","五金材料","任意品牌","长80mm",24,0,0,24,"个",36.14,867.36,{"v":0,"d":"0.00"},{"v":0,"d":"0.00"},867.36]
[1269,null,"万向轮","五金材料","任意品牌","三寸,尼龙材质",24,0,0,24,"个",14.46,347.04,{"v":0,"d":"0.00"},{"v":0,"d":"0.00"},347.04]
[1270,null,"洗手粉","五金材料","任意品牌","8斤/箱",12,0,0,12,"箱",24.39,292.68,{"v":0,"d":"0.00"},{"v":0,"d":"0.00"},292.68]
[1271,null,"洗手盆排水管","五金材料","任意品牌","通用",12,0,0,12,"条",59.58,714.96,{"v":0,"d":"0.00"},{"v":0,"d":"0.00"},714.96]
[1272,null,"消防栓","五金材料","任意品牌","地上式，DN100",18,0,0,18,"个",1005.01,18090.18,{"v":0,"d":"0.00"},{"v":0,"d":"0.00"},18090.18]
[1273,null,"乙二醇冷却液","五金材料","任意品牌","FD-2(20L/桶）",3,0,0,3,"桶",237.64,712.92,{"v":0,"d":"0.00"},{"v":0,"d":"0.00"},712.92]
[1274,null,"遮蔽保护膜","五金材料","任意品牌","1.1m×30m",30,0,0,30,"卷",16.26,{"v":487.8,"d":"487.80"},{"v":0,"d":"0.00"},{"v":0,"d":"0.00"},{"v":487.8,"d":"487.80"}]
[1275,null,"铸铁井盖","五金材料","任意品牌","任意尺寸",180,0,0,180,"千克",34.33,{"v":6179.4,"d":"6179.40"},{"v":0,"d":"0.00"},{"v":0,"d":"0.00"},{"v":6179.4,"d":"6179.40"}]
[1276,null,"PA6尼龙气管","五金材料","任意品牌","6×1mm",48,0,0,48,"米",3.61,173.28,{"v":0,"d":"0.00"},{"v":0,"d":"0.00"},173.28]
[1277,null,"PA6尼龙气管","五金材料","任意品牌","8×1.5mm",60,0,0,60,"米",4.51,{"v":270.6,"d":"270.60"},{"v":0,"d":"0.00"},{"v":0,"d":"0.00"},{"v":270.6,"d":"270.60"}]
[1278,null,"PA6尼龙气管","五金材料","任意品牌","10×1.5mm",60,0,0,60,"米",6.32,{"v":379.2,"d":"379.20"},{"v":0,"d":"0.00"},{"v":0,"d":"0.00"},{"v":379.2,"d":"379.20"}]
[1279,null,"PA6尼龙气管","五金材料","任意品牌","12×1mm",60,0,0,60,"米",6.32,{"v":379.2,"d":"379.20"},{"v":0,"d":"0.00"},{"v":0,"d":"0.00"},{"v":379.2,"d":"379.20"}]
[1280,null,"PA6尼龙气管","五金材料","任意品牌","12×1.5mm",60,0,0,60,"米",8.13,{"v":487.8,"d":"487.80"},{"v":0,"d":"0.00"},{"v":0,"d":"0.00"},{"v":487.8,"d":"487.80"}]
[1281,null,"PA6尼龙气管","五金材料","任意品牌","14×1.5mm",48,0,0,48,"米",9.94,477.12,{"v":0,"d":"0.00"},{"v":0,"d":"0.00"},477.12]
[1282,null,"PA6尼龙气管","五金材料","任意品牌","16×1.5mm",48,0,0,{"$f":"SUM(G1284:I1284)","v":48},"米",12.65,{"$f":"L1284*G1284","v":{"v":607.2,"d":"607.20"}},{"$f":"L1284*H1284","v":{"v":0,"d":"0.00"}},{"$f":"L1284*I1284","v":{"v":0,"d":"0.00"}},{"$f":"M1284+N1284+O1284","v":{"v":607.2,"d":"607.20"}}]
[1283,null,"电接点压力表","五金材料","红旗/伊莱斯/润能","YXC-100 0-0.6MPa M20×1.5铜接头",2,0,0,2,"个",110.26,220.52,{"v":0,"d":"0.00"},{"v":0,"d":"0.00"},220.52]
[1284,null,"传送皮带","五金材料","任意品牌","SPZ 1837Lw",6,0,0,6,"条",36.8,{"v":220.8,"d":"220.80"},{"v":0,"d":"0.00"},{"v":0,"d":"0.00"},{"v":220.8,"d":"220.80"}]
[1285,null,"分水鞍座","五金材料","任意品牌","PE，主管32，增接20",24,0,0,24,"个",10.12,242.88,{"v":0,"d":"0.00"},{"v":0,"d":"0.00"},242.88]
[1286,null,"门扣","五金材料","任意品牌","304不锈钢、4寸",3,0,0,3,"个",13.8,{"v":41.4,"d":"41.40"},{"v":0,"d":"0.00"},{"v":0,"d":"0.00"},{"v":41.4,"d":"41.40"}]
[1287,null,"pu聚氨酯板","五金材料","任意品牌","4m*1m，厚8mm",2,0,0,2,"块",1242,{"v":2484,"d":"2484.00"},{"v":0,"d":"0.00"},{"v":0,"d":"0.00"},{"v":2484,"d":"2484.00"}]
[1288,null,"扇型喷嘴","五金材料","任意品牌","螺纹4分，孔径2.8mm",12,0,0,12,"个",8.28,99.36,{"v":0,"d":"0.00"},{"v":0,"d":"0.00"},99.36]
[1289,null,"洗衣机水龙头","五金材料","任意品牌","304不锈钢、4分",12,0,0,12,"个",28.91,346.92,{"v":0,"d":"0.00"},{"v":0,"d":"0.00"},346.92]
[1290,null,"阻尼器","五金材料","任意品牌","RXMZ-1.0/1.0 PVC材质",3,0,0,3,"个",721.28,2163.84,{"v":0,"d":"0.00"},{"v":0,"d":"0.00"},2163.84]
[1291,null,"阻尼器","五金材料","任意品牌","RXMZ-2.0/1.0 PVC材质",3,0,0,3,"个",1354.24,4062.72,{"v":0,"d":"0.00"},{"v":0,"d":"0.00"},4062.72]
[1292,null,"沥青料","五金材料","任意品牌","25KG/包",30,0,0,30,"包",65.95,{"v":1978.5,"d":"1978.50"},{"v":0,"d":"0.00"},{"v":0,"d":"0.00"},{"v":1978.5,"d":"1978.50"}]
[1293,null,"沥青油","五金材料","任意品牌","50KG/桶",3,0,0,3,"桶",456.32,1368.96,{"v":0,"d":"0.00"},{"v":0,"d":"0.00"},1368.96]
[1294,null,"门卫电动栏杆","五金材料","任意品牌","八角红白色长3米，宽45mm",2,0,0,2,"个",562.01,1124.02,{"v":0,"d":"0.00"},{"v":0,"d":"0.00"},1124.02]
[1295,null,"排气扇（百叶窗）","五金材料","任意品牌","8寸,面板尺寸300*300mm，开孔250*250mm",4,0,0,4,"个",188.84,755.36,{"v":0,"d":"0.00"},{"v":0,"d":"0.00"},755.36]
[1296,null,"排气扇（橱窗式）","五金材料","任意品牌","8寸",8,0,0,8,"个",190.44,1523.52,{"v":0,"d":"0.00"},{"v":0,"d":"0.00"},1523.52]
[1297,null,"排气扇（天花板管道式）","五金材料","任意品牌","12寸,面板尺寸320*320mm,开孔280*280mm",9,0,0,9,"个",208.84,1879.56,{"v":0,"d":"0.00"},{"v":0,"d":"0.00"},1879.56]
[1298,null,"排气扇（天花板管道式）","五金材料","任意品牌","10寸，面板尺寸270*270mm,开孔232*232mm",4,0,0,4,"个",199.64,798.56,{"v":0,"d":"0.00"},{"v":0,"d":"0.00"},798.56]
[1299,null,"石子","五金材料","任意品牌","25KG/包",5,0,0,5,"包",79.51,397.55,{"v":0,"d":"0.00"},{"v":0,"d":"0.00"},397.55]
[1300,null,"氩气充装","五金材料","任意品牌","10L/次",4,0,0,4,"次",96.67,386.68,{"v":0,"d":"0.00"},{"v":0,"d":"0.00"},386.68]
[1301,null,"氩气充装","五金材料","任意品牌","20L/次",3,0,0,3,"次",153.59,460.77,{"v":0,"d":"0.00"},{"v":0,"d":"0.00"},460.77]
[1302,null,"氩气充装","五金材料","任意品牌","40L/次",2,0,0,2,"次",147.2,{"v":294.4,"d":"294.40"},{"v":0,"d":"0.00"},{"v":0,"d":"0.00"},{"v":294.4,"d":"294.40"}]
[1303,null,"雨水篦","五金材料","任意品牌","75cm*45cm，重型",6,0,0,6,"个",294.4,{"v":1766.4,"d":"1766.40"},{"v":0,"d":"0.00"},{"v":0,"d":"0.00"},{"v":1766.4,"d":"1766.40"}]
[1304,null,"铸铁井盖","五金材料","任意品牌","800*700",18,0,0,18,"个",665.67,11982.06,{"v":0,"d":"0.00"},{"v":0,"d":"0.00"},11982.06]
[1305,null,"不锈钢冲孔网板","五金材料","需要定制","1500mm*2000mm*2mm 孔径10mm",2,0,0,2,"块",2414.16,4828.32,{"v":0,"d":"0.00"},{"v":0,"d":"0.00"},4828.32]
[1306,null,"不锈钢冷热进水软管","五金材料","任意品牌","4分，1米",30,0,0,30,"根",22.08,{"v":662.4,"d":"662.40"},{"v":0,"d":"0.00"},{"v":0,"d":"0.00"},{"v":662.4,"d":"662.40"}]
[1307,null,"磁悬浮空气滤芯","五金材料","需要定制","长955mm*宽405mm*厚46mm过滤等级G4,高效过滤棉，铝合金外框，测量误差±0.5mm",6,0,0,6,"块",1914.52,11487.12,{"v":0,"d":"0.00"},{"v":0,"d":"0.00"},11487.12]
[1308,null,"磁悬浮空气滤芯","五金材料","需要定制","长590mm*宽390mm*厚46mm过滤等级G4,高效过滤棉，铝合金外框，测量误差±0.5mm",3,0,0,3,"块",1582.97,4748.91,{"v":0,"d":"0.00"},{"v":0,"d":"0.00"},4748.91]
[1309,null,"冲洗水箱","五金材料","箭牌/九牧/日丰","7L",3,0,0,3,"套",369.47,1108.41,{"v":0,"d":"0.00"},{"v":0,"d":"0.00"},1108.41]
[1310,null,"ABS外牙旋转喷头","五金材料","任意品牌","4分",3,0,0,3,"个",9.95,29.85,{"v":0,"d":"0.00"},{"v":0,"d":"0.00"},29.85]
[1311,null,"ABS外牙旋转喷头","五金材料","任意品牌","6分",3,0,0,3,"个",15.37,46.11,{"v":0,"d":"0.00"},{"v":0,"d":"0.00"},46.11]
[1312,null,"彩钢瓦","五金材料","任意品牌","PVC材质，厚度≥3mm，宽度0.9m",48,0,0,48,"米",37.72,1810.56,{"v":0,"d":"0.00"},{"v":0,"d":"0.00"},1810.56]
[1313,null,"彩钢瓦","五金材料","任意品牌","201不锈钢材质，厚度≥5mm，宽度0.9m",48,0,0,48,"米",32.2,{"v":1545.6,"d":"1545.60"},{"v":0,"d":"0.00"},{"v":0,"d":"0.00"},{"v":1545.6,"d":"1545.60"}]
[1314,null,"PVC透明管","五金材料","任意品牌","DN20",60,0,0,60,"米",11.73,{"v":703.8,"d":"703.80"},{"v":0,"d":"0.00"},{"v":0,"d":"0.00"},{"v":703.8,"d":"703.80"}]
[1315,null,"PVC透明管","五金材料","任意品牌","DN25",60,0,0,60,"米",16.3,{"v":978,"d":"978.00"},{"v":0,"d":"0.00"},{"v":0,"d":"0.00"},{"v":978,"d":"978.00"}]
[1316,null,"PVC透明管","五金材料","任意品牌","DN32",60,0,0,60,"米",18.99,{"v":1139.4,"d":"1139.40"},{"v":0,"d":"0.00"},{"v":0,"d":"0.00"},{"v":1139.4,"d":"1139.40"}]
[1317,null,"电工胶布","五金材料","公牛/3M/正泰","18mmX10m,阻燃防潮，任意颜色",120,0,0,120,"卷",3.61,{"v":433.2,"d":"433.20"},{"v":0,"d":"0.00"},{"v":0,"d":"0.00"},{"v":433.2,"d":"433.20"}]
[1318,null,"二沉池导轮包胶","五金材料","任意品牌","轮直径400mm",3,0,0,3,"个",3675.45,11026.35,{"v":0,"d":"0.00"},{"v":0,"d":"0.00"},11026.35]
[1319,null,"防火泥","五金材料","任意品牌","3C消防认证，10kg/箱",12,0,0,12,"箱",88.32,1059.84,{"v":0,"d":"0.00"},{"v":0,"d":"0.00"},1059.84]
[1320,null,"隔热棉","五金材料","任意品牌","10mm厚",30,0,0,30,"平方米",18.4,{"v":552,"d":"552.00"},{"v":0,"d":"0.00"},{"v":0,"d":"0.00"},{"v":552,"d":"552.00"}]
[1321,null,"隔热棉","五金材料","任意品牌","5mm厚",30,0,0,30,"平方米",13.8,{"v":414,"d":"414.00"},{"v":0,"d":"0.00"},{"v":0,"d":"0.00"},{"v":414,"d":"414.00"}]
[1322,null,"工业草酸清洗剂","五金材料","任意品牌","25kg/桶，浓度≥55%",30,0,0,30,"桶",183.46,{"v":5503.8,"d":"5503.80"},{"v":0,"d":"0.00"},{"v":0,"d":"0.00"},{"v":5503.8,"d":"5503.80"}]
[1323,null,"吸油棉","五金材料","任意品牌","400*500*2mm，100片/箱",1,0,0,1,"箱",357.79,357.79,{"v":0,"d":"0.00"},{"v":0,"d":"0.00"},357.79]
[1324,null,"橡胶垫","五金材料","任意品牌","2m*5m*3mm",3,0,0,3,"张",983.69,2951.07,{"v":0,"d":"0.00"},{"v":0,"d":"0.00"},2951.07]
[1325,null,"橡胶垫片","五金材料","任意品牌","DN1600，外径1720mm，内径1620mm，厚度5mm",2,0,0,2,"个",110.4,{"v":220.8,"d":"220.80"},{"v":0,"d":"0.00"},{"v":0,"d":"0.00"},{"v":220.8,"d":"220.80"}]
[1326,null,"橡胶垫片","五金材料","任意品牌","DN1400，外径1520mm，内径1420mm，厚度5mm",2,0,0,2,"个",95.68,191.36,{"v":0,"d":"0.00"},{"v":0,"d":"0.00"},191.36]
[1327,null,"橡胶垫片","五金材料","任意品牌","DN1200，外径1320mm，内径1220mm，厚度5mm",2,0,0,2,"个",66.24,132.48,{"v":0,"d":"0.00"},{"v":0,"d":"0.00"},132.48]
[1328,null,"橡胶垫片","五金材料","任意品牌","DN1000，外径1120mm，内径1020mm，厚度5mm",2,0,0,2,"个",48.76,97.52,{"v":0,"d":"0.00"},{"v":0,"d":"0.00"},97.52]
[1329,null,"橡胶垫片","五金材料","任意品牌","DN900，外径1010mm，内径920mm，厚度5mm",3,0,0,3,"个",41.4,{"v":124.2,"d":"124.20"},{"v":0,"d":"0.00"},{"v":0,"d":"0.00"},{"v":124.2,"d":"124.20"}]
[1330,null,"橡胶垫片","五金材料","任意品牌","DN800，外径910mm，内径820mm，厚度5mm",3,0,0,3,"个",36.8,{"v":110.4,"d":"110.40"},{"v":0,"d":"0.00"},{"v":0,"d":"0.00"},{"v":110.4,"d":"110.40"}]
[1331,null,"橡胶垫片","五金材料","任意品牌","DN700，外径800mm，内径720mm，厚度5mm",3,0,0,3,"个",33.12,99.36,{"v":0,"d":"0.00"},{"v":0,"d":"0.00"},99.36]
[1332,null,"橡胶垫片","五金材料","任意品牌","DN600，外径695mm，内径630mm，厚度5mm",3,0,0,3,"个",24.84,74.52,{"v":0,"d":"0.00"},{"v":0,"d":"0.00"},74.52]
[1333,null,"橡胶垫片","五金材料","任意品牌","DN500，外径595mm，内径530mm，厚度5mm",3,0,0,3,"个",23,{"v":69,"d":"69.00"},{"v":0,"d":"0.00"},{"v":0,"d":"0.00"},{"v":69,"d":"69.00"}]
[1334,null,"橡胶垫片","五金材料","任意品牌","DN450，外径540mm，内径475mm，厚度5mm",6,0,0,6,"个",24.29,145.74,{"v":0,"d":"0.00"},{"v":0,"d":"0.00"},145.74]
[1335,null,"橡胶垫片","五金材料","任意品牌","DN400，外径485mm，内径426mm，厚度5mm",6,0,0,6,"个",20.42,122.52,{"v":0,"d":"0.00"},{"v":0,"d":"0.00"},122.52]
[1336,null,"橡胶垫片","五金材料","任意品牌","DN350，外径418mm，内径377mm，厚度5mm",6,0,0,6,"个",17.12,102.72,{"v":0,"d":"0.00"},{"v":0,"d":"0.00"},102.72]
[1337,null,"橡胶垫片","五金材料","任意品牌","DN300，外径377mm，内径325mm，厚度5mm",6,0,0,6,"个",9.39,56.34,{"v":0,"d":"0.00"},{"v":0,"d":"0.00"},56.34]
[1338,null,"橡胶垫片","五金材料","任意品牌","DN250，外径325mm，内径273mm，厚度5mm",6,0,0,6,"个",6.9,{"v":41.4,"d":"41.40"},{"v":0,"d":"0.00"},{"v":0,"d":"0.00"},{"v":41.4,"d":"41.40"}]
[1339,null,"橡胶垫片","五金材料","任意品牌","DN200，外径268mm，内径219mm，厚度5mm",6,0,0,6,"个",6.39,38.34,{"v":0,"d":"0.00"},{"v":0,"d":"0.00"},38.34]
[1340,null,"橡胶垫片","五金材料","任意品牌","DN150，外径205mm，内径159mm，厚度5mm",6,0,0,6,"个",5.63,33.78,{"v":0,"d":"0.00"},{"v":0,"d":"0.00"},33.78]
[1341,null,"橡胶垫片","五金材料","任意品牌","DN125，外径180mm，内径133mm，厚度5mm",6,0,0,6,"个",5.58,33.48,{"v":0,"d":"0.00"},{"v":0,"d":"0.00"},33.48]
[1342,null,"橡胶垫片","五金材料","任意品牌","DN100，外径153mm，内径108mm，厚度5mm",6,0,0,6,"个",3.73,22.38,{"v":0,"d":"0.00"},{"v":0,"d":"0.00"},22.38]
[1343,null,"橡胶垫片","五金材料","任意品牌","DN80，外径130mm，内径89mm，厚度5mm",6,0,0,6,"个",3.1,{"v":18.6,"d":"18.60"},{"v":0,"d":"0.00"},{"v":0,"d":"0.00"},{"v":18.6,"d":"18.60"}]
[1344,null,"橡胶垫片","五金材料","任意品牌","DN65，外径118mm，内径76mm，厚度5mm",6,0,0,6,"个",1.91,11.46,{"v":0,"d":"0.00"},{"v":0,"d":"0.00"},11.46]
[1345,null,"橡胶垫片","五金材料","任意品牌","DN50，外径95mm，内径57mm，厚度5mm",6,0,0,6,"个",1.88,11.28,{"v":0,"d":"0.00"},{"v":0,"d":"0.00"},11.28]
[1346,null,"橡胶垫片","五金材料","任意品牌","DN40，外径81mm，内径45mm，厚度5mm",6,0,0,{"$f":"SUM(G1348:I1348)","v":6},"个",1.86,{"$f":"L1348*G1348","v":11.16},{"$f":"L1348*H1348","v":{"v":0,"d":"0.00"}},{"$f":"L1348*I1348","v":{"v":0,"d":"0.00"}},{"$f":"M1348+N1348+O1348","v":11.16}]
[1347,null,"油布","五金材料","任意品牌","防水抗老化，6*6m",6,0,0,6,"张",469.82,2818.92,{"v":0,"d":"0.00"},{"v":0,"d":"0.00"},2818.92]
[1348,null,"遮阳网","五金材料","任意品牌","黑色，新料聚乙烯，尺寸8.5*4m",6,0,0,6,"张",148.17,889.02,{"v":0,"d":"0.00"},{"v":0,"d":"0.00"},889.02]
[1349,null,"不锈钢专用抛光蜡","五金材料","任意品牌","长18.5cm",12,0,0,12,"个",17.15,{"v":205.8,"d":"205.80"},{"v":0,"d":"0.00"},{"v":0,"d":"0.00"},{"v":205.8,"d":"205.80"}]
[1350,null,"亚克力板","五金材料","任意品牌","尺寸1.22*2.44m，厚度5mm",6,0,0,6,"块",1092.23,6553.38,{"v":0,"d":"0.00"},{"v":0,"d":"0.00"},6553.38]
[1351,null,"消防栓","五金材料","任意品牌","DN150",5,0,0,5,"个",1846.17,9230.85,{"v":0,"d":"0.00"},{"v":0,"d":"0.00"},9230.85,"2024年新增"]
[1352,null,"长消声器","五金材料","任意品牌","304不锈钢4分",20,0,0,20,"个",18.07,{"v":361.4,"d":"361.40"},{"v":0,"d":"0.00"},{"v":0,"d":"0.00"},{"v":361.4,"d":"361.40"},"2024年新增"]
[1353,null,"隔膜泵膜片","五金材料","任意品牌","适合替换替换米顿罗、普罗名特、南方泵业等品牌计量泵使用",10,0,0,10,"套",306.27,{"v":3062.7,"d":"3062.70"},{"v":0,"d":"0.00"},{"v":0,"d":"0.00"},{"v":3062.7,"d":"3062.70"},"2024年新增"]
[1354,null,"隔膜泵油封","五金材料","任意品牌","适合替换米顿罗、普罗名特、南方泵业等品牌计量泵使用",10,0,0,10,"套",306.27,{"v":3062.7,"d":"3062.70"},{"v":0,"d":"0.00"},{"v":0,"d":"0.00"},{"v":3062.7,"d":"3062.70"},"2024年新增"]
[1355,null,"隔膜泵单向阀","五金材料","任意品牌","适合替换米顿罗、普罗名特、南方泵业等品牌计量泵使用",10,0,0,10,"套",571.9,{"v":5719,"d":"5719.00"},{"v":0,"d":"0.00"},{"v":0,"d":"0.00"},{"v":5719,"d":"5719.00"},"2024年新增"]
[1356,null,"零气耗过滤排水阀","五金材料","任意品牌","型号WBK-20，重力1.8KG，压力0.16Kg，尺寸82*110*150mm，接口G1/2\"，出口G3/8\"",5,0,0,5,"个",357.79,1788.95,{"v":0,"d":"0.00"},{"v":0,"d":"0.00"},1788.95,"2024年新增"]
[1357,null,"吸顶灯卡扣","五金材料","任意品牌",null,30,0,0,30,"个",9.95,{"v":298.5,"d":"298.50"},{"v":0,"d":"0.00"},{"v":0,"d":"0.00"},{"v":298.5,"d":"298.50"},"2024年新增"]
[1358,null,"塑钢门窗滑轮子","五金材料","任意品牌","88型(轴承)，铜双平轮",30,0,0,30,"个",9.95,{"v":298.5,"d":"298.50"},{"v":0,"d":"0.00"},{"v":0,"d":"0.00"},{"v":298.5,"d":"298.50"},"2024年新增"]
[1359,null,"UPVC水箱接头","五金材料","任意品牌","DN32",5,0,0,5,"个",30.72,{"v":153.6,"d":"153.60"},{"v":0,"d":"0.00"},{"v":0,"d":"0.00"},{"v":153.6,"d":"153.60"},"2024年新增"]
[1360,null,"UPVC水箱接头","五金材料","任意品牌","DN40",3,0,0,3,"个",36.14,108.42,{"v":0,"d":"0.00"},{"v":0,"d":"0.00"},108.42,"2024年新增"]
[1361,null,"隔膜泵油封","五金材料","任意品牌","适用GB1200",10,0,0,10,"套",459.86,{"v":4598.6,"d":"4598.60"},{"v":0,"d":"0.00"},{"v":0,"d":"0.00"},{"v":4598.6,"d":"4598.60"},"2024年新增"]
[1362,null,"隔膜泵膜片","五金材料","任意品牌","适用GB1200",10,0,0,10,"套",459.86,{"v":4598.6,"d":"4598.60"},{"v":0,"d":"0.00"},{"v":0,"d":"0.00"},{"v":4598.6,"d":"4598.60"},"2024年新增"]
[1363,null,"隔膜泵油封","五金材料","任意品牌","适用GM0500",10,0,0,10,"套",459.86,{"v":4598.6,"d":"4598.60"},{"v":0,"d":"0.00"},{"v":0,"d":"0.00"},{"v":4598.6,"d":"4598.60"},"2024年新增"]
[1364,null,"隔膜泵膜片","五金材料","任意品牌","适用GM0500",10,0,0,10,"套",459.86,{"v":4598.6,"d":"4598.60"},{"v":0,"d":"0.00"},{"v":0,"d":"0.00"},{"v":4598.6,"d":"4598.60"},"2024年新增"]
[1365,null,"隔膜泵油封","五金材料","任意品牌","适用GM0240",10,0,0,10,"套",459.86,{"v":4598.6,"d":"4598.60"},{"v":0,"d":"0.00"},{"v":0,"d":"0.00"},{"v":4598.6,"d":"4598.60"},"2024年新增"]
[1366,null,"隔膜泵膜片","五金材料","任意品牌","适用GM0240",10,0,0,10,"套",459.86,{"v":4598.6,"d":"4598.60"},{"v":0,"d":"0.00"},{"v":0,"d":"0.00"},{"v":4598.6,"d":"4598.60"},"2024年新增"]
[1367,null,"隔膜泵油封","五金材料","任意品牌","适用MS1C165C31C4080",10,0,0,10,"套",571.9,{"v":5719,"d":"5719.00"},{"v":0,"d":"0.00"},{"v":0,"d":"0.00"},{"v":5719,"d":"5719.00"},"2024年新增"]
[1368,null,"隔膜泵膜片","五金材料","任意品牌","适用MS1C165C31C4080",10,0,0,10,"套",571.9,{"v":5719,"d":"5719.00"},{"v":0,"d":"0.00"},{"v":0,"d":"0.00"},{"v":5719,"d":"5719.00"},"2024年新增"]
[1369,null,"隔膜泵油封","五金材料","任意品牌","适用MM2HI57G31C40800",10,0,0,10,"套",571.9,{"v":5719,"d":"5719.00"},{"v":0,"d":"0.00"},{"v":0,"d":"0.00"},{"v":5719,"d":"5719.00"},"2024年新增"]
[1370,null,"隔膜泵膜片","五金材料","任意品牌","适用MM2HI57G31C40800",10,0,0,10,"套",571.9,{"v":5719,"d":"5719.00"},{"v":0,"d":"0.00"},{"v":0,"d":"0.00"},{"v":5719,"d":"5719.00"},"2024年新增"]
[1371,null,"隔膜泵膜片","五金材料","任意品牌","与意大利赛高（SEKO）MS4H210L31Q4080型泵配套",10,0,0,10,"套",571.9,{"v":5719,"d":"5719.00"},{"v":0,"d":"0.00"},{"v":0,"d":"0.00"},{"v":5719,"d":"5719.00"},"2024年新增"]
[1372,null,"隔膜泵单向阀","五金材料","任意品牌","与意大利赛高（SEKO）MS4H210L31Q4080型泵配套",10,0,0,10,"套",766.17,{"v":7661.7,"d":"7661.70"},{"v":0,"d":"0.00"},{"v":0,"d":"0.00"},{"v":7661.7,"d":"7661.70"},"2024年新增"]
[1373,null,"隔膜泵泵头","五金材料","任意品牌","与意大利赛高（SEKO）MS4H210L31Q4080型泵配套",10,0,0,10,"套",2436.3,{"v":24363,"d":"24363.00"},{"v":0,"d":"0.00"},{"v":0,"d":"0.00"},{"v":24363,"d":"24363.00"},"2024年新增"]
[1374,null,"隔膜泵单向阀","五金材料","任意品牌","与韩国威邦 XDF-120 220v型泵配套",10,0,0,10,"套",459.86,{"v":4598.6,"d":"4598.60"},{"v":0,"d":"0.00"},{"v":0,"d":"0.00"},{"v":4598.6,"d":"4598.60"},"2024年新增"]
[1375,null,"水箱接头","五金材料","任意品牌","dn40",3,0,0,3,"个",115.14,345.42,{"v":0,"d":"0.00"},{"v":0,"d":"0.00"},345.42,"2024年新增"]
[1376,null,"水箱接头","五金材料","任意品牌","dn50",3,0,0,3,"个",152.81,458.43,{"v":0,"d":"0.00"},{"v":0,"d":"0.00"},458.43,"2024年新增"]
[1377,null,"水箱接头","五金材料","任意品牌","dn63",3,0,0,3,"个",198.21,594.63,{"v":0,"d":"0.00"},{"v":0,"d":"0.00"},594.63,"2024年新增"]
[1378,null,"起重机起升限位器","五金材料","力诺、鑫玺、豫鲁","YBLX-3/11H",6,0,0,6,"个",153.59,921.54,{"v":0,"d":"0.00"},{"v":0,"d":"0.00"},921.54,"2024年新增"]
[1379,null,"阀门电动装置","五金材料","西门子、霍尼韦尔、方威","CLX30-24",8,0,0,8,"个",5615.28,44922.24,{"v":0,"d":"0.00"},{"v":0,"d":"0.00"},44922.24,"2024年新增"]
[1380,null,"真空发生器","五金材料","任意品牌","真空发生管数量：2；\n压缩空气连接口：@8mm推入式接头；\n真空连接口：G3/4\"内螺纹\n最大真空度：-75kPa；\n进气压力：0.6MPa；\n耗气量：≤5nl/s。",5,0,0,5,"套",1695,{"v":8475,"d":"8475.00"},{"v":0,"d":"0.00"},{"v":0,"d":"0.00"},{"v":8475,"d":"8475.00"},"2024年新增"]
[1381,null,"不锈钢二保焊焊丝","五金材料","任意品牌","国标尺寸",5,0,0,5,"千克",324.34,{"v":1621.7,"d":"1621.70"},{"v":0,"d":"0.00"},{"v":0,"d":"0.00"},{"v":1621.7,"d":"1621.70"},"2024年新增"]
[1382,null,"镀锌圆钢","五金材料","任意品牌","碳钢镀锌，国标尺寸",5,0,0,5,"千克",28.02,{"v":140.1,"d":"140.10"},{"v":0,"d":"0.00"},{"v":0,"d":"0.00"},{"v":140.1,"d":"140.10"},"2024年新增"]
[1383,null,"UPVC法兰式手柄蝶阀","五金材料","任意品牌","DN110",2,0,0,2,"个",178.89,357.78,{"v":0,"d":"0.00"},{"v":0,"d":"0.00"},357.78,"2024年新增"]
[1384,null,"手动闸阀","五金材料","任意品牌","DN50\n球磨铸铁材质",2,0,0,2,"个",459.86,919.72,{"v":0,"d":"0.00"},{"v":0,"d":"0.00"},919.72,"2024年新增"]
[1385,null,"方杆无头对夹式蝶阀","五金材料","任意品牌","D071FD-10Q-DN250球铁阀体、四氟密封、304阀板，不含执行机构，方杆22*22",2,0,0,2,"套",2450.33,4900.66,{"v":0,"d":"0.00"},{"v":0,"d":"0.00"},4900.66,"2024年新增"]
[1386,null,"空气滤芯","五金材料","任意品牌","外径500*高370mm(上下金属固定环外径498mm) p385",3,0,0,3,"个",1633.53,4900.59,{"v":0,"d":"0.00"},{"v":0,"d":"0.00"},4900.59,"2024年新增"]
[1387,null,"皮带","五金材料","任意品牌","XPC",3,0,0,3,"条",122.91,368.73,{"v":0,"d":"0.00"},{"v":0,"d":"0.00"},368.73,"2024年新增"]
[1388,null,"零气耗过滤排水阀","五金材料","任意品牌","型号WBK-20，重力1.8KG，压力0.16Kg，尺寸82*110*150mm，接口G1/2\"，出口G3/8\"",5,0,0,5,"套",357.79,1788.95,{"v":0,"d":"0.00"},{"v":0,"d":"0.00"},1788.95]
[1389,null,"工业不锈钢编织管","五金材料","任意品牌","DN20",2,0,0,2,"米",81.32,162.64,{"v":0,"d":"0.00"},{"v":0,"d":"0.00"},162.64,"2024年新增"]
[1390,null,"工业不锈钢编织管","五金材料","任意品牌","DN25",2,0,0,2,"米",103.92,207.84,{"v":0,"d":"0.00"},{"v":0,"d":"0.00"},207.84,"2024年新增"]
[1391,null,"压力表","五金材料","任意品牌","1.6Mpa防震、不锈钢材质、M20×1.5、表盘直径100mm",9,0,0,9,"个",116.54,1048.86,{"v":0,"d":"0.00"},{"v":0,"d":"0.00"},1048.86]
[1392,null,"压力表","五金材料","任意品牌","150kpa、防震、不锈钢材质、M20×1.5、表盘直径100mm",9,0,0,9,"个",140.06,1260.54,{"v":0,"d":"0.00"},{"v":0,"d":"0.00"},1260.54]
[1393,null,"压力表","五金材料","任意品牌","1.6Mpa防震、不锈钢材质、G1/4、表盘直径60mm",9,0,0,9,"个",102.08,918.72,{"v":0,"d":"0.00"},{"v":0,"d":"0.00"},918.72]
[1394,null,"压力表","五金材料","任意品牌","1.0Mpa防震、不锈钢材质、G1/4、表盘直径60mm",9,0,0,9,"个",102.08,918.72,{"v":0,"d":"0.00"},{"v":0,"d":"0.00"},918.72]
[1395,null,"压力表","五金材料","任意品牌","0-0.16Mpa",3,0,0,3,"套",41.4,{"v":124.2,"d":"124.20"},{"v":0,"d":"0.00"},{"v":0,"d":"0.00"},{"v":124.2,"d":"124.20"}]
[1396,"▲","外径千分尺","工器具","哈量/上工/世达/青量","0-25mm，分度值0.01mm",4,0,2,6,"把",140.06,560.24,{"v":0,"d":"0.00"},280.12,840.36]
[1397,"▲","外径千分尺","工器具","哈量/上工/世达/青量","25-50mm，分度值0.01mm",4,0,2,6,"把",164.47,657.88,{"v":0,"d":"0.00"},328.94,986.82]
[1398,"▲","外径千分尺","工器具","哈量/上工/世达/青量","50-75mm，分度值0.01mm",4,0,2,6,"把",189.73,758.92,{"v":0,"d":"0.00"},379.46,1138.38]
[1399,"▲","外径千分尺","工器具","哈量/上工/世达/青量","75-100mm，分度值0.01mm",4,0,2,6,"把",224.07,896.28,{"v":0,"d":"0.00"},448.14,1344.42]
[1400,"▲","外径千分尺","工器具","哈量/上工/世达/青量","100-125mm，分度值0.01mm",4,0,2,6,"把",227.68,910.72,{"v":0,"d":"0.00"},455.36,1366.08]
[1401,"▲","外径千分尺","工器具","哈量/上工/世达/青量","125-150mm，分度值0.01mm",3,0,2,5,"把",251.21,753.63,{"v":0,"d":"0.00"},502.42,1256.05]
[1402,"▲","内径千分尺","工器具","哈量/上工/世达/青量","0-30mm，分度值0.01mm，带校对环规",3,0,2,5,"把",331.32,993.96,{"v":0,"d":"0.00"},662.64,{"v":1656.6,"d":"1656.60"}]
[1403,"▲","内径千分尺","工器具","哈量/上工/世达/青量","25-50mm，分度值0.01mm带校对环规",3,0,2,5,"把",458.68,1376.04,{"v":0,"d":"0.00"},917.36,{"v":2293.4,"d":"2293.40"}]
[1404,"▲","内径千分尺","工器具","哈量/上工/世达/青量","50-75mm，分度值0.01mm",3,0,2,5,"把",491.37,1474.11,{"v":0,"d":"0.00"},982.74,2456.85]
[1405,"▲","内径千分尺","工器具","哈量/上工/世达/青量","75-100mm，分度值0.01mm",3,0,2,5,"把",546.15,1638.45,{"v":0,"d":"0.00"},{"v":1092.3,"d":"1092.30"},2730.75]
[1406,"▲","百分表","工器具","哈量/上工/世达/青量","测量范围0-5mm，精度值0.01mm，精度等级1级。",5,0,2,7,"只",209.65,1048.25,{"v":0,"d":"0.00"},{"v":419.3,"d":"419.30"},1467.55]
[1407,"▲","百分表","工器具","哈量/上工/世达/青量","测量范围0-10mm，精度值0.01mm，精度等级1级",5,0,2,7,"只",257.51,1287.55,{"v":0,"d":"0.00"},515.02,1802.57]
[1408,"▲","百分表","工器具","哈量/上工/世达/青量","测量范围0-20mm，精度值0.01mm，精度等级1级",4,0,2,6,"只",421.92,1687.68,{"v":0,"d":"0.00"},843.84,2531.52]
[1409,"▲","百分表","工器具","哈量/上工/世达/青量","测量范围0-30mm，精度值0.01mm，精度等级1级",4,0,2,6,"只",490.58,1962.32,{"v":0,"d":"0.00"},981.16,2943.48]
[1410,"▲","卷尺","工器具","世达/史丹利/老A","5米",12,0,2,{"$f":"SUM(G1412:I1412)","v":14},"把",46.98,{"$f":"L1412*G1412","v":563.76},{"$f":"L1412*H1412","v":{"v":0,"d":"0.00"}},{"$f":"L1412*I1412","v":93.96},{"$f":"M1412+N1412+O1412","v":657.72}]
[1411,"▲","卷尺","工器具","世达/史丹利/老A","7.5米",12,0,2,14,"把",75.04,900.48,{"v":0,"d":"0.00"},150.08,1050.56]
[1412,"▲","游标卡尺","工器具","上工/世达/史丹利","0-300mm（带表）",5,0,2,7,"把",530.34,{"v":2651.7,"d":"2651.70"},{"v":0,"d":"0.00"},1060.68,3712.38]
[1413,"▲","游标卡尺","工器具","上工/世达/史丹利","0-200mm（带表）",5,0,2,7,"把",398.46,{"v":1992.3,"d":"1992.30"},{"v":0,"d":"0.00"},796.92,2789.22]
[1414,"▲","铝合金尺座不锈钢角尺","工器具","史丹利/世达/伍尔特","300mm",6,0,2,8,"把",50.6,{"v":303.6,"d":"303.60"},{"v":0,"d":"0.00"},{"v":101.2,"d":"101.20"},{"v":404.8,"d":"404.80"}]
[1415,"▲","带水平尺的角尺","工器具","史丹利/世达/伍尔特","300mmx164mm",6,0,2,8,"把",52.44,314.64,{"v":0,"d":"0.00"},104.88,419.52]
[1416,"▲","钢板尺","工器具","史丹利/世达/伍尔特","30cm",6,0,2,8,"把",17.15,{"v":102.9,"d":"102.90"},{"v":0,"d":"0.00"},{"v":34.3,"d":"34.30"},{"v":137.2,"d":"137.20"}]
[1417,"▲","钢板尺","工器具","史丹利/世达/伍尔特","50cm",6,0,2,8,"把",30.72,184.32,{"v":0,"d":"0.00"},61.44,245.76]
[1418,"▲","钢板尺","工器具","史丹利/世达/得力","1米",6,0,2,8,"把",54.17,325.02,{"v":0,"d":"0.00"},108.34,433.36]
[1419,"▲","梅花开口扳手","工器具","百威狮/世达/史丹利","13mm",30,1,2,33,"把",14.61,{"v":438.3,"d":"438.30"},14.61,29.22,482.13]
[1420,"▲","梅花开口扳手","工器具","百威狮/世达/史丹利","17mm",30,1,2,33,"把",20.73,{"v":621.9,"d":"621.90"},20.73,41.46,684.09]
[1421,"▲","梅花开口扳手","工器具","百威狮/世达/史丹利","19mm",30,1,2,33,"把",24.38,{"v":731.4,"d":"731.40"},24.38,48.76,804.54]
[1422,"▲","梅花开口扳手","工器具","百威狮/世达/史丹利","27mm",18,1,2,21,"把",48.64,875.52,48.64,97.28,1021.44]
[1423,"▲","梅花开口扳手","工器具","百威狮/世达/史丹利","30mm",18,1,2,21,"把",61.34,1104.12,61.34,122.68,1288.14]
[1424,"▲","梅花开口扳手","工器具","百威狮/世达/史丹利","32mm",18,1,2,21,"把",66.98,1205.64,66.98,133.96,1406.58]
[1425,"▲","梅花开口扳手","工器具","百威狮/世达/史丹利","34mm",18,1,2,21,"把",81.21,1461.78,81.21,162.42,1705.41]
[1426,"▲","梅花开口扳手","工器具","百威狮/世达/史丹利","36mm",18,1,2,21,"把",101.69,1830.42,101.69,203.38,2135.49]
[1427,"▲","梅花开口扳手","工器具","百威狮/世达/史丹利","38mm",9,1,2,12,"把",104.51,940.59,104.51,209.02,1254.12]
[1428,"▲","梅花开口扳手","工器具","百威狮/世达/史丹利","40mm",9,1,2,12,"把",75.16,676.44,75.16,150.32,901.92]
[1429,"▲","梅花开口扳手","工器具","百威狮/世达/史丹利","41mm",5,1,2,8,"把",125.64,{"v":628.2,"d":"628.20"},125.64,251.28,1005.12]
[1430,"▲","梅花开口扳手","工器具","百威狮/世达/史丹利","42mm",5,1,2,8,"把",131.81,659.05,131.81,263.62,1054.48]
[1431,"▲","梅花开口扳手","工器具","百威狮/世达/史丹利","44mm",5,1,2,8,"把",89.21,446.05,89.21,178.42,713.68]
[1432,"▲","梅花开口扳手","工器具","百威狮/世达/史丹利","45mm",5,1,2,8,"把",93.54,{"v":467.7,"d":"467.70"},93.54,187.08,748.32]
[1433,"▲","梅花开口扳手","工器具","百威狮/世达/史丹利","46mm",5,1,2,8,"把",162.75,813.75,162.75,{"v":325.5,"d":"325.50"},{"v":1302,"d":"1302.00"}]
[1434,"▲","梅花开口扳手","工器具","百威狮/世达/史丹利","48mm",5,1,2,8,"把",186.88,{"v":934.4,"d":"934.40"},186.88,373.76,1495.04]
[1435,"▲","梅花扳手","工器具","百威狮/世达/史丹利","9-11mm",48,1,2,51,"把",15.24,731.52,15.24,30.48,777.24]
[1436,"▲","梅花扳手","工器具","百威狮/世达/史丹利","12-14mm",48,1,2,51,"把",18.11,869.28,18.11,36.22,923.61]
[1437,"▲","梅花扳手","工器具","百威狮/世达/史丹利","13-16mm",48,1,2,51,"把",23.16,1111.68,23.16,46.32,1181.16]
[1438,"▲","梅花扳手","工器具","百威狮/世达/史丹利","14-17mm",48,1,2,51,"把",24.01,1152.48,24.01,48.02,1224.51]
[1439,"▲","梅花扳手","工器具","百威狮/世达/史丹利","17-19mm",48,1,2,51,"把",28.03,1345.44,28.03,56.06,1429.53]
[1440,"▲","梅花扳手","工器具","百威狮/世达/史丹利","19-22mm",48,1,2,51,"把",33.21,1594.08,33.21,66.42,1693.71]
[1441,"▲","梅花扳手","工器具","百威狮/世达/史丹利","22-24mm",30,1,2,33,"把",42.35,{"v":1270.5,"d":"1270.50"},42.35,{"v":84.7,"d":"84.70"},1397.55]
[1442,"▲","梅花扳手","工器具","百威狮/世达/史丹利","24-27mm",30,1,2,33,"把",60.88,{"v":1826.4,"d":"1826.40"},60.88,121.76,2009.04]
[1443,"▲","梅花扳手","工器具","百威狮/世达/史丹利","27-30mm",30,1,2,33,"把",80.56,{"v":2416.8,"d":"2416.80"},80.56,161.12,2658.48]
[1444,"▲","梅花扳手","工器具","百威狮/世达/史丹利","30-32mm",30,1,2,33,"把",82.64,{"v":2479.2,"d":"2479.20"},82.64,165.28,2727.12]
[1445,"▲","梅花扳手","工器具","百威狮/世达/史丹利","32-36mm",30,1,2,33,"把",87.11,{"v":2613.3,"d":"2613.30"},87.11,174.22,2874.63]
[1446,"▲","开口扳手","工器具","百威狮/世达/史丹利","9-11mm",48,1,2,51,"把",12.45,{"v":597.6,"d":"597.60"},12.45,{"v":24.9,"d":"24.90"},634.95]
[1447,"▲","开口扳手","工器具","百威狮/世达/史丹利","12-14mm",48,1,2,51,"把",14.1,{"v":676.8,"d":"676.80"},{"v":14.1,"d":"14.10"},{"v":28.2,"d":"28.20"},{"v":719.1,"d":"719.10"}]
[1448,"▲","开口扳手","工器具","百威狮/世达/史丹利","13-16mm",48,1,2,51,"把",16.31,782.88,16.31,32.62,831.81]
[1449,"▲","开口扳手","工器具","百威狮/世达/史丹利","14-17mm",48,1,2,51,"把",16.31,782.88,16.31,32.62,831.81]
[1450,"▲","开口扳手","工器具","百威狮/世达/史丹利","17-19mm",48,1,2,51,"把",21,{"v":1008,"d":"1008.00"},{"v":21,"d":"21.00"},{"v":42,"d":"42.00"},{"v":1071,"d":"1071.00"}]
[1451,"▲","开口扳手","工器具","百威狮/世达/史丹利","19-22mm",48,1,2,51,"把",28.06,1346.88,28.06,56.12,1431.06]
[1452,"▲","开口扳手","工器具","百威狮/世达/史丹利","22-24mm",30,1,2,33,"把",31.86,{"v":955.8,"d":"955.80"},31.86,63.72,1051.38]
[1453,"▲","开口扳手","工器具","百威狮/世达/史丹利","24-27mm",30,1,2,33,"把",42.11,{"v":1263.3,"d":"1263.30"},42.11,84.22,1389.63]
[1454,"▲","开口扳手","工器具","百威狮/世达/史丹利","27-30mm",30,1,2,33,"把",48.64,{"v":1459.2,"d":"1459.20"},48.64,97.28,1605.12]
[1455,"▲","开口扳手","工器具","百威狮/世达/史丹利","30-32mm",30,1,2,33,"把",55.36,{"v":1660.8,"d":"1660.80"},55.36,110.72,1826.88]
[1456,"▲","开口扳手","工器具","百威狮/世达/史丹利","32-36mm",30,1,2,33,"把",86.73,{"v":2601.9,"d":"2601.90"},86.73,173.46,2862.09]
[1457,"▲","梅花棘轮-开口扳手","工器具","百威狮/世达/史丹利","12mm",48,1,2,51,"把",24.17,1160.16,24.17,48.34,1232.67]
[1458,"▲","梅花棘轮-开口扳手","工器具","百威狮/世达/史丹利","13mm",48,1,2,51,"把",25.01,1200.48,25.01,50.02,1275.51]
[1459,"▲","梅花棘轮-开口扳手","工器具","百威狮/世达/史丹利","14mm",48,1,2,51,"把",27.89,1338.72,27.89,55.78,1422.39]
[1460,"▲","梅花棘轮-开口扳手","工器具","百威狮/世达/史丹利","17mm",48,1,2,51,"把",36.9,{"v":1771.2,"d":"1771.20"},{"v":36.9,"d":"36.90"},{"v":73.8,"d":"73.80"},{"v":1881.9,"d":"1881.90"}]
[1461,"▲","梅花棘轮-开口扳手","工器具","百威狮/世达/史丹利","19mm",48,1,2,51,"把",41.06,1970.88,41.06,82.12,2094.06]
[1462,"▲","梅花棘轮-开口扳手","工器具","百威狮/世达/史丹利","22mm",48,1,2,51,"把",53.33,2559.84,53.33,106.66,2719.83]
[1463,"▲","梅花棘轮-开口扳手","工器具","百威狮/世达/史丹利","24mm",30,1,2,33,"把",63.45,{"v":1903.5,"d":"1903.50"},63.45,{"v":126.9,"d":"126.90"},2093.85]
[1464,"▲","套筒","工器具","百威狮/世达/史丹利","27mm",30,1,2,33,"只",54.5,{"v":1635,"d":"1635.00"},{"v":54.5,"d":"54.50"},{"v":109,"d":"109.00"},{"v":1798.5,"d":"1798.50"}]
[1465,"▲","套筒","工器具","百威狮/世达/史丹利","30mm",30,1,2,33,"只",24.09,{"v":722.7,"d":"722.70"},24.09,48.18,794.97]
[1466,"▲","套筒","工器具","百威狮/世达/史丹利","32mm",30,1,2,33,"只",43.54,{"v":1306.2,"d":"1306.20"},43.54,87.08,1436.82]
[1467,"▲","套筒","工器具","百威狮/世达/史丹利","34mm",30,1,2,33,"只",46.06,{"v":1381.8,"d":"1381.80"},46.06,92.12,1519.98]
[1468,"▲","套筒","工器具","百威狮/世达/史丹利","36mm",18,1,2,21,"只",47.2,{"v":849.6,"d":"849.60"},{"v":47.2,"d":"47.20"},{"v":94.4,"d":"94.40"},{"v":991.2,"d":"991.20"}]
[1469,"▲","套筒","工器具","百威狮/世达/史丹利","38mm",18,1,2,21,"只",50.11,901.98,50.11,100.22,1052.31]
[1470,"▲","套筒","工器具","百威狮/世达/史丹利","40mm",18,1,2,21,"只",52.5,{"v":945,"d":"945.00"},{"v":52.5,"d":"52.50"},{"v":105,"d":"105.00"},{"v":1102.5,"d":"1102.50"}]
[1471,"▲","套筒","工器具","百威狮/世达/史丹利","41mm",18,1,2,21,"只",54.95,{"v":989.1,"d":"989.10"},54.95,{"v":109.9,"d":"109.90"},1153.95]
[1472,"▲","套筒","工器具","百威狮/世达/史丹利","46mm",18,1,2,21,"只",64.34,1158.12,64.34,128.68,1351.14]
[1473,"▲","梅花扳手套装","工器具","世达/史丹利/田岛","5.5mm-32mm",6,0,2,8,"套",788.45,{"v":4730.7,"d":"4730.70"},{"v":0,"d":"0.00"},{"v":1576.9,"d":"1576.90"},{"v":6307.6,"d":"6307.60"}]
[1474,"▲","开口扳手套装","工器具","百威狮/世达/史丹利","5.5mm-32mm",6,0,2,{"$f":"SUM(G1476:I1476)","v":8},"套",285.36,{"$f":"L1476*G1476","v":1712.16},{"$f":"L1476*H1476","v":{"v":0,"d":"0.00"}},{"$f":"L1476*I1476","v":570.72},{"$f":"M1476+N1476+O1476","v":2282.88}]
[1475,"▲","梅花开口扳手套装","工器具","百威狮/世达/史丹利","5.5mm-32mm",6,0,2,8,"套",837.82,5026.92,{"v":0,"d":"0.00"},1675.64,6702.56]
[1476,"▲","梅花棘轮-开口扳手套装","工器具","百威狮/世达/史丹利","6-32mm",6,0,2,8,"套",1903.1,{"v":11418.6,"d":"11418.60"},{"v":0,"d":"0.00"},{"v":3806.2,"d":"3806.20"},{"v":15224.8,"d":"15224.80"}]
[1477,"▲","套筒扳手套装","工器具","沪工/百威狮/瑞能","5.5mm-32mm",6,0,2,8,"套",705.64,4233.84,{"v":0,"d":"0.00"},1411.28,5645.12]
[1478,"▲","棘轮齿轮扳手套装","工器具","开拓/世达/史丹利","8mm-24mm（14件套）",6,0,2,8,"套",613.02,3678.12,{"v":0,"d":"0.00"},1226.04,4904.16]
[1479,"▲","扭力扳手","工器具","开拓/世达/史丹利","28-210Nm",4,0,2,6,"把",1507.27,6029.08,{"v":0,"d":"0.00"},3014.54,9043.62]
[1480,"▲","内六角扳手套装","工器具","史丹利/世达/高松","1.5mm-10mm",12,0,2,14,"套",125.57,1506.84,{"v":0,"d":"0.00"},251.14,1757.98]
[1481,"▲","内六角扳手套装","工器具","史丹利/世达/高松","加长球头 10件套（2mm-10）",12,0,2,14,"套",141.87,1702.44,{"v":0,"d":"0.00"},283.74,1986.18]
[1482,"▲","内六角扳手套装","工器具","史丹利/世达/高松","英制",5,0,2,7,"套",159.01,795.05,{"v":0,"d":"0.00"},318.02,1113.07]
[1483,"▲","内六角扳手","工器具","史丹利/世达/高松","12mm",9,0,2,11,"把",21.32,191.88,{"v":0,"d":"0.00"},42.64,234.52]
[1484,"▲","内六角扳手","工器具","史丹利/世达/高松","14mm",9,0,2,11,"把",32.32,290.88,{"v":0,"d":"0.00"},64.64,355.52]
[1485,"▲","内六角扳手","工器具","史丹利/世达/高松","16mm",9,0,2,11,"把",43.24,389.16,{"v":0,"d":"0.00"},86.48,475.64]
[1486,"▲","内六角扳手","工器具","史丹利/世达/高松","17mm",4,0,2,6,"把",54.46,217.84,{"v":0,"d":"0.00"},108.92,326.76]
[1487,"▲","内六角扳手","工器具","史丹利/世达/高松","18mm",4,0,2,6,"把",59.37,237.48,{"v":0,"d":"0.00"},118.74,356.22]
[1488,"▲","内六角扳手","工器具","史丹利/世达/高松","19mm",4,0,2,6,"把",70.17,280.68,{"v":0,"d":"0.00"},140.34,421.02]
[1489,"▲","内六角扳手","工器具","史丹利/世达/高松","22mm",3,0,2,5,"把",141.06,423.18,{"v":0,"d":"0.00"},282.12,{"v":705.3,"d":"705.30"}]
[1490,"▲","活动扳手","工器具","世达/宝工/史丹利","4寸",15,0,2,17,"把",28.91,433.65,{"v":0,"d":"0.00"},57.82,491.47]
[1491,"▲","活动扳手","工器具","世达/宝工/史丹利","6寸",24,0,2,26,"把",35.22,845.28,{"v":0,"d":"0.00"},70.44,915.72]
[1492,"▲","活动扳手","工器具","世达/宝工/史丹利","8寸",24,0,2,26,"把",41.56,997.44,{"v":0,"d":"0.00"},83.12,1080.56]
[1493,"▲","活动扳手","工器具","世达/宝工/史丹利","10寸",24,0,2,26,"把",51.51,1236.24,{"v":0,"d":"0.00"},103.02,1339.26]
[1494,"▲","活动扳手","工器具","世达/宝工/史丹利","12寸",15,0,2,17,"把",69.59,1043.85,{"v":0,"d":"0.00"},139.18,1183.03]
[1495,"▲","活动扳手","工器具","世达/宝工/史丹利","15寸",15,0,2,17,"把",134.64,{"v":2019.6,"d":"2019.60"},{"v":0,"d":"0.00"},269.28,2288.88]
[1496,"▲","活动扳手","工器具","世达/宝工/史丹利","18寸",9,0,2,11,"把",241.22,2170.98,{"v":0,"d":"0.00"},482.44,2653.42]
[1497,"▲","活动扳手","工器具","世达/宝工/史丹利","24寸",4,0,2,6,"把",386.7,{"v":1546.8,"d":"1546.80"},{"v":0,"d":"0.00"},{"v":773.4,"d":"773.40"},{"v":2320.2,"d":"2320.20"}]
[1498,"▲","链条扳手","工器具","世达/宝工/史丹利","12寸",6,0,2,8,"把",133.7,{"v":802.2,"d":"802.20"},{"v":0,"d":"0.00"},{"v":267.4,"d":"267.40"},{"v":1069.6,"d":"1069.60"}]
[1499,"▲","链条扳手","工器具","世达/宝工/史丹利","15寸",6,0,2,8,"把",173.88,1043.28,{"v":0,"d":"0.00"},347.76,1391.04]
[1500,"▲","皮带扳手","工器具","世达/宝工/史丹利","11寸",4,0,2,6,"把",132.87,531.48,{"v":0,"d":"0.00"},265.74,797.22]
[1501,"▲","大开口卫浴扳手","工器具","ZHCY/绿林/得力","6-75mm",6,0,2,8,"把",102.08,612.48,{"v":0,"d":"0.00"},204.16,816.64]
[1502,"▲","八合一水槽扳手","工器具","ZHCY/绿林/得力","适用于2/3/4/6分螺母",6,0,2,8,"把",57.83,346.98,{"v":0,"d":"0.00"},115.66,462.64]
[1503,"▲","大容量拉杆式工具包","工器具","世达/老A/史丹利","23寸 430×240×380mm",5,0,2,7,"个",824.88,{"v":4124.4,"d":"4124.40"},{"v":0,"d":"0.00"},1649.76,5774.16]
[1504,"▲","十字螺丝刀","工器具","史丹利/世达/罗宾汉","杆径3.2mm，杆长60-75mm",30,1,2,33,"把",15.37,{"v":461.1,"d":"461.10"},15.37,30.74,507.21]
[1505,"▲","十字螺丝刀","工器具","史丹利/世达/罗宾汉","杆径3.2mm，杆长100mm",36,1,2,39,"把",16.3,{"v":586.8,"d":"586.80"},{"v":16.3,"d":"16.30"},{"v":32.6,"d":"32.60"},{"v":635.7,"d":"635.70"}]
[1506,"▲","十字螺丝刀","工器具","史丹利/世达/罗宾汉","杆径3.2mm，杆长125mm",36,1,2,39,"把",17.15,{"v":617.4,"d":"617.40"},17.15,{"v":34.3,"d":"34.30"},668.85]
[1507,"▲","十字螺丝刀","工器具","史丹利/世达/罗宾汉","杆径3.2mm，杆长150mm",36,1,2,39,"把",18.99,683.64,18.99,37.98,740.61]
[1508,"▲","十字螺丝刀","工器具","史丹利/世达/罗宾汉","杆径5mm，杆长60-75mm",24,1,2,27,"把",15.58,373.92,15.58,31.16,420.66]
[1509,"▲","十字螺丝刀","工器具","史丹利/世达/罗宾汉","杆径5mm，杆长100mm",36,1,2,39,"把",16.26,585.36,16.26,32.52,634.14]
[1510,"▲","十字螺丝刀","工器具","史丹利/世达/罗宾汉","杆径5mm，杆长150mm",36,1,2,39,"把",16.74,602.64,16.74,33.48,652.86]
[1511,"▲","十字螺丝刀","工器具","史丹利/世达/罗宾汉","杆径5mm，杆长200mm",24,1,2,27,"把",28.02,672.48,28.02,56.04,756.54]
[1512,"▲","十字螺丝刀","工器具","史丹利/世达/罗宾汉","杆径6mm，杆长40-60mm",30,1,2,33,"把",18.99,{"v":569.7,"d":"569.70"},18.99,37.98,626.67]
[1513,"▲","十字螺丝刀","工器具","史丹利/世达/罗宾汉","杆径6mm，杆长100mm",36,1,2,39,"把",24.38,877.68,24.38,48.76,950.82]
[1514,"▲","十字螺丝刀","工器具","史丹利/世达/罗宾汉","杆径6mm，杆长125mm",36,1,2,39,"把",27.11,975.96,27.11,54.22,1057.29]
[1515,"▲","十字螺丝刀","工器具","史丹利/世达/罗宾汉","杆径6mm，杆长150mm",36,1,2,39,"把",27.11,975.96,27.11,54.22,1057.29]
[1516,"▲","十字螺丝刀","工器具","史丹利/世达/罗宾汉","杆径6mm，杆长200mm",36,1,2,39,"把",30.72,1105.92,30.72,61.44,1198.08]
[1517,"▲","十字螺丝刀","工器具","史丹利/世达/罗宾汉","杆径6mm，杆长250mm",36,1,2,39,"把",33.44,1203.84,33.44,66.88,1304.16]
[1518,"▲","十字螺丝刀","工器具","史丹利/世达/罗宾汉","杆径8mm，杆长150mm",18,1,2,21,"把",34.37,618.66,34.37,68.74,721.77]
[1519,"▲","十字螺丝刀","工器具","史丹利/世达/罗宾汉","杆径8mm，杆长200mm",18,1,2,21,"把",26.19,471.42,26.19,52.38,549.99]
[1520,"▲","十字螺丝刀","工器具","史丹利/世达/罗宾汉","杆径8mm，杆长250mm",18,1,2,21,"把",31.9,{"v":574.2,"d":"574.20"},{"v":31.9,"d":"31.90"},{"v":63.8,"d":"63.80"},{"v":669.9,"d":"669.90"}]
[1521,"▲","一字螺丝刀","工器具","史丹利/世达/罗宾汉","杆径3.2mm，杆长60-75mm",30,1,2,33,"把",15.37,{"v":461.1,"d":"461.10"},15.37,30.74,507.21]
[1522,"▲","一字螺丝刀","工器具","史丹利/世达/罗宾汉","杆径3.2mm，杆长100mm",36,1,2,39,"把",16.3,{"v":586.8,"d":"586.80"},{"v":16.3,"d":"16.30"},{"v":32.6,"d":"32.60"},{"v":635.7,"d":"635.70"}]
[1523,"▲","一字螺丝刀","工器具","史丹利/世达/罗宾汉","杆径3.2mm，杆长125mm",36,1,2,39,"把",17.15,{"v":617.4,"d":"617.40"},17.15,{"v":34.3,"d":"34.30"},668.85]
[1524,"▲","一字螺丝刀","工器具","史丹利/世达/罗宾汉","杆径3.2mm，杆长150mm",36,1,2,39,"把",18.99,683.64,18.99,37.98,740.61]
[1525,"▲","一字螺丝刀","工器具","史丹利/世达/罗宾汉","杆径5mm，杆长60-75mm",24,1,2,27,"把",22.6,{"v":542.4,"d":"542.40"},{"v":22.6,"d":"22.60"},{"v":45.2,"d":"45.20"},{"v":610.2,"d":"610.20"}]
[1526,"▲","一字螺丝刀","工器具","史丹利/世达/罗宾汉","杆径5mm，杆长100mm",36,1,2,39,"把",23.49,845.64,23.49,46.98,916.11]
[1527,"▲","一字螺丝刀","工器具","史丹利/世达/罗宾汉","杆径5mm，杆长150mm",36,1,2,39,"把",26.22,943.92,26.22,52.44,1022.58]
[1528,"▲","一字螺丝刀","工器具","史丹利/世达/罗宾汉","杆径5mm，杆长200mm",24,1,2,27,"把",28.02,672.48,28.02,56.04,756.54]
[1529,"▲","一字螺丝刀","工器具","史丹利/世达/罗宾汉","杆径6mm，杆长40-60mm",30,1,2,33,"把",18.99,{"v":569.7,"d":"569.70"},18.99,37.98,626.67]
[1530,"▲","一字螺丝刀","工器具","史丹利/世达/罗宾汉","杆径6mm，杆长100mm",36,1,2,39,"把",24.38,877.68,24.38,48.76,950.82]
[1531,"▲","一字螺丝刀","工器具","史丹利/世达/罗宾汉","杆径6mm，杆长125mm",36,1,2,39,"把",28.91,1040.76,28.91,57.82,1127.49]
[1532,"▲","一字螺丝刀","工器具","史丹利/世达/罗宾汉","杆径6mm，杆长150mm",36,1,2,39,"把",28.91,1040.76,28.91,57.82,1127.49]
[1533,"▲","一字螺丝刀","工器具","史丹利/世达/罗宾汉","杆径6mm，杆长200mm",36,1,2,39,"把",32.82,1181.52,32.82,65.64,1279.98]
[1534,"▲","一字螺丝刀","工器具","史丹利/世达/罗宾汉","杆径6mm，杆长250mm",36,1,2,39,"把",33.44,1203.84,33.44,66.88,1304.16]
[1535,"▲","一字螺丝刀","工器具","史丹利/世达/罗宾汉","杆径8mm，杆长150mm",24,1,2,27,"把",34.33,823.92,34.33,68.66,926.91]
[1536,"▲","一字螺丝刀","工器具","史丹利/世达/罗宾汉","杆径8mm，杆长200mm",24,1,2,27,"把",37.98,911.52,37.98,75.96,1025.46]
[1537,"▲","一字螺丝刀","工器具","史丹利/世达/罗宾汉","杆径8mm，杆长250mm",24,1,2,27,"把",46.09,1106.16,46.09,92.18,1244.43]
[1538,"▲","十字绝缘螺丝刀","工器具","史丹利/世达/罗宾汉","杆径3mm，杆长60mm",24,1,2,{"$f":"SUM(G1540:I1540)","v":27},"把",56.05,{"$f":"L1540*G1540","v":{"v":1345.2,"d":"1345.20"}},{"$f":"L1540*H1540","v":56.05},{"$f":"L1540*I1540","v":{"v":112.1,"d":"112.10"}},{"$f":"M1540+N1540+O1540","v":1513.35}]
[1539,"▲","十字绝缘螺丝刀","工器具","史丹利/世达/罗宾汉","杆径5mm，杆长80mm",24,1,2,27,"把",59.63,1431.12,59.63,119.26,1610.01]
[1540,"▲","十字绝缘螺丝刀","工器具","史丹利/世达/罗宾汉","杆径6mm，杆长100mm",24,1,2,27,"把",78.59,1886.16,78.59,157.18,2121.93]
[1541,"▲","十字绝缘螺丝刀","工器具","史丹利/世达/罗宾汉","杆径8mm，杆长150mm",24,1,2,27,"把",97.58,2341.92,97.58,195.16,2634.66]
[1542,"▲","一字绝缘螺丝刀","工器具","史丹利/世达/罗宾汉","杆径3mm，杆长60mm",24,1,2,27,"把",55.13,1323.12,55.13,110.26,1488.51]
[1543,"▲","一字绝缘螺丝刀","工器具","史丹利/世达/罗宾汉","杆径5mm，杆长80mm",24,1,2,27,"把",63.25,{"v":1518,"d":"1518.00"},63.25,{"v":126.5,"d":"126.50"},1707.75]
[1544,"▲","一字绝缘螺丝刀","工器具","史丹利/世达/罗宾汉","杆径6mm，杆长100mm",24,1,2,27,"把",76.81,1843.44,76.81,153.62,2073.87]
[1545,"▲","一字绝缘螺丝刀","工器具","史丹利/世达/罗宾汉","杆径8mm，杆长150mm",24,0,2,26,"把",93.97,2255.28,{"v":0,"d":"0.00"},187.94,2443.22]
[1546,"▲","短款十字螺丝刀","工器具","史丹利/世达/罗宾汉","杆径5mm，杆长30mm",24,0,2,26,"把",44.25,{"v":1062,"d":"1062.00"},{"v":0,"d":"0.00"},{"v":88.5,"d":"88.50"},{"v":1150.5,"d":"1150.50"}]
[1547,"▲","短款十字螺丝刀","工器具","史丹利/世达/罗宾汉","杆径6mm，杆长30mm",24,0,2,26,"把",45.18,1084.32,{"v":0,"d":"0.00"},90.36,1174.68]
[1548,"▲","短款一字螺丝刀","工器具","史丹利/世达/罗宾汉","杆径5mm，杆长30mm",24,0,2,26,"把",46.09,1106.16,{"v":0,"d":"0.00"},92.18,1198.34]
[1549,"▲","短款一字螺丝刀","工器具","史丹利/世达/罗宾汉","杆径6mm，杆长30mm",24,0,2,26,"把",50.6,{"v":1214.4,"d":"1214.40"},{"v":0,"d":"0.00"},{"v":101.2,"d":"101.20"},{"v":1315.6,"d":"1315.60"}]
[1550,"▲","可敲击十字螺丝刀","工器具","史丹利/世达/罗宾汉","杆径6mm，杆长150mm",12,1,2,15,"把",47.87,574.44,47.87,95.74,718.05]
[1551,"▲","可敲击十字螺丝刀","工器具","史丹利/世达/罗宾汉","杆径8mm，杆长200mm",12,1,2,15,"把",61.44,737.28,61.44,122.88,{"v":921.6,"d":"921.60"}]
[1552,"▲","可敲击十字螺丝刀","工器具","史丹利/世达/罗宾汉","杆径8mm，杆长250mm",12,1,2,15,"把",66.86,802.32,66.86,133.72,{"v":1002.9,"d":"1002.90"}]
[1553,"▲","可敲击十字螺丝刀","工器具","史丹利/世达/罗宾汉","杆径8mm，杆长300mm",12,1,2,15,"把",71.36,856.32,71.36,142.72,{"v":1070.4,"d":"1070.40"}]
[1554,"▲","可敲击一字螺丝刀","工器具","史丹利/世达/罗宾汉","杆径6mm，杆长150mm",12,1,2,15,"把",47.87,574.44,47.87,95.74,718.05]
[1555,"▲","可敲击一字螺丝刀","工器具","史丹利/世达/罗宾汉","杆径8mm，杆长200mm",12,1,2,15,"把",61.44,737.28,61.44,122.88,{"v":921.6,"d":"921.60"}]
[1556,"▲","可敲击一字螺丝刀","工器具","史丹利/世达/罗宾汉","杆径8mm，杆长250mm",12,1,2,15,"把",66.86,802.32,66.86,133.72,{"v":1002.9,"d":"1002.90"}]
[1557,"▲","精修螺丝刀套装","工器具","史丹利/世达/罗宾汉","6件套",12,1,2,15,"套",51.32,615.84,51.32,102.64,{"v":769.8,"d":"769.80"}]
[1558,"▲","棘轮螺丝刀组合套装","工器具","史丹利/世达/罗宾汉","含十字批头、一字批头、梅花批头、六角批头",12,0,2,14,"套",270.13,3241.56,{"v":0,"d":"0.00"},540.26,3781.82]
[1559,"▲","钢丝钳","工器具","世达/史丹利/宝工","6寸",24,0,2,26,"把",84.01,2016.24,{"v":0,"d":"0.00"},168.02,2184.26]
[1560,"▲","钢丝钳","工器具","世达/史丹利/宝工","8寸",24,0,2,26,"把",63.1,{"v":1514.4,"d":"1514.40"},{"v":0,"d":"0.00"},{"v":126.2,"d":"126.20"},{"v":1640.6,"d":"1640.60"}]
[1561,"▲","斜口钳","工器具","世达/史丹利/宝工","5寸",24,0,2,26,"把",60.52,1452.48,{"v":0,"d":"0.00"},121.04,1573.52]
[1562,"▲","斜口钳","工器具","世达/史丹利/宝工","6寸",24,0,2,26,"把",61.44,1474.56,{"v":0,"d":"0.00"},122.88,1597.44]
[1563,"▲","斜口钳","工器具","世达/史丹利/宝工","7寸",24,0,2,26,"把",74.12,1778.88,{"v":0,"d":"0.00"},148.24,1927.12]
[1564,"▲","尖嘴钳","工器具","世达/史丹利/宝工","5寸",24,0,2,26,"把",57.83,1387.92,{"v":0,"d":"0.00"},115.66,1503.58]
[1565,"▲","尖嘴钳","工器具","世达/史丹利/宝工","6寸",24,0,2,26,"把",69.59,1670.16,{"v":0,"d":"0.00"},139.18,1809.34]
[1566,"▲","尖嘴钳","工器具","世达/史丹利/宝工","8寸",24,0,2,26,"把",87.66,2103.84,{"v":0,"d":"0.00"},175.32,2279.16]
[1567,"▲","大力钳","工器具","老A/世达/史丹利","7寸",5,0,2,7,"把",56.05,280.25,{"v":0,"d":"0.00"},{"v":112.1,"d":"112.10"},392.35]
[1568,"▲","大力钳","工器具","老A/世达/史丹利","10寸",5,0,2,7,"把",93.97,469.85,{"v":0,"d":"0.00"},187.94,657.79]
[1569,"▲","孔用卡簧钳","工器具","世达/史丹利/宝工","5寸，直嘴",6,0,2,8,"把",48.79,292.74,{"v":0,"d":"0.00"},97.58,390.32]
[1570,"▲","孔用卡簧钳","工器具","世达/史丹利/宝工","7寸，直嘴",6,0,2,8,"把",64.16,384.96,{"v":0,"d":"0.00"},128.32,513.28]
[1571,"▲","孔用卡簧钳","工器具","世达/史丹利/宝工","9寸，直嘴",6,0,2,8,"把",79.51,477.06,{"v":0,"d":"0.00"},159.02,636.08]
[1572,"▲","孔用卡簧钳","工器具","世达/史丹利/宝工","13寸，直嘴",6,0,2,8,"把",129.19,775.14,{"v":0,"d":"0.00"},258.38,1033.52]
[1573,"▲","孔用卡簧钳","工器具","世达/史丹利/宝工","5寸，弯嘴",6,0,2,8,"把",48.79,292.74,{"v":0,"d":"0.00"},97.58,390.32]
[1574,"▲","孔用卡簧钳","工器具","世达/史丹利/宝工","7寸，弯嘴",6,0,2,8,"把",64.16,384.96,{"v":0,"d":"0.00"},128.32,513.28]
[1575,"▲","孔用卡簧钳","工器具","世达/史丹利/宝工","9寸，弯嘴",6,0,2,8,"把",79.51,477.06,{"v":0,"d":"0.00"},159.02,636.08]
[1576,"▲","孔用卡簧钳","工器具","世达/史丹利/宝工","13寸，弯嘴",6,0,2,8,"把",129.19,775.14,{"v":0,"d":"0.00"},258.38,1033.52]
[1577,"▲","轴用卡簧钳","工器具","世达/史丹利/宝工","5寸，直嘴",6,0,2,8,"把",48.79,292.74,{"v":0,"d":"0.00"},97.58,390.32]
[1578,"▲","轴用卡簧钳","工器具","世达/史丹利/宝工","7寸，直嘴",6,0,2,8,"把",64.16,384.96,{"v":0,"d":"0.00"},128.32,513.28]
[1579,"▲","轴用卡簧钳","工器具","世达/史丹利/宝工","9寸，直嘴",6,0,2,8,"把",79.51,477.06,{"v":0,"d":"0.00"},159.02,636.08]
[1580,"▲","轴用卡簧钳","工器具","世达/史丹利/宝工","13寸，直嘴",6,0,2,8,"把",129.19,775.14,{"v":0,"d":"0.00"},258.38,1033.52]
[1581,"▲","轴用卡簧钳","工器具","世达/史丹利/宝工","5寸，弯嘴",6,0,2,8,"把",48.79,292.74,{"v":0,"d":"0.00"},97.58,390.32]
[1582,"▲","轴用卡簧钳","工器具","世达/史丹利/宝工","7寸，弯嘴",6,0,2,8,"把",64.16,384.96,{"v":0,"d":"0.00"},128.32,513.28]
[1583,"▲","轴用卡簧钳","工器具","世达/史丹利/宝工","9寸，弯嘴",6,0,2,8,"把",96.66,579.96,{"v":0,"d":"0.00"},193.32,773.28]
[1584,"▲","轴用卡簧钳","工器具","世达/史丹利/宝工","13寸，弯嘴",6,0,2,8,"把",129.21,775.26,{"v":0,"d":"0.00"},258.42,1033.68]
[1585,"▲","卡簧钳套装","工器具","钢盾/宝拉/世达","轴用、孔用",12,0,2,14,"套",246.64,2959.68,{"v":0,"d":"0.00"},493.28,3452.96]
[1586,"▲","剥线钳","工器具","世达/老A/罗宾汉","6寸",18,0,2,20,"把",113.87,2049.66,{"v":0,"d":"0.00"},227.74,{"v":2277.4,"d":"2277.40"}]
[1587,"▲","剪剥压线钳","工器具","世达/老A/罗宾汉","7寸",18,0,2,20,"把",289.12,5204.16,{"v":0,"d":"0.00"},578.24,{"v":5782.4,"d":"5782.40"}]
[1588,"▲","多功能网络压线钳","工器具","胜为/锐能/山泽","4P/6P/8P",4,0,2,6,"把",80.39,321.56,{"v":0,"d":"0.00"},160.78,482.34]
[1589,"▲","液压压线钳","工器具","正泰/德力西/得力","压接4-70mm2",4,0,2,6,"套",309.03,1236.12,{"v":0,"d":"0.00"},618.06,1854.18]
[1590,"▲","液压压线钳","工器具","正泰/德力西/得力","压接10-120mm2",4,0,2,6,"套",338.83,1355.32,{"v":0,"d":"0.00"},677.66,2032.98]
[1591,"▲","液压压线钳","工器具","正泰/德力西/得力","压接16-240mm2",3,0,2,5,"套",388.51,1165.53,{"v":0,"d":"0.00"},777.02,1942.55]
[1592,"▲","液压压线钳","工器具","正泰/德力西/得力","压接16-300mm2",3,0,2,5,"套",420.14,1260.42,{"v":0,"d":"0.00"},840.28,{"v":2100.7,"d":"2100.70"}]
[1593,"▲","手动棘轮剪线钳","工器具","罗宾汉/史丹利/世达","剪切单股350mm2以下电缆",5,0,2,7,"把",1029.07,5145.35,{"v":0,"d":"0.00"},2058.14,7203.49]
[1594,"▲","锯条","工器具","史丹利/世达/老A","12寸，18齿，10片/盒",4,0,2,6,"盒",117.45,{"v":469.8,"d":"469.80"},{"v":0,"d":"0.00"},{"v":234.9,"d":"234.90"},{"v":704.7,"d":"704.70"}]
[1595,"▲","锯条","工器具","史丹利/世达/老A","12寸，24齿，11片/盒",12,0,2,14,"盒",117.45,{"v":1409.4,"d":"1409.40"},{"v":0,"d":"0.00"},{"v":234.9,"d":"234.90"},{"v":1644.3,"d":"1644.30"}]
[1596,"▲","锯条","工器具","史丹利/世达/老A","12寸，32齿，12片/盒",4,0,2,6,"盒",117.45,{"v":469.8,"d":"469.80"},{"v":0,"d":"0.00"},{"v":234.9,"d":"234.90"},{"v":704.7,"d":"704.70"}]
[1597,"▲","整型锉刀套装","工器具","卡夫威尔/世达/史丹利","10件套",6,0,2,8,"套",124.65,{"v":747.9,"d":"747.90"},{"v":0,"d":"0.00"},{"v":249.3,"d":"249.30"},{"v":997.2,"d":"997.20"}]
[1598,"▲","钳工锉刀","工器具","史丹利/世达/得力","粗齿平锉10寸",6,0,2,8,"把",57.83,346.98,{"v":0,"d":"0.00"},115.66,462.64]
[1599,"▲","钳工锉刀","工器具","史丹利/世达/得力","中齿平锉10寸",6,0,2,8,"把",60.52,363.12,{"v":0,"d":"0.00"},121.04,484.16]
[1600,"▲","钳工锉刀","工器具","史丹利/世达/得力","细齿平锉10寸",6,0,2,8,"把",65.94,395.64,{"v":0,"d":"0.00"},131.88,527.52]
[1601,"▲","钳工锉刀","工器具","史丹利/世达/得力","粗齿半圆锉10寸",6,0,2,8,"把",70.51,423.06,{"v":0,"d":"0.00"},141.02,564.08]
[1602,"▲","钳工锉刀","工器具","史丹利/世达/得力","中齿半圆锉10寸",6,0,2,{"$f":"SUM(G1604:I1604)","v":8},"把",81.32,{"$f":"L1604*G1604","v":487.92},{"$f":"L1604*H1604","v":{"v":0,"d":"0.00"}},{"$f":"L1604*I1604","v":162.64},{"$f":"M1604+N1604+O1604","v":650.56}]
[1603,"▲","钳工锉刀","工器具","史丹利/世达/得力","细齿半圆锉10寸",6,0,2,8,"把",82.23,493.38,{"v":0,"d":"0.00"},164.46,657.84]
[1604,"▲","钳工锉刀","工器具","史丹利/世达/得力","中齿圆锉10寸",6,0,2,8,"把",65.94,395.64,{"v":0,"d":"0.00"},131.88,527.52]
[1605,"▲","钳工锉刀","工器具","史丹利/世达/得力","细齿圆锉10寸",6,0,2,8,"把",74.12,444.72,{"v":0,"d":"0.00"},148.24,592.96]
[1606,"▲","钳工锉刀","工器具","史丹利/世达/得力","粗齿三角锉10寸",6,0,2,8,"把",73.2,{"v":439.2,"d":"439.20"},{"v":0,"d":"0.00"},{"v":146.4,"d":"146.40"},{"v":585.6,"d":"585.60"}]
[1607,"▲","钳工锉刀","工器具","史丹利/世达/得力","中齿三角锉10寸",6,0,2,8,"把",75.96,455.76,{"v":0,"d":"0.00"},151.92,607.68]
[1608,"▲","钳工锉刀","工器具","史丹利/世达/得力","细齿三角锉10寸",6,0,2,8,"把",79.51,477.06,{"v":0,"d":"0.00"},159.02,636.08]
[1609,"▲","钳工锉刀","工器具","史丹利/世达/得力","粗齿平锉6寸",6,0,2,8,"把",43.37,260.22,{"v":0,"d":"0.00"},86.74,346.96]
[1610,"▲","钳工锉刀","工器具","史丹利/世达/得力","中齿平锉6寸",6,0,2,8,"把",46.09,276.54,{"v":0,"d":"0.00"},92.18,368.72]
[1611,"▲","钳工锉刀","工器具","史丹利/世达/得力","细齿平锉6寸",6,0,2,8,"把",50.6,{"v":303.6,"d":"303.60"},{"v":0,"d":"0.00"},{"v":101.2,"d":"101.20"},{"v":404.8,"d":"404.80"}]
[1612,"▲","钳工锉刀","工器具","史丹利/世达/得力","粗齿半圆锉6寸",6,0,2,8,"把",58.74,352.44,{"v":0,"d":"0.00"},117.48,469.92]
[1613,"▲","钳工锉刀","工器具","史丹利/世达/得力","中齿半圆锉6寸",6,0,2,8,"把",63.25,{"v":379.5,"d":"379.50"},{"v":0,"d":"0.00"},{"v":126.5,"d":"126.50"},{"v":506,"d":"506.00"}]
[1614,"▲","钳工锉刀","工器具","史丹利/世达/得力","细齿半圆锉6寸",6,0,2,8,"把",64.16,384.96,{"v":0,"d":"0.00"},128.32,513.28]
[1615,"▲","钳工锉刀","工器具","史丹利/世达/得力","粗齿圆锉6寸",6,0,2,8,"把",56.97,341.82,{"v":0,"d":"0.00"},113.94,455.76]
[1616,"▲","钳工锉刀","工器具","史丹利/世达/得力","粗齿圆锉6寸",6,0,2,8,"把",56.97,341.82,{"v":0,"d":"0.00"},113.94,455.76]
[1617,"▲","钳工锉刀","工器具","史丹利/世达/得力","中齿圆锉6寸",6,0,2,8,"把",50.6,{"v":303.6,"d":"303.60"},{"v":0,"d":"0.00"},{"v":101.2,"d":"101.20"},{"v":404.8,"d":"404.80"}]
[1618,"▲","钳工锉刀","工器具","史丹利/世达/得力","细齿圆锉6寸",6,0,2,8,"把",59.63,357.78,{"v":0,"d":"0.00"},119.26,477.04]
[1619,"▲","钳工锉刀","工器具","史丹利/世达/得力","粗齿三角锉6寸",6,0,2,8,"把",47.87,287.22,{"v":0,"d":"0.00"},95.74,382.96]
[1620,"▲","钳工锉刀","工器具","史丹利/世达/得力","中齿三角锉6寸",6,0,2,8,"把",49.71,298.26,{"v":0,"d":"0.00"},99.42,397.68]
[1621,"▲","钳工锉刀","工器具","史丹利/世达/得力","细齿三角锉6寸",6,0,2,8,"把",49.71,298.26,{"v":0,"d":"0.00"},99.42,397.68]
[1622,"▲","手用丝锥","工器具","上工/沪工/博世","M14",9,0,2,11,"付",33.44,300.96,{"v":0,"d":"0.00"},66.88,367.84]
[1623,"▲","手用丝锥","工器具","上工/沪工/博世","M16",9,0,2,11,"付",37.98,341.82,{"v":0,"d":"0.00"},75.96,417.78]
[1624,"▲","手用丝锥","工器具","上工/沪工/博世","M18",9,0,2,11,"付",47.87,430.83,{"v":0,"d":"0.00"},95.74,526.57]
[1625,"▲","手用丝锥","工器具","上工/沪工/博世","M20",9,0,2,11,"付",51.51,463.59,{"v":0,"d":"0.00"},103.02,566.61]
[1626,"▲","手用丝锥","工器具","上工/沪工/博世","M22",9,0,2,11,"付",66.86,601.74,{"v":0,"d":"0.00"},133.72,735.46]
[1627,"▲","头戴式电焊防护面罩","工器具","迅达/者也/世达","自动变光",12,0,2,14,"套",196.75,{"v":2361,"d":"2361.00"},{"v":0,"d":"0.00"},{"v":393.5,"d":"393.50"},{"v":2754.5,"d":"2754.50"}]
[1628,"▲","焊把钳","工器具","金象/沪工之星/长城精工","全铜，300A",12,0,2,14,"把",61.44,737.28,{"v":0,"d":"0.00"},122.88,860.16]
[1629,"▲","焊把钳","工器具","金象/沪工之星/长城精工","全铜，500A",12,0,2,14,"把",69.59,835.08,{"v":0,"d":"0.00"},139.18,974.26]
[1630,"▲","焊把钳","工器具","金象/沪工之星/长城精工","全铜，800A",6,0,2,8,"把",84.01,504.06,{"v":0,"d":"0.00"},168.02,672.08]
[1631,"▲","防护眼镜","工器具","3M/霍尼韦尔/世达","防雾版",30,0,2,32,"付",57.83,{"v":1734.9,"d":"1734.90"},{"v":0,"d":"0.00"},115.66,1850.56]
[1632,"▲","圆头锤","工器具","麦思德/老A/史丹利","1磅",9,0,2,11,"把",66.86,601.74,{"v":0,"d":"0.00"},133.72,735.46]
[1633,"▲","圆头锤","工器具","麦思德/老A/史丹利","2磅",9,0,2,11,"把",87.66,788.94,{"v":0,"d":"0.00"},175.32,964.26]
[1634,"▲","鸭嘴锤","工器具","麦思德/老A/史丹利","500g",9,0,2,11,"把",109.34,984.06,{"v":0,"d":"0.00"},218.68,1202.74]
[1635,"▲","鸭嘴锤","工器具","麦思德/老A/史丹利","1000g",9,0,2,11,"把",159.01,1431.09,{"v":0,"d":"0.00"},318.02,1749.11]
[1636,"▲","八角锤","工器具","世达/老A/史丹利","2.5磅",9,0,2,11,"把",108.43,975.87,{"v":0,"d":"0.00"},216.86,1192.73]
[1637,"▲","八角锤","工器具","世达/老A/史丹利","3磅",9,0,2,11,"把",123.98,1115.82,{"v":0,"d":"0.00"},247.96,1363.78]
[1638,"▲","八角锤","工器具","世达/老A/史丹利","4磅",9,0,2,11,"把",135.77,1221.93,{"v":0,"d":"0.00"},271.54,1493.47]
[1639,"▲","八角锤","工器具","世达/老A/史丹利","6磅",5,0,2,7,"把",272.61,1363.05,{"v":0,"d":"0.00"},545.22,1908.27]
[1640,"▲","八角锤","工器具","世达/老A/史丹利","8磅",5,0,2,7,"把",318.85,1594.25,{"v":0,"d":"0.00"},{"v":637.7,"d":"637.70"},2231.95]
[1641,"▲","八角锤","工器具","世达/老A/史丹利","10磅",3,0,2,5,"把",351.76,1055.28,{"v":0,"d":"0.00"},703.52,{"v":1758.8,"d":"1758.80"}]
[1642,"▲","八角锤","工器具","世达/老A/史丹利","12磅",3,0,2,5,"把",409.9,{"v":1229.7,"d":"1229.70"},{"v":0,"d":"0.00"},{"v":819.8,"d":"819.80"},{"v":2049.5,"d":"2049.50"}]
[1643,"▲","八角锤","工器具","世达/老A/史丹利","14磅",3,0,2,5,"把",447.3,{"v":1341.9,"d":"1341.90"},{"v":0,"d":"0.00"},{"v":894.6,"d":"894.60"},{"v":2236.5,"d":"2236.50"}]
[1644,"▲","八角锤","工器具","世达/老A/史丹利","16磅",3,0,2,5,"把",418.37,1255.11,{"v":0,"d":"0.00"},836.74,2091.85]
[1645,"▲","硬质合金钢        金属开孔器","工器具","佰瑞特/世博/优尼卡","开孔16-20mm",24,0,2,26,"只",121.07,2905.68,{"v":0,"d":"0.00"},242.14,3147.82]
[1646,"▲","硬质合金钢        金属开孔器","工器具","佰瑞特/世博/优尼卡","开孔21-30mm",24,0,2,26,"只",145.48,3491.52,{"v":0,"d":"0.00"},290.96,3782.48]
[1647,"▲","硬质合金钢        金属开孔器","工器具","佰瑞特/世博/优尼卡","开孔32-40mm",24,0,2,26,"只",178.01,4272.24,{"v":0,"d":"0.00"},356.02,4628.26]
[1648,"▲","硬质合金钢        金属开孔器","工器具","佰瑞特/世博/优尼卡","开孔42-50mm",24,0,2,26,"只",215.92,5182.08,{"v":0,"d":"0.00"},431.84,5613.92]
[1649,"▲","硬质合金钢        金属开孔器","工器具","佰瑞特/世博/优尼卡","开孔53-60mm",24,0,2,26,"只",235.83,5659.92,{"v":0,"d":"0.00"},471.66,6131.58]
[1650,"▲","硬质合金钢        金属开孔器","工器具","佰瑞特/世博/优尼卡","开孔65-70mm",15,0,2,17,"只",249.37,3740.55,{"v":0,"d":"0.00"},498.74,4239.29]
[1651,"▲","硬质合金钢        金属开孔器","工器具","佰瑞特/世博/优尼卡","开孔75-80mm",15,0,2,17,"只",266.55,3998.25,{"v":0,"d":"0.00"},{"v":533.1,"d":"533.10"},4531.35]
[1652,"▲","硬质合金钢        金属开孔器","工器具","佰瑞特/世博/优尼卡","开孔85mm",15,0,2,17,"只",262.02,{"v":3930.3,"d":"3930.30"},{"v":0,"d":"0.00"},524.04,4454.34]
[1653,"▲","硬质合金钢        金属开孔器","工器具","佰瑞特/世博/优尼卡","开孔90mm",15,0,2,17,"只",265.63,3984.45,{"v":0,"d":"0.00"},531.26,4515.71]
[1654,"▲","硬质合金钢        金属开孔器","工器具","佰瑞特/世博/优尼卡","开孔95mm",15,0,2,17,"只",283.7,{"v":4255.5,"d":"4255.50"},{"v":0,"d":"0.00"},{"v":567.4,"d":"567.40"},{"v":4822.9,"d":"4822.90"}]
[1655,"▲","硬质合金钢        金属开孔器","工器具","佰瑞特/世博/优尼卡","开孔100mm",15,0,2,17,"只",304.5,{"v":4567.5,"d":"4567.50"},{"v":0,"d":"0.00"},{"v":609,"d":"609.00"},{"v":5176.5,"d":"5176.50"}]
[1656,"▲","手动吸锡器","工器具","宝工/世达/史丹利","吸力30cm-Hg，ABS材质",3,0,2,5,"把",50.6,{"v":151.8,"d":"151.80"},{"v":0,"d":"0.00"},{"v":101.2,"d":"101.20"},{"v":253,"d":"253.00"}]
[1657,"▲","pvc剪管器","工器具","上匠/世达/史丹利","0-64mm+刀片",6,0,2,8,"把",206.88,1241.28,{"v":0,"d":"0.00"},413.76,1655.04]
[1658,"▲","黄油枪","工器具","世达/史丹利/宝工","100CC",12,0,2,14,"把",106.64,1279.68,{"v":0,"d":"0.00"},213.28,1492.96]
[1659,"▲","黄油枪","工器具","世达/史丹利/宝工","400CC",12,0,2,14,"把",138.22,1658.64,{"v":0,"d":"0.00"},276.44,1935.08]
[1660,"▲","黄油枪","工器具","世达/史丹利/宝工","600CC",12,0,2,14,"把",215.92,2591.04,{"v":0,"d":"0.00"},431.84,3022.88]
[1661,"▲","透明管黄油枪","工器具","世达/史丹利/宝工","400CC",6,0,2,8,"把",205.08,1230.48,{"v":0,"d":"0.00"},410.16,1640.64]
[1662,"▲","黄油枪尖嘴","工器具","世达/史丹利/宝工","通用尺寸",30,0,2,32,"颗",11.73,{"v":351.9,"d":"351.90"},{"v":0,"d":"0.00"},23.46,375.36]
[1663,"▲","黄油枪油嘴","工器具","世达/史丹利/宝工","通用尺寸",30,0,2,32,"颗",13.57,{"v":407.1,"d":"407.10"},{"v":0,"d":"0.00"},27.14,434.24]
[1664,"▲","黄油枪软管","工器具","世达/史丹利/宝工","18英寸",4,0,2,6,"条",41.56,166.24,{"v":0,"d":"0.00"},83.12,249.36]
[1665,"▲","切割片","工器具","大白鲨/金象/砂威","400*3.2*32mm 25片/盒",18,0,2,20,"盒",343.79,6188.22,{"v":0,"d":"0.00"},687.58,{"v":6875.8,"d":"6875.80"}]
[1666,"▲","切割片","工器具","大白鲨/金象/砂威","350*3.2*25.4mm        25片/盒",18,0,2,{"$f":"SUM(G1668:I1668)","v":20},"盒",383.15,{"$f":"L1668*G1668","v":{"v":6896.7,"d":"6896.70"}},{"$f":"L1668*H1668","v":{"v":0,"d":"0.00"}},{"$f":"L1668*I1668","v":{"v":766.3,"d":"766.30"}},{"$f":"M1668+N1668+O1668","v":{"v":7663,"d":"7663.00"}}]
[1667,"▲","手砂轮切割片","工器具","大白鲨/金象/砂威","105*1.2*16mm  50片/盒",120,0,2,122,"盒",57.83,{"v":6939.6,"d":"6939.60"},{"v":0,"d":"0.00"},115.66,7055.26]
[1668,"▲","手砂轮切割片","工器具","大白鲨/金象/砂威","105*2.5*16mm  50片/盒",90,0,2,92,"盒",62.36,{"v":5612.4,"d":"5612.40"},{"v":0,"d":"0.00"},124.72,5737.12]
[1669,"▲","手砂轮磨片","工器具","大白鲨/金象/砂威","100*6*16mm 50片/盒",60,0,2,62,"盒",108.42,{"v":6505.2,"d":"6505.20"},{"v":0,"d":"0.00"},216.84,6722.04]
[1670,"▲","手砂轮磨片","工器具","大白鲨/金象/砂威","100*4*16mm 50片/盒",30,0,2,32,"盒",103,{"v":3090,"d":"3090.00"},{"v":0,"d":"0.00"},{"v":206,"d":"206.00"},{"v":3296,"d":"3296.00"}]
[1671,"▲","手砂轮百叶砂轮片","工器具","大白鲨/金象/砂威","100*16mm 40片/盒",60,0,2,62,"盒",119.29,{"v":7157.4,"d":"7157.40"},{"v":0,"d":"0.00"},238.58,7395.98]
[1672,"▲","金刚石切割片","工器具","博世/老A/雷蒙","4寸",24,0,2,26,"片",39.76,954.24,{"v":0,"d":"0.00"},79.52,1033.76]
[1673,"▲","双轴承手拉葫芦","工器具","沪工/世达/得力","1吨3米",8,0,2,10,"台",402.96,3223.68,{"v":0,"d":"0.00"},805.92,{"v":4029.6,"d":"4029.60"}]
[1674,"▲","双轴承手拉葫芦","工器具","沪工/世达/得力","1吨6米",8,0,2,10,"台",523.11,4184.88,{"v":0,"d":"0.00"},1046.22,{"v":5231.1,"d":"5231.10"}]
[1675,"▲","双轴承手拉葫芦","工器具","沪工/世达/得力","2吨3米",8,0,2,10,"台",584.55,{"v":4676.4,"d":"4676.40"},{"v":0,"d":"0.00"},{"v":1169.1,"d":"1169.10"},{"v":5845.5,"d":"5845.50"}]
[1676,"▲","双轴承手拉葫芦","工器具","沪工/世达/得力","2吨6米",8,0,2,10,"台",754.44,6035.52,{"v":0,"d":"0.00"},1508.88,{"v":7544.4,"d":"7544.40"}]
[1677,"▲","双轴承手拉葫芦","工器具","沪工/世达/得力","2吨9米",6,0,2,8,"台",924.27,5545.62,{"v":0,"d":"0.00"},1848.54,7394.16]
[1678,"▲","双轴承手拉葫芦","工器具","沪工/世达/得力","3吨3米",6,0,2,8,"台",806.81,4840.86,{"v":0,"d":"0.00"},1613.62,6454.48]
[1679,"▲","双轴承手拉葫芦","工器具","沪工/世达/得力","3吨6米",6,0,2,8,"台",1020.96,6125.76,{"v":0,"d":"0.00"},2041.92,8167.68]
[1680,"▲","双轴承手拉葫芦","工器具","沪工/世达/得力","3吨9米",6,0,2,8,"台",1207.08,7242.48,{"v":0,"d":"0.00"},2414.16,9656.64]
[1681,"▲","双轴承手拉葫芦","工器具","沪工/世达/得力","3吨12米",4,0,2,6,"台",1477.24,5908.96,{"v":0,"d":"0.00"},2954.48,8863.44]
[1682,"▲","双轴承手拉葫芦","工器具","沪工/世达/得力","5吨3米",4,0,2,6,"台",1227.84,4911.36,{"v":0,"d":"0.00"},2455.68,7367.04]
[1683,"▲","双轴承手拉葫芦","工器具","沪工/世达/得力","5吨6米",4,0,2,6,"台",1512.46,6049.84,{"v":0,"d":"0.00"},3024.92,9074.76]
[1684,"▲","双轴承手拉葫芦","工器具","沪工/世达/得力","5吨9米",4,0,2,6,"台",1557.63,6230.52,{"v":0,"d":"0.00"},3115.26,9345.78]
[1685,"▲","双轴承手拉葫芦","工器具","沪工/世达/得力","5吨12米",4,0,2,6,"台",1875.67,7502.68,{"v":0,"d":"0.00"},3751.34,11254.02]
[1686,"▲","断头螺丝取丝器","工器具","史丹利/世达/宝工","M3-M14",10,0,2,12,"套",50.6,{"v":506,"d":"506.00"},{"v":0,"d":"0.00"},{"v":101.2,"d":"101.20"},{"v":607.2,"d":"607.20"}]
[1687,"▲","角磨机","工器具","博世/牧田/德伟","适用砂轮直径少于等于105mm，功率约700W。",9,0,2,11,"台",418.19,3763.71,{"v":0,"d":"0.00"},836.38,4600.09]
[1688,"▲","充电式角磨机","工器具","博世/牧田/德伟","适用砂轮直径少于等于105mm，双电套装。",9,0,2,11,"台",2611.46,23503.14,{"v":0,"d":"0.00"},5222.92,28726.06]
[1689,"▲","手电钻","工器具","博世/牧田/德伟","功率约345W",9,0,2,11,"台",184.31,1658.79,{"v":0,"d":"0.00"},368.62,2027.41]
[1690,"▲","充电式手电钻","工器具","博世/牧田/德伟","最大扭矩50/28牛米，扭矩设置20档，最大夹持能力13mm，三爪夹头，电池容量18V/4.0安时，配两电一充。",6,0,2,8,"台",1732.95,{"v":10397.7,"d":"10397.70"},{"v":0,"d":"0.00"},{"v":3465.9,"d":"3465.90"},{"v":13863.6,"d":"13863.60"}]
[1691,"▲","充电式手电钻","工器具","博世/牧田/德伟","最大扭矩100牛米，1/4英寸内六角夹头，电池容量12V/2.0安时，配两电一充。",6,0,2,8,"台",630.68,3784.08,{"v":0,"d":"0.00"},1261.36,5045.44]
[1692,"▲","轻型电锤","工器具","博世/牧田/德伟","功率约720W，单次最大锤击力2.0焦耳，锤击率0-4800bpm，空载转速0-2000rpm。",8,0,2,10,"台",953.28,7626.24,{"v":0,"d":"0.00"},1906.56,{"v":9532.8,"d":"9532.80"}]
[1693,"▲","电锤","工器具","博世/牧田/德伟","功率约900W，单次最大锤击力5.0焦耳，锤击率0-3600bpm，空载转速0-760rpm。",4,0,2,6,"台",2929.19,11716.76,{"v":0,"d":"0.00"},5858.38,17575.14]
[1694,"▲","充电式电锤","工器具","博世/牧田/德伟","单次锤击力1.7焦耳，锤击率0-4550bpm，空载转速0-1800rpm，配两电一充。",9,0,2,11,"台",2598.47,23386.23,{"v":0,"d":"0.00"},5196.94,28583.17]
[1695,"▲","手持式工程钻机","工器具","博森/得力/东成","额定输入功率2200W，额定电压220V，额定负责转速0-1250rpm，最大钻孔直径168mm。",9,0,2,11,"台",647.83,5830.47,{"v":0,"d":"0.00"},1295.66,7126.13]
[1696,"▲","无刷电动扳手","工器具","博世/牧田/德伟","最大扭矩300牛米，工具夹头1/2英寸，电池容量18V/4.0安时，配两电一充。",6,0,2,8,"套",2151.25,{"v":12907.5,"d":"12907.50"},{"v":0,"d":"0.00"},{"v":4302.5,"d":"4302.50"},{"v":17210,"d":"17210.00"}]
[1697,"▲","数字万用表","工器具","福禄克（FLUKE）/   日置（HIOKI）/GMC高美","F17B",11,0,2,13,"套",969.45,10663.95,{"v":0,"d":"0.00"},{"v":1938.9,"d":"1938.90"},12602.85]
[1698,"▲","钳型电流表","工器具","福禄克（FLUKE）/   日置（HIOKI）/GMC高美","F317",5,0,2,7,"套",1928.08,{"v":9640.4,"d":"9640.40"},{"v":0,"d":"0.00"},3856.16,13496.56]
[1699,"▲","钳型电流表","工器具","福禄克（FLUKE）/   日置（HIOKI）/GMC高美","F319",5,0,2,7,"套",2564.17,12820.85,{"v":0,"d":"0.00"},5128.34,17949.19]
[1700,"▲","钳型电流表","工器具","福禄克（FLUKE）    /日置（HIOKI）/GMC高美","3280-10F",5,0,2,7,"套",613.46,{"v":3067.3,"d":"3067.30"},{"v":0,"d":"0.00"},1226.92,4294.22]
[1701,"▲","充电式吹风机","工器具","东成/老A/雷蒙","1.6-2.8m3/min，3档调风，电池容量4.0Ah，一电一充。",5,0,2,7,"台",533.06,{"v":2665.3,"d":"2665.30"},{"v":0,"d":"0.00"},1066.12,3731.42]
[1702,null,"气缸","工器具","怀利/德力西/正泰","SC62×50",2,0,1,3,"个",214.14,428.28,{"v":0,"d":"0.00"},214.14,642.42]
[1703,null,"气缸","工器具","任意品牌","ACTAIR C70",1,0,1,2,"个",6095.06,6095.06,{"v":0,"d":"0.00"},6095.06,12190.12]
[1704,null,"气源处理器","工器具","正泰/施耐德/西门子","单联件，可调压",18,0,1,19,"套",97.58,1756.44,{"v":0,"d":"0.00"},97.58,1854.02]
[1705,null,"气源处理器","工器具","正泰/施耐德/西门子","双联件，可调压",18,0,1,19,"套",168.96,3041.28,{"v":0,"d":"0.00"},168.96,3210.24]
[1706,null,"气源处理器","工器具","正泰/德力西/西门子","三联件，可调压",18,0,1,19,"套",209.65,{"v":3773.7,"d":"3773.70"},{"v":0,"d":"0.00"},209.65,3983.35]
[1707,null,"活动立柱磁性表座","工器具","任意品牌","磁吸力60kg",5,0,1,6,"套",78.59,392.95,{"v":0,"d":"0.00"},78.59,471.54]
[1708,null,"球形万向磁性表座","工器具","任意品牌","磁吸力60kg  总长约200mm",5,0,1,6,"套",171.66,{"v":858.3,"d":"858.30"},{"v":0,"d":"0.00"},171.66,1029.96]
[1709,null,"球形万向磁性表座","工器具","任意品牌","磁吸力60kg  总长约380mm",3,0,1,4,"套",270.13,810.39,{"v":0,"d":"0.00"},270.13,1080.52]
[1710,null,"氩气表","工器具","任意品牌","锌合金+铝材质  最大输入压力15MPa\n调节范围：0.01-0.15MPa\n公称压力：25L/min 进口链接螺纹G5/8\"（M23*1.8）\n出口链接螺纹：M16*1.5\n出口连接气管：内径6.5-8mm均可",9,0,1,10,"个",340.64,3065.76,{"v":0,"d":"0.00"},340.64,{"v":3406.4,"d":"3406.40"}]
[1711,null,"液压表","工器具","任意品牌","0-16MPA不锈钢材质，径向安装，不锈钢材质接头，M14×1.5",9,0,0,9,"个",125.57,1130.13,{"v":0,"d":"0.00"},{"v":0,"d":"0.00"},1130.13]
[1712,null,"塞尺","工器具","任意品牌","0.02-1.0mm 长150mm",3,0,1,4,"把",20.76,62.28,{"v":0,"d":"0.00"},20.76,83.04]
[1713,null,"塞尺","工器具","任意品牌","0.02-1.0mm 长500mm",3,0,1,4,"把",84.07,252.21,{"v":0,"d":"0.00"},84.07,336.28]
[1714,null,"磁性水平尺","工器具","任意品牌","400mm",3,0,1,4,"把",124.71,374.13,{"v":0,"d":"0.00"},124.71,498.84]
[1715,null,"水平尺","工器具","任意品牌","24寸 铝合金 磁性 质量好的",12,0,1,13,"把",108.42,1301.04,{"v":0,"d":"0.00"},108.42,1409.46]
[1716,null,"刀口尺","工器具","任意品牌","200mm",3,0,1,4,"把",71.36,214.08,{"v":0,"d":"0.00"},71.36,285.44]
[1717,null,"直柄麻花钻头","工器具","任意品牌","2.5mm，含钴高速钢全磨制",18,0,1,19,"支",1.82,32.76,{"v":0,"d":"0.00"},1.82,34.58]
[1718,null,"直柄麻花钻头","工器具","任意品牌","3mm，含钴高速钢全磨制",24,0,1,25,"支",2.71,65.04,{"v":0,"d":"0.00"},2.71,67.75]
[1719,null,"直柄麻花钻头","工器具","任意品牌","3.5mm，含钴高速钢全磨制",24,0,1,25,"支",3.61,86.64,{"v":0,"d":"0.00"},3.61,90.25]
[1720,null,"直柄麻花钻头","工器具","任意品牌","4mm，含钴高速钢全磨制",24,0,1,25,"支",4.52,108.48,{"v":0,"d":"0.00"},4.52,{"v":113,"d":"113.00"}]
[1721,null,"直柄麻花钻头","工器具","任意品牌","4.5mm，含钴高速钢全磨制",24,0,1,25,"支",4.52,108.48,{"v":0,"d":"0.00"},4.52,{"v":113,"d":"113.00"}]
[1722,null,"直柄麻花钻头","工器具","任意品牌","5mm，含钴高速钢全磨制",24,0,1,25,"支",5.42,130.08,{"v":0,"d":"0.00"},5.42,{"v":135.5,"d":"135.50"}]
[1723,null,"直柄麻花钻头","工器具","任意品牌","6mm，含钴高速钢全磨制",24,0,1,25,"支",7.23,173.52,{"v":0,"d":"0.00"},7.23,180.75]
[1724,null,"直柄麻花钻头","工器具","任意品牌","7mm，含钴高速钢全磨制",24,0,1,25,"支",9.92,238.08,{"v":0,"d":"0.00"},9.92,{"v":248,"d":"248.00"}]
[1725,null,"直柄麻花钻头","工器具","任意品牌","8mm，含钴高速钢全磨制",24,0,1,25,"支",13.57,325.68,{"v":0,"d":"0.00"},13.57,339.25]
[1726,null,"直柄麻花钻头","工器具","任意品牌","9mm，含钴高速钢全磨制",24,0,1,25,"支",17.15,{"v":411.6,"d":"411.60"},{"v":0,"d":"0.00"},17.15,428.75]
[1727,null,"直柄麻花钻头","工器具","任意品牌","10.5含钴高速钢全磨制",24,0,1,25,"支",26.18,628.32,{"v":0,"d":"0.00"},26.18,{"v":654.5,"d":"654.50"}]
[1728,null,"直柄麻花钻头","工器具","任意品牌","11.5含钴高速钢全磨制",24,0,1,25,"支",31.6,{"v":758.4,"d":"758.40"},{"v":0,"d":"0.00"},{"v":31.6,"d":"31.60"},{"v":790,"d":"790.00"}]
[1729,null,"直柄麻花钻头","工器具","任意品牌","12.5含钴高速钢全磨制",24,0,1,25,"支",38.83,931.92,{"v":0,"d":"0.00"},38.83,970.75]
[1730,null,"直柄麻花钻头","工器具","任意品牌","13mm，含钴高速钢全磨制",24,0,1,{"$f":"SUM(G1732:I1732)","v":25},"支",46.09,{"$f":"L1732*G1732","v":1106.16},{"$f":"L1732*H1732","v":{"v":0,"d":"0.00"}},{"$f":"L1732*I1732","v":46.09},{"$f":"M1732+N1732+O1732","v":1152.25}]
[1731,null,"直柄麻花钻头","工器具","任意品牌","14mm，含钴高速钢全磨制",24,0,1,25,"支",48.79,1170.96,{"v":0,"d":"0.00"},48.79,1219.75]
[1732,null,"直柄麻花钻头","工器具","任意品牌","16mm，含钴高速钢全磨制",24,0,1,25,"支",67.78,1626.72,{"v":0,"d":"0.00"},67.78,{"v":1694.5,"d":"1694.50"}]
[1733,null,"高速合金硬质麻花钻头","工器具","任意品牌","12mm-13.5mm",12,0,1,13,"支",43.37,520.44,{"v":0,"d":"0.00"},43.37,563.81]
[1734,null,"高速合金硬质麻花钻头","工器具","任意品牌","13.5mm-15.5mm",12,0,1,13,"支",48.79,585.48,{"v":0,"d":"0.00"},48.79,634.27]
[1735,null,"高速合金硬质麻花钻头","工器具","任意品牌","15.6mm-16.5mm",12,0,1,13,"支",56.05,{"v":672.6,"d":"672.60"},{"v":0,"d":"0.00"},56.05,728.65]
[1736,null,"高速合金硬质麻花钻头","工器具","任意品牌","16.6mm-18.5mm",12,0,1,13,"支",64.16,769.92,{"v":0,"d":"0.00"},64.16,834.08]
[1737,null,"高速合金硬质麻花钻头","工器具","任意品牌","18.6mm-20.5mm",12,0,1,13,"支",83.12,997.44,{"v":0,"d":"0.00"},83.12,1080.56]
[1738,null,"高速合金硬质麻花钻头","工器具","任意品牌","20.6mm-22.5mm",9,0,1,10,"支",95.77,861.93,{"v":0,"d":"0.00"},95.77,{"v":957.7,"d":"957.70"}]
[1739,null,"高速合金硬质麻花钻头","工器具","任意品牌","22.6mm-24.5mm",9,0,1,10,"支",123.8,{"v":1114.2,"d":"1114.20"},{"v":0,"d":"0.00"},{"v":123.8,"d":"123.80"},{"v":1238,"d":"1238.00"}]
[1740,null,"高速合金硬质麻花钻头","工器具","任意品牌","24.6mm-26.5mm",5,0,1,6,"支",153.59,767.95,{"v":0,"d":"0.00"},153.59,921.54]
[1741,null,"高速合金硬质麻花钻头","工器具","任意品牌","26.6mm-28.5mm",4,0,1,5,"支",168.05,{"v":672.2,"d":"672.20"},{"v":0,"d":"0.00"},168.05,840.25]
[1742,null,"高速合金硬质麻花钻头","工器具","任意品牌","28.6mm-30.5mm",4,0,1,5,"支",223.15,{"v":892.6,"d":"892.60"},{"v":0,"d":"0.00"},223.15,1115.75]
[1743,null,"瓷砖专用钻头","工器具","任意品牌","M6",24,0,1,25,"支",5.42,130.08,{"v":0,"d":"0.00"},5.42,{"v":135.5,"d":"135.50"}]
[1744,null,"瓷砖专用钻头","工器具","任意品牌","M8",24,0,1,25,"支",7.23,173.52,{"v":0,"d":"0.00"},7.23,180.75]
[1745,null,"瓷砖专用钻头","工器具","任意品牌","M10",24,0,1,25,"支",9.04,216.96,{"v":0,"d":"0.00"},9.04,{"v":226,"d":"226.00"}]
[1746,null,"圆柄/方柄冲击钻头","工器具","任意品牌","超硬钨钢合金，M6×100mm",60,0,1,61,"支",7.23,{"v":433.8,"d":"433.80"},{"v":0,"d":"0.00"},7.23,441.03]
[1747,null,"圆柄/方柄冲击钻头","工器具","任意品牌","超硬钨钢合金，M8×100mm",60,0,1,61,"支",7.88,{"v":472.8,"d":"472.80"},{"v":0,"d":"0.00"},7.88,480.68]
[1748,null,"圆柄/方柄冲击钻头","工器具","任意品牌","超硬钨钢合金，M10×100mm",96,0,1,97,"支",7.23,694.08,{"v":0,"d":"0.00"},7.23,701.31]
[1749,null,"圆柄/方柄冲击钻头","工器具","任意品牌","超硬钨钢合金，M10×160mm",96,0,1,97,"支",11.73,1126.08,{"v":0,"d":"0.00"},11.73,1137.81]
[1750,null,"圆柄/方柄冲击钻头","工器具","任意品牌","超硬钨钢合金，M12×120mm",72,0,1,73,"支",12.65,{"v":910.8,"d":"910.80"},{"v":0,"d":"0.00"},12.65,923.45]
[1751,null,"圆柄/方柄冲击钻头","工器具","任意品牌","超硬钨钢合金，M12×160mm",72,0,1,73,"支",14.46,1041.12,{"v":0,"d":"0.00"},14.46,1055.58]
[1752,null,"圆柄/方柄冲击钻头","工器具","任意品牌","超硬钨钢合金，M12×200mm",72,0,1,73,"支",17.53,1262.16,{"v":0,"d":"0.00"},17.53,1279.69]
[1753,null,"圆柄/方柄冲击钻头","工器具","任意品牌","超硬钨钢合金，M14×160mm",72,0,1,73,"支",14.46,1041.12,{"v":0,"d":"0.00"},14.46,1055.58]
[1754,null,"圆柄/方柄冲击钻头","工器具","任意品牌","超硬钨钢合金，M14×200mm",72,0,1,73,"支",19.73,1420.56,{"v":0,"d":"0.00"},19.73,1440.29]
[1755,null,"圆柄/方柄冲击钻头","工器具","任意品牌","超硬钨钢合金，M16×160mm",72,0,1,73,"支",17.15,{"v":1234.8,"d":"1234.80"},{"v":0,"d":"0.00"},17.15,1251.95]
[1756,null,"圆柄/方柄冲击钻头","工器具","任意品牌","超硬钨钢合金，M16×200mm",72,0,1,73,"支",45.79,3296.88,{"v":0,"d":"0.00"},45.79,3342.67]
[1757,null,"圆柄/方柄冲击钻头","工器具","任意品牌","超硬钨钢合金，M16×350mm",72,0,1,73,"支",49.87,3590.64,{"v":0,"d":"0.00"},49.87,3640.51]
[1758,null,"圆柄/方柄冲击钻头","工器具","任意品牌","超硬钨钢合金，M18×200mm",48,0,1,49,"支",32.53,1561.44,{"v":0,"d":"0.00"},32.53,1593.97]
[1759,null,"圆柄/方柄冲击钻头","工器具","任意品牌","超硬钨钢合金，M18×350mm",48,0,1,49,"支",80.01,3840.48,{"v":0,"d":"0.00"},80.01,3920.49]
[1760,null,"圆柄/方柄冲击钻头","工器具","任意品牌","超硬钨钢合金，M20×200mm",48,0,1,49,"支",40.67,1952.16,{"v":0,"d":"0.00"},40.67,1992.83]
[1761,null,"圆柄/方柄冲击钻头","工器具","任意品牌","超硬钨钢合金，M20×350mm",48,0,1,49,"支",91.53,4393.44,{"v":0,"d":"0.00"},91.53,4484.97]
[1762,null,"圆柄/方柄冲击钻头","工器具","任意品牌","超硬钨钢合金，M22×200mm",30,0,1,31,"支",46.09,{"v":1382.7,"d":"1382.70"},{"v":0,"d":"0.00"},46.09,1428.79]
[1763,null,"圆柄/方柄冲击钻头","工器具","任意品牌","超硬钨钢合金，M22×350mm",30,0,1,31,"支",136.74,{"v":4102.2,"d":"4102.20"},{"v":0,"d":"0.00"},136.74,4238.94]
[1764,null,"圆柄/方柄冲击钻头","工器具","任意品牌","超硬钨钢合金，M25×200mm",30,0,1,31,"支",63.25,{"v":1897.5,"d":"1897.50"},{"v":0,"d":"0.00"},63.25,1960.75]
[1765,null,"圆柄/方柄冲击钻头","工器具","任意品牌","超硬钨钢合金，M25×350mm",30,0,1,31,"支",159.01,{"v":4770.3,"d":"4770.30"},{"v":0,"d":"0.00"},159.01,4929.31]
[1766,null,"水钻头","工器具","任意品牌","金刚石，25×370mm",24,0,1,25,"支",32.53,780.72,{"v":0,"d":"0.00"},32.53,813.25]
[1767,null,"水钻头","工器具","任意品牌","金刚石，27×370mm",12,0,1,13,"支",38.83,465.96,{"v":0,"d":"0.00"},38.83,504.79]
[1768,null,"水钻头","工器具","任意品牌","金刚石，30×370mm",24,0,1,25,"支",39.76,954.24,{"v":0,"d":"0.00"},39.76,{"v":994,"d":"994.00"}]
[1769,null,"水钻头","工器具","任意品牌","金刚石，32×370mm",12,0,1,13,"支",40.67,488.04,{"v":0,"d":"0.00"},40.67,528.71]
[1770,null,"水钻头","工器具","任意品牌","金刚石，36×370mm",24,0,1,25,"支",46.09,1106.16,{"v":0,"d":"0.00"},46.09,1152.25]
[1771,null,"水钻头","工器具","任意品牌","金刚石，40×370mm",24,0,1,25,"支",47.87,1148.88,{"v":0,"d":"0.00"},47.87,1196.75]
[1772,null,"水钻头","工器具","任意品牌","金刚石，44×370mm",12,0,1,13,"支",51.51,618.12,{"v":0,"d":"0.00"},51.51,669.63]
[1773,null,"水钻头","工器具","任意品牌","金刚石，46×370mm",18,0,1,19,"支",52.44,943.92,{"v":0,"d":"0.00"},52.44,996.36]
[1774,null,"水钻头","工器具","任意品牌","金刚石，51×370mm",9,0,1,10,"支",53.29,479.61,{"v":0,"d":"0.00"},53.29,{"v":532.9,"d":"532.90"}]
[1775,null,"水钻头","工器具","任意品牌","金刚石，63×370mm",9,0,1,10,"支",54.21,487.89,{"v":0,"d":"0.00"},54.21,{"v":542.1,"d":"542.10"}]
[1776,null,"水钻头","工器具","任意品牌","金刚石，71×370mm",6,0,1,7,"支",67.78,406.68,{"v":0,"d":"0.00"},67.78,474.46]
[1777,null,"水钻头","工器具","任意品牌","金刚石，76×370mm",6,0,1,7,"支",71.36,428.16,{"v":0,"d":"0.00"},71.36,499.52]
[1778,null,"水钻头","工器具","任意品牌","金刚石，83×370mm",6,0,1,7,"支",79.51,477.06,{"v":0,"d":"0.00"},79.51,556.57]
[1779,null,"水钻头","工器具","任意品牌","金刚石，102×350mm",6,0,1,7,"支",112.03,672.18,{"v":0,"d":"0.00"},112.03,784.21]
[1780,null,"水钻头","工器具","任意品牌","金刚石，112×350mm",6,0,1,7,"支",117.45,{"v":704.7,"d":"704.70"},{"v":0,"d":"0.00"},117.45,822.15]
[1781,null,"水钻头","工器具","任意品牌","金刚石，120×350mm",6,0,1,7,"支",122.87,737.22,{"v":0,"d":"0.00"},122.87,860.09]
[1782,null,"水钻头","工器具","任意品牌","金刚石，132×350mm",6,0,1,7,"支",141.87,851.22,{"v":0,"d":"0.00"},141.87,993.09]
[1783,null,"水钻头","工器具","任意品牌","金刚石，160×350mm",4,0,1,5,"支",185.24,740.96,{"v":0,"d":"0.00"},185.24,{"v":926.2,"d":"926.20"}]
[1784,null,"水钻头","工器具","任意品牌","金刚石，168×350mm",4,0,1,5,"支",196.08,784.32,{"v":0,"d":"0.00"},196.08,{"v":980.4,"d":"980.40"}]
[1785,null,"波纹铣刀","工器具","任意品牌","直径6mm",12,0,1,13,"支",43.37,520.44,{"v":0,"d":"0.00"},43.37,563.81]
[1786,null,"波纹铣刀","工器具","任意品牌","直径8mm",12,0,1,13,"支",80.39,964.68,{"v":0,"d":"0.00"},80.39,1045.07]
[1787,null,"波纹铣刀","工器具","任意品牌","直径10mm",12,0,1,13,"支",117.45,{"v":1409.4,"d":"1409.40"},{"v":0,"d":"0.00"},117.45,1526.85]
[1788,null,"波纹铣刀","工器具","任意品牌","直径12mm",12,0,1,13,"支",143.64,1723.68,{"v":0,"d":"0.00"},143.64,1867.32]
[1789,null,"波纹铣刀","工器具","任意品牌","直径14mm",12,0,1,13,"支",203.31,2439.72,{"v":0,"d":"0.00"},203.31,2643.03]
[1790,null,"波纹铣刀","工器具","任意品牌","直径16mm",12,0,1,13,"支",343.33,4119.96,{"v":0,"d":"0.00"},343.33,4463.29]
[1791,null,"手电钻钥匙","工器具","任意品牌",null,12,0,1,13,"把",8.11,97.32,{"v":0,"d":"0.00"},8.11,105.43]
[1792,null,"钻夹","工器具","任意品牌","1-13mm",24,0,1,25,"个",56.05,{"v":1345.2,"d":"1345.20"},{"v":0,"d":"0.00"},56.05,1401.25]
[1793,null,"L型套筒扳手","工器具","世达/史丹利/田岛","开口17mm，长度187mm",12,0,1,13,"个",39.76,477.12,{"v":0,"d":"0.00"},39.76,516.88]
[1794,null,"L型套筒扳手","工器具","世达/史丹利/田岛","开口19mm，长度204mm",12,0,1,{"$f":"SUM(G1796:I1796)","v":13},"个",47.87,{"$f":"L1796*G1796","v":574.44},{"$f":"L1796*H1796","v":{"v":0,"d":"0.00"}},{"$f":"L1796*I1796","v":47.87},{"$f":"M1796+N1796+O1796","v":622.31}]
[1795,null,"L型套筒扳手","工器具","世达/史丹利/田岛","开口21mm，长度221mm",12,0,1,13,"个",56.97,683.64,{"v":0,"d":"0.00"},56.97,740.61]
[1796,null,"L型套筒扳手","工器具","世达/史丹利/田岛","开口22mm，长度230mm",12,0,1,13,"个",62.32,747.84,{"v":0,"d":"0.00"},62.32,810.16]
[1797,null,"撞批","工器具","任意品牌","六角多批头",4,0,1,5,"套",123.8,{"v":495.2,"d":"495.20"},{"v":0,"d":"0.00"},{"v":123.8,"d":"123.80"},{"v":619,"d":"619.00"}]
[1798,null,"手虎钳","工器具","任意品牌","25mm",4,0,1,5,"把",21.23,84.92,{"v":0,"d":"0.00"},21.23,106.15]
[1799,null,"手虎钳","工器具","任意品牌","40mm",4,0,1,5,"把",24.88,99.52,{"v":0,"d":"0.00"},24.88,{"v":124.4,"d":"124.40"}]
[1800,null,"手虎钳","工器具","任意品牌","50mm",4,0,1,5,"把",25.83,103.32,{"v":0,"d":"0.00"},25.83,129.15]
[1801,null,"锰钢国标轴用卡簧","工器具","任意品牌","φ8-20mm",90,0,1,91,"个",0.91,{"v":81.9,"d":"81.90"},{"v":0,"d":"0.00"},0.91,82.81]
[1802,null,"锰钢国标轴用卡簧","工器具","任意品牌","φ22-35mm",90,0,1,91,"个",0.91,{"v":81.9,"d":"81.90"},{"v":0,"d":"0.00"},0.91,82.81]
[1803,null,"锰钢国标轴用卡簧","工器具","任意品牌","φ36-50mm",90,0,1,91,"个",1.82,{"v":163.8,"d":"163.80"},{"v":0,"d":"0.00"},1.82,165.62]
[1804,null,"锰钢国标轴用卡簧","工器具","任意品牌","φ52-70mm",48,0,1,49,"个",1.82,87.36,{"v":0,"d":"0.00"},1.82,89.18]
[1805,null,"锰钢国标轴用卡簧","工器具","任意品牌","φ72-90mm",36,0,1,37,"个",2.71,97.56,{"v":0,"d":"0.00"},2.71,100.27]
[1806,null,"锰钢国标轴用卡簧","工器具","任意品牌","φ95-105mm",36,0,1,37,"个",5.42,195.12,{"v":0,"d":"0.00"},5.42,200.54]
[1807,null,"锰钢国标轴用卡簧","工器具","任意品牌","φ110-125mm",24,0,1,25,"个",7.23,173.52,{"v":0,"d":"0.00"},7.23,180.75]
[1808,null,"锰钢国标轴用卡簧","工器具","任意品牌","φ8-20mm",90,0,1,91,"个",0.91,{"v":81.9,"d":"81.90"},{"v":0,"d":"0.00"},0.91,82.81]
[1809,null,"锰钢国标孔用卡簧","工器具","任意品牌","φ22-35mm",90,0,1,91,"个",0.91,{"v":81.9,"d":"81.90"},{"v":0,"d":"0.00"},0.91,82.81]
[1810,null,"锰钢国标孔用卡簧","工器具","任意品牌","φ36-50mm",90,0,1,91,"个",1.82,{"v":163.8,"d":"163.80"},{"v":0,"d":"0.00"},1.82,165.62]
[1811,null,"锰钢国标孔用卡簧","工器具","任意品牌","φ52-70mm",48,0,1,49,"个",1.82,87.36,{"v":0,"d":"0.00"},1.82,89.18]
[1812,null,"锰钢国标孔用卡簧","工器具","任意品牌","φ72-90mm",36,0,1,37,"个",3.33,119.88,{"v":0,"d":"0.00"},3.33,123.21]
[1813,null,"锰钢国标孔用卡簧","工器具","任意品牌","φ95-105mm",36,0,1,37,"个",4.53,163.08,{"v":0,"d":"0.00"},4.53,167.61]
[1814,null,"锰钢国标孔用卡簧","工器具","任意品牌","φ110-125mm",24,0,1,25,"个",7.88,189.12,{"v":0,"d":"0.00"},7.88,{"v":197,"d":"197.00"}]
[1815,null,"304不锈钢国标     轴用卡簧","工器具","任意品牌","φ8-20mm",30,0,1,31,"个",0.91,{"v":27.3,"d":"27.30"},{"v":0,"d":"0.00"},0.91,28.21]
[1816,null,"304不锈钢国标     轴用卡簧","工器具","任意品牌","φ22-35mm",30,0,1,31,"个",1.82,{"v":54.6,"d":"54.60"},{"v":0,"d":"0.00"},1.82,56.42]
[1817,null,"304不锈钢国标     轴用卡簧","工器具","任意品牌","φ36-50mm",30,0,1,31,"个",1.82,{"v":54.6,"d":"54.60"},{"v":0,"d":"0.00"},1.82,56.42]
[1818,null,"304不锈钢国标     轴用卡簧","工器具","任意品牌","φ52-70mm",18,0,1,19,"个",4.53,81.54,{"v":0,"d":"0.00"},4.53,86.07]
[1819,null,"304不锈钢国标     轴用卡簧","工器具","任意品牌","φ72-90mm",18,0,1,19,"个",8.11,145.98,{"v":0,"d":"0.00"},8.11,154.09]
[1820,null,"304不锈钢国标     轴用卡簧","工器具","任意品牌","φ95-105mm",12,0,1,13,"个",15.37,184.44,{"v":0,"d":"0.00"},15.37,199.81]
[1821,null,"304不锈钢国标     轴用卡簧","工器具","任意品牌","φ110-125mm",12,0,1,13,"个",25.3,{"v":303.6,"d":"303.60"},{"v":0,"d":"0.00"},{"v":25.3,"d":"25.30"},{"v":328.9,"d":"328.90"}]
[1822,null,"304不锈钢国标     孔用卡簧","工器具","任意品牌","φ8-20mm",30,0,1,31,"个",0.91,{"v":27.3,"d":"27.30"},{"v":0,"d":"0.00"},0.91,28.21]
[1823,null,"304不锈钢国标     孔用卡簧","工器具","任意品牌","φ22-35mm",30,0,1,31,"个",1.82,{"v":54.6,"d":"54.60"},{"v":0,"d":"0.00"},1.82,56.42]
[1824,null,"304不锈钢国标     孔用卡簧","工器具","任意品牌","φ36-50mm",30,0,1,31,"个",2.71,{"v":81.3,"d":"81.30"},{"v":0,"d":"0.00"},2.71,84.01]
[1825,null,"304不锈钢国标     孔用卡簧","工器具","任意品牌","φ52-70mm",18,0,1,19,"个",6.3,{"v":113.4,"d":"113.40"},{"v":0,"d":"0.00"},{"v":6.3,"d":"6.30"},{"v":119.7,"d":"119.70"}]
[1826,null,"304不锈钢国标     孔用卡簧","工器具","任意品牌","φ72-90mm",18,0,1,19,"个",9.04,162.72,{"v":0,"d":"0.00"},9.04,171.76]
[1827,null,"304不锈钢国标     孔用卡簧","工器具","任意品牌","φ95-105mm",12,0,1,13,"个",20.76,249.12,{"v":0,"d":"0.00"},20.76,269.88]
[1828,null,"304不锈钢国标     孔用卡簧","工器具","任意品牌","φ110-125mm",12,0,1,13,"个",31.64,379.68,{"v":0,"d":"0.00"},31.64,411.32]
[1829,null,"电缆剪线钳","工器具","任意品牌","6寸",5,0,1,6,"把",27.11,135.55,{"v":0,"d":"0.00"},27.11,162.66]
[1830,null,"电缆剪线钳","工器具","任意品牌","8寸",4,0,1,5,"把",37.98,151.92,{"v":0,"d":"0.00"},37.98,{"v":189.9,"d":"189.90"}]
[1831,null,"电缆剪线钳","工器具","任意品牌","10寸",4,0,1,5,"把",43.37,173.48,{"v":0,"d":"0.00"},43.37,216.85]
[1832,null,"电缆剪线钳","工器具","任意品牌","12寸",4,0,1,5,"把",68.67,274.68,{"v":0,"d":"0.00"},68.67,343.35]
[1833,null,"电缆剪线钳","工器具","任意品牌","18寸",3,0,1,4,"把",119.29,357.87,{"v":0,"d":"0.00"},119.29,477.16]
[1834,null,"电缆剪线钳","工器具","任意品牌","24寸",3,0,1,4,"把",139.14,417.42,{"v":0,"d":"0.00"},139.14,556.56]
[1835,null,"电缆剪线钳","工器具","任意品牌","32寸",3,0,1,4,"把",245.79,737.37,{"v":0,"d":"0.00"},245.79,983.16]
[1836,null,"液压电缆剪线钳","工器具","任意品牌","出力10吨，剪切φ95mm以下电缆",5,0,1,6,"把",1293.57,6467.85,{"v":0,"d":"0.00"},1293.57,7761.42]
[1837,null,"台虎钳","工器具","任意品牌","6寸",3,0,1,4,"套",498.77,1496.31,{"v":0,"d":"0.00"},498.77,1995.08]
[1838,null,"台虎钳","工器具","任意品牌","8寸",3,0,1,4,"套",884.51,2653.53,{"v":0,"d":"0.00"},884.51,3538.04]
[1839,null,"管钳","工器具","任意品牌","8寸",9,0,1,10,"把",36.14,325.26,{"v":0,"d":"0.00"},36.14,{"v":361.4,"d":"361.40"}]
[1840,null,"管钳","工器具","任意品牌","10寸",9,0,1,10,"把",49.71,447.39,{"v":0,"d":"0.00"},49.71,{"v":497.1,"d":"497.10"}]
[1841,null,"管钳","工器具","任意品牌","12寸",9,0,1,10,"把",61.44,552.96,{"v":0,"d":"0.00"},61.44,{"v":614.4,"d":"614.40"}]
[1842,null,"管钳","工器具","任意品牌","14寸",9,0,1,10,"把",74.12,667.08,{"v":0,"d":"0.00"},74.12,{"v":741.2,"d":"741.20"}]
[1843,null,"管钳","工器具","任意品牌","18寸",6,0,1,7,"把",103.92,623.52,{"v":0,"d":"0.00"},103.92,727.44]
[1844,null,"管钳","工器具","任意品牌","24寸",6,0,1,7,"把",141.87,851.22,{"v":0,"d":"0.00"},141.87,993.09]
[1845,null,"管钳","工器具","任意品牌","36寸",5,0,1,6,"把",328.87,1644.35,{"v":0,"d":"0.00"},328.87,1973.22]
[1846,null,"管钳","工器具","任意品牌","48寸",5,0,1,6,"把",543.35,2716.75,{"v":0,"d":"0.00"},543.35,{"v":3260.1,"d":"3260.10"}]
[1847,null,"钢凿","工器具","任意品牌","250mm，平头",9,0,1,10,"把",37.06,333.54,{"v":0,"d":"0.00"},37.06,{"v":370.6,"d":"370.60"}]
[1848,null,"钢凿","工器具","任意品牌","300mm，平头",9,0,1,10,"把",44.25,398.25,{"v":0,"d":"0.00"},44.25,{"v":442.5,"d":"442.50"}]
[1849,null,"钢凿","工器具","任意品牌","250mm，尖头",9,0,1,10,"把",29.8,{"v":268.2,"d":"268.20"},{"v":0,"d":"0.00"},{"v":29.8,"d":"29.80"},{"v":298,"d":"298.00"}]
[1850,null,"钢凿","工器具","任意品牌","300mm，尖头",9,0,1,10,"把",37.98,341.82,{"v":0,"d":"0.00"},37.98,{"v":379.8,"d":"379.80"}]
[1851,null,"木工凿","工器具","任意品牌","1/2寸",4,0,1,5,"把",19.91,79.64,{"v":0,"d":"0.00"},19.91,99.55]
[1852,null,"木工凿","工器具","任意品牌","3/4寸",4,0,1,5,"把",19.91,79.64,{"v":0,"d":"0.00"},19.91,99.55]
[1853,null,"木工凿","工器具","任意品牌","1寸",4,0,1,5,"把",22.6,{"v":90.4,"d":"90.40"},{"v":0,"d":"0.00"},{"v":22.6,"d":"22.60"},{"v":113,"d":"113.00"}]
[1854,null,"锯弓","工器具","任意品牌","12寸，重型",6,0,1,7,"把",97.58,585.48,{"v":0,"d":"0.00"},97.58,683.06]
[1855,null,"撬棍","工器具","任意品牌","六凌钢      粗25mm，长135cm",4,0,1,5,"把",146.4,{"v":585.6,"d":"585.60"},{"v":0,"d":"0.00"},{"v":146.4,"d":"146.40"},{"v":732,"d":"732.00"}]
[1856,null,"撬棍","工器具","任意品牌","六凌钢      粗25mm，长115cm",3,0,1,4,"把",133.72,401.16,{"v":0,"d":"0.00"},133.72,534.88]
[1857,null,"撬棍","工器具","任意品牌","六凌钢      粗23mm，长95cm",3,0,1,4,"把",77.74,233.22,{"v":0,"d":"0.00"},77.74,310.96]
[1858,null,"撬棍","工器具","任意品牌","六凌钢      粗18mm，长75cm",5,0,1,{"$f":"SUM(G1860:I1860)","v":6},"把",42.45,{"$f":"L1860*G1860","v":212.25},{"$f":"L1860*H1860","v":{"v":0,"d":"0.00"}},{"$f":"L1860*I1860","v":42.45},{"$f":"M1860+N1860+O1860","v":{"v":254.7,"d":"254.70"}}]
[1859,null,"撬棍","工器具","任意品牌","六凌钢      粗16mm，长55cm",5,0,1,6,"把",26.18,{"v":130.9,"d":"130.90"},{"v":0,"d":"0.00"},26.18,157.08]
[1860,null,"撬棍","工器具","任意品牌","六凌钢      粗16mm，长35cm",5,0,1,6,"把",26.18,{"v":130.9,"d":"130.90"},{"v":0,"d":"0.00"},26.18,157.08]
[1861,null,"丝攻铰手","工器具","任意品牌","180mm",9,0,1,10,"把",25.3,{"v":227.7,"d":"227.70"},{"v":0,"d":"0.00"},{"v":25.3,"d":"25.30"},{"v":253,"d":"253.00"}]
[1862,null,"丝攻铰手","工器具","任意品牌","280mm",9,0,1,10,"把",35.22,316.98,{"v":0,"d":"0.00"},35.22,{"v":352.2,"d":"352.20"}]
[1863,null,"丝攻铰手","工器具","任意品牌","380mm",9,0,1,10,"把",47.87,430.83,{"v":0,"d":"0.00"},47.87,{"v":478.7,"d":"478.70"}]
[1864,null,"板牙","工器具","任意品牌","M14",9,0,1,10,"付",22.6,{"v":203.4,"d":"203.40"},{"v":0,"d":"0.00"},{"v":22.6,"d":"22.60"},{"v":226,"d":"226.00"}]
[1865,null,"板牙","工器具","任意品牌","M16",9,0,1,10,"付",27.11,243.99,{"v":0,"d":"0.00"},27.11,{"v":271.1,"d":"271.10"}]
[1866,null,"板牙","工器具","任意品牌","M18",9,0,1,10,"付",37.06,333.54,{"v":0,"d":"0.00"},37.06,{"v":370.6,"d":"370.60"}]
[1867,null,"板牙","工器具","任意品牌","M20",9,0,1,10,"付",39.76,357.84,{"v":0,"d":"0.00"},39.76,{"v":397.6,"d":"397.60"}]
[1868,null,"板牙","工器具","任意品牌","M22",9,0,1,10,"付",45.18,406.62,{"v":0,"d":"0.00"},45.18,{"v":451.8,"d":"451.80"}]
[1869,null,"手用丝锥板牙套装","工器具","任意品牌","可套M3-M12螺纹",3,0,1,4,"套",73.2,{"v":219.6,"d":"219.60"},{"v":0,"d":"0.00"},{"v":73.2,"d":"73.20"},{"v":292.8,"d":"292.80"}]
[1870,null,"轻型管子铰板套装","工器具","任意品牌","攻4分、6分、1寸管螺纹",3,0,1,4,"套",201.47,604.41,{"v":0,"d":"0.00"},201.47,805.88]
[1871,null,"工业用厚壁裁纸刀","工器具","任意品牌","大号",30,0,1,31,"把",18.99,{"v":569.7,"d":"569.70"},{"v":0,"d":"0.00"},18.99,588.69]
[1872,null,"裁纸刀片","工器具","任意品牌","大号",60,0,1,61,"盒",17.15,{"v":1029,"d":"1029.00"},{"v":0,"d":"0.00"},17.15,1046.15]
[1873,null,"锦纶尼龙绳","工器具","任意品牌","绳径16mm",180,0,1,181,"米",6.3,{"v":1134,"d":"1134.00"},{"v":0,"d":"0.00"},{"v":6.3,"d":"6.30"},{"v":1140.3,"d":"1140.30"}]
[1874,null,"锦纶尼龙绳","工器具","任意品牌","绳径18mm",180,0,1,181,"米",6.3,{"v":1134,"d":"1134.00"},{"v":0,"d":"0.00"},{"v":6.3,"d":"6.30"},{"v":1140.3,"d":"1140.30"}]
[1875,null,"锦纶尼龙绳","工器具","任意品牌","绳径20mm",180,0,1,181,"米",8.11,{"v":1459.8,"d":"1459.80"},{"v":0,"d":"0.00"},8.11,1467.91]
[1876,null,"锦纶尼龙绳","工器具","任意品牌","绳径22mm",120,0,1,121,"米",9.95,{"v":1194,"d":"1194.00"},{"v":0,"d":"0.00"},9.95,1203.95]
[1877,null,"锦纶尼龙绳","工器具","任意品牌","绳径24mm",120,0,1,121,"米",10.88,{"v":1305.6,"d":"1305.60"},{"v":0,"d":"0.00"},10.88,1316.48]
[1878,null,"起重吊带","工器具","任意品牌","1T×1米",12,0,1,13,"条",10.84,130.08,{"v":0,"d":"0.00"},10.84,140.92]
[1879,null,"起重吊带","工器具","任意品牌","1T×2米",24,0,1,25,"条",16.3,{"v":391.2,"d":"391.20"},{"v":0,"d":"0.00"},{"v":16.3,"d":"16.30"},{"v":407.5,"d":"407.50"}]
[1880,null,"起重吊带","工器具","任意品牌","1T×3米",24,0,1,25,"条",21.68,520.32,{"v":0,"d":"0.00"},21.68,{"v":542,"d":"542.00"}]
[1881,null,"起重吊带","工器具","任意品牌","2T×1米",12,0,1,13,"条",18.07,216.84,{"v":0,"d":"0.00"},18.07,234.91]
[1882,null,"起重吊带","工器具","任意品牌","2T×2米",24,0,1,25,"条",19.91,477.84,{"v":0,"d":"0.00"},19.91,497.75]
[1883,null,"起重吊带","工器具","任意品牌","2T×3米",24,0,1,25,"条",28.91,693.84,{"v":0,"d":"0.00"},28.91,722.75]
[1884,null,"起重吊带","工器具","任意品牌","2T×4米",24,0,1,25,"条",37.06,889.44,{"v":0,"d":"0.00"},37.06,{"v":926.5,"d":"926.50"}]
[1885,null,"起重吊带","工器具","任意品牌","3T×1米",12,0,1,13,"条",26.18,314.16,{"v":0,"d":"0.00"},26.18,340.34]
[1886,null,"起重吊带","工器具","任意品牌","3T×2米",24,0,1,25,"条",29.8,{"v":715.2,"d":"715.20"},{"v":0,"d":"0.00"},{"v":29.8,"d":"29.80"},{"v":745,"d":"745.00"}]
[1887,null,"起重吊带","工器具","任意品牌","3T×4米",24,0,1,25,"条",49.71,1193.04,{"v":0,"d":"0.00"},49.71,1242.75]
[1888,null,"起重吊带","工器具","任意品牌","5T×2米",12,0,1,13,"条",38.83,465.96,{"v":0,"d":"0.00"},38.83,504.79]
[1889,null,"起重吊带","工器具","任意品牌","5T×3米",24,0,1,25,"条",56.05,{"v":1345.2,"d":"1345.20"},{"v":0,"d":"0.00"},56.05,1401.25]
[1890,null,"起重吊带","工器具","任意品牌","5T×4米",24,0,1,25,"条",74.12,1778.88,{"v":0,"d":"0.00"},74.12,{"v":1853,"d":"1853.00"}]
[1891,null,"起重吊带","工器具","任意品牌","5T×6米",12,0,1,13,"条",108.42,1301.04,{"v":0,"d":"0.00"},108.42,1409.46]
[1892,null,"起重吊带","工器具","任意品牌","10T×2米",4,0,1,5,"条",84.93,339.72,{"v":0,"d":"0.00"},84.93,424.65]
[1893,null,"起重吊带","工器具","任意品牌","10T×4米",4,0,1,5,"条",155.43,621.72,{"v":0,"d":"0.00"},155.43,777.15]
[1894,null,"起重吊带","工器具","任意品牌","10T×5米",4,0,1,5,"条",181.62,726.48,{"v":0,"d":"0.00"},181.62,{"v":908.1,"d":"908.10"}]
[1895,null,"起重吊带","工器具","任意品牌","10T×6米",4,0,1,5,"条",213.23,852.92,{"v":0,"d":"0.00"},213.23,1066.15]
[1896,null,"手持式电焊防护面罩","工器具","任意品牌","红钢纸",24,0,1,25,"个",47.87,1148.88,{"v":0,"d":"0.00"},47.87,1196.75]
[1897,null,"电焊面罩玻璃镜片","工器具","任意品牌","7#/8#/9#,10片/盒",24,0,1,25,"盒",20.76,498.24,{"v":0,"d":"0.00"},20.76,{"v":519,"d":"519.00"}]
[1898,null,"电焊面罩玻璃镜片","工器具","任意品牌","10#，10片/盒",6,0,1,7,"盒",16.3,{"v":97.8,"d":"97.80"},{"v":0,"d":"0.00"},{"v":16.3,"d":"16.30"},{"v":114.1,"d":"114.10"}]
[1899,null,"电焊机地线钳","工器具","任意品牌","全铜，300A",9,0,1,10,"把",31.64,284.76,{"v":0,"d":"0.00"},31.64,{"v":316.4,"d":"316.40"}]
[1900,null,"电焊机地线钳","工器具","任意品牌","全铜，500A",9,0,1,10,"把",50.6,{"v":455.4,"d":"455.40"},{"v":0,"d":"0.00"},{"v":50.6,"d":"50.60"},{"v":506,"d":"506.00"}]
[1901,null,"电焊机地线钳","工器具","任意品牌","全铜，800A",5,0,1,6,"把",63.25,316.25,{"v":0,"d":"0.00"},63.25,{"v":379.5,"d":"379.50"}]
[1902,null,"焊把线","工器具","任意品牌","纯铜16mm2",60,0,1,61,"米",21.68,{"v":1300.8,"d":"1300.80"},{"v":0,"d":"0.00"},21.68,1322.48]
[1903,null,"焊把线","工器具","任意品牌","纯铜25mm2",120,0,1,121,"米",31.64,{"v":3796.8,"d":"3796.80"},{"v":0,"d":"0.00"},31.64,3828.44]
[1904,null,"焊把线","工器具","任意品牌","纯铜35mm2",180,0,1,181,"米",46.98,{"v":8456.4,"d":"8456.40"},{"v":0,"d":"0.00"},46.98,8503.38]
[1905,null,"焊把线","工器具","任意品牌","纯铜50mm2",60,0,1,61,"米",61.44,{"v":3686.4,"d":"3686.40"},{"v":0,"d":"0.00"},61.44,3747.84]
[1906,null,"磁性焊接定位器","工器具","任意品牌","全方位套装",12,0,1,13,"套",328.02,3936.24,{"v":0,"d":"0.00"},328.02,4264.26]
[1907,null,"牛皮电焊围裙","工器具","任意品牌","70*100cm 棕色整体",12,0,1,13,"件",115.65,{"v":1387.8,"d":"1387.80"},{"v":0,"d":"0.00"},115.65,1503.45]
[1908,null,"焊工手套","工器具","任意品牌","软牛皮",72,0,1,73,"对",28.91,2081.52,{"v":0,"d":"0.00"},28.91,2110.43]
[1909,null,"焊工用墨镜","工器具","任意品牌","不限",36,0,1,37,"付",18.07,650.52,{"v":0,"d":"0.00"},18.07,668.59]
[1910,null,"气瓶推车","工器具","任意品牌","适用于40L气瓶",8,0,1,9,"辆",457.17,3657.36,{"v":0,"d":"0.00"},457.17,4114.53]
[1911,null,"氧气乙炔管","工器具","任意品牌","含氧气管、乙炔管，双色管，φ8mm，配接头。",240,0,1,241,"米",185.96,{"v":44630.4,"d":"44630.40"},{"v":0,"d":"0.00"},185.96,44816.36]
[1912,null,"氧气减压表","工器具","任意品牌","全铜",15,0,1,16,"套",181.62,{"v":2724.3,"d":"2724.30"},{"v":0,"d":"0.00"},181.62,2905.92]
[1913,null,"乙炔减压表","工器具","任意品牌","全铜",15,0,1,16,"套",182.21,2733.15,{"v":0,"d":"0.00"},182.21,2915.36]
[1914,null,"氩气减压表","工器具","任意品牌","全铜",15,0,1,16,"套",271.05,4065.75,{"v":0,"d":"0.00"},271.05,{"v":4336.8,"d":"4336.80"}]
[1915,null,"回火防止器","工器具","任意品牌","适用于乙炔减压阀",12,0,1,13,"套",48.79,585.48,{"v":0,"d":"0.00"},48.79,634.27]
[1916,null,"回火防止器","工器具","任意品牌","适用于割枪",12,0,1,13,"套",57.83,693.96,{"v":0,"d":"0.00"},57.83,751.79]
[1917,null,"氧气乙炔割枪","工器具","任意品牌","30型，全铜国标",9,0,1,10,"套",97.58,878.22,{"v":0,"d":"0.00"},97.58,{"v":975.8,"d":"975.80"}]
[1918,null,"氧气乙炔割枪","工器具","任意品牌","100型，全铜国标",9,0,1,10,"套",120.15,1081.35,{"v":0,"d":"0.00"},120.15,{"v":1201.5,"d":"1201.50"}]
[1919,null,"氧气乙炔割枪","工器具","任意品牌","300型，全铜国标",6,0,1,7,"套",175.28,1051.68,{"v":0,"d":"0.00"},175.28,1226.96]
[1920,null,"乙炔割嘴","工器具","任意品牌","30型，全铜，5只/盒",18,0,1,19,"盒",19.91,358.38,{"v":0,"d":"0.00"},19.91,378.29]
[1921,null,"乙炔割嘴","工器具","任意品牌","100型，全铜，5只/盒",18,0,1,19,"盒",27.11,487.98,{"v":0,"d":"0.00"},27.11,515.09]
[1922,null,"乙炔割嘴","工器具","任意品牌","300型，全铜，5只/盒",12,0,1,{"$f":"SUM(G1924:I1924)","v":13},"盒",39.76,{"$f":"L1924*G1924","v":477.12},{"$f":"L1924*H1924","v":{"v":0,"d":"0.00"}},{"$f":"L1924*I1924","v":39.76},{"$f":"M1924+N1924+O1924","v":516.88}]
[1923,null,"氧气乙炔工具套装","工器具","任意品牌","30型/100型，含铜割枪、氧气乙炔气管，氧气乙炔减压阀、回火防止器等。",9,0,1,10,"套",558.4,{"v":5025.6,"d":"5025.60"},{"v":0,"d":"0.00"},{"v":558.4,"d":"558.40"},{"v":5584,"d":"5584.00"}]
[1924,null,"液化气喷火枪","工器具","任意品牌","30型",3,0,1,4,"把",39.76,119.28,{"v":0,"d":"0.00"},39.76,159.04]
[1925,null,"液化气喷火枪","工器具","任意品牌","35型",3,0,1,4,"把",47.87,143.61,{"v":0,"d":"0.00"},47.87,191.48]
[1926,null,"液化气喷火枪","工器具","任意品牌","50型",3,0,1,4,"把",62.32,186.96,{"v":0,"d":"0.00"},62.32,249.28]
[1927,null,"氩弧焊机枪","工器具","任意品牌","150A,4米长度",4,0,1,5,"套",167.17,668.68,{"v":0,"d":"0.00"},167.17,835.85]
[1928,null,"氩弧焊机枪","工器具","任意品牌","150A,8米长度",3,0,1,4,"套",292.74,878.22,{"v":0,"d":"0.00"},292.74,1170.96]
[1929,null,"氩弧焊机枪头","工器具","任意品牌","150A",6,0,1,7,"把",19.91,119.46,{"v":0,"d":"0.00"},19.91,139.37]
[1930,null,"氩弧焊钨针","工器具","任意品牌","1.6mm，铈钨，10支/盒",4,0,1,5,"盒",54.21,216.84,{"v":0,"d":"0.00"},54.21,271.05]
[1931,null,"氩弧焊钨针","工器具","任意品牌","1.6mm，钍钨，10支/盒",4,0,1,5,"盒",56.02,224.08,{"v":0,"d":"0.00"},56.02,{"v":280.1,"d":"280.10"}]
[1932,null,"氩弧焊钨针","工器具","任意品牌","1.6mm，纯钨，10支/盒",4,0,1,5,"盒",56.02,224.08,{"v":0,"d":"0.00"},56.02,{"v":280.1,"d":"280.10"}]
[1933,null,"氩弧焊钨针","工器具","任意品牌","2.0mm，铈钨，10支/盒",4,0,1,5,"盒",77.7,{"v":310.8,"d":"310.80"},{"v":0,"d":"0.00"},{"v":77.7,"d":"77.70"},{"v":388.5,"d":"388.50"}]
[1934,null,"氩弧焊钨针","工器具","任意品牌","2.0mm，钍钨，10支/盒",4,0,1,5,"盒",85.85,{"v":343.4,"d":"343.40"},{"v":0,"d":"0.00"},85.85,429.25]
[1935,null,"氩弧焊钨针","工器具","任意品牌","2.0mm，纯钨，10支/盒",4,0,1,5,"盒",80.39,321.56,{"v":0,"d":"0.00"},80.39,401.95]
[1936,null,"氩弧焊钨针","工器具","任意品牌","2.4mm，铈钨，10支/盒",4,0,1,5,"盒",104.8,{"v":419.2,"d":"419.20"},{"v":0,"d":"0.00"},{"v":104.8,"d":"104.80"},{"v":524,"d":"524.00"}]
[1937,null,"氩弧焊钨针","工器具","任意品牌","2.4mm，钍钨，10支/盒",4,0,1,5,"盒",115.65,{"v":462.6,"d":"462.60"},{"v":0,"d":"0.00"},115.65,578.25]
[1938,null,"氩弧焊钨针","工器具","任意品牌","2.4mm，纯钨，10支/盒",4,0,1,5,"盒",118.38,473.52,{"v":0,"d":"0.00"},118.38,{"v":591.9,"d":"591.90"}]
[1939,null,"氩弧焊钨针","工器具","任意品牌","3.0mm，铈钨，10支/盒",4,0,1,5,"盒",178.01,712.04,{"v":0,"d":"0.00"},178.01,890.05]
[1940,null,"氩弧焊钨针","工器具","任意品牌","3.0mm，钍钨，10支/盒",4,0,1,5,"盒",207.81,831.24,{"v":0,"d":"0.00"},207.81,1039.05]
[1941,null,"氩弧焊钨针","工器具","任意品牌","3.0mm，纯钨，10支/盒",4,0,1,5,"盒",202.38,809.52,{"v":0,"d":"0.00"},202.38,{"v":1011.9,"d":"1011.90"}]
[1942,null,"钨针夹","工器具","任意品牌","1.6mm，紫铜，10个/盒",3,0,1,4,"盒",16.3,{"v":48.9,"d":"48.90"},{"v":0,"d":"0.00"},{"v":16.3,"d":"16.30"},{"v":65.2,"d":"65.20"}]
[1943,null,"钨针夹","工器具","任意品牌","2.0mm，紫铜，10个/盒",3,0,1,4,"盒",16.3,{"v":48.9,"d":"48.90"},{"v":0,"d":"0.00"},{"v":16.3,"d":"16.30"},{"v":65.2,"d":"65.20"}]
[1944,null,"钨针夹","工器具","任意品牌","2.4mm，紫铜，10个/盒",3,0,1,4,"盒",16.3,{"v":48.9,"d":"48.90"},{"v":0,"d":"0.00"},{"v":16.3,"d":"16.30"},{"v":65.2,"d":"65.20"}]
[1945,null,"钨针夹","工器具","任意品牌","3.0mm，紫铜，10个/盒",3,0,1,4,"盒",16.3,{"v":48.9,"d":"48.90"},{"v":0,"d":"0.00"},{"v":16.3,"d":"16.30"},{"v":65.2,"d":"65.20"}]
[1946,null,"导流体","工器具","任意品牌","1.6mm",12,0,1,13,"只",9.04,108.48,{"v":0,"d":"0.00"},9.04,117.52]
[1947,null,"导流体","工器具","任意品牌","2.0mm",12,0,1,13,"只",9.04,108.48,{"v":0,"d":"0.00"},9.04,117.52]
[1948,null,"导流体","工器具","任意品牌","2.4mm",12,0,1,13,"只",9.04,108.48,{"v":0,"d":"0.00"},9.04,117.52]
[1949,null,"导流体","工器具","任意品牌","3.0mm",12,0,1,13,"只",9.95,{"v":119.4,"d":"119.40"},{"v":0,"d":"0.00"},9.95,129.35]
[1950,null,"氩弧焊枪瓷嘴","工器具","任意品牌","任意规格",30,0,1,31,"包",20.76,{"v":622.8,"d":"622.80"},{"v":0,"d":"0.00"},20.76,643.56]
[1951,null,"氩弧焊保护套","工器具","任意品牌","适配TIG150型焊枪",30,0,1,31,"米",9.95,{"v":298.5,"d":"298.50"},{"v":0,"d":"0.00"},9.95,308.45]
[1952,null,"氩弧焊手套","工器具","任意品牌","全羊皮，耐高温",12,0,1,13,"副",76.81,921.72,{"v":0,"d":"0.00"},76.81,998.53]
[1953,null,"等离子切割枪把","工器具","任意品牌","含枪头、防爆橡胶管、纯铜线、防火橡胶套等，长度8米。",6,0,1,7,"套",427.34,2564.04,{"v":0,"d":"0.00"},427.34,2991.38]
[1954,null,"等离子切割枪头","工器具","任意品牌","P80",12,0,1,13,"把",143.64,1723.68,{"v":0,"d":"0.00"},143.64,1867.32]
[1955,null,"P80电极割嘴","工器具","任意品牌","1.5孔，10套/盒",12,0,1,13,"盒",102.08,1224.96,{"v":0,"d":"0.00"},102.08,1327.04]
[1956,null,"P80电极铪丝割嘴","工器具","任意品牌","1.5孔，10套/盒",12,0,1,13,"盒",88.58,1062.96,{"v":0,"d":"0.00"},88.58,1151.54]
[1957,null,"P80电极超音速割嘴","工器具","任意品牌","1.5孔，10套/盒",4,0,1,5,"盒",99.39,397.56,{"v":0,"d":"0.00"},99.39,496.95]
[1958,null,"切割枪头开关","工器具","任意品牌","P80割枪使用，10只/包",4,0,1,5,"包",48.79,195.16,{"v":0,"d":"0.00"},48.79,243.95]
[1959,null,"钢管柄羊角锤","工器具","任意品牌","0.25kg",9,0,1,10,"把",28.02,252.18,{"v":0,"d":"0.00"},28.02,{"v":280.2,"d":"280.20"}]
[1960,null,"钢管柄羊角锤","工器具","任意品牌","0.5kg",9,0,1,10,"把",32.53,292.77,{"v":0,"d":"0.00"},32.53,{"v":325.3,"d":"325.30"}]
[1961,null,"钢管柄羊角锤","工器具","任意品牌","0.75kg",9,0,1,10,"把",41.56,374.04,{"v":0,"d":"0.00"},41.56,{"v":415.6,"d":"415.60"}]
[1962,null,"橡胶锤","工器具","任意品牌","16oz",6,0,1,7,"把",23.49,140.94,{"v":0,"d":"0.00"},23.49,164.43]
[1963,null,"橡胶锤","工器具","任意品牌","24oz",6,0,1,7,"把",28.91,173.46,{"v":0,"d":"0.00"},28.91,202.37]
[1964,null,"C型夹","工器具","任意品牌","2寸",9,0,1,10,"只",13.57,122.13,{"v":0,"d":"0.00"},13.57,{"v":135.7,"d":"135.70"}]
[1965,null,"C型夹","工器具","任意品牌","3寸",9,0,1,10,"只",18.99,170.91,{"v":0,"d":"0.00"},18.99,{"v":189.9,"d":"189.90"}]
[1966,null,"C型夹","工器具","任意品牌","4寸",9,0,1,10,"只",27.11,243.99,{"v":0,"d":"0.00"},27.11,{"v":271.1,"d":"271.10"}]
[1967,null,"C型夹","工器具","任意品牌","5寸",5,0,1,6,"只",32.53,162.65,{"v":0,"d":"0.00"},32.53,195.18]
[1968,null,"C型夹","工器具","任意品牌","6寸",5,0,1,6,"只",42.45,212.25,{"v":0,"d":"0.00"},42.45,{"v":254.7,"d":"254.70"}]
[1969,null,"C型夹","工器具","任意品牌","8寸",5,0,1,6,"只",54.21,271.05,{"v":0,"d":"0.00"},54.21,325.26]
[1970,null,"C型夹","工器具","任意品牌","10寸",4,0,0,4,"只",69.59,278.36,{"v":0,"d":"0.00"},{"v":0,"d":"0.00"},278.36]
[1971,null,"C型夹","工器具","任意品牌","12寸",4,0,0,4,"只",88.58,354.32,{"v":0,"d":"0.00"},{"v":0,"d":"0.00"},354.32]
[1972,null,"木工开孔器","工器具","任意品牌","开孔19-64mm",5,0,0,5,"套",145.48,{"v":727.4,"d":"727.40"},{"v":0,"d":"0.00"},{"v":0,"d":"0.00"},{"v":727.4,"d":"727.40"}]
[1973,null,"木工开孔器","工器具","任意品牌","开孔64-127mm",5,0,0,5,"套",206,{"v":1030,"d":"1030.00"},{"v":0,"d":"0.00"},{"v":0,"d":"0.00"},{"v":1030,"d":"1030.00"}]
[1974,null,"电烙铁","工器具","任意品牌","40W",9,0,0,9,"把",24.38,219.42,{"v":0,"d":"0.00"},{"v":0,"d":"0.00"},219.42]
[1975,null,"电烙铁","工器具","任意品牌","60W",9,0,0,9,"把",44.25,398.25,{"v":0,"d":"0.00"},{"v":0,"d":"0.00"},398.25]
[1976,null,"电烙铁","工器具","任意品牌","80W",9,0,0,9,"把",74.12,667.08,{"v":0,"d":"0.00"},{"v":0,"d":"0.00"},667.08]
[1977,null,"松香","工器具","任意品牌","20g",12,0,0,12,"盒",7.23,86.76,{"v":0,"d":"0.00"},{"v":0,"d":"0.00"},86.76]
[1978,null,"无铅锡焊丝","工器具","任意品牌","100g",18,0,0,18,"卷",40.67,732.06,{"v":0,"d":"0.00"},{"v":0,"d":"0.00"},732.06]
[1979,null,"电热吸锡器","工器具","任意品牌","加热功率30W、吸锡功率350W,吸锡筒直径32mm。",5,0,0,5,"把",114.73,573.65,{"v":0,"d":"0.00"},{"v":0,"d":"0.00"},573.65]
[1980,null,"冲洗水枪","工器具","任意品牌","水枪材质：锌合金+工程塑料，枪头口径8mm（带10米软水管，带多功能接头、台盆接头、通水接头）",12,0,0,12,"套",157.21,1886.52,{"v":0,"d":"0.00"},{"v":0,"d":"0.00"},1886.52]
[1981,null,"高压水枪","工器具","任意品牌","高压清洗机用，一米五",4,0,0,4,"把",334.29,1337.16,{"v":0,"d":"0.00"},{"v":0,"d":"0.00"},1337.16]
[1982,null,"LED手提式照明灯","工器具","任意品牌","50W 6-8小时",12,0,0,12,"盏",386.7,{"v":4640.4,"d":"4640.40"},{"v":0,"d":"0.00"},{"v":0,"d":"0.00"},{"v":4640.4,"d":"4640.40"}]
[1983,null,"LED投光灯","工器具","任意品牌","200V 100W",12,0,0,12,"个",341.55,{"v":4098.6,"d":"4098.60"},{"v":0,"d":"0.00"},{"v":0,"d":"0.00"},{"v":4098.6,"d":"4098.60"}]
[1984,null,"手电筒","工器具","任意品牌","充电式，光源类型：LED，电池类型：锂电池",30,0,0,30,"把",118.38,{"v":3551.4,"d":"3551.40"},{"v":0,"d":"0.00"},{"v":0,"d":"0.00"},{"v":3551.4,"d":"3551.40"}]
[1985,null,"探照灯","工器具","任意品牌","15000w，可充电，电量显示",9,0,0,9,"个",698.46,6286.14,{"v":0,"d":"0.00"},{"v":0,"d":"0.00"},6286.14]
[1986,null,"平板小推车","工器具","任意品牌","90cm×60cm",4,0,0,{"$f":"SUM(G1988:I1988)","v":4},"辆",342.41,{"$f":"L1988*G1988","v":1369.64},{"$f":"L1988*H1988","v":{"v":0,"d":"0.00"}},{"$f":"L1988*I1988","v":{"v":0,"d":"0.00"}},{"$f":"M1988+N1988+O1988","v":1369.64}]
[1987,null,"斗车","工器具","任意品牌","加厚 实芯轮",6,0,0,6,"台",497.77,2986.62,{"v":0,"d":"0.00"},{"v":0,"d":"0.00"},2986.62]
[1988,null,"纱手套","工器具","任意品牌","加厚",1200,0,0,1200,"双",3.61,{"v":4332,"d":"4332.00"},{"v":0,"d":"0.00"},{"v":0,"d":"0.00"},{"v":4332,"d":"4332.00"}]
[1989,null,"点胶纱手套","工器具","任意品牌","加厚、点胶",600,0,0,600,"双",5.42,{"v":3252,"d":"3252.00"},{"v":0,"d":"0.00"},{"v":0,"d":"0.00"},{"v":3252,"d":"3252.00"}]
[1990,null,"帆布手套","工器具","任意品牌","24线加固",1200,0,0,1200,"双",5.42,{"v":6504,"d":"6504.00"},{"v":0,"d":"0.00"},{"v":0,"d":"0.00"},{"v":6504,"d":"6504.00"}]
[1991,null,"工业级耐酸碱加长乳胶手套","工器具","任意品牌","45cm",120,0,0,120,"双",16.49,{"v":1978.8,"d":"1978.80"},{"v":0,"d":"0.00"},{"v":0,"d":"0.00"},{"v":1978.8,"d":"1978.80"}]
[1992,null,"工业级耐酸碱加长乳胶手套","工器具","任意品牌","55cm",120,0,0,120,"双",19.91,{"v":2389.2,"d":"2389.20"},{"v":0,"d":"0.00"},{"v":0,"d":"0.00"},{"v":2389.2,"d":"2389.20"}]
[1993,null,"橡胶手套","工器具","任意品牌","加厚，乳胶",180,0,0,180,"双",7.23,{"v":1301.4,"d":"1301.40"},{"v":0,"d":"0.00"},{"v":0,"d":"0.00"},{"v":1301.4,"d":"1301.40"}]
[1994,null,"油漆滚筒","工器具","任意品牌","4寸",24,0,0,24,"支",4.53,108.72,{"v":0,"d":"0.00"},{"v":0,"d":"0.00"},108.72]
[1995,null,"油漆滚筒","工器具","任意品牌","8寸",24,0,0,24,"支",5.42,130.08,{"v":0,"d":"0.00"},{"v":0,"d":"0.00"},130.08]
[1996,null,"镰刀","工器具","任意品牌","加厚长弯头，110钢柄，18×48cm",6,0,0,6,"把",53.29,319.74,{"v":0,"d":"0.00"},{"v":0,"d":"0.00"},319.74]
[1997,null,"剪刀","工器具","任意品牌","不锈钢，大号",6,0,0,6,"把",32.53,195.18,{"v":0,"d":"0.00"},{"v":0,"d":"0.00"},195.18]
[1998,null,"剪刀","工器具","任意品牌","不锈钢，中号",6,0,0,6,"把",26.18,157.08,{"v":0,"d":"0.00"},{"v":0,"d":"0.00"},157.08]
[1999,null,"油灰刀","工器具","任意品牌","1寸",6,0,0,6,"把",4.53,27.18,{"v":0,"d":"0.00"},{"v":0,"d":"0.00"},27.18]
[2000,null,"油灰刀","工器具","任意品牌","2寸",6,0,0,6,"把",4.53,27.18,{"v":0,"d":"0.00"},{"v":0,"d":"0.00"},27.18]
[2001,null,"油灰刀","工器具","任意品牌","3寸",6,0,0,6,"把",5.42,32.52,{"v":0,"d":"0.00"},{"v":0,"d":"0.00"},32.52]
[2002,null,"灰匙抹灰刀","工器具","任意品牌","大号",3,0,0,3,"把",21.68,65.04,{"v":0,"d":"0.00"},{"v":0,"d":"0.00"},65.04]
[2003,null,"锄头","工器具","任意品牌","木柄小号宽锄",12,0,0,12,"把",64.16,769.92,{"v":0,"d":"0.00"},{"v":0,"d":"0.00"},769.92]
[2004,null,"锄头","工器具","任意品牌","木柄特大号宽锄",12,0,0,12,"把",68.67,824.04,{"v":0,"d":"0.00"},{"v":0,"d":"0.00"},824.04]
[2005,null,"不锈钢铲","工器具","任意品牌","1m，尖头",6,0,0,6,"把",179.78,1078.68,{"v":0,"d":"0.00"},{"v":0,"d":"0.00"},1078.68]
[2006,null,"不锈钢铲","工器具","任意品牌","1m，方头",6,0,0,6,"把",179.78,1078.68,{"v":0,"d":"0.00"},{"v":0,"d":"0.00"},1078.68]
[2007,null,"捞网","工器具","任意品牌","带4米长杆、孔径30mm。口宽45×50cm",12,0,0,12,"把",82.23,986.76,{"v":0,"d":"0.00"},{"v":0,"d":"0.00"},986.76]
[2008,null,"竹筐/箩筐","工器具","任意品牌","不限 直径50mm高40mm",3,0,0,3,"个",103,{"v":309,"d":"309.00"},{"v":0,"d":"0.00"},{"v":0,"d":"0.00"},{"v":309,"d":"309.00"}]
[2009,null,"皮划艇","工器具","任意品牌","双人",2,0,0,2,"艘",1156.48,2312.96,{"v":0,"d":"0.00"},{"v":0,"d":"0.00"},2312.96]
[2010,null,"台秤","工器具","任意品牌","300kg，电子计数",2,0,0,2,"台",471.66,943.32,{"v":0,"d":"0.00"},{"v":0,"d":"0.00"},943.32]
[2011,null,"氧气瓶","工器具","任意品牌","国标40L,不带气",6,0,0,6,"瓶",1011.01,6066.06,{"v":0,"d":"0.00"},{"v":0,"d":"0.00"},6066.06]
[2012,null,"乙炔瓶","工器具","任意品牌","国标40L,不带气",6,0,0,6,"瓶",1011.01,6066.06,{"v":0,"d":"0.00"},{"v":0,"d":"0.00"},6066.06]
[2013,null,"氮气瓶","工器具","任意品牌","国标40L,不带气",6,0,0,6,"瓶",586.47,3518.82,{"v":0,"d":"0.00"},{"v":0,"d":"0.00"},3518.82]
[2014,null,"氩气瓶","工器具","任意品牌","国标10L,不带气",6,0,0,6,"瓶",306.27,1837.62,{"v":0,"d":"0.00"},{"v":0,"d":"0.00"},1837.62]
[2015,null,"O型圈拼接专用工具","工器具","任意品牌","2-10mm",4,0,0,4,"套",75.9,{"v":303.6,"d":"303.60"},{"v":0,"d":"0.00"},{"v":0,"d":"0.00"},{"v":303.6,"d":"303.60"}]
[2016,null,"透明收纳箱","工器具","任意品牌","44cm×30cm×16cm，加厚",60,0,0,60,"个",56.9,{"v":3414,"d":"3414.00"},{"v":0,"d":"0.00"},{"v":0,"d":"0.00"},{"v":3414,"d":"3414.00"}]
[2017,null,"透明收纳箱","工器具","任意品牌","44cm×30cm×25cm，加厚",60,0,0,60,"个",64.16,{"v":3849.6,"d":"3849.60"},{"v":0,"d":"0.00"},{"v":0,"d":"0.00"},{"v":3849.6,"d":"3849.60"}]
[2018,null,"透明收纳箱","工器具","任意品牌","53cm×38cm×24.5cm，加厚",60,0,0,60,"个",83.12,{"v":4987.2,"d":"4987.20"},{"v":0,"d":"0.00"},{"v":0,"d":"0.00"},{"v":4987.2,"d":"4987.20"}]
[2019,null,"周转箱","工器具","任意品牌","550×400×300mm        任意颜色",60,0,0,60,"个",92.19,{"v":5531.4,"d":"5531.40"},{"v":0,"d":"0.00"},{"v":0,"d":"0.00"},{"v":5531.4,"d":"5531.40"}]
[2020,null,"零件盒","工器具","任意品牌","470×300×180mm      斜口箱，任意颜色",48,0,0,48,"个",35.22,1690.56,{"v":0,"d":"0.00"},{"v":0,"d":"0.00"},1690.56]
[2021,null,"塑料筐","工器具","任意品牌","540×360×310mm        任意颜色",78,0,0,78,"个",50.6,{"v":3946.8,"d":"3946.80"},{"v":0,"d":"0.00"},{"v":0,"d":"0.00"},{"v":3946.8,"d":"3946.80"}]
[2022,null,"抽屉式物料存放柜","工器具","任意品牌","75抽 蓝色抽屉 不带门     高90cm宽65cm深22cm",12,0,0,12,"个",672.21,8066.52,{"v":0,"d":"0.00"},{"v":0,"d":"0.00"},8066.52]
[2023,null,"螺丝盒","工器具","任意品牌","10mm×15mm×50mm     任意颜色",60,0,0,60,"个",4.53,{"v":271.8,"d":"271.80"},{"v":0,"d":"0.00"},{"v":0,"d":"0.00"},{"v":271.8,"d":"271.80"}]
[2024,null,"分体式铁皮柜","工器具","任意品牌","高390mm、宽850mm、深360mm。",18,0,0,18,"个",231.3,{"v":4163.4,"d":"4163.40"},{"v":0,"d":"0.00"},{"v":0,"d":"0.00"},{"v":4163.4,"d":"4163.40"}]
[2025,null,"铁皮柜","工器具","任意品牌","高810mm、宽630mm、深400mm,双门，2层，表面喷塑加工。",12,0,0,12,"个",679.47,8153.64,{"v":0,"d":"0.00"},{"v":0,"d":"0.00"},8153.64]
[2026,null,"货架","工器具","任意品牌","长2m、宽0.6米、高1.8米，4层，单层承载100kg以上。",36,0,0,36,"个",662.31,23843.16,{"v":0,"d":"0.00"},{"v":0,"d":"0.00"},23843.16]
[2027,null,"不锈钢取样桶","工器具","任意品牌","1L",24,0,0,24,"个",133.72,3209.28,{"v":0,"d":"0.00"},{"v":0,"d":"0.00"},3209.28]
[2028,null,"吹尘枪","工器具","任意品牌",null,30,0,0,30,"把",33.44,{"v":1003.2,"d":"1003.20"},{"v":0,"d":"0.00"},{"v":0,"d":"0.00"},{"v":1003.2,"d":"1003.20"}]
[2029,null,"吹尘枪","工器具","任意品牌","带15米气管及接头",12,0,0,12,"把",87.66,1051.92,{"v":0,"d":"0.00"},{"v":0,"d":"0.00"},1051.92]
[2030,null,"热熔胶枪","工器具","任意品牌","100-150W",6,0,0,6,"把",90.35,{"v":542.1,"d":"542.10"},{"v":0,"d":"0.00"},{"v":0,"d":"0.00"},{"v":542.1,"d":"542.10"}]
[2031,null,"发泡剂枪","工器具","任意品牌",null,18,0,0,18,"把",36.14,650.52,{"v":0,"d":"0.00"},{"v":0,"d":"0.00"},650.52]
[2032,null,"玻璃胶枪","工器具","任意品牌",null,18,0,0,18,"把",20.76,373.68,{"v":0,"d":"0.00"},{"v":0,"d":"0.00"},373.68]
[2033,null,"结构胶枪","工器具","任意品牌",null,18,0,0,18,"把",57.83,1040.94,{"v":0,"d":"0.00"},{"v":0,"d":"0.00"},1040.94]
[2034,null,"铆钉枪","工器具","任意品牌","11寸",12,0,0,12,"把",131.91,1582.92,{"v":0,"d":"0.00"},{"v":0,"d":"0.00"},1582.92]
[2035,null,"油壶","工器具","任意品牌","300ml",12,0,0,12,"把",31.64,379.68,{"v":0,"d":"0.00"},{"v":0,"d":"0.00"},379.68]
[2036,null,"铝合金手摇油泵","工器具","任意品牌","适用200L油桶",6,0,0,6,"把",152.68,916.08,{"v":0,"d":"0.00"},{"v":0,"d":"0.00"},916.08]
[2037,null,"电动抽油泵","工器具","任意品牌","适用200L油桶，150W    金属管、金属嘴",18,0,0,18,"把",273.74,4927.32,{"v":0,"d":"0.00"},{"v":0,"d":"0.00"},4927.32]
[2038,null,"便携储油桶","工器具","任意品牌","20L，铝盖加厚",12,0,0,12,"只",153.59,1843.08,{"v":0,"d":"0.00"},{"v":0,"d":"0.00"},1843.08]
[2039,null,"便携储油桶","工器具","任意品牌","30L，铝盖加厚",12,0,0,12,"只",190.66,2287.92,{"v":0,"d":"0.00"},{"v":0,"d":"0.00"},2287.92]
[2040,null,"热熔胶棒","工器具","任意品牌","φ7mm，10支/包",6,0,0,6,"包",11.73,70.38,{"v":0,"d":"0.00"},{"v":0,"d":"0.00"},70.38]
[2041,null,"热熔胶棒","工器具","任意品牌","φ11mm，10支/包",6,0,0,6,"包",15.37,92.22,{"v":0,"d":"0.00"},{"v":0,"d":"0.00"},92.22]
[2042,null,"火石仔砂轮磨头","工器具","任意品牌","圆柱形 柄直径：6mm\n磨头直径：10mm",60,0,0,60,"支",2.69,{"v":161.4,"d":"161.40"},{"v":0,"d":"0.00"},{"v":0,"d":"0.00"},{"v":161.4,"d":"161.40"}]
[2043,null,"金刚石合金直磨头","工器具","任意品牌","圆柱3*12",120,0,0,120,"个",3.61,{"v":433.2,"d":"433.20"},{"v":0,"d":"0.00"},{"v":0,"d":"0.00"},{"v":433.2,"d":"433.20"}]
[2044,null,"砂轮机砂轮片","工器具","任意品牌","5寸，白刚玉",4,0,0,4,"片",50.6,{"v":202.4,"d":"202.40"},{"v":0,"d":"0.00"},{"v":0,"d":"0.00"},{"v":202.4,"d":"202.40"}]
[2045,null,"砂轮机砂轮片","工器具","任意品牌","6寸，白刚玉",4,0,0,4,"片",62.32,249.28,{"v":0,"d":"0.00"},{"v":0,"d":"0.00"},249.28]
[2046,null,"砂轮机砂轮片","工器具","任意品牌","8寸，白刚玉",4,0,0,4,"片",116.54,466.16,{"v":0,"d":"0.00"},{"v":0,"d":"0.00"},466.16]
[2047,null,"羊毛抛光片","工器具","任意品牌","100*8*16mm 5片/盒",30,0,0,30,"盒",24.38,{"v":731.4,"d":"731.40"},{"v":0,"d":"0.00"},{"v":0,"d":"0.00"},{"v":731.4,"d":"731.40"}]
[2048,null,"角磨机钢丝刷","工器具","任意品牌","孔径16mm，特厚耐磨",120,0,0,120,"只",3.61,{"v":433.2,"d":"433.20"},{"v":0,"d":"0.00"},{"v":0,"d":"0.00"},{"v":433.2,"d":"433.20"}]
[2049,null,"砂纸","工器具","任意品牌","干湿两用，60目",360,0,0,360,"张",3.61,{"v":1299.6,"d":"1299.60"},{"v":0,"d":"0.00"},{"v":0,"d":"0.00"},{"v":1299.6,"d":"1299.60"}]
[2050,null,"砂纸","工器具","任意品牌","干湿两用，120目",360,0,0,{"$f":"SUM(G2052:I2052)","v":360},"张",3.61,{"$f":"L2052*G2052","v":{"v":1299.6,"d":"1299.60"}},{"$f":"L2052*H2052","v":{"v":0,"d":"0.00"}},{"$f":"L2052*I2052","v":{"v":0,"d":"0.00"}},{"$f":"M2052+N2052+O2052","v":{"v":1299.6,"d":"1299.60"}}]
[2051,null,"砂纸","工器具","任意品牌","干湿两用，180目",360,0,0,360,"张",3.61,{"v":1299.6,"d":"1299.60"},{"v":0,"d":"0.00"},{"v":0,"d":"0.00"},{"v":1299.6,"d":"1299.60"}]
[2052,null,"砂纸","工器具","任意品牌","干湿两用，240目",360,0,0,360,"张",3.61,{"v":1299.6,"d":"1299.60"},{"v":0,"d":"0.00"},{"v":0,"d":"0.00"},{"v":1299.6,"d":"1299.60"}]
[2053,null,"砂纸","工器具","任意品牌","干湿两用，320目",360,0,0,360,"张",3.61,{"v":1299.6,"d":"1299.60"},{"v":0,"d":"0.00"},{"v":0,"d":"0.00"},{"v":1299.6,"d":"1299.60"}]
[2054,null,"砂纸","工器具","任意品牌","干湿两用，400目",360,0,0,360,"张",3.61,{"v":1299.6,"d":"1299.60"},{"v":0,"d":"0.00"},{"v":0,"d":"0.00"},{"v":1299.6,"d":"1299.60"}]
[2055,null,"砂纸","工器具","任意品牌","干湿两用，800目",360,0,0,360,"张",3.61,{"v":1299.6,"d":"1299.60"},{"v":0,"d":"0.00"},{"v":0,"d":"0.00"},{"v":1299.6,"d":"1299.60"}]
[2056,null,"砂纸","工器具","任意品牌","干湿两用，1000目",360,0,0,360,"张",3.61,{"v":1299.6,"d":"1299.60"},{"v":0,"d":"0.00"},{"v":0,"d":"0.00"},{"v":1299.6,"d":"1299.60"}]
[2057,null,"砂纸","工器具","任意品牌","干湿两用，1500目",360,0,0,360,"张",3.61,{"v":1299.6,"d":"1299.60"},{"v":0,"d":"0.00"},{"v":0,"d":"0.00"},{"v":1299.6,"d":"1299.60"}]
[2058,null,"砂纸","工器具","任意品牌","干湿两用，2000目",360,0,0,360,"张",3.61,{"v":1299.6,"d":"1299.60"},{"v":0,"d":"0.00"},{"v":0,"d":"0.00"},{"v":1299.6,"d":"1299.60"}]
[2059,null,"砂纸","工器具","任意品牌","干湿两用，3000目",180,0,0,180,"张",4.53,{"v":815.4,"d":"815.40"},{"v":0,"d":"0.00"},{"v":0,"d":"0.00"},{"v":815.4,"d":"815.40"}]
[2060,null,"砂纸","工器具","任意品牌","干湿两用，5000目",180,0,0,180,"张",4.53,{"v":815.4,"d":"815.40"},{"v":0,"d":"0.00"},{"v":0,"d":"0.00"},{"v":815.4,"d":"815.40"}]
[2061,null,"液压立式千斤顶","工器具","任意品牌","2吨",12,0,0,12,"台",94.88,1138.56,{"v":0,"d":"0.00"},{"v":0,"d":"0.00"},1138.56]
[2062,null,"液压立式千斤顶","工器具","任意品牌","3吨",12,0,0,12,"台",123.8,{"v":1485.6,"d":"1485.60"},{"v":0,"d":"0.00"},{"v":0,"d":"0.00"},{"v":1485.6,"d":"1485.60"}]
[2063,null,"液压立式千斤顶","工器具","任意品牌","5吨",12,0,0,12,"台",142.72,1712.64,{"v":0,"d":"0.00"},{"v":0,"d":"0.00"},1712.64]
[2064,null,"液压立式千斤顶","工器具","任意品牌","10吨",12,0,0,12,"台",205.08,2460.96,{"v":0,"d":"0.00"},{"v":0,"d":"0.00"},2460.96]
[2065,null,"液压立式千斤顶","工器具","任意品牌","16吨",6,0,0,6,"台",281,{"v":1686,"d":"1686.00"},{"v":0,"d":"0.00"},{"v":0,"d":"0.00"},{"v":1686,"d":"1686.00"}]
[2066,null,"液压立式千斤顶","工器具","任意品牌","20吨",6,0,0,6,"台",322.57,1935.42,{"v":0,"d":"0.00"},{"v":0,"d":"0.00"},1935.42]
[2067,null,"液压立式千斤顶","工器具","任意品牌","32吨",3,0,0,3,"台",567.4,{"v":1702.2,"d":"1702.20"},{"v":0,"d":"0.00"},{"v":0,"d":"0.00"},{"v":1702.2,"d":"1702.20"}]
[2068,null,"液压立式千斤顶","工器具","任意品牌","50吨",3,0,0,3,"台",805.96,2417.88,{"v":0,"d":"0.00"},{"v":0,"d":"0.00"},2417.88]
[2069,null,"卧式液压千斤顶","工器具","任意品牌","1.5吨",4,0,0,4,"台",226.79,907.16,{"v":0,"d":"0.00"},{"v":0,"d":"0.00"},907.16]
[2070,null,"卧式液压千斤顶","工器具","任意品牌","2吨",4,0,0,4,"台",240.33,961.32,{"v":0,"d":"0.00"},{"v":0,"d":"0.00"},961.32]
[2071,null,"卧式液压千斤顶","工器具","任意品牌","3吨",4,0,0,4,"台",561.09,2244.36,{"v":0,"d":"0.00"},{"v":0,"d":"0.00"},2244.36]
[2072,null,"三爪拉马","工器具","任意品牌","3寸",4,0,0,4,"套",24.38,97.52,{"v":0,"d":"0.00"},{"v":0,"d":"0.00"},97.52]
[2073,null,"三爪拉马","工器具","任意品牌","4寸",4,0,0,4,"套",37.06,148.24,{"v":0,"d":"0.00"},{"v":0,"d":"0.00"},148.24]
[2074,null,"三爪拉马","工器具","任意品牌","6寸",4,0,0,4,"套",48.79,195.16,{"v":0,"d":"0.00"},{"v":0,"d":"0.00"},195.16]
[2075,null,"三爪拉马","工器具","任意品牌","8寸",4,0,0,4,"套",78.59,314.36,{"v":0,"d":"0.00"},{"v":0,"d":"0.00"},314.36]
[2076,null,"三爪拉马","工器具","任意品牌","10寸",2,0,0,2,"套",123.8,{"v":247.6,"d":"247.60"},{"v":0,"d":"0.00"},{"v":0,"d":"0.00"},{"v":247.6,"d":"247.60"}]
[2077,null,"三爪拉马","工器具","任意品牌","12寸",2,0,0,2,"套",164.47,328.94,{"v":0,"d":"0.00"},{"v":0,"d":"0.00"},328.94]
[2078,null,"三爪拉马","工器具","任意品牌","14寸",2,0,0,2,"套",233.14,466.28,{"v":0,"d":"0.00"},{"v":0,"d":"0.00"},466.28]
[2079,null,"三爪拉马","工器具","任意品牌","16寸",2,0,0,2,"套",306.27,612.54,{"v":0,"d":"0.00"},{"v":0,"d":"0.00"},612.54]
[2080,null,"三爪拉马","工器具","任意品牌","20寸",2,0,0,2,"套",430.98,861.96,{"v":0,"d":"0.00"},{"v":0,"d":"0.00"},861.96]
[2081,null,"整体液压式三爪拉马","工器具","任意品牌","5吨",4,0,0,4,"台",347.87,1391.48,{"v":0,"d":"0.00"},{"v":0,"d":"0.00"},1391.48]
[2082,null,"整体液压式三爪拉马","工器具","任意品牌","10吨",4,0,0,4,"台",543.35,{"v":2173.4,"d":"2173.40"},{"v":0,"d":"0.00"},{"v":0,"d":"0.00"},{"v":2173.4,"d":"2173.40"}]
[2083,null,"整体液压式三爪拉马","工器具","任意品牌","20吨",3,0,0,3,"台",1028.22,3084.66,{"v":0,"d":"0.00"},{"v":0,"d":"0.00"},3084.66]
[2084,null,"整体液压式三爪拉马","工器具","任意品牌","30吨",3,0,0,3,"台",1420.34,4261.02,{"v":0,"d":"0.00"},{"v":0,"d":"0.00"},4261.02]
[2085,null,"分体液压式三爪拉马","工器具","任意品牌","5吨",3,0,0,3,"台",725.56,2176.68,{"v":0,"d":"0.00"},{"v":0,"d":"0.00"},2176.68]
[2086,null,"分体液压式三爪拉马","工器具","任意品牌","10吨",3,0,0,3,"台",898.08,2694.24,{"v":0,"d":"0.00"},{"v":0,"d":"0.00"},2694.24]
[2087,null,"分体液压式三爪拉马","工器具","任意品牌","20吨",3,0,0,3,"台",1648.9,{"v":4946.7,"d":"4946.70"},{"v":0,"d":"0.00"},{"v":0,"d":"0.00"},{"v":4946.7,"d":"4946.70"}]
[2088,null,"分体液压式三爪拉马","工器具","任意品牌","30吨",3,0,0,3,"台",2159.37,6478.11,{"v":0,"d":"0.00"},{"v":0,"d":"0.00"},6478.11]
[2089,null,"分体液压式三爪拉马","工器具","任意品牌","50吨",3,0,0,3,"台",2860.49,8581.47,{"v":0,"d":"0.00"},{"v":0,"d":"0.00"},8581.47]
[2090,null,"内孔轴承拉马","工器具","任意品牌","拆卸内孔直径16-38mm轴承",8,0,0,8,"套",113.84,910.72,{"v":0,"d":"0.00"},{"v":0,"d":"0.00"},910.72]
[2091,null,"多用分离器工具套装","工器具","任意品牌","齿轮、轴承拆卸器组合，14件套，适用范围35mm-75mm。",5,0,0,5,"套",674.01,3370.05,{"v":0,"d":"0.00"},{"v":0,"d":"0.00"},3370.05]
[2092,null,"多用分离器工具套装","工器具","任意品牌","齿轮、轴承拆卸器组合，8件套，适用范围75mm-105mm。",5,0,0,5,"套",522.25,2611.25,{"v":0,"d":"0.00"},{"v":0,"d":"0.00"},2611.25]
[2093,null,"断头螺丝取丝器","工器具","任意品牌","双头，4分-6分",10,0,0,10,"个",14.46,{"v":144.6,"d":"144.60"},{"v":0,"d":"0.00"},{"v":0,"d":"0.00"},{"v":144.6,"d":"144.60"}]
[2094,null,"铝合金人字梯","工器具","任意品牌","6步（1.5米），加厚",6,0,0,6,"张",261.09,1566.54,{"v":0,"d":"0.00"},{"v":0,"d":"0.00"},1566.54]
[2095,null,"铝合金人字梯","工器具","任意品牌","10步（2.5米），加厚",6,0,0,6,"张",471.66,2829.96,{"v":0,"d":"0.00"},{"v":0,"d":"0.00"},2829.96]
[2096,null,"铝合金人字梯","工器具","任意品牌","12步（3米），加厚",6,0,0,6,"张",614.38,3686.28,{"v":0,"d":"0.00"},{"v":0,"d":"0.00"},3686.28]
[2097,null,"铝合金人字梯","工器具","任意品牌","16步（4米），加厚",5,0,0,5,"张",927.88,{"v":4639.4,"d":"4639.40"},{"v":0,"d":"0.00"},{"v":0,"d":"0.00"},{"v":4639.4,"d":"4639.40"}]
[2098,null,"铝合金人字梯","工器具","任意品牌","20步（5米），加厚",5,0,0,5,"张",1184.51,5922.55,{"v":0,"d":"0.00"},{"v":0,"d":"0.00"},5922.55]
[2099,null,"铝合金人字梯","工器具","任意品牌","24步（6米），加厚",5,0,0,5,"张",1476.32,{"v":7381.6,"d":"7381.60"},{"v":0,"d":"0.00"},{"v":0,"d":"0.00"},{"v":7381.6,"d":"7381.60"}]
[2100,null,"铝合金便携竹节升降人字梯","工器具","任意品牌","3.5米",6,0,0,6,"张",1179.09,7074.54,{"v":0,"d":"0.00"},{"v":0,"d":"0.00"},7074.54]
[2101,null,"铝合金便携竹节升降人字梯","工器具","任意品牌","3.9米",6,0,0,6,"张",1458.25,{"v":8749.5,"d":"8749.50"},{"v":0,"d":"0.00"},{"v":0,"d":"0.00"},{"v":8749.5,"d":"8749.50"}]
[2102,null,"铝合金便携竹节升降人字梯","工器具","任意品牌","4.7米",6,0,0,6,"张",1983.2,{"v":11899.2,"d":"11899.20"},{"v":0,"d":"0.00"},{"v":0,"d":"0.00"},{"v":11899.2,"d":"11899.20"}]
[2103,null,"铝合金便携竹节升降人字梯","工器具","任意品牌","5.5米",6,0,0,6,"张",2663.52,15981.12,{"v":0,"d":"0.00"},{"v":0,"d":"0.00"},15981.12]
[2104,null,"铝合金伸缩直梯","工器具","任意品牌","收5.5米，伸10米，加厚",4,0,0,4,"张",2050.03,8200.12,{"v":0,"d":"0.00"},{"v":0,"d":"0.00"},8200.12]
[2105,null,"铝合金伸缩直梯","工器具","任意品牌","收4.9，伸8.9米，加厚",4,0,0,4,"张",1804.31,7217.24,{"v":0,"d":"0.00"},{"v":0,"d":"0.00"},7217.24]
[2106,null,"铝合金伸缩直梯","工器具","任意品牌","收4.7伸7.7米，加厚",4,0,0,4,"张",1733.8,{"v":6935.2,"d":"6935.20"},{"v":0,"d":"0.00"},{"v":0,"d":"0.00"},{"v":6935.2,"d":"6935.20"}]
[2107,null,"铝合金便携竹节升降直梯","工器具","任意品牌","8米",6,0,0,6,"张",1639.87,9839.22,{"v":0,"d":"0.00"},{"v":0,"d":"0.00"},9839.22]
[2108,null,"铝合金便携竹节升降直梯","工器具","任意品牌","6.6米",6,0,0,6,"张",990.24,5941.44,{"v":0,"d":"0.00"},{"v":0,"d":"0.00"},5941.44]
[2109,null,"铝合金便携竹节升降直梯","工器具","任意品牌","5.4米",6,0,0,6,"张",729.11,4374.66,{"v":0,"d":"0.00"},{"v":0,"d":"0.00"},4374.66]
[2110,null,"铝合金便携竹节升降直梯","工器具","任意品牌","4.6米",6,0,0,6,"张",594.54,3567.24,{"v":0,"d":"0.00"},{"v":0,"d":"0.00"},3567.24]
[2111,null,"铝合金便携竹节升降直梯","工器具","任意品牌","3.8米",6,0,0,6,"张",523.11,3138.66,{"v":0,"d":"0.00"},{"v":0,"d":"0.00"},3138.66]
[2112,null,"绳梯","工器具","任意品牌","涤纶梯绳，防滑树脂梯棍，10米长。",4,0,0,4,"张",234.91,939.64,{"v":0,"d":"0.00"},{"v":0,"d":"0.00"},939.64]
[2113,null,"绳梯","工器具","任意品牌","涤纶梯绳，防滑树脂梯棍，15米长。",4,0,0,4,"张",314.42,1257.68,{"v":0,"d":"0.00"},{"v":0,"d":"0.00"},1257.68]
[2114,null,"绳梯","工器具","任意品牌","涤纶梯绳，防滑树脂梯棍，20米长。",4,0,0,{"$f":"SUM(G2116:I2116)","v":4},"张",412,{"$f":"L2116*G2116","v":{"v":1648,"d":"1648.00"}},{"$f":"L2116*H2116","v":{"v":0,"d":"0.00"}},{"$f":"L2116*I2116","v":{"v":0,"d":"0.00"}},{"$f":"M2116+N2116+O2116","v":{"v":1648,"d":"1648.00"}}]
[2115,null,"工程铝合金脚手架","工器具","任意品牌","5.6米，带制动轮",3,0,0,3,"套",13989.21,41967.63,{"v":0,"d":"0.00"},{"v":0,"d":"0.00"},41967.63]
[2116,null,"热镀锌移动脚手架","工器具","任意品牌","工程型，1.7m（高）×0.95m（宽）×1.8m（长），管厚不少于2mm，每套含2片架子+2对拉杆+1个踏板+4链接棒+4个开口销。另加四个轮子",3,0,0,3,"套",917.96,2753.88,{"v":0,"d":"0.00"},{"v":0,"d":"0.00"},2753.88]
[2117,null,"手动叉车","工器具","任意品牌","3T，550×1200mm",3,0,0,3,"台",2538.84,7616.52,{"v":0,"d":"0.00"},{"v":0,"d":"0.00"},7616.52]
[2118,null,"手动叉车","工器具","任意品牌","5T，550×1200mm",2,0,0,2,"台",4444.31,8888.62,{"v":0,"d":"0.00"},{"v":0,"d":"0.00"},8888.62]
[2119,null,"手动液压堆高叉车","工器具","任意品牌","2T，升高高度1600mm",2,0,0,2,"台",3672.75,{"v":7345.5,"d":"7345.50"},{"v":0,"d":"0.00"},{"v":0,"d":"0.00"},{"v":7345.5,"d":"7345.50"}]
[2120,null,"手动液压堆高叉车","工器具","任意品牌","3T，升高高度1600mm",2,0,0,2,"台",5729.12,11458.24,{"v":0,"d":"0.00"},{"v":0,"d":"0.00"},11458.24]
[2121,null,"电动液压堆高叉车","工器具","任意品牌","2T，升高高度1600mm",1,0,0,1,"台",13064.2,{"v":13064.2,"d":"13064.20"},{"v":0,"d":"0.00"},{"v":0,"d":"0.00"},{"v":13064.2,"d":"13064.20"}]
[2122,null,"电动液压堆高叉车","工器具","任意品牌","3T，升高高度1600mm",1,0,0,1,"台",17033.34,17033.34,{"v":0,"d":"0.00"},{"v":0,"d":"0.00"},17033.34]
[2123,null,"电钻式管道疏通机","工器具","任意品牌","额定电压220V,适用于疏通下水道、马桶、地漏、厨房洗菜池等。",6,0,0,6,"套",513.19,3079.14,{"v":0,"d":"0.00"},{"v":0,"d":"0.00"},3079.14]
[2124,null,"手摇式兆欧表","工器具","任意品牌","500V，测量范围0-500MΩ，允差±10%，铝合金外壳。",6,0,0,6,"台",205.08,1230.48,{"v":0,"d":"0.00"},{"v":0,"d":"0.00"},1230.48]
[2125,null,"手摇式兆欧表","工器具","任意品牌","1000V，测量范围0-1000MΩ，允差±11%，铝合金外壳。",6,0,0,6,"台",211.42,1268.52,{"v":0,"d":"0.00"},{"v":0,"d":"0.00"},1268.52]
[2126,null,"接地电阻检测仪","工器具","任意品牌","0-1000Ω",2,0,0,2,"台",601.73,1203.46,{"v":0,"d":"0.00"},{"v":0,"d":"0.00"},1203.46]
[2127,null,"红外线测温仪","工器具","任意品牌","﹣50度至900度",6,0,0,6,"台",363.24,2179.44,{"v":0,"d":"0.00"},{"v":0,"d":"0.00"},2179.44]
[2128,null,"热成像仪","工器具","任意品牌","测温范围：≤-15℃、≥400℃。",6,0,0,6,"台",2633.9,{"v":15803.4,"d":"15803.40"},{"v":0,"d":"0.00"},{"v":0,"d":"0.00"},{"v":15803.4,"d":"15803.40"}]
[2129,null,"分体式振动检测仪","工器具","任意品牌","振动加速度量程0.1-199.9m/S2，振动速度量程0.1-199.9mm/S，振动位移量程1-1999μm，精度误差±5%，带磁性吸盘。",5,0,0,5,"台",2411.43,12057.15,{"v":0,"d":"0.00"},{"v":0,"d":"0.00"},12057.15]
[2130,null,"一体式振动检测仪","工器具","任意品牌","振动加速度量程0.1-199.9m/S2，振动速度量程0.1-199.9mm/S，振动位移量程1-1999μm，精度误差±5%±2字节。",5,0,0,5,"台",1782.55,8912.75,{"v":0,"d":"0.00"},{"v":0,"d":"0.00"},8912.75]
[2131,null,"电桥","工器具","任意品牌","测试频率10-10KHz，测量范围（L）0.001μH-99999H，测量范围（C）0.001pF-99.999mF，测量范围（R）0.0001Ω-99.999MΩ，分辨率1mHz，准确度0.01%。",2,0,0,2,"台",2754.76,5509.52,{"v":0,"d":"0.00"},{"v":0,"d":"0.00"},5509.52]
[2132,null,"调温热风枪","工器具","任意品牌","2000W，数显调温，无极调温。",6,0,0,6,"把",164.47,986.82,{"v":0,"d":"0.00"},{"v":0,"d":"0.00"},986.82]
[2133,null,"充电式电动马锯","工器具","任意品牌","8寸，1280W，锂电池，电池容量6.0AH，两电一充。",3,0,0,3,"把",2386.43,7159.29,{"v":0,"d":"0.00"},{"v":0,"d":"0.00"},7159.29]
[2134,null,"充电式电动马锯","工器具","任意品牌","16寸，1500W，锂电池，电池容量6.0AH，两电一充。",3,0,0,3,"把",2269.6,{"v":6808.8,"d":"6808.80"},{"v":0,"d":"0.00"},{"v":0,"d":"0.00"},{"v":6808.8,"d":"6808.80"}]
[2135,null,"激光水平仪","工器具","任意品牌","高精度5线，水平精度±1.5mm/m，垂直精度±1.5mm/m，室内可视范围10m-15m。",4,0,0,4,"台",402.96,1611.84,{"v":0,"d":"0.00"},{"v":0,"d":"0.00"},1611.84]
[2136,null,"激光测距仪","工器具","任意品牌","测量范围0.05m-60m，显示精度1mm。",5,0,0,5,"台",201.47,1007.35,{"v":0,"d":"0.00"},{"v":0,"d":"0.00"},1007.35]
[2137,null,"激光测距仪","工器具","任意品牌","测量范围0.05m-100m，显示精度1mm。",5,0,0,5,"台",241.22,{"v":1206.1,"d":"1206.10"},{"v":0,"d":"0.00"},{"v":0,"d":"0.00"},{"v":1206.1,"d":"1206.10"}]
[2138,null,"多功能数显测电笔","工器具","任意品牌","测试范围10-250VAC、12/36/55VDC",24,0,0,24,"支",23.7,{"v":568.8,"d":"568.80"},{"v":0,"d":"0.00"},{"v":0,"d":"0.00"},{"v":568.8,"d":"568.80"}]
[2139,null,"充电式手持吸尘器","工器具","得力/世达/博世","功率：30-80W",12,0,0,12,"个",680.32,8163.84,{"v":0,"d":"0.00"},{"v":0,"d":"0.00"},8163.84]
[2140,null,"内磨机","工器具","任意品牌","220V、105W，可调速",6,0,0,6,"把",209.61,1257.66,{"v":0,"d":"0.00"},{"v":0,"d":"0.00"},1257.66]
[2141,null,"内磨机","工器具","任意品牌","220V、400W",6,0,0,6,"把",255.67,1534.02,{"v":0,"d":"0.00"},{"v":0,"d":"0.00"},1534.02]
[2142,null,"PE管热熔器","工器具","得力/世达/博世","模头20-63mm",4,0,0,4,"台",359.63,1438.52,{"v":0,"d":"0.00"},{"v":0,"d":"0.00"},1438.52]
[2143,null,"玻璃吸盘","工器具","任意品牌","通用型",15,0,0,15,"个",48.79,731.85,{"v":0,"d":"0.00"},{"v":0,"d":"0.00"},731.85]
[2144,null,"弹簧弯管器","工器具","任意品牌","DN15",18,0,0,18,"支",53.29,959.22,{"v":0,"d":"0.00"},{"v":0,"d":"0.00"},959.22]
[2145,null,"电动螺丝刀","工器具","博世/威克士/世达","配一字头、十字头、内六角扳手，扭矩可调",6,0,0,6,"个",832.14,4992.84,{"v":0,"d":"0.00"},{"v":0,"d":"0.00"},4992.84]
[2146,null,"电动喷壶","工器具","任意品牌","锂电池充电，20L",6,0,0,6,"个",553.23,3319.38,{"v":0,"d":"0.00"},{"v":0,"d":"0.00"},3319.38]
[2147,null,"垫片切割器","工器具","任意品牌","IMPA612001",3,0,0,3,"套",84.93,254.79,{"v":0,"d":"0.00"},{"v":0,"d":"0.00"},254.79]
[2148,null,"带盖腰挂包","工器具","任意品牌","多功能便携工具包 大号含腰带含背带",18,0,0,18,"个",86.74,1561.32,{"v":0,"d":"0.00"},{"v":0,"d":"0.00"},1561.32]
[2149,null,"工业级干湿两用吸尘器","工器具","任意品牌","干湿吹三用，80L，4800w",2,0,0,2,"台",2371.64,4743.28,{"v":0,"d":"0.00"},{"v":0,"d":"0.00"},4743.28]
[2150,null,"户外遮阳棚","工器具","任意品牌","3*3米",11,0,0,11,"个",452.94,4982.34,{"v":0,"d":"0.00"},{"v":0,"d":"0.00"},4982.34]
[2151,null,"划规","工器具","任意品牌","6寸，总长度150mm",9,0,0,9,"把",11.73,105.57,{"v":0,"d":"0.00"},{"v":0,"d":"0.00"},105.57]
[2152,null,"划规","工器具","任意品牌","12寸，总长度300mm",9,0,0,9,"把",24.38,219.42,{"v":0,"d":"0.00"},{"v":0,"d":"0.00"},219.42]
[2153,null,"划规","工器具","任意品牌","20寸，总长度500mm",9,0,0,9,"把",42.45,382.05,{"v":0,"d":"0.00"},{"v":0,"d":"0.00"},382.05]
[2154,null,"氯气报警器","工器具","爱德克斯/保时安/希玛","YT-10 0-100PPM",3,0,0,3,"台",1868.5,{"v":5605.5,"d":"5605.50"},{"v":0,"d":"0.00"},{"v":0,"d":"0.00"},{"v":5605.5,"d":"5605.50"}]
[2155,null,"皮带冲","工器具","任意品牌","3-25mm套装",6,0,0,6,"套",159.94,959.64,{"v":0,"d":"0.00"},{"v":0,"d":"0.00"},959.64]
[2156,null,"射钉枪","工器具","任意品牌","S8000工具箱套装\n(消音+自动排渣+威力可调)",9,0,0,9,"套",452.6,{"v":4073.4,"d":"4073.40"},{"v":0,"d":"0.00"},{"v":0,"d":"0.00"},{"v":4073.4,"d":"4073.40"}]
[2157,null,"手动绞盘双向自锁式手摇卷扬机","工器具","任意品牌","型号:1200LBS",6,0,0,6,"台",261.09,1566.54,{"v":0,"d":"0.00"},{"v":0,"d":"0.00"},1566.54]
[2158,null,"太阳伞","工器具","任意品牌","直径2.8m",12,0,0,12,"把",233.14,2797.68,{"v":0,"d":"0.00"},{"v":0,"d":"0.00"},2797.68]
[2159,null,"挑钩套装","工器具","Ronix/史丹利/世达","5件密封圈挑钩套装，带把手",3,0,0,3,"套",108.42,325.26,{"v":0,"d":"0.00"},{"v":0,"d":"0.00"},325.26]
[2160,null,"橡胶量杯","工器具","任意品牌","500ml",15,0,0,15,"个",9.95,149.25,{"v":0,"d":"0.00"},{"v":0,"d":"0.00"},149.25]
[2161,null,"橡胶量杯","工器具","任意品牌","1000ml",15,0,0,15,"个",12.65,189.75,{"v":0,"d":"0.00"},{"v":0,"d":"0.00"},189.75]
[2162,null,"蓄电池检测仪","工器具","胜利仪器/泰克曼/霍尼韦尔","VC3025",2,0,0,2,"个",352.36,704.72,{"v":0,"d":"0.00"},{"v":0,"d":"0.00"},704.72]
[2163,null,"液压弯管器","工器具","任意品牌","工作管材壁厚2-3.5mm，工作管径范围13-24mm",2,0,0,2,"台",753.52,1507.04,{"v":0,"d":"0.00"},{"v":0,"d":"0.00"},1507.04]
[2164,null,"液压弯管器","工器具","任意品牌","工作管材壁厚2.7-4.5mm，工作管径范围22-60mm",2,0,0,2,"台",1791.63,3583.26,{"v":0,"d":"0.00"},{"v":0,"d":"0.00"},3583.26]
[2165,null,"液压弯管器","工器具","任意品牌","工作管材壁厚2.7-4.5mm，工作管径范围22-89mm",2,0,0,2,"台",2706,{"v":5412,"d":"5412.00"},{"v":0,"d":"0.00"},{"v":0,"d":"0.00"},{"v":5412,"d":"5412.00"}]
[2166,null,"液压弯管器","工器具","任意品牌","工作管材壁厚2.7-6mm，工作管径范围22-108mm",2,0,0,2,"台",3459.5,{"v":6919,"d":"6919.00"},{"v":0,"d":"0.00"},{"v":0,"d":"0.00"},{"v":6919,"d":"6919.00"}]
[2167,null,"不锈钢扎带拉紧器","工器具","任意品牌","适用宽度12mm以内的不锈钢扎带",5,0,0,5,"把",221.37,1106.85,{"v":0,"d":"0.00"},{"v":0,"d":"0.00"},1106.85]
[2168,null,"注射器","工器具","任意品牌","250mL",18,0,0,18,"个",18.99,341.82,{"v":0,"d":"0.00"},{"v":0,"d":"0.00"},341.82]
[2169,null,"液压法兰分离器","工器具","任意品牌","工作能力14T，最大扩张距离81mm",2,0,0,2,"个",2249.72,4499.44,{"v":0,"d":"0.00"},{"v":0,"d":"0.00"},4499.44]
[2170,null,"电工工作台","工器具","任意品牌","2100*750*800，防静电",2,0,0,2,"台",1225.15,{"v":2450.3,"d":"2450.30"},{"v":0,"d":"0.00"},{"v":0,"d":"0.00"},{"v":2450.3,"d":"2450.30"}]
[2171,null,"红外测距仪","工器具","任意品牌","0-100米",3,0,0,3,"个",265.63,796.89,{"v":0,"d":"0.00"},{"v":0,"d":"0.00"},796.89]
[2172,null,"钳工工作台","工器具","任意品牌","2000*1000*800，无抽带底板",2,0,0,2,"台",6199.34,12398.68,{"v":0,"d":"0.00"},{"v":0,"d":"0.00"},12398.68]
[2173,null,"抄网杆","工器具","任意品牌","不锈钢，9米长",5,0,0,5,"根",367.71,1838.55,{"v":0,"d":"0.00"},{"v":0,"d":"0.00"},1838.55]
[2174,null,"磁力钻","工器具","任意品牌","1500W，适用钻头直柄麻花 钻头（3-16），锥柄麻花砖头（14-23），空心钻头（12-50）",1,0,0,1,"套",2647.76,2647.76,{"v":0,"d":"0.00"},{"v":0,"d":"0.00"},2647.76]
[2175,null,"分贝检测器","工器具","任意品牌","测量范围30-130dB",6,0,0,6,"台",158.24,949.44,{"v":0,"d":"0.00"},{"v":0,"d":"0.00"},949.44]
[2176,null,"零件清洗盆","工器具","任意品牌","小号 12L",9,0,0,9,"个",53.36,480.24,{"v":0,"d":"0.00"},{"v":0,"d":"0.00"},480.24]
[2177,null,"零件清洗盆","工器具","任意品牌","中号 20L",9,0,0,9,"个",92,{"v":828,"d":"828.00"},{"v":0,"d":"0.00"},{"v":0,"d":"0.00"},{"v":828,"d":"828.00"}]
[2178,null,"零件清洗盆","工器具","任意品牌","大号 29L",9,0,0,{"$f":"SUM(G2180:I2180)","v":9},"个",119.6,{"$f":"L2180*G2180","v":{"v":1076.4,"d":"1076.40"}},{"$f":"L2180*H2180","v":{"v":0,"d":"0.00"}},{"$f":"L2180*I2180","v":{"v":0,"d":"0.00"}},{"$f":"M2180+N2180+O2180","v":{"v":1076.4,"d":"1076.40"}}]
[2179,null,"梅花内六角扳手","工器具","任意品牌","标准9件套",3,0,0,3,"套",27.6,{"v":82.8,"d":"82.80"},{"v":0,"d":"0.00"},{"v":0,"d":"0.00"},{"v":82.8,"d":"82.80"}]
[2180,null,"皮尺","工器具","任意品牌","50米",6,0,0,6,"个",163.55,{"v":981.3,"d":"981.30"},{"v":0,"d":"0.00"},{"v":0,"d":"0.00"},{"v":981.3,"d":"981.30"}]
[2181,null,"手拉吊葫芦手板紧线器","工器具","任意品牌","0.75吨1.5米",2,0,0,2,"个",191.36,382.72,{"v":0,"d":"0.00"},{"v":0,"d":"0.00"},382.72]
[2182,null,"手拉吊葫芦手板紧线器","工器具","任意品牌","1吨1.5米",2,0,0,2,"个",264.96,529.92,{"v":0,"d":"0.00"},{"v":0,"d":"0.00"},529.92]
[2183,null,"手拉吊葫芦手板紧线器","工器具","任意品牌","1.5吨1.5米",2,0,0,2,"个",279.68,559.36,{"v":0,"d":"0.00"},{"v":0,"d":"0.00"},559.36]
[2184,null,"手拉吊葫芦手板紧线器","工器具","任意品牌","2吨1.5米",2,0,0,2,"个",316.48,632.96,{"v":0,"d":"0.00"},{"v":0,"d":"0.00"},632.96]
[2185,null,"手拉吊葫芦手板紧线器","工器具","任意品牌","0.75吨3米",2,0,0,2,"个",242.88,485.76,{"v":0,"d":"0.00"},{"v":0,"d":"0.00"},485.76]
[2186,null,"手拉吊葫芦手板紧线器","工器具","任意品牌","1吨3米",2,0,0,2,"个",264.96,529.92,{"v":0,"d":"0.00"},{"v":0,"d":"0.00"},529.92]
[2187,null,"手拉吊葫芦手板紧线器","工器具","任意品牌","1.5吨3米",2,0,0,2,"个",309.12,618.24,{"v":0,"d":"0.00"},{"v":0,"d":"0.00"},618.24]
[2188,null,"手拉吊葫芦手板紧线器","工器具","任意品牌","2吨3米",2,0,0,2,"个",345.92,691.84,{"v":0,"d":"0.00"},{"v":0,"d":"0.00"},691.84]
[2189,null,"手拉吊葫芦手板紧线器","工器具","任意品牌","0.75吨6米",2,0,0,2,"个",264.96,529.92,{"v":0,"d":"0.00"},{"v":0,"d":"0.00"},529.92]
[2190,null,"手拉吊葫芦手板紧线器","工器具","任意品牌","1吨6米",2,0,0,2,"个",287.15,{"v":574.3,"d":"574.30"},{"v":0,"d":"0.00"},{"v":0,"d":"0.00"},{"v":574.3,"d":"574.30"}]
[2191,null,"手拉吊葫芦手板紧线器","工器具","任意品牌","1.5吨6米",2,0,0,2,"个",368.29,736.58,{"v":0,"d":"0.00"},{"v":0,"d":"0.00"},736.58]
[2192,null,"手拉吊葫芦手板紧线器","工器具","任意品牌","2吨6米",2,0,0,2,"个",382.72,765.44,{"v":0,"d":"0.00"},{"v":0,"d":"0.00"},765.44]
[2193,null,"万用表表笔鳄鱼夹","工器具","任意品牌","10A",3,0,0,3,"套",14.72,44.16,{"v":0,"d":"0.00"},{"v":0,"d":"0.00"},44.16]
[2194,null,"万用表表笔鳄鱼夹","工器具","任意品牌","20A",3,0,0,3,"套",36.14,108.42,{"v":0,"d":"0.00"},{"v":0,"d":"0.00"},108.42]
[2195,null,"万用表测试线","工器具","任意品牌","10A",3,0,0,3,"套",14.72,44.16,{"v":0,"d":"0.00"},{"v":0,"d":"0.00"},44.16]
[2196,null,"万用表测试线","工器具","任意品牌","20A",3,0,0,3,"套",36.14,108.42,{"v":0,"d":"0.00"},{"v":0,"d":"0.00"},108.42]
[2197,null,"兆欧表连接线","工器具","任意品牌","1000v，1m",3,0,0,3,"套",26.18,78.54,{"v":0,"d":"0.00"},{"v":0,"d":"0.00"},78.54]
[2198,null,"兆欧表连接线","工器具","任意品牌","1000v，3m",3,0,0,3,"套",40.67,122.01,{"v":0,"d":"0.00"},{"v":0,"d":"0.00"},122.01]
[2199,null,"兆欧表连接线","工器具","任意品牌","1000v，5m",3,0,0,3,"套",53.29,159.87,{"v":0,"d":"0.00"},{"v":0,"d":"0.00"},159.87]
[2200,null,"兆欧表连接线","工器具","任意品牌","1000v，8m",3,0,0,3,"套",61.44,184.32,{"v":0,"d":"0.00"},{"v":0,"d":"0.00"},184.32]
[2201,null,"兆欧表连接线","工器具","任意品牌","2500v，1m",3,0,0,3,"套",40.67,122.01,{"v":0,"d":"0.00"},{"v":0,"d":"0.00"},122.01]
[2202,null,"兆欧表连接线","工器具","任意品牌","2500v，3m",3,0,0,3,"套",84.01,252.03,{"v":0,"d":"0.00"},{"v":0,"d":"0.00"},252.03]
[2203,null,"兆欧表连接线","工器具","任意品牌","2500v，5m",3,0,0,3,"套",108.42,325.26,{"v":0,"d":"0.00"},{"v":0,"d":"0.00"},325.26]
[2204,null,"兆欧表连接线","工器具","任意品牌","2500v，8m",3,0,0,3,"套",139.14,417.42,{"v":0,"d":"0.00"},{"v":0,"d":"0.00"},417.42]
[2205,null,"液位标尺","工器具","任意品牌","不锈钢材质，1米/把，宽度15cm",18,0,0,18,"米",168.05,{"v":3024.9,"d":"3024.90"},{"v":0,"d":"0.00"},{"v":0,"d":"0.00"},{"v":3024.9,"d":"3024.90"}]
[2206,null,"油桶","工器具","任意品牌","200L/个",2,0,0,2,"个",235.52,471.04,{"v":0,"d":"0.00"},{"v":0,"d":"0.00"},471.04]
[2207,null,"电子计时器","工器具","任意品牌","带电池，LED显示 ，具备计时，闹钟等功能",3,0,0,3,"个",27.6,{"v":82.8,"d":"82.80"},{"v":0,"d":"0.00"},{"v":0,"d":"0.00"},{"v":82.8,"d":"82.80"}]
[2208,null,"分贝测量仪","工器具","任意品牌","可测30-130dB，高精度：±1.5",5,0,0,5,"台",265.63,1328.15,{"v":0,"d":"0.00"},{"v":0,"d":"0.00"},1328.15,"2024年新增"]
[2209,null,"电动液压冲孔机","工器具","任意品牌","出力≤16吨，喉深5.3cm，电压220V，可冲各类型角钢角铁，铜线铝牌，槽钢等",2,0,0,2,"台",4844.06,9688.12,{"v":0,"d":"0.00"},{"v":0,"d":"0.00"},9688.12,"2024年新增"]
[2210,null,"可视红外测温仪 ","工器具","任意品牌","温度测量范围-10℃~+250℃，内置可视摄像仪，红外热图与视觉图像融合。聚焦调整视场范围：28X28。电池类型：4节5号电池",1,0,0,1,"台",5518.78,5518.78,{"v":0,"d":"0.00"},{"v":0,"d":"0.00"},5518.78,"2024年新增"]
[2211,null,"平面剪钳","工器具","任意品牌","6寸",5,0,0,5,"把",66,{"v":330,"d":"330.00"},{"v":0,"d":"0.00"},{"v":0,"d":"0.00"},{"v":330,"d":"330.00"},"2024年新增"]
[2212,null,"中心冲","工器具","任意品牌","6mm",2,0,0,2,"支",37.06,74.12,{"v":0,"d":"0.00"},{"v":0,"d":"0.00"},74.12,"2024年新增"]
[2213,null,"分离式液压千斤顶","工器具","任意品牌","10t",1,0,0,1,"套",2158.38,2158.38,{"v":0,"d":"0.00"},{"v":0,"d":"0.00"},2158.38,"2024年新增"]
[2214,null,"非接触式测电笔","工器具","任意品牌","电压探测范围:低灵敏度:AC48~1000高灵敏度:AC12~1000V ",1,0,0,1," 支",66,{"v":66,"d":"66.00"},{"v":0,"d":"0.00"},{"v":0,"d":"0.00"},{"v":66,"d":"66.00"},"2024年新增"]
[2215,null,"LED多用头灯","工器具","世达/史丹利/神火","ip54，可充电、调节角度、拆卸，三挡开关，光通量≥150LM，最大照射距离≥40M，点亮时间≥4H",2,0,0,2,"个",239.19,478.38,{"v":0,"d":"0.00"},{"v":0,"d":"0.00"},478.38,"2024年新增"]
["合计（元）",{"$nulls":14},{"$f":"SUM(P3:P2217)","v":{"v":5557960.57999999,"d":"5557960.58"}}]

{"sheet":"Sheet1","index":1,"n_rows":0,"n_cols":0,"rows_kept":0}